NBA 25 PSP PER GAME - Statistics

General Stats
  • This quiz has been taken 7 times
  • The average score is 3028 of 5962
Answer Stats
RANK Player PSPPG Season Team Pos PSP % Correct
510 Anthony Edwards 44.48 2024 MIN SG 4226
100%
750 Anthony Edwards 42.05 2023 MIN SG 3616
100%
1806 Anthony Edwards 35.99 2022 MIN SG 2843
100%
3106 Anthony Edwards 31.50 2021 MIN SG 2268
100%
4017 Blue Edwards 28.85 1993 MIL SF 2366
100%
3724 James Edwards 29.65 1981 IND C 2461
100%
3796 James Edwards 29.41 1979 IND C 2412
100%
3840 James Edwards 29.30 1982 CLE C 2256
100%
4428 James Edwards 27.78 1980 IND C 2278
100%
5084 James Edwards 26.24 1978 IND,LAL C 2178
100%
5234 James Edwards 25.94 1986 PHO C 1349
100%
5242 James Edwards 25.93 1985 PHO C 1815
100%
5725 James Edwards 24.97 1984 PHO C 2222
100%
289 Jason Kidd 47.47 1999 PHO PG 2516
100%
415 Jason Kidd 45.47 2003 NJN PG 4547
100%
416 Jason Kidd 45.47 2001 PHO PG 3683
100%
439 Jason Kidd 45.28 1996 DAL PG 3668
100%
482 Jason Kidd 44.85 2002 NJN PG 4575
100%
601 Jason Kidd 43.52 2000 PHO PG 3177
100%
707 Jason Kidd 42.53 2007 NJN PG 3913
100%
755 Jason Kidd 42.01 2004 NJN PG 3277
100%
958 Jason Kidd 40.49 2005 NJN PG 2834
100%
1043 Jason Kidd 39.88 2008 DAL,NJN PG 3390
100%
1069 Jason Kidd 39.73 2006 NJN PG 3615
100%
1294 Jason Kidd 38.40 1998 PHO PG 3302
100%
1690 Jason Kidd 36.42 1997 PHO,DAL PG 2185
100%
1833 Jason Kidd 35.87 2010 DAL PG 3085
100%
2126 Jason Kidd 34.70 1995 DAL PG 2741
100%
2149 Jason Kidd 34.60 2009 DAL PG 3149
100%
3373 Jason Kidd 30.69 2011 DAL PG 3100
100%
4305 Kevin Edwards 28.10 1989 MIA SG 2220
100%
5752 Kevin Edwards 24.93 1993 MIA SG 997
100%
5811 Kevin Edwards 24.79 1994 NJN SG 2132
100%
32 LeBron James 58.06 2018 CLE PF 6038
100%
45 LeBron James 56.84 2010 CLE SF 4945
100%
53 LeBron James 55.94 2020 LAL PG 4923
100%
56 LeBron James 55.61 2017 CLE SF 5116
100%
61 LeBron James 55.06 2008 CLE SF 4845
100%
69 LeBron James 54.55 2009 CLE SF 5182
100%
76 LeBron James 54.24 2019 LAL SF 2983
100%
81 LeBron James 53.79 2006 CLE SF 4949
100%
88 LeBron James 53.29 2022 LAL C 2984
100%
115 LeBron James 51.83 2005 CLE SF 4146
100%
116 LeBron James 51.76 2023 LAL PF 3727
100%
124 LeBron James 51.58 2024 LAL PF 4023
100%
129 LeBron James 51.47 2013 MIA PF 5096
100%
138 LeBron James 51.21 2015 CLE SF 4558
100%
139 LeBron James 51.20 2012 MIA SF 4352
100%
178 LeBron James 49.83 2021 LAL PG 2591
100%
188 LeBron James 49.63 2016 CLE SF 4814
100%
189 LeBron James 49.62 2011 MIA SF 4962
100%
218 LeBron James 49.00 2007 CLE SF 4802
100%
249 LeBron James 48.15 2014 MIA PF 4671
100%
941 LeBron James 40.56 2004 CLE SG 3204
100%
4298 A.C. Green 28.11 1994 PHO PF 2586
86%
4647 A.C. Green 27.29 1992 LAL PF 2347
86%
5104 A.C. Green 26.20 1993 LAL PF 2279
86%
5168 A.C. Green 26.07 1989 LAL PF 2529
86%
5662 A.C. Green 25.09 1990 LAL PF 2283
86%
4374 Adrian Smith 27.91 1966 CIN SG 2372
86%
5962 Adrian Smith 24.50 1968 CIN SG 2009
86%
4897 Al Butler 26.68 1962 BOS,NYK PG 1574
86%
252 Alex English 48.12 1983 DEN SF 4283
86%
455 Alex English 45.11 1982 DEN SF 3834
86%
515 Alex English 44.45 1984 DEN SF 3867
86%
525 Alex English 44.40 1985 DEN SF 4218
86%
570 Alex English 43.75 1986 DEN SF 3981
86%
573 Alex English 43.73 1987 DEN SF 3717
86%
819 Alex English 41.49 1981 DEN SF 3361
86%
918 Alex English 40.69 1989 DEN SF 3459
86%
1010 Alex English 40.13 1988 DEN SF 3652
86%
2715 Alex English 32.64 1979 IND SF 2644
86%
2889 Alex English 32.13 1980 DEN,IND SF 2506
86%
4307 Alex English 28.10 1990 DEN SF 2332
86%
89 Allen Iverson 53.26 2005 PHI PG 4261
86%
95 Allen Iverson 53.10 2006 PHI PG 3823
86%
193 Allen Iverson 49.51 2002 PHI SG 3218
86%
247 Allen Iverson 48.19 2001 PHI SG 4482
86%
338 Allen Iverson 46.72 2003 PHI SG 4392
86%
380 Allen Iverson 46.08 2004 PHI SG 2212
86%
427 Allen Iverson 45.37 2008 DEN SG 3902
86%
458 Allen Iverson 45.09 2007 DEN,PHI SG,PG 3156
86%
474 Allen Iverson 44.92 1997 PHI PG 3414
86%
587 Allen Iverson 43.64 1999 PHI SG 2444
86%
627 Allen Iverson 43.33 2000 PHI SG 3466
86%
945 Allen Iverson 40.54 1998 PHI PG 3243
86%
2903 Allen Iverson 32.07 2009 DEN,DET SG,PG 1828
86%
5513 Allen Iverson 25.39 2010 MEM,PHI PG,SG 711
86%
759 Alvan Adams 41.97 1976 PHO C 4155
86%
1269 Alvan Adams 38.53 1977 PHO C 2774
86%
1455 Alvan Adams 37.53 1979 PHO C 3340
86%
2230 Alvan Adams 34.33 1980 PHO C 2849
86%
2299 Alvan Adams 34.08 1982 PHO C 2931
86%
2632 Alvan Adams 32.88 1981 PHO C 2696
86%
2708 Alvan Adams 32.66 1983 PHO C 2711
86%
2921 Alvan Adams 32.01 1978 PHO C 2305
86%
3504 Alvan Adams 30.34 1985 PHO PF 2579
86%
4720 Alvan Adams 27.12 1986 PHO C 2115
86%
619 Alvin Robertson 43.38 1988 SAS SG 3687
86%
1220 Alvin Robertson 38.85 1989 SAS SG 2525
86%
1359 Alvin Robertson 38.02 1986 SAS SG 3232
86%
1577 Alvin Robertson 36.99 1987 SAS SG 2996
86%
2010 Alvin Robertson 35.18 1990 MIL SG 2990
86%
2396 Alvin Robertson 33.74 1991 MIL SG 2834
86%
4223 Alvin Robertson 28.32 1992 MIL SG 2322
86%
5817 Alvin Robertson 24.78 1996 TOR SG 1908
86%
4068 Alvin Williams 28.70 2002 TOR PG 2497
86%
4079 Alvin Williams 28.67 2003 TOR PG 2236
86%
814 Amar'e Stoudemire 41.55 2005 PHO C 3947
86%
914 Amar'e Stoudemire 40.72 2011 NYK C 3339
86%
1033 Amar'e Stoudemire 39.94 2008 PHO C 3355
86%
1943 Amar'e Stoudemire 35.43 2009 PHO PF 1878
86%
1979 Amar'e Stoudemire 35.30 2010 PHO PF 3459
86%
1996 Amar'e Stoudemire 35.24 2004 PHO PF 1938
86%
2025 Amar'e Stoudemire 35.12 2007 PHO C 3231
86%
3988 Amar'e Stoudemire 28.94 2012 NYK PF 1476
86%
5154 Amar'e Stoudemire 26.10 2003 PHO PF 2297
86%
475 Andre Miller 44.91 2002 CLE PG 3638
86%
1363 Andre Miller 38.01 2001 CLE PG 3117
86%
1805 Andre Miller 35.99 2006 DEN PG 3131
86%
1902 Andre Miller 35.60 2009 PHI PG 3133
86%
1941 Andre Miller 35.44 2008 PHI PG 3119
86%
2064 Andre Miller 34.96 2007 DEN,PHI PG 2797
86%
2531 Andre Miller 33.21 2004 DEN PG 2889
86%
2536 Andre Miller 33.20 2005 DEN PG 2888
86%
2809 Andre Miller 32.35 2003 LAC PG 2588
86%
3016 Andre Miller 31.78 2011 POR PG 2765
86%
3764 Andre Miller 29.51 2010 POR PG 2597
86%
4439 Andre Miller 27.75 2012 DEN SG 2026
86%
4588 Andre Miller 27.40 2000 CLE PG 2247
86%
5559 Andre Miller 25.32 2013 DEN PG 2228
86%
5377 Andy Johnson 25.65 1962 CHP SF 1821
86%
697 Anfernee Hardaway 42.65 1996 ORL PG 4009
86%
804 Anfernee Hardaway 41.60 1995 ORL PG 4077
86%
1167 Anfernee Hardaway 39.11 1997 ORL PG 2503
86%
1402 Anfernee Hardaway 37.76 1994 ORL PG 3210
86%
1829 Anfernee Hardaway 35.88 2000 PHO SG 2476
86%
2050 Anfernee Hardaway 35.02 1999 ORL SG 1891
86%
3680 Anfernee Hardaway 29.79 1998 ORL SG 566
86%
5015 Anfernee Hardaway 26.39 2002 PHO SG 2111
86%
5581 Anfernee Hardaway 25.27 2003 PHO SG 1617
86%
1375 Anfernee Simons 37.91 2024 POR SG 1744
86%
2684 Anfernee Simons 32.73 2023 POR SG 2029
86%
4203 Anfernee Simons 28.37 2022 POR SG 1617
86%
182 Anthony Davis 49.70 2019 NOP C 2783
86%
238 Anthony Davis 48.42 2024 LAL C 4019
86%
244 Anthony Davis 48.32 2018 NOP PF 4059
86%
293 Anthony Davis 47.44 2017 NOP C 3558
86%
335 Anthony Davis 46.77 2023 LAL C 3414
86%
386 Anthony Davis 45.99 2020 LAL PF 3817
86%
567 Anthony Davis 43.79 2015 NOP PF 3153
86%
701 Anthony Davis 42.60 2022 LAL C 1704
86%
797 Anthony Davis 41.69 2016 NOP C 2543
86%
1334 Anthony Davis 38.13 2014 NOP PF 2555
86%
1358 Anthony Davis 38.02 2021 LAL PF 1597
86%
4936 Anthony Davis 26.59 2013 NOH PF 1702
86%
412 Antoine Walker 45.53 2001 BOS PF 3688
86%
725 Antoine Walker 42.35 2002 BOS PF 4108
86%
784 Antoine Walker 41.76 1998 BOS PF 3424
86%
1264 Antoine Walker 38.56 2003 BOS PF 3393
86%
1412 Antoine Walker 37.70 2000 BOS PF 3091
86%
1669 Antoine Walker 36.51 2005 BOS,ATL PF 3030
86%
1909 Antoine Walker 35.57 1999 BOS PF 1494
86%
2087 Antoine Walker 34.85 1997 BOS PF 2858
86%
2736 Antoine Walker 32.59 2004 DAL PF 2835
86%
3615 Antonio Davis 29.99 2002 TOR PF 2459
86%
3791 Antonio Davis 29.43 2001 TOR C 2649
86%
4056 Antonio Davis 28.72 2003 TOR C 1522
86%
5835 Antonio Davis 24.74 2000 TOR C 2029
86%
2449 Arvydas Sabonis 33.49 1998 POR C 2579
86%
4047 Arvydas Sabonis 28.74 1996 POR C 2242
86%
4538 Arvydas Sabonis 27.52 1997 POR C 2009
86%
4987 Arvydas Sabonis 26.44 1999 POR C 1666
86%
5862 Arvydas Sabonis 24.70 2000 POR C 2025
86%
2232 Austin Carr 34.32 1974 CLE SG 2780
86%
2982 Austin Carr 31.85 1973 CLE SG 2612
86%
3090 Austin Carr 31.56 1972 CLE SG 1357
86%
4777 Austin Carr 26.94 1979 CLE SG 2209
86%
5303 Austin Carr 25.80 1975 CLE SG 1058
86%
5666 Austin Carr 25.08 1977 CLE SG 2132
86%
1656 Avery Johnson 36.55 1996 SAS PG 3363
86%
2314 Avery Johnson 34.04 1995 SAS PG 3302
86%
3732 Avery Johnson 29.62 1998 SAS PG 2488
86%
4005 Avery Johnson 28.88 1999 SAS PG 1935
86%
4582 Avery Johnson 27.42 1997 SAS PG 2084
86%
4686 Avery Johnson 27.19 1993 SAS PG 2311
86%
5087 Avery Johnson 26.23 2000 SAS PG 2256
86%
5865 Avery Johnson 24.69 1994 GSW PG 2099
86%
504 Baron Davis 44.59 2008 GSW PG 3656
86%
534 Baron Davis 44.27 2004 NOH PG 3276
86%
581 Baron Davis 43.69 2007 GSW PG 3233
86%
684 Baron Davis 42.78 2002 CHH PG 3893
86%
761 Baron Davis 41.96 2006 GSW PG 2266
86%
894 Baron Davis 40.85 2005 GSW,NOH PG 1879
86%
1572 Baron Davis 37.01 2010 LAC PG 2776
86%
1667 Baron Davis 36.51 2003 NOH PG 2008
86%
1753 Baron Davis 36.17 2009 LAC PG 2351
86%
1801 Baron Davis 36.00 2001 CHH PG 3312
86%
3233 Baron Davis 31.10 2011 CLE,LAC PG 1804
86%
660 Ben Simmons 42.92 2018 PHI PG 3906
86%
672 Ben Simmons 42.86 2020 PHI PG 2443
86%
733 Ben Simmons 42.30 2019 PHI PG 3849
86%
1383 Ben Simmons 37.87 2021 PHI PG 2651
86%
4667 Ben Simmons 27.24 2023 BRK PG 1144
86%
4779 Ben Simmons 26.93 2024 BRK PG 404
86%
103 Bill Russell 52.58 1962 BOS C 4732
86%
161 Bill Russell 50.22 1963 BOS C 4570
86%
177 Bill Russell 49.83 1960 BOS C 4335
86%
195 Bill Russell 49.47 1965 BOS C 4452
86%
208 Bill Russell 49.19 1964 BOS C 4329
86%
219 Bill Russell 49.00 1961 BOS C 4312
86%
331 Bill Russell 46.82 1966 BOS C 4448
86%
342 Bill Russell 46.67 1959 BOS C 3780
86%
404 Bill Russell 45.69 1967 BOS C 4112
86%
460 Bill Russell 45.06 1958 BOS C 3515
86%
786 Bill Russell 41.73 1968 BOS C 4048
86%
1102 Bill Russell 39.52 1969 BOS C 3754
86%
1152 Bill Russell 39.17 1957 BOS C 2272
86%
406 Bill Walton 45.67 1977 POR C 3836
86%
445 Bill Walton 45.23 1978 POR C 2714
86%
920 Bill Walton 40.69 1976 POR C 2075
86%
1282 Bill Walton 38.46 1975 POR C 1346
86%
1855 Bill Walton 35.79 1983 SDC C 1181
86%
3267 Bill Walton 31.00 1980 SDC C 434
86%
3645 Bill Walton 29.89 1984 SDC C 1644
86%
4951 Bill Walton 26.54 1985 LAC C 1778
86%
5937 Billy Thompson 24.54 1989 MIA SF 1939
86%
4453 Bingo Smith 27.72 1975 CLE SF 2273
86%
4575 Bingo Smith 27.44 1971 CLE SG 2113
86%
4691 Bingo Smith 27.17 1972 CLE SF 2228
86%
5031 Bingo Smith 26.35 1974 CLE SF 2161
86%
3793 Bobby Simmons 29.43 2005 LAC SF 2207
86%
1327 Bob Love 38.19 1971 CHI PF 3361
86%
2005 Bob Love 35.19 1972 CHI PF 2921
86%
2408 Bob Love 33.69 1975 CHI PF 2493
86%
2570 Bob Love 33.08 1973 CHI PF 2944
86%
2701 Bob Love 32.68 1970 CHI PF 2843
86%
2726 Bob Love 32.60 1974 CHI PF 3032
86%
3435 Bob Love 30.54 1976 CHI SF 2321
86%
50 Bob McAdoo 56.30 1975 BUF C 5011
86%
70 Bob McAdoo 54.51 1974 BUF C 4361
86%
72 Bob McAdoo 54.46 1976 BUF C 4738
86%
198 Bob McAdoo 49.41 1978 NYK C 4200
86%
330 Bob McAdoo 46.85 1977 BUF,NYK C 3373
86%
829 Bob McAdoo 41.40 1979 BOS,NYK C,PF 2484
86%
1293 Bob McAdoo 38.40 1980 DET PF 2227
86%
3415 Bob McAdoo 30.59 1973 BUF PF 2447
86%
41 Bob Pettit 57.26 1962 STL PF 4466
86%
66 Bob Pettit 54.70 1961 STL PF 4814
86%
137 Bob Pettit 51.27 1959 STL PF 3999
86%
167 Bob Pettit 50.08 1960 STL PF 4307
86%
168 Bob Pettit 50.04 1963 STL PF 4504
86%
254 Bob Pettit 48.09 1964 STL PF 4424
86%
375 Bob Pettit 46.12 1958 STL PF 3736
86%
400 Bob Pettit 45.80 1956 STL C 3664
86%
541 Bob Pettit 44.12 1957 STL C 3574
86%
947 Bob Pettit 40.53 1955 MLH PF 2918
86%
1251 Bob Pettit 38.65 1965 STL PF 2087
86%
3750 Brad Davis 29.54 1983 DAL PG 2334
86%
4044 Brad Davis 28.75 1981 DAL PG 1610
86%
4253 Brad Davis 28.24 1982 DAL PG 2316
86%
4478 Brad Davis 27.67 1984 DAL PG 2518
86%
4481 Brad Davis 27.66 1985 DAL PG 2379
86%
2269 Brad Miller 34.18 2005 SAC C 2085
86%
2308 Brad Miller 34.06 2004 SAC PF 2861
86%
2678 Brad Miller 32.74 2006 SAC C 2783
86%
2877 Brad Miller 32.17 2008 SAC C 2316
86%
4552 Brad Miller 27.49 2003 IND C 2172
86%
4707 Brad Miller 27.15 2002 IND,CHI C 2199
86%
4730 Brad Miller 27.08 2009 CHI,SAC C 2085
86%
4450 Brandon Miller 27.73 2024 CHO SF 2052
86%
5608 Brandon Williams 25.21 2022 POR PG 605
86%
2991 Brent Barry 31.84 2002 SEA SG 2738
86%
4536 Brent Barry 27.53 2004 SEA SG 1624
86%
5066 Brent Barry 26.28 2003 SEA SG 1971
86%
5717 Brent Barry 24.99 2000 SEA SG 2124
86%
5663 Bryon Russell 25.09 2000 UTA SF 2308
86%
4577 Buck Johnson 27.43 1990 HOU SF 2359
86%
1632 Buck Williams 36.69 1985 NJN PF 3119
86%
1895 Buck Williams 35.63 1987 NJN PF 2922
86%
2032 Buck Williams 35.08 1983 NJN PF 2947
86%
2080 Buck Williams 34.90 1988 NJN PF 2443
86%
2327 Buck Williams 34.02 1984 NJN PF 3130
86%
2533 Buck Williams 33.20 1986 NJN PF 2822
86%
2800 Buck Williams 32.38 1982 NJN PF 2720
86%
4615 Buck Williams 27.35 1990 POR PF 2817
86%
5310 Buck Williams 25.78 1989 NJN PF 1908
86%
5406 Cameron Johnson 25.61 2023 BRK,PHO PF 1178
86%
1058 Campy Russell 39.80 1979 CLE SF 2945
86%
1994 Campy Russell 35.24 1978 CLE SF 2608
86%
2211 Campy Russell 34.39 1980 CLE SF 1410
86%
3775 Campy Russell 29.48 1977 CLE SF 2152
86%
3989 Campy Russell 28.94 1981 NYK SF 2344
86%
5443 Campy Russell 25.53 1982 NYK SF 1966
86%
2783 Cam Thomas 32.44 2024 BRK SG 2141
86%
568 Carmelo Anthony 43.77 2007 DEN SF 3064
86%
582 Carmelo Anthony 43.69 2014 NYK PF 3364
86%
628 Carmelo Anthony 43.32 2010 DEN SF 3249
86%
810 Carmelo Anthony 41.57 2013 NYK PF 3284
86%
833 Carmelo Anthony 41.37 2008 DEN SF 3351
86%
955 Carmelo Anthony 40.49 2011 NYK,DEN SF 3280
86%
1130 Carmelo Anthony 39.26 2016 NYK SF 2827
86%
1198 Carmelo Anthony 38.94 2009 DEN SF 3193
86%
1313 Carmelo Anthony 38.28 2015 NYK SF 1531
86%
1322 Carmelo Anthony 38.22 2006 DEN SF 3249
86%
1348 Carmelo Anthony 38.07 2012 NYK SF 2284
86%
1962 Carmelo Anthony 35.36 2017 NYK SF 2617
86%
2286 Carmelo Anthony 34.13 2004 DEN SF 2935
86%
2688 Carmelo Anthony 32.71 2005 DEN SF 2617
86%
5202 Carmelo Anthony 26.00 2020 POR PF 1664
86%
5477 Carmelo Anthony 25.46 2018 OKC PF 2139
86%
1216 Caron Butler 38.88 2008 WAS SF 2488
86%
1467 Caron Butler 37.49 2009 WAS SG 2512
86%
1725 Caron Butler 36.30 2007 WAS SF 2287
86%
3214 Caron Butler 31.15 2006 WAS SF 2523
86%
4036 Caron Butler 28.78 2010 DAL,WAS SG,SF 2302
86%
4304 Caron Butler 28.10 2003 MIA SF 2192
86%
4802 Caron Butler 26.88 2005 LAL SF 2070
86%
2772 Cazzie Russell 32.48 1972 GSW SF 2728
86%
3492 Cazzie Russell 30.39 1974 GSW SF 2492
86%
5021 Cazzie Russell 26.38 1968 NYK SF 2321
86%
5086 Cazzie Russell 26.24 1977 LAL SF 2440
86%
5727 Cazzie Russell 24.96 1969 NYK SF 1373
86%
5821 Cazzie Russell 24.78 1975 LAL SF 991
86%
151 Charles Barkley 50.67 1993 PHO PF 5067
86%
162 Charles Barkley 50.21 1987 PHI PF 3665
86%
213 Charles Barkley 49.08 1988 PHI PF 3926
86%
216 Charles Barkley 49.04 1989 PHI PF 4021
86%
234 Charles Barkley 48.49 1991 PHI SF 3637
86%
299 Charles Barkley 47.34 1990 PHI SF 4213
86%
397 Charles Barkley 45.83 1986 PHI PF 4216
86%
442 Charles Barkley 45.27 1994 PHO PF 3395
86%
476 Charles Barkley 44.91 1995 PHO PF 3503
86%
490 Charles Barkley 44.77 1996 PHO PF 3358
86%
494 Charles Barkley 44.75 1992 PHI SF 3356
86%
708 Charles Barkley 42.52 1997 HOU PF 2934
86%
1095 Charles Barkley 39.54 1999 HOU PF 1819
86%
2384 Charles Barkley 33.79 1998 HOU PF 2433
86%
2897 Charles Barkley 32.10 2000 HOU PF 642
86%
3923 Charles Barkley 29.09 1985 PHI PF 2764
86%
2082 Charles Smith 34.89 1991 LAC SF 2582
86%
2492 Charles Smith 33.36 1990 LAC PF 2602
86%
4362 Charles Smith 27.93 1989 LAC PF 1983
86%
5365 Charles Smith 25.67 1992 LAC SF 1386
86%
1176 Chauncey Billups 39.05 2006 DET PG 3866
86%
1830 Chauncey Billups 35.88 2007 DET PG 3086
86%
1869 Chauncey Billups 35.74 2009 DEN,DET PG 3395
86%
1990 Chauncey Billups 35.25 2010 DEN PG 2785
86%
2278 Chauncey Billups 34.15 2008 DET PG 3176
86%
2411 Chauncey Billups 33.66 2005 DET PG 3534
86%
2604 Chauncey Billups 32.98 2004 DET PG 3331
86%
3198 Chauncey Billups 31.19 2011 NYK,DEN PG 2277
86%
3897 Chauncey Billups 29.16 2003 DET PG 2566
86%
4463 Chauncey Billups 27.71 2002 MIN PG 2355
86%
5181 Chauncey Billups 26.05 2012 LAC SG 521
86%
5570 Chauncey Billups 25.29 1999 DEN SG 1138
86%
2322 Chet Walker 34.02 1970 CHI SF 2824
86%
2522 Chet Walker 33.24 1971 CHI SF 2925
86%
2804 Chet Walker 32.36 1967 PHI SF 3107
86%
2964 Chet Walker 31.89 1972 CHI SF 2615
86%
3237 Chet Walker 31.09 1964 PHI SF 2518
86%
3576 Chet Walker 30.10 1974 CHI SF 2799
86%
3733 Chet Walker 29.62 1975 CHI SF 2636
86%
3794 Chet Walker 29.42 1973 CHI SF 2530
86%
3868 Chet Walker 29.24 1968 PHI SF 2778
86%
3944 Chet Walker 29.05 1969 PHI SF 2498
86%
4262 Chet Walker 28.22 1966 PHI SF 2399
86%
864 Chris Bosh 41.14 2010 TOR C 2880
86%
1057 Chris Bosh 39.81 2007 TOR C 2986
86%
1101 Chris Bosh 39.52 2009 TOR C 3043
86%
1237 Chris Bosh 38.71 2006 TOR C 2710
86%
1303 Chris Bosh 38.36 2008 TOR C 2762
86%
2343 Chris Bosh 33.95 2015 MIA C 1494
86%
2741 Chris Bosh 32.57 2016 MIA PF 1726
86%
2978 Chris Bosh 31.86 2011 MIA PF 3122
86%
3017 Chris Bosh 31.78 2005 TOR PF 2574
86%
3656 Chris Bosh 29.86 2012 MIA PF 2120
86%
4326 Chris Bosh 28.03 2013 MIA C 2719
86%
4967 Chris Bosh 26.51 2014 MIA C 2624
86%
100 Chris Paul 52.75 2009 NOH PG 4378
86%
134 Chris Paul 51.35 2008 NOH PG 4724
86%
295 Chris Paul 47.39 2014 LAC PG 3554
86%
351 Chris Paul 46.58 2010 NOH PG 2096
86%
372 Chris Paul 46.17 2015 LAC PG 4340
86%
395 Chris Paul 45.83 2016 LAC PG 3575
86%
513 Chris Paul 44.47 2017 LAC PG 3024
86%
586 Chris Paul 43.65 2012 LAC PG 3099
86%
690 Chris Paul 42.71 2011 NOH PG 3673
86%
710 Chris Paul 42.51 2013 LAC PG 3231
86%
724 Chris Paul 42.37 2022 PHO PG 3305
86%
815 Chris Paul 41.53 2018 HOU PG 3032
86%
844 Chris Paul 41.30 2007 NOK PG 2643
86%
952 Chris Paul 40.50 2021 PHO PG 3645
86%
1134 Chris Paul 39.24 2006 NOK PG 3061
86%
1270 Chris Paul 38.51 2019 HOU PG 2657
86%
1338 Chris Paul 38.13 2020 OKC PG 2936
86%
1469 Chris Paul 37.48 2023 PHO PG 2474
86%
4511 Chris Paul 27.59 2024 GSW PG 1628
86%
220 Chris Webber 48.96 2001 SAC PF 3819
86%
287 Chris Webber 47.51 2000 SAC PF 3801
86%
321 Chris Webber 47.01 2002 SAC PF 3291
86%
336 Chris Webber 46.76 2003 SAC PF 3460
86%
572 Chris Webber 43.73 1996 WSB PF 656
86%
578 Chris Webber 43.70 1999 SAC PF 2054
86%
683 Chris Webber 42.79 1997 WSB PF 3209
86%
723 Chris Webber 42.39 1998 WAS C 3010
86%
735 Chris Webber 42.28 1995 WSB PF 2283
86%
1070 Chris Webber 39.72 2005 PHI,SAC PF 2860
86%
1157 Chris Webber 39.15 2006 PHI PF 2936
86%
1385 Chris Webber 37.86 2004 SAC PF 1325
86%
1447 Chris Webber 37.56 1994 GSW C 2967
86%
5697 Chris Webber 25.03 2007 DET,PHI PF 1927
86%
2271 Clifford Robinson 34.18 1995 POR SF 2666
86%
2508 Clifford Robinson 33.29 1994 POR C 2863
86%
2582 Clifford Robinson 33.05 1996 POR SF 2743
86%
2661 Clifford Robinson 32.79 1993 POR PF 2820
86%
3494 Clifford Robinson 30.38 2000 PHO SF 2704
86%
4057 Clifford Robinson 28.72 1999 PHO SF 1522
86%
4312 Clifford Robinson 28.07 2001 PHO PF 2414
86%
4550 Clifford Robinson 27.49 1997 POR SF 2337
86%
4916 Clifford Robinson 26.63 2002 DET PF 2397
86%
5634 Clifford Robinson 25.15 1998 PHO SF 2113
86%
2199 Cliff Robinson 34.44 1983 CLE PF 2652
86%
2223 Cliff Robinson 34.35 1986 WSB SF 2851
86%
2225 Cliff Robinson 34.34 1984 CLE C 2507
86%
2382 Cliff Robinson 33.79 1982 CLE,KCK PF 2298
86%
2857 Cliff Robinson 32.22 1981 NJN PF 2030
86%
2927 Cliff Robinson 32.00 1985 WSB PF 2048
86%
3052 Cliff Robinson 31.66 1988 PHI SF 1963
86%
4994 Cliff Robinson 26.43 1989 PHI SF 370
86%
5258 Cliff Robinson 25.90 1987 PHI PF 1554
86%
5723 Cliff Robinson 24.97 1980 NJN PF 1748
86%
163 Clyde Drexler 50.20 1989 POR SG 4066
86%
243 Clyde Drexler 48.33 1992 POR SG 4688
86%
258 Clyde Drexler 47.99 1988 POR SG 4079
86%
452 Clyde Drexler 45.12 1990 POR SG 4241
86%
464 Clyde Drexler 45.03 1987 POR SG 3873
86%
571 Clyde Drexler 43.74 1991 POR SG 4287
86%
641 Clyde Drexler 43.18 1986 POR SG 3411
86%
1002 Clyde Drexler 40.18 1996 HOU SG 2411
86%
1013 Clyde Drexler 40.10 1993 POR SG 2085
86%
1035 Clyde Drexler 39.92 1995 HOU,POR SG 3912
86%
1365 Clyde Drexler 38.01 1985 POR SG 3383
86%
1386 Clyde Drexler 37.85 1994 POR SG 2725
86%
1486 Clyde Drexler 37.38 1997 HOU SG 2916
86%
1720 Clyde Drexler 36.32 1998 HOU SG 2724
86%
2048 Coby White 35.02 2024 CHI PG 2837
86%
3777 Coby White 29.48 2021 CHI PG 2034
86%
2328 Cole Anthony 34.02 2022 ORL PG 2211
86%
4850 Cole Anthony 26.78 2023 ORL PG 1607
86%
4856 Cole Anthony 26.77 2021 ORL PG 1258
86%
3345 Corliss Williamson 30.77 1998 SAC SF 2431
86%
4928 Dale Davis 26.61 1994 IND PF 2182
86%
99 Damian Lillard 52.78 2023 POR PG 3061
86%
145 Damian Lillard 50.93 2020 POR PG 3616
86%
164 Damian Lillard 50.19 2021 POR PG 3664
86%
388 Damian Lillard 45.96 2019 POR PG 4412
86%
436 Damian Lillard 45.30 2018 POR PG 3488
86%
505 Damian Lillard 44.58 2017 POR PG 3522
86%
542 Damian Lillard 44.08 2016 POR PG 3791
86%
553 Damian Lillard 43.94 2024 MIL PG 3383
86%
580 Damian Lillard 43.69 2022 POR PG 1267
86%
1150 Damian Lillard 39.18 2015 POR PG 3409
86%
1557 Damian Lillard 37.06 2014 POR PG 3447
86%
1729 Damian Lillard 36.27 2013 POR PG 2974
86%
611 Damon Stoudamire 43.43 1997 TOR PG 3518
86%
622 Damon Stoudamire 43.36 1996 TOR PG 3035
86%
1085 Damon Stoudamire 39.64 1998 POR,TOR PG 2973
86%
2934 Damon Stoudamire 31.99 2005 POR PG 2591
86%
3318 Damon Stoudamire 30.85 2002 POR PG 2406
86%
3380 Damon Stoudamire 30.67 2004 POR PG 2515
86%
3755 Damon Stoudamire 29.53 2001 POR PG 2510
86%
4103 Damon Stoudamire 28.62 1999 POR PG 1803
86%
5342 Damon Stoudamire 25.71 2000 POR PG 2417
86%
5466 Damon Stoudamire 25.48 2006 MEM PG 688
86%
872 D'Angelo Russell 41.04 2020 GSW,MIN PG 1847
86%
1038 D'Angelo Russell 39.91 2019 BRK PG 3432
86%
1693 D'Angelo Russell 36.40 2022 MIN PG 2621
86%
2119 D'Angelo Russell 34.71 2021 MIN PG 1458
86%
2143 D'Angelo Russell 34.63 2024 LAL PG 2874
86%
2620 D'Angelo Russell 32.93 2023 LAL,MIN PG 2898
86%
3299 D'Angelo Russell 30.90 2018 BRK PG 1483
86%
3495 D'Angelo Russell 30.38 2017 LAL PG 1914
86%
5924 D'Angelo Russell 24.58 2016 LAL PG 1966
86%
1661 Darrell Walker 36.53 1990 WSB PG 2959
86%
3526 Darrell Walker 30.27 1989 WSB PG 2391
86%
3844 Darrell Walker 29.30 1991 WSB PG 2080
86%
3927 Darrell Walker 29.09 1985 NYK PG 2385
86%
5805 Darrell Walker 24.81 1987 DEN PG 2084
86%
75 David Robinson 54.35 1994 SAS C 4565
86%
212 David Robinson 49.08 1991 SAS C 4221
86%
222 David Robinson 48.96 1995 SAS C 4700
86%
286 David Robinson 47.53 1992 SAS C 3232
86%
301 David Robinson 47.30 1996 SAS C 4352
86%
302 David Robinson 47.26 1993 SAS C 4348
86%
393 David Robinson 45.88 1990 SAS C 4221
86%
834 David Robinson 41.37 1998 SAS C 3392
86%
2028 David Robinson 35.11 2000 SAS C 2949
86%
2306 David Robinson 34.06 1999 SAS C 2248
86%
3322 David Robinson 30.83 1997 SAS C 185
86%
3534 David Robinson 30.24 2001 SAS C 2812
86%
5598 David Robinson 25.23 2002 SAS C 2069
86%
659 David Thompson 42.92 1978 DEN SG 3992
86%
994 David Thompson 40.23 1977 DEN SG 3540
86%
1622 David Thompson 36.74 1981 DEN SG 2829
86%
1827 David Thompson 35.89 1979 DEN SG 2835
86%
2238 David Thompson 34.31 1980 DEN SG 1338
86%
5064 David Thompson 26.29 1983 SEA SG 2024
86%
1663 David West 36.52 2008 NOH PF 3214
86%
2014 David West 35.16 2009 NOH PF 2848
86%
2300 David West 34.07 2010 NOH PF 2760
86%
2607 David West 32.97 2011 NOH PF 2308
86%
2820 David West 32.33 2007 NOK PF 1681
86%
2963 David West 31.89 2013 IND PF 2934
86%
4091 David West 28.64 2014 IND PF 2835
86%
4092 David West 28.64 2006 NOK PF 2119
86%
4901 David West 26.67 2015 IND PF 1760
86%
5397 David West 25.62 2012 IND PF 1973
86%
465 De'Aaron Fox 45.03 2021 SAC PG 2612
86%
467 De'Aaron Fox 45.00 2024 SAC PG 3420
86%
591 De'Aaron Fox 43.61 2023 SAC PG 3489
86%
944 De'Aaron Fox 40.55 2020 SAC PG 2068
86%
1053 De'Aaron Fox 39.85 2022 SAC PG 2351
86%
1398 De'Aaron Fox 37.79 2019 SAC PG 3061
86%
2912 DeAndre Jordan 32.05 2016 LAC C 2660
86%
3036 DeAndre Jordan 31.71 2018 LAC C 2442
86%
3159 DeAndre Jordan 31.34 2015 LAC C 3009
86%
3192 DeAndre Jordan 31.23 2017 LAC C 2748
86%
3532 DeAndre Jordan 30.25 2019 DAL,NYK C 2087
86%
3969 DeAndre Jordan 28.99 2014 LAC C 2754
86%
3255 Dee Brown 31.03 1994 BOS SG 2389
86%
4050 Dee Brown 28.73 1995 BOS SG 2385
86%
4600 Dee Brown 27.37 1993 BOS PG 2299
86%
5555 Dee Brown 25.32 1992 BOS PG 937
86%
169 Dejounte Murray 50.03 2022 SAS PG 3452
86%
705 Dejounte Murray 42.54 2024 ATL SG 3361
86%
1029 Dejounte Murray 39.96 2023 ATL SG 3197
86%
1958 Dejounte Murray 35.38 2021 SAS PG 2406
86%
4815 Dejounte Murray 26.86 2020 SAS PG 1773
86%
5011 Dell Curry 26.39 1994 CHH SG 2164
86%
5646 Dell Curry 25.13 1992 CHH SG 1935
86%
5671 Dell Curry 25.07 1990 CHH SG 1680
86%
4776 Delonte West 26.94 2006 BOS PG 1913
86%
5387 Delonte West 25.64 2007 BOS SG 1769
86%
112 DeMarcus Cousins 52.00 2018 NOP C 2496
86%
174 DeMarcus Cousins 49.90 2017 NOP,SAC C 3593
86%
262 DeMarcus Cousins 47.94 2016 SAC C 3116
86%
312 DeMarcus Cousins 47.14 2015 SAC C 2781
86%
651 DeMarcus Cousins 43.08 2014 SAC C 3059
86%
2073 DeMarcus Cousins 34.92 2012 SAC C 2235
86%
2185 DeMarcus Cousins 34.49 2013 SAC C 2587
86%
3232 DeMarcus Cousins 31.11 2019 GSW C 1182
86%
3719 DeMarcus Cousins 29.67 2011 SAC C 2403
86%
577 DeMar DeRozan 43.70 2022 CHI PF 3540
86%
874 DeMar DeRozan 41.04 2023 CHI SF 3119
86%
879 DeMar DeRozan 40.99 2019 SAS SG 3443
86%
891 DeMar DeRozan 40.86 2017 TOR SG 3432
86%
917 DeMar DeRozan 40.70 2024 CHI SF 3297
86%
929 DeMar DeRozan 40.63 2021 SAS PF 2519
86%
1009 DeMar DeRozan 40.13 2020 SAS SF 2729
86%
1304 DeMar DeRozan 38.33 2018 TOR SG 3450
86%
1696 DeMar DeRozan 36.40 2014 TOR SG 3130
86%
1751 DeMar DeRozan 36.17 2016 TOR SG 3545
86%
2453 DeMar DeRozan 33.48 2015 TOR SG 2143
86%
4266 DeMar DeRozan 28.21 2013 TOR SG 2313
86%
5172 DeMar DeRozan 26.06 2011 TOR SG 2137
86%
5627 DeMar DeRozan 25.17 2012 TOR SG 1586
86%
1774 Dennis Johnson 36.08 1982 PHO SG 3139
86%
1920 Dennis Johnson 35.52 1985 BOS PG 3588
86%
1988 Dennis Johnson 35.25 1987 BOS PG 3596
86%
2172 Dennis Johnson 34.54 1980 SEA SG 3316
86%
2362 Dennis Johnson 33.89 1988 BOS PG 3186
86%
2529 Dennis Johnson 33.21 1981 PHO PG 2856
86%
2615 Dennis Johnson 32.95 1986 BOS PG 3163
86%
3117 Dennis Johnson 31.47 1979 SEA SG 3053
86%
3359 Dennis Johnson 30.73 1983 PHO PG 2458
86%
4449 Dennis Johnson 27.74 1984 BOS SG 2829
86%
4883 Dennis Johnson 26.71 1989 BOS PG 2003
86%
5597 Dennis Johnson 25.23 1978 SEA SG 2599
86%
3397 Dennis Smith Jr. 30.62 2018 DAL PG 2113
86%
4467 Dennis Smith Jr. 27.70 2019 DAL,NYK PG 1468
86%
2075 Derek Smith 34.91 1986 LAC SG 384
86%
2201 Derek Smith 34.44 1985 LAC SG 2755
86%
3855 Derek Smith 29.27 1987 SAC SG 1522
86%
376 Deron Williams 46.11 2011 NJN,UTA PG 2997
86%
411 Deron Williams 45.56 2010 UTA PG 3918
86%
449 Deron Williams 45.19 2009 UTA PG 3299
86%
517 Deron Williams 44.45 2008 UTA PG 4178
86%
618 Deron Williams 43.38 2012 NJN PG 2386
86%
1046 Deron Williams 39.87 2007 UTA PG 3867
86%
1187 Deron Williams 39.01 2013 BRK PG 3316
86%
3332 Deron Williams 30.81 2015 BRK PG 2280
86%
3338 Deron Williams 30.79 2014 BRK PG 2340
86%
3958 Deron Williams 29.01 2016 DAL PG 1973
86%
348 Derrick Rose 46.60 2011 CHI PG 4520
86%
681 Derrick Rose 42.80 2012 CHI PG 1712
86%
1342 Derrick Rose 38.08 2010 CHI PG 3161
86%
2088 Derrick Rose 34.85 2009 CHI PG 3067
86%
2510 Derrick Rose 33.29 2015 CHI PG 2097
86%
2679 Derrick Rose 32.74 2020 DET PG 1637
86%
3047 Derrick Rose 31.67 2017 NYK PG 2027
86%
3548 Derrick Rose 30.20 2019 MIN PG 1540
86%
3585 Derrick Rose 30.08 2016 CHI PG 1985
86%
4232 Derrick Rose 28.30 2014 CHI PG 283
86%
4492 Derrick Rose 27.64 2021 NYK,DET PG 1520
86%
4623 Derrick Walton 27.33 2022 DET PG 82
86%
3005 Derrick White 31.80 2024 BOS SG 2926
86%
4721 Derrick White 27.11 2021 SAS SG 976
86%
5301 Derrick White 25.81 2022 BOS,SAS SG 2529
86%
5834 Derrick White 24.75 2023 BOS SG 2524
86%
340 Devin Booker 46.68 2024 PHO PG 3361
86%
356 Devin Booker 46.50 2023 PHO SG 2976
86%
433 Devin Booker 45.31 2019 PHO SG 2900
86%
484 Devin Booker 44.84 2020 PHO SG 3139
86%
727 Devin Booker 42.35 2022 PHO SG 3303
86%
983 Devin Booker 40.30 2021 PHO SG 3587
86%
1032 Devin Booker 39.94 2018 PHO SG 2157
86%
2486 Devin Booker 33.38 2017 PHO SG 2604
86%
984 Devin Harris 40.29 2009 NJN PG 2780
86%
2098 Devin Harris 34.78 2010 NJN PG 2226
86%
2647 Devin Harris 32.83 2011 NJN,UTA PG 2331
86%
3421 Devin Harris 30.58 2008 DAL,NJN PG 1957
86%
509 Dirk Nowitzki 44.49 2005 DAL PF 4049
86%
593 Dirk Nowitzki 43.59 2006 DAL PF 4533
86%
613 Dirk Nowitzki 43.40 2003 DAL PF 4210
86%
825 Dirk Nowitzki 41.45 2007 DAL PF 3482
86%
865 Dirk Nowitzki 41.14 2002 DAL C 3456
86%
867 Dirk Nowitzki 41.12 2008 DAL PF 3372
86%
869 Dirk Nowitzki 41.11 2009 DAL PF 3741
86%
1018 Dirk Nowitzki 40.07 2010 DAL PF 3486
86%
1217 Dirk Nowitzki 38.85 2004 DAL C 3186
86%
1416 Dirk Nowitzki 37.69 2011 DAL PF 3543
86%
1516 Dirk Nowitzki 37.24 2001 DAL PF 3426
86%
2162 Dirk Nowitzki 34.56 2014 DAL PF 3007
86%
2282 Dirk Nowitzki 34.14 2012 DAL PF 2253
86%
3432 Dirk Nowitzki 30.55 2013 DAL PF 1619
86%
3438 Dirk Nowitzki 30.54 2000 DAL PF 2504
86%
3709 Dirk Nowitzki 29.70 2016 DAL PF 2376
86%
4162 Dirk Nowitzki 28.46 2015 DAL PF 2334
86%
5672 Dirk Nowitzki 25.07 2017 DAL PF 1354
86%
144 Domantas Sabonis 50.96 2024 SAC C 4281
86%
280 Domantas Sabonis 47.63 2021 IND PF 3048
86%
349 Domantas Sabonis 46.59 2023 SAC C 4007
86%
677 Domantas Sabonis 42.82 2022 IND,SAC PF 2655
86%
740 Domantas Sabonis 42.18 2020 IND PF 2615
86%
3639 Domantas Sabonis 29.92 2019 IND C 2334
86%
418 Dominique Wilkins 45.46 1986 ATL SF 3955
86%
481 Dominique Wilkins 44.87 1988 ATL SF 4038
86%
521 Dominique Wilkins 44.43 1992 ATL SF 1866
86%
527 Dominique Wilkins 44.35 1993 ATL SF 3282
86%
560 Dominique Wilkins 43.90 1987 ATL SF 3863
86%
625 Dominique Wilkins 43.34 1991 ATL SF 3727
86%
818 Dominique Wilkins 41.52 1985 ATL SF 3363
86%
933 Dominique Wilkins 40.61 1989 ATL SF 3452
86%
971 Dominique Wilkins 40.40 1990 ATL SF 3232
86%
1238 Dominique Wilkins 38.70 1994 ATL,LAC SF 2864
86%
2206 Dominique Wilkins 34.42 1984 ATL SF 2960
86%
3788 Dominique Wilkins 29.44 1997 SAS SF 1855
86%
4104 Dominique Wilkins 28.62 1995 BOS SF 2318
86%
4320 Dominique Wilkins 28.05 1983 ATL SF 2384
86%
373 Donovan Mitchell 46.15 2024 CLE SG 3000
86%
596 Donovan Mitchell 43.57 2021 UTA PG 2745
86%
623 Donovan Mitchell 43.36 2023 CLE SG 3165
86%
722 Donovan Mitchell 42.41 2022 UTA SG 3096
86%
1108 Donovan Mitchell 39.43 2020 UTA SG 2997
86%
1397 Donovan Mitchell 37.79 2019 UTA SG 3099
86%
2246 Donovan Mitchell 34.27 2018 UTA SG 3084
86%
3742 Doug West 29.58 1993 MIN SG 2366
86%
5548 Doug West 25.34 1992 MIN SG 2027
86%
876 Draymond Green 41.01 2016 GSW PF 4265
86%
1562 Draymond Green 37.05 2018 GSW PF 3372
86%
1771 Draymond Green 36.10 2017 GSW PF 3357
86%
2153 Draymond Green 34.58 2021 GSW PF 2248
86%
2325 Draymond Green 34.02 2019 GSW PF 2994
86%
3099 Draymond Green 31.53 2015 GSW PF 3153
86%
3150 Draymond Green 31.36 2023 GSW PF 2666
86%
3352 Draymond Green 30.75 2022 GSW PF 2091
86%
3682 Draymond Green 29.79 2024 GSW PF 1668
86%
4054 Draymond Green 28.72 2020 GSW PF 1235
86%
4482 Dwight Davis 27.66 1974 CLE PF 2102
86%
589 Dwight Howard 43.63 2011 ORL C 3665
86%
698 Dwight Howard 42.65 2012 ORL C 2303
86%
817 Dwight Howard 41.52 2009 ORL C 4235
86%
939 Dwight Howard 40.58 2008 ORL C 3733
86%
1301 Dwight Howard 38.36 2010 ORL C 3683
86%
1437 Dwight Howard 37.58 2014 HOU C 2894
86%
1684 Dwight Howard 36.43 2007 ORL C 3133
86%
1882 Dwight Howard 35.70 2013 LAL C 2856
86%
2352 Dwight Howard 33.93 2018 CHO C 2748
86%
2460 Dwight Howard 33.46 2006 ORL PF 2744
86%
2813 Dwight Howard 32.34 2015 HOU C 1876
86%
3281 Dwight Howard 30.95 2016 HOU C 2352
86%
3427 Dwight Howard 30.56 2017 ATL C 2445
86%
4998 Dwight Howard 26.43 2005 ORL PF 2167
86%
93 Dwyane Wade 53.15 2009 MIA SG 4571
86%
176 Dwyane Wade 49.87 2007 MIA SG 2743
86%
211 Dwyane Wade 49.08 2006 MIA SG 4810
86%
266 Dwyane Wade 47.83 2010 MIA SG 3922
86%
389 Dwyane Wade 45.96 2005 MIA SG 4182
86%
456 Dwyane Wade 45.10 2008 MIA SG 2300
86%
595 Dwyane Wade 43.58 2011 MIA SG 4227
86%
1127 Dwyane Wade 39.28 2012 MIA SG 2828
86%
1450 Dwyane Wade 37.55 2013 MIA SG 3417
86%
1756 Dwyane Wade 36.16 2015 MIA SG 2242
86%
2156 Dwyane Wade 34.58 2016 MIA SG 3043
86%
2377 Dwyane Wade 33.82 2014 MIA SG 2503
86%
2835 Dwyane Wade 32.27 2017 CHI SG 2130
86%
2960 Dwyane Wade 31.91 2004 MIA PG 2361
86%
4061 Dwyane Wade 28.71 2019 MIA SG 2067
86%
4635 Earl Tatum 27.32 1978 IND,LAL SG 2240
86%
1858 Eddie Johnson 35.78 1985 KCK SF 2934
86%
1901 Eddie Johnson 35.61 1984 KCK SF 3027
86%
2847 Eddie Johnson 32.24 1983 KCK SF 2644
86%
3223 Eddie Johnson 31.12 1989 PHO SF 2552
86%
3602 Eddie Johnson 30.02 1987 SAC SF 2432
86%
3662 Eddie Johnson 29.85 1986 SAC SF 2537
86%
4513 Eddie Johnson 27.59 1988 PHO SF 2014
86%
5542 Eddie Johnson 25.34 1992 SEA SF 2281
86%
2539 Eddie Jordan 33.18 1980 NJN PG 2721
86%
4601 Eddie Jordan 27.37 1979 NJN PG 2299
86%
2013 Eddie L. Johnson 35.16 1985 ATL SG 2567
86%
2280 Eddie L. Johnson 34.15 1981 ATL SG 2561
86%
2723 Eddie L. Johnson 32.61 1982 ATL SG 2283
86%
2817 Eddie L. Johnson 32.33 1980 ATL SG 2716
86%
3739 Eddie L. Johnson 29.59 1983 ATL SG 1805
86%
3910 Eddie L. Johnson 29.13 1979 ATL SG 2534
86%
4665 Eddie L. Johnson 27.25 1984 ATL SG 1962
86%
3922 Eddy Curry 29.10 2007 NYK C 2357
86%
2751 Elfrid Payton 32.55 2019 NOP PG 1367
86%
2949 Elfrid Payton 31.94 2017 ORL PG 2619
86%
3215 Elfrid Payton 31.14 2018 ORL,PHO PG 1962
86%
3274 Elfrid Payton 30.98 2020 NYK PG 1394
86%
4132 Elfrid Payton 28.55 2016 ORL PG 2084
86%
4289 Elfrid Payton 28.15 2015 ORL PG 2308
86%
8 Elgin Baylor 65.54 1962 LAL SF 3998
86%
13 Elgin Baylor 64.44 1961 LAL SF 5477
86%
37 Elgin Baylor 57.57 1963 LAL SF 5354
86%
92 Elgin Baylor 53.16 1960 MNL SF 4200
86%
255 Elgin Baylor 48.03 1968 LAL SF 4419
86%
290 Elgin Baylor 47.46 1959 MNL SF 3939
86%
324 Elgin Baylor 46.95 1965 LAL SF 3521
86%
360 Elgin Baylor 46.36 1964 LAL SF 3848
86%
420 Elgin Baylor 45.45 1967 LAL SF 3318
86%
598 Elgin Baylor 43.54 1969 LAL SF 4093
86%
630 Elgin Baylor 43.28 1970 LAL SF 3116
86%
1865 Elgin Baylor 35.75 1966 LAL SF 2824
86%
1862 Elmore Smith 35.76 1973 BUF C 2718
86%
1964 Elmore Smith 35.36 1972 BUF C 2758
86%
2493 Elmore Smith 33.36 1976 MIL C 2702
86%
2513 Elmore Smith 33.27 1974 LAL C 2861
86%
3685 Elmore Smith 29.78 1975 LAL C 2204
86%
5700 Elmore Smith 25.02 1978 CLE C 2077
86%
179 Elvin Hayes 49.80 1971 SDR C 4084
86%
241 Elvin Hayes 48.37 1970 SDR C 3966
86%
269 Elvin Hayes 47.81 1969 SDR C 4207
86%
270 Elvin Hayes 47.77 1974 CAP PF 4204
86%
362 Elvin Hayes 46.34 1972 HOU C 3800
86%
508 Elvin Hayes 44.52 1975 WSB PF 4407
86%
588 Elvin Hayes 43.64 1977 WSB PF 3971
86%
842 Elvin Hayes 41.31 1979 WSB PF 4172
86%
951 Elvin Hayes 40.51 1978 WSB PF 4132
86%
989 Elvin Hayes 40.27 1980 WSB PF 3342
86%
1213 Elvin Hayes 38.88 1973 BAL PF 3344
86%
1390 Elvin Hayes 37.84 1976 WSB PF 3292
86%
2634 Elvin Hayes 32.88 1981 WSB PF 2663
86%
3372 Elvin Hayes 30.69 1982 HOU PF 2609
86%
5188 Elvin Hayes 26.04 1983 HOU PF 2109
86%
2925 Eric Williams 32.00 1998 DEN SF 128
86%
2074 Flynn Robinson 34.91 1970 MIL PG 3177
86%
2659 Flynn Robinson 32.80 1969 CHI,MIL PG 2722
86%
5572 Flynn Robinson 25.29 1968 CHI,CIN PG 2023
86%
3167 Foots Walker 31.32 1980 CLE PG 2380
86%
4331 Foots Walker 28.02 1979 CLE PG 1541
86%
5016 Foots Walker 26.39 1978 CLE PG 2190
86%
2600 Frank Johnson 33.00 1983 WSB PG 2244
86%
3809 Frank Johnson 29.38 1984 WSB PG 2527
86%
5063 Frank Johnson 26.29 1986 WSB PG 368
86%
1976 Fred Brown 35.30 1976 SEA SG 2895
86%
2159 Fred Brown 34.57 1975 SEA SG 3077
86%
2498 Fred Brown 33.34 1974 SEA SG 2734
86%
4120 Fred Brown 28.57 1973 SEA SG 2257
86%
4658 Fred Brown 27.26 1977 SEA SG 1963
86%
4692 Fred Brown 27.17 1978 SEA SG 2554
86%
5720 Fred Brown 24.97 1981 SEA SG 1948
86%
1143 Fred Carter 39.22 1974 PHI SG 3059
86%
1706 Fred Carter 36.36 1975 PHI PG 2800
86%
2160 Fred Carter 34.57 1973 PHI SG 2800
86%
2386 Fred Carter 33.78 1976 PHI PG 2871
86%
5167 Freeman Williams 26.07 1981 SDC SG 2138
86%
5212 Freeman Williams 25.99 1980 SDC SG 2131
86%
4365 Gary Harris 27.93 2018 DEN SG 1871
86%
5619 Gary Harris 25.19 2017 DEN SG 1436
86%
155 Gary Payton 50.54 2000 SEA PG 4397
86%
343 Gary Payton 46.66 2002 SEA PG 4059
86%
359 Gary Payton 46.42 1999 SEA PG 2321
86%
394 Gary Payton 45.84 2001 SEA PG 3621
86%
559 Gary Payton 43.90 1997 SEA PG 4127
86%
667 Gary Payton 42.90 2003 MIL,SEA PG 3689
86%
675 Gary Payton 42.84 1998 SEA PG 3941
86%
811 Gary Payton 41.57 1996 SEA PG 4240
86%
960 Gary Payton 40.48 1995 SEA PG 3481
86%
2264 Gary Payton 34.20 1994 SEA PG 2975
86%
3808 Gary Payton 29.38 2004 LAL PG 3056
86%
4221 Gary Payton 28.33 1993 SEA PG 2861
86%
4506 Gary Payton 27.61 2005 BOS PG 2319
86%
4739 Gary Payton 27.04 1992 SEA PG 2407
86%
5701 Gary Payton 25.02 1991 SEA PG 2177
86%
379 George Gervin 46.09 1980 SAS SG 3733
86%
555 George Gervin 43.93 1982 SAS SG 3866
86%
648 George Gervin 43.13 1978 SAS SG 3795
86%
680 George Gervin 42.81 1979 SAS SF 4024
86%
974 George Gervin 40.37 1981 SAS SG 3593
86%
1089 George Gervin 39.60 1983 SAS SG 3524
86%
1476 George Gervin 37.45 1984 SAS SG 2846
86%
1581 George Gervin 36.95 1977 SAS SF 3104
86%
3248 George Gervin 31.05 1985 SAS SG 2391
86%
5520 George Johnson 25.38 1978 NJN C 2056
86%
5618 George Lee Johnson 25.20 1983 IND SF 2066
86%
5638 George Lee Johnson 25.15 1984 IND SF 2037
86%
284 George Mikan 47.55 1951 MNL C 3566
86%
585 George Mikan 43.68 1952 MNL C 3363
86%
956 George Mikan 40.49 1953 MNL C 3320
86%
1548 George Mikan 37.12 1954 MNL C 3155
86%
1949 George Mikan 35.41 1949 MNL C 2479
86%
2372 George Mikan 33.84 1950 MNL C 2707
86%
40 Giannis Antetokounmpo 57.27 2024 MIL PF 4181
86%
49 Giannis Antetokounmpo 56.38 2022 MIL PF 4454
86%
52 Giannis Antetokounmpo 55.94 2020 MIL PF 4028
86%
59 Giannis Antetokounmpo 55.45 2023 MIL PF 3660
86%
79 Giannis Antetokounmpo 54.05 2019 MIL PF 4702
86%
80 Giannis Antetokounmpo 53.80 2021 MIL PF 4412
86%
196 Giannis Antetokounmpo 49.45 2018 MIL PF 4055
86%
382 Giannis Antetokounmpo 46.03 2017 MIL SF 3959
86%
1868 Giannis Antetokounmpo 35.74 2016 MIL PG 2859
86%
4999 Giannis Antetokounmpo 26.43 2015 MIL SG 2299
86%
4350 Glen Davis 27.97 2013 ORL PF 951
86%
1586 Glenn Robinson 36.95 2001 MIL SF 3473
86%
1717 Glenn Robinson 36.32 1998 MIL SF 2034
86%
1872 Glenn Robinson 35.73 1997 MIL SF 2858
86%
2001 Glenn Robinson 35.21 1996 MIL SF 2887
86%
2035 Glenn Robinson 35.07 2003 ATL SF 2420
86%
2058 Glenn Robinson 34.99 1995 MIL SF 2799
86%
2321 Glenn Robinson 34.03 2002 MIL SF 2246
86%
2664 Glenn Robinson 32.78 2000 MIL SF 2819
86%
3409 Glenn Robinson 30.60 1999 MIL SF 1530
86%
5688 Glenn Robinson 25.05 2004 PHI SF 1052
86%
5893 Grayson Allen 24.64 2024 PHO SG 1897
86%
2873 Greg Anthony 32.17 1996 VAN PG 2220
86%
4806 Greg Anthony 26.88 1997 VAN PG 1747
86%
5939 Greg Smith 24.54 1971 MIL PF 2356
86%
1115 Gus Johnson 39.36 1971 BAL PF 3031
86%
1332 Gus Johnson 38.14 1965 BAL SF 3280
86%
1409 Gus Johnson 37.73 1967 BAL SF 2754
86%
1440 Gus Johnson 37.58 1970 BAL PF 3194
86%
1483 Gus Johnson 37.40 1968 BAL SF 2244
86%
1975 Gus Johnson 35.31 1964 BAL PF 2754
86%
2151 Gus Johnson 34.60 1966 BAL SF 1453
86%
2458 Gus Johnson 33.47 1969 BAL PF 1640
86%
629 Gus Williams 43.28 1982 SEA PG 3809
86%
828 Gus Williams 41.40 1984 SEA PG 3519
86%
835 Gus Williams 41.37 1983 SEA PG 3392
86%
1020 Gus Williams 40.06 1985 WSB PG 3325
86%
1254 Gus Williams 38.62 1980 SEA PG 3746
86%
2213 Gus Williams 34.39 1979 SEA PG 3198
86%
2959 Gus Williams 31.91 1978 SEA PG 3223
86%
3873 Gus Williams 29.23 1986 WSB PG 2397
86%
101 Hakeem Olajuwon 52.68 1993 HOU C 4952
86%
108 Hakeem Olajuwon 52.27 1994 HOU C 5384
86%
110 Hakeem Olajuwon 52.14 1995 HOU C 4901
86%
159 Hakeem Olajuwon 50.36 1990 HOU C 4331
86%
227 Hakeem Olajuwon 48.75 1996 HOU C 3900
86%
256 Hakeem Olajuwon 48.02 1989 HOU C 4130
86%
354 Hakeem Olajuwon 46.56 1987 HOU C 3958
86%
405 Hakeem Olajuwon 45.68 1991 HOU C 2695
86%
448 Hakeem Olajuwon 45.19 1986 HOU C 3977
86%
488 Hakeem Olajuwon 44.78 1988 HOU C 3717
86%
533 Hakeem Olajuwon 44.29 1992 HOU C 3100
86%
691 Hakeem Olajuwon 42.70 1997 HOU C 4014
86%
1142 Hakeem Olajuwon 39.22 1985 HOU C 3412
86%
1664 Hakeem Olajuwon 36.52 1998 HOU C 1899
86%
2018 Hakeem Olajuwon 35.15 1999 HOU C 1898
86%
5952 Hakeem Olajuwon 24.52 2001 HOU C 1422
86%
1688 Herb Williams 36.42 1986 IND C 2841
86%
1797 Herb Williams 36.01 1985 IND C 2701
86%
2350 Herb Williams 33.94 1983 IND C 2647
86%
3075 Herb Williams 31.61 1984 IND C 2181
86%
4136 Herb Williams 28.54 1987 IND PF 2226
86%
5674 Herb Williams 25.07 1982 IND C 2056
86%
2861 Hot Rod Williams 32.22 1990 CLE PF 2803
86%
3912 Hot Rod Williams 29.13 1987 CLE PF 2330
86%
3937 Hot Rod Williams 29.07 1994 CLE PF 2209
86%
4385 Hot Rod Williams 27.87 1992 CLE C 2703
86%
4844 Hot Rod Williams 26.79 1995 CLE PF 2090
86%
5419 Hot Rod Williams 25.58 1991 CLE C 1100
86%
561 Isaiah Thomas 43.89 2017 BOS PG 3994
86%
1225 Isaiah Thomas 38.82 2016 BOS PG 3416
86%
1504 Isaiah Thomas 37.28 2014 SAC PG 2684
86%
4145 Isaiah Thomas 28.52 2015 BOS,PHO PG 2025
86%
4587 Isaiah Thomas 27.41 2018 CLE,LAL PG 877
86%
5786 Isaiah Thomas 24.85 2013 SAC PG 1963
86%
3240 Ish Smith 31.08 2016 NOP,PHI PG 2393
86%
5596 Ish Smith 25.24 2020 WAS PG 1716
86%
54 Isiah Thomas 55.89 1985 DET PG 5030
86%
156 Isiah Thomas 50.52 1984 DET PG 4395
86%
214 Isiah Thomas 49.05 1986 DET PG 3973
86%
316 Isiah Thomas 47.08 1987 DET PG 4520
86%
423 Isiah Thomas 45.41 1983 DET PG 3678
86%
617 Isiah Thomas 43.39 1990 DET PG 4382
86%
674 Isiah Thomas 42.85 1988 DET PG 4456
86%
990 Isiah Thomas 40.26 1989 DET PG 3905
86%
1122 Isiah Thomas 39.32 1993 DET PG 3106
86%
1182 Isiah Thomas 39.02 1991 DET PG 2380
86%
1373 Isiah Thomas 37.93 1982 DET PG 2731
86%
1435 Isiah Thomas 37.59 1992 DET PG 3120
86%
2755 Isiah Thomas 32.53 1994 DET PG 1887
86%
4960 Jabari Smith Jr. 26.51 2024 HOU PF 2015
86%
3383 Jack George 30.66 1956 PHW PG 2514
86%
5017 Jack George 26.38 1955 PHW PG 1794
86%
283 Jalen Brunson 47.57 2024 NYK PG 4281
86%
796 Jalen Brunson 41.70 2023 NYK PG 3294
86%
3172 Jalen Brunson 31.29 2022 DAL SG 3035
86%
3092 Jalen Duren 31.54 2024 DET C 1924
86%
2242 Jalen Green 34.29 2023 HOU SG 2606
86%
2586 Jalen Green 33.04 2024 HOU SG 2709
86%
4830 Jalen Green 26.82 2022 HOU SG 1797
86%
2330 Jalen Johnson 34.00 2024 ATL SF 1904
86%
1256 Jalen Rose 38.61 2001 IND SF 2934
86%
1522 Jalen Rose 37.22 2003 CHI SF 3052
86%
2063 Jalen Rose 34.96 2002 CHI,IND SF 2902
86%
2651 Jalen Rose 32.82 2000 IND SF 3380
86%
3414 Jalen Rose 30.59 2004 CHI,TOR SF,PG 2019
86%
4363 Jalen Rose 27.93 2005 TOR SF 2262
86%
4837 Jalen Rose 26.81 1996 DEN SG 2145
86%
2193 Jalen Williams 34.46 2024 OKC PF 2791
86%
4735 Jalen Williams 27.05 2023 OKC SG 2083
86%
1041 Jamal Murray 39.89 2023 DEN PG 3391
86%
1103 Jamal Murray 39.51 2024 DEN PG 2805
86%
1657 Jamal Murray 36.55 2020 DEN PG 2851
86%
1676 Jamal Murray 36.48 2021 DEN PG 1751
86%
2375 Jamal Murray 33.83 2019 DEN PG 3011
86%
4170 Jamal Murray 28.44 2018 DEN PG 2304
86%
18 James Harden 60.58 2017 HOU PG 5573
86%
23 James Harden 59.85 2019 HOU PG 5327
86%
34 James Harden 57.80 2020 HOU SG 4624
86%
65 James Harden 54.74 2018 HOU SG 4872
86%
74 James Harden 54.36 2021 BRK,HOU PG 2881
86%
109 James Harden 52.17 2016 HOU SG 4539
86%
153 James Harden 50.62 2022 PHI,BRK PG 3898
86%
183 James Harden 49.69 2015 HOU SG 4870
86%
203 James Harden 49.35 2023 PHI PG 3405
86%
487 James Harden 44.79 2013 HOU SG 3762
86%
529 James Harden 44.34 2014 HOU SG 3503
86%
895 James Harden 40.83 2024 LAC PG 3185
86%
3736 James Harden 29.61 2012 OKC SG 2428
86%
4689 James Johnson 27.17 2017 MIA PF 2065
86%
5523 James Johnson 25.37 2018 MIA PF 1979
86%
200 Ja Morant 49.38 2022 MEM PG 3259
86%
201 Ja Morant 49.36 2023 MEM PG 3258
86%
246 Ja Morant 48.22 2024 MEM PG 434
86%
1008 Ja Morant 40.16 2021 MEM PG 2811
86%
1427 Ja Morant 37.63 2020 MEM PG 2559
86%
2239 Jarrett Allen 34.30 2024 CLE C 2778
86%
2902 Jarrett Allen 32.07 2022 CLE C 1828
86%
3972 Jarrett Allen 28.99 2023 CLE C 2116
86%
4296 Jarrett Allen 28.11 2021 BRK,CLE C 1771
86%
5197 Jarrett Allen 26.01 2020 BRK C 1925
86%
5286 Jason Thompson 25.84 2010 SAC C 1938
86%
1914 Jason Williams 35.54 2002 MEM PG 2310
86%
2650 Jason Williams 32.82 2003 MEM PG 2494
86%
3469 Jason Williams 30.45 2000 SAC PG 2619
86%
3888 Jason Williams 29.18 1999 SAC PG 1605
86%
4495 Jason Williams 27.63 2004 MEM PG 2100
86%
5920 Jason Williams 24.59 2005 MEM PG 1844
86%
921 Jaylen Brown 40.67 2023 BOS SF 3538
86%
1155 Jaylen Brown 39.16 2021 BOS SG 2271
86%
1323 Jaylen Brown 38.22 2022 BOS SF 3440
86%
1452 Jaylen Brown 37.54 2024 BOS SF 3341
86%
2543 Jaylen Brown 33.16 2020 BOS SG 2454
86%
5854 Jaylen Brown 24.70 2018 BOS SG 2174
86%
173 Jayson Tatum 49.91 2023 BOS SF 4692
86%
325 Jayson Tatum 46.92 2024 BOS PF 4364
86%
403 Jayson Tatum 45.69 2022 BOS SF 4569
86%
492 Jayson Tatum 44.76 2021 BOS SF 3133
86%
932 Jayson Tatum 40.61 2020 BOS PF 3371
86%
4427 Jayson Tatum 27.78 2019 BOS SF 2445
86%
5675 Jayson Tatum 25.07 2018 BOS SF 2482
86%
3314 Jayson Williams 30.85 1997 NJN PF 1265
86%
3677 Jayson Williams 29.79 1998 NJN C 2026
86%
5679 Jayson Williams 25.07 1999 NJN C 752
86%
4097 Jeff Green 28.63 2009 OKC PF 2233
86%
5142 Jeff Green 26.13 2010 OKC PF 2299
86%
5145 Jeff Green 26.12 2014 BOS SF 2142
86%
2258 Jeff Malone 34.21 1990 WSB SG 2566
86%
2627 Jeff Malone 32.90 1987 WSB SG 2731
86%
2942 Jeff Malone 31.96 1986 WSB SG 2717
86%
3434 Jeff Malone 30.54 1989 WSB SG 2321
86%
3565 Jeff Malone 30.14 1988 WSB SG 2562
86%
4271 Jeff Malone 28.20 1992 UTA SG 2735
86%
4696 Jeff Malone 27.17 1991 UTA SG 2119
86%
4740 Jeff Malone 27.04 1985 WSB SG 2163
86%
5632 Jeff Malone 25.16 1995 PHI SG 478
86%
1228 Jermaine O'Neal 38.81 2003 IND PF 3221
86%
1428 Jermaine O'Neal 37.61 2005 IND PF 2144
86%
1535 Jermaine O'Neal 37.19 2007 IND C 2566
86%
1538 Jermaine O'Neal 37.16 2006 IND PF 2118
86%
1599 Jermaine O'Neal 36.86 2004 IND PF 3465
86%
1971 Jermaine O'Neal 35.34 2002 IND PF 2721
86%
4155 Jermaine O'Neal 28.48 2001 IND C 2421
86%
4639 Jermaine O'Neal 27.31 2008 IND C 1147
86%
5481 Jermaine O'Neal 25.46 2009 MIA,TOR C 1884
86%
146 Jerry West 50.92 1970 LAL PG 4685
86%
150 Jerry West 50.78 1966 LAL SG 4723
86%
154 Jerry West 50.57 1971 LAL PG 3489
86%
215 Jerry West 49.05 1962 LAL PG 4316
86%
226 Jerry West 48.82 1972 LAL PG 4491
86%
250 Jerry West 48.15 1965 LAL PG 4093
86%
292 Jerry West 47.45 1967 LAL PG 3179
86%
396 Jerry West 45.83 1964 LAL PG 3529
86%
426 Jerry West 45.38 1969 LAL SG 3585
86%
443 Jerry West 45.25 1963 LAL PG 3077
86%
477 Jerry West 44.91 1968 LAL SG 2964
86%
524 Jerry West 44.41 1973 LAL PG 3819
86%
1081 Jerry West 39.66 1974 LAL PG 1269
86%
2090 Jerry West 34.85 1961 LAL SG 3171
86%
4717 Jim Davis 27.12 1970 ATL C 2468
86%
4604 Jim Fox 27.36 1973 SEA C 2025
86%
4641 Jim Fox 27.31 1974 SEA C 2130
86%
5198 Jim Fox 26.01 1969 DET,PHO C 1977
86%
518 Jimmy Butler 44.45 2021 MIA SF 2489
86%
639 Jimmy Butler 43.20 2017 CHI SF 3542
86%
649 Jimmy Butler 43.11 2023 MIA PF 3794
86%
780 Jimmy Butler 41.80 2022 MIA SF 3093
86%
802 Jimmy Butler 41.65 2020 MIA SF 3290
86%
1204 Jimmy Butler 38.92 2018 MIN SG 2491
86%
1341 Jimmy Butler 38.09 2016 CHI SG 2552
86%
1432 Jimmy Butler 37.61 2024 MIA PF 2294
86%
2004 Jimmy Butler 35.19 2015 CHI SG 2710
86%
2041 Jimmy Butler 35.05 2019 PHI,MIN SF,SG 2699
86%
5412 Jimmy Butler 25.60 2014 CHI SG 1843
86%
2798 Jimmy Walker 32.38 1972 DET SG 2526
86%
2874 Jimmy Walker 32.17 1973 HOU PG 2606
86%
3178 Jimmy Walker 31.27 1974 HOU,KCO SG 2345
86%
3636 Jimmy Walker 29.94 1970 DET SG 2425
86%
4745 Jimmy Walker 27.03 1971 DET SG 2135
86%
5080 Jimmy Walker 26.25 1975 KCO SG 2284
86%
1149 Joe Johnson 39.19 2007 ATL SG 2234
86%
1193 Joe Johnson 38.95 2006 ATL SG 3194
86%
1287 Joe Johnson 38.44 2008 ATL SG 3421
86%
1480 Joe Johnson 37.42 2009 ATL SG 3368
86%
1677 Joe Johnson 36.47 2010 ATL SG 3173
86%
2850 Joe Johnson 32.24 2011 ATL SG 2708
86%
3061 Joe Johnson 31.65 2004 PHO SG 2595
86%
3245 Joe Johnson 31.06 2012 ATL SG 2050
86%
3388 Joe Johnson 30.65 2005 PHO SF 2789
86%
4351 Joe Johnson 27.97 2015 BRK SG 2405
86%
4772 Joe Johnson 26.95 2013 BRK SG 2129
86%
5109 Joe Johnson 26.19 2014 BRK SG 2383
86%
26 Joel Embiid 59.33 2024 PHI C 2729
86%
98 Joel Embiid 52.79 2023 PHI C 3959
86%
128 Joel Embiid 51.49 2022 PHI C 4016
86%
194 Joel Embiid 49.49 2019 PHI C 3712
86%
310 Joel Embiid 47.18 2021 PHI C 2925
86%
652 Joel Embiid 43.07 2020 PHI C 2369
86%
700 Joel Embiid 42.61 2018 PHI C 3025
86%
1891 Joel Embiid 35.65 2017 PHI C 1105
86%
2834 Joe Smith 32.28 1997 GSW PF 2582
86%
4109 Joe Smith 28.60 1996 GSW PF 2345
86%
4915 Joe Smith 26.64 1999 MIN C 1252
86%
2099 John Johnson 34.78 1972 CLE SF 2852
86%
2450 John Johnson 33.49 1974 POR SF 2311
86%
2608 John Johnson 32.97 1971 CLE SF 2209
86%
3673 John Johnson 29.81 1975 POR SF 2385
86%
4020 John Johnson 28.84 1980 SEA SF 2769
86%
4072 John Johnson 28.70 1973 CLE SF 2353
86%
4911 John Johnson 26.65 1979 SEA SF 2638
86%
5792 John Johnson 24.84 1981 SEA SF 1987
86%
2415 Johnny Davis 33.65 1979 IND PG 2658
86%
3278 Johnny Davis 30.96 1980 IND PG 2539
86%
3323 Johnny Davis 30.83 1981 IND PG 2405
86%
4071 Johnny Davis 28.70 1982 IND SG 2353
86%
4099 Johnny Davis 28.63 1983 ATL SG 1603
86%
5362 Johnny Davis 25.67 1985 CLE PG 2028
86%
2317 Johnny Green 34.04 1962 NYK PF 2723
86%
2361 Johnny Green 33.90 1963 NYK PF 2712
86%
3867 Johnny Green 29.24 1970 CIN PF 2281
86%
4187 Johnny Green 28.40 1964 NYK PF 2272
86%
4406 Johnny Green 27.81 1971 CIN PF 2086
86%
120 John Stockton 51.70 1990 UTA PG 4291
86%
121 John Stockton 51.69 1991 UTA PG 4704
86%
140 John Stockton 51.19 1989 UTA PG 4351
86%
199 John Stockton 49.41 1992 UTA PG 4842
86%
206 John Stockton 49.26 1988 UTA PG 4581
86%
469 John Stockton 44.99 1994 UTA PG 4409
86%
472 John Stockton 44.95 1995 UTA PG 3911
86%
511 John Stockton 44.48 1993 UTA PG 3870
86%
871 John Stockton 41.05 1996 UTA PG 4105
86%
950 John Stockton 40.51 1997 UTA PG 4132
86%
1944 John Stockton 35.43 2002 UTA PG 3047
86%
2313 John Stockton 34.04 2000 UTA PG 3132
86%
2344 John Stockton 33.95 2001 UTA PG 2954
86%
2694 John Stockton 32.70 1998 UTA PG 2747
86%
3200 John Stockton 31.18 1999 UTA PG 1902
86%
3540 John Stockton 30.22 2003 UTA PG 2629
86%
4112 John Stockton 28.59 1987 UTA PG 2487
86%
5052 John Stockton 26.30 1986 UTA PG 2262
86%
118 John Wall 51.70 2017 WAS PG 4705
86%
260 John Wall 47.95 2016 WAS PG 3692
86%
358 John Wall 46.49 2018 WAS PG 2185
86%
478 John Wall 44.90 2015 WAS PG 3861
86%
538 John Wall 44.22 2019 WAS PG 1415
86%
711 John Wall 42.49 2014 WAS PG 3952
86%
1042 John Wall 39.88 2011 WAS PG 2752
86%
1059 John Wall 39.80 2013 WAS PG 1950
86%
1114 John Wall 39.38 2021 HOU PG 1575
86%
1144 John Wall 39.21 2012 WAS PG 2588
86%
5359 John Wall 25.68 2023 LAC PG 873
86%
1625 John Williams 36.72 1990 WSB SF 661
86%
2957 John Williams 31.91 1989 WSB SF 2617
86%
4666 John Williams 27.24 1991 WSB SF 899
86%
5254 John Williams 25.91 1988 WSB SF 2254
86%
2378 John Williamson 33.81 1978 IND,NJN SG 2536
86%
2494 John Williamson 33.36 1979 NJN SG 2535
86%
3371 John Williamson 30.69 1977 IND,NYN SG 2210
86%
1125 Jo Jo White 39.29 1972 BOS PG 3536
86%
1314 Jo Jo White 38.27 1977 BOS PG 3483
86%
1470 Jo Jo White 37.48 1973 BOS PG 3561
86%
1807 Jo Jo White 35.99 1971 BOS PG 2699
86%
1848 Jo Jo White 35.81 1976 BOS PG 3581
86%
1953 Jo Jo White 35.40 1975 BOS PG 3292
86%
2182 Jo Jo White 34.51 1974 BOS PG 3451
86%
3956 Jo Jo White 29.02 1978 BOS PG 1335
86%
5524 Jo Jo White 25.37 1979 BOS,GSW PG 1928
86%
2951 Josh Howard 31.93 2007 DAL SF 2427
86%
2983 Josh Howard 31.85 2008 DAL SF 2580
86%
4494 Josh Howard 27.63 2006 DAL SF 2266
86%
4595 Josh Howard 27.39 2009 DAL SF 1698
86%
5921 Josh Howard 24.58 2005 DAL SF 2188
86%
1106 Josh Smith 39.45 2012 ATL PF 2801
86%
1555 Josh Smith 37.09 2013 ATL PF 3041
86%
1757 Josh Smith 36.16 2008 ATL PF 3182
86%
1823 Josh Smith 35.91 2010 ATL PF 3304
86%
1846 Josh Smith 35.82 2007 ATL SF 2579
86%
2243 Josh Smith 34.28 2011 ATL PF 3051
86%
2764 Josh Smith 32.51 2014 DET SF 2503
86%
3346 Josh Smith 30.76 2009 ATL PF 2461
86%
4518 Josh Smith 27.57 2015 HOU,DET PF 2757
86%
5161 Josh Smith 26.09 2006 ATL SF 2087
86%
3760 J.R. Smith 29.52 2013 NYK SG 2686
86%
5435 J.R. Smith 25.56 2009 DEN SG 2479
86%
5441 J.R. Smith 25.54 2014 NYK SF 1890
86%
5923 J.R. Smith 24.58 2010 DEN SG 1991
86%
326 Julius Erving 46.91 1980 PHI SF 4503
86%
503 Julius Erving 44.60 1981 PHI SF 4371
86%
644 Julius Erving 43.15 1979 PHI SF 3754
86%
687 Julius Erving 42.75 1982 PHI SF 4360
86%
778 Julius Erving 41.81 1977 PHI SF 4223
86%
906 Julius Erving 40.78 1984 PHI SF 3344
86%
1279 Julius Erving 38.47 1983 PHI SF 3270
86%
1289 Julius Erving 38.42 1978 PHI SF 3227
86%
2262 Julius Erving 34.20 1985 PHI SF 3112
86%
2702 Julius Erving 32.67 1986 PHI SG 2810
86%
3444 Julius Erving 30.52 1987 PHI SG 1984
86%
966 Juwan Howard 40.43 1996 WSB PF 3275
86%
1835 Juwan Howard 35.86 1997 WSB SF 3048
86%
2154 Juwan Howard 34.58 1999 WAS SF 1245
86%
2412 Juwan Howard 33.66 1998 WAS PF 2154
86%
2470 Juwan Howard 33.44 2003 DEN PF 2575
86%
3115 Juwan Howard 31.48 1995 WSB PF 2046
86%
3165 Juwan Howard 31.32 2001 DAL,WAS PF 2850
86%
4011 Juwan Howard 28.86 2004 ORL PF 2338
86%
4461 Juwan Howard 27.71 2000 WAS PF 2272
86%
4543 Juwan Howard 27.51 2002 DAL,DEN PF 2228
86%
20 Kareem Abdul-Jabbar 60.26 1976 LAL C 4941
86%
21 Kareem Abdul-Jabbar 60.17 1972 MIL C 5536
86%
43 Kareem Abdul-Jabbar 56.90 1974 MIL C 5519
86%
48 Kareem Abdul-Jabbar 56.40 1975 MIL C 3666
86%
60 Kareem Abdul-Jabbar 55.39 1973 MIL C 4542
86%
86 Kareem Abdul-Jabbar 53.45 1971 MIL C 5131
86%
87 Kareem Abdul-Jabbar 53.39 1977 LAL C 4965
86%
102 Kareem Abdul-Jabbar 52.59 1979 LAL C 4628
86%
106 Kareem Abdul-Jabbar 52.47 1970 MIL C 4827
86%
111 Kareem Abdul-Jabbar 52.08 1978 LAL C 3385
86%
170 Kareem Abdul-Jabbar 50.00 1980 LAL C 4850
86%
313 Kareem Abdul-Jabbar 47.13 1981 LAL C 3912
86%
779 Kareem Abdul-Jabbar 41.80 1982 LAL C 3762
86%
1111 Kareem Abdul-Jabbar 39.40 1985 LAL C 3861
86%
1112 Kareem Abdul-Jabbar 39.39 1986 LAL C 3663
86%
1268 Kareem Abdul-Jabbar 38.53 1983 LAL C 3622
86%
1384 Kareem Abdul-Jabbar 37.87 1984 LAL C 3825
86%
3107 Kareem Abdul-Jabbar 31.50 1987 LAL C 3024
86%
5492 Kareem Abdul-Jabbar 25.44 1988 LAL C 2646
86%
251 Karl-Anthony Towns 48.14 2020 MIN C 1685
86%
366 Karl-Anthony Towns 46.28 2021 MIN C 2314
86%
383 Karl-Anthony Towns 46.03 2019 MIN C 3544
86%
497 Karl-Anthony Towns 44.72 2017 MIN C 3667
86%
635 Karl-Anthony Towns 43.21 2022 MIN C 3500
86%
987 Karl-Anthony Towns 40.28 2018 MIN C 3504
86%
1107 Karl-Anthony Towns 39.44 2023 MIN PF 1420
86%
1603 Karl-Anthony Towns 36.85 2024 MIN PF 2874
86%
2027 Karl-Anthony Towns 35.11 2016 MIN C 2879
86%
185 Karl Malone 49.69 1991 UTA PF 4522
86%
205 Karl Malone 49.30 1990 UTA PF 4289
86%
257 Karl Malone 48.00 1989 UTA PF 3984
86%
267 Karl Malone 47.83 1993 UTA PF 4161
86%
268 Karl Malone 47.82 1994 UTA PF 4686
86%
279 Karl Malone 47.63 1997 UTA PF 4858
86%
296 Karl Malone 47.35 1992 UTA PF 4593
86%
308 Karl Malone 47.20 1995 UTA PF 4106
86%
322 Karl Malone 46.96 1998 UTA PF 4743
86%
350 Karl Malone 46.59 1996 UTA PF 4659
86%
355 Karl Malone 46.56 1988 UTA PF 4330
86%
537 Karl Malone 44.23 2000 UTA PF 4069
86%
607 Karl Malone 43.47 1999 UTA PF 2608
86%
720 Karl Malone 42.43 2001 UTA PF 3649
86%
765 Karl Malone 41.92 2002 UTA PF 3521
86%
1092 Karl Malone 39.56 2003 UTA PF 3402
86%
1393 Karl Malone 37.80 1987 UTA PF 3289
86%
3118 Karl Malone 31.47 1986 UTA PF 2675
86%
3496 Karl Malone 30.38 2004 LAL PF 1914
86%
297 Kawhi Leonard 47.34 2020 LAC SF 3314
86%
495 Kawhi Leonard 44.74 2019 TOR SF 3758
86%
499 Kawhi Leonard 44.70 2021 LAC SF 2816
86%
792 Kawhi Leonard 41.71 2017 SAS SF 3587
86%
922 Kawhi Leonard 40.67 2023 LAC SF 2196
86%
1158 Kawhi Leonard 39.14 2024 LAC SF 2740
86%
1737 Kawhi Leonard 36.23 2016 SAS SF 2971
86%
2900 Kawhi Leonard 32.08 2015 SAS SF 2278
86%
4129 Kawhi Leonard 28.56 2018 SAS SF 257
86%
5293 Kawhi Leonard 25.82 2014 SAS SF 2298
86%
5187 Keegan Murray 26.04 2024 SAC SF 2057
86%
2394 Keldon Johnson 33.75 2023 SAS SF 2126
86%
4230 Keldon Johnson 28.30 2022 SAS SF 2151
86%
4390 Keldon Johnson 27.86 2024 SAS SF 1922
86%
602 Kemba Walker 43.50 2019 CHO PG 3567
86%
1110 Kemba Walker 39.41 2017 CHO PG 3113
86%
1403 Kemba Walker 37.76 2018 CHO PG 3021
86%
1456 Kemba Walker 37.52 2016 CHO PG 3302
86%
1842 Kemba Walker 35.83 2014 CHA PG 2759
86%
2000 Kemba Walker 35.22 2020 BOS PG 2571
86%
2051 Kemba Walker 35.01 2013 CHA PG 2871
86%
2305 Kemba Walker 34.06 2021 BOS PG 1601
86%
2569 Kemba Walker 33.08 2015 CHO PG 2051
86%
5399 Kemba Walker 25.62 2012 CHA PG 1691
86%
1610 Kenny Smith 36.79 1989 SAC PG 2980
86%
1930 Kenny Smith 35.49 1991 HOU PG 2875
86%
2955 Kenny Smith 31.92 1988 SAC PG 1947
86%
3119 Kenny Smith 31.47 1992 HOU PG 2549
86%
4864 Kenny Smith 26.76 1993 HOU PG 2515
86%
5059 Kenny Smith 26.29 1990 ATL,SAC PG 2077
86%
4236 Kenny Thomas 28.28 2004 PHI PF 2093
86%
4694 Kenny Thomas 27.17 2002 HOU PF 1956
86%
5620 Kenny Thomas 25.19 2005 SAC,PHI PF 1965
86%
119 Kevin Durant 51.70 2014 OKC SF 5170
86%
126 Kevin Durant 51.53 2022 BRK PF 3092
86%
207 Kevin Durant 49.26 2021 BRK PF 2315
86%
225 Kevin Durant 48.82 2013 OKC SF 4491
86%
235 Kevin Durant 48.47 2023 PHO,BRK PF 2811
86%
275 Kevin Durant 47.66 2016 OKC SF 4289
86%
333 Kevin Durant 46.81 2018 GSW SF 4166
86%
368 Kevin Durant 46.21 2019 GSW SF 4159
86%
387 Kevin Durant 45.97 2017 GSW PF 3540
86%
402 Kevin Durant 45.70 2024 PHO PF 3610
86%
408 Kevin Durant 45.62 2012 OKC SF 3923
86%
432 Kevin Durant 45.32 2010 OKC SF 3988
86%
704 Kevin Durant 42.56 2011 OKC SF 4043
86%
760 Kevin Durant 41.96 2015 OKC SF 1133
86%
1116 Kevin Durant 39.35 2009 OKC SF 2912
86%
3152 Kevin Durant 31.36 2008 SEA SG 2509
86%
113 Kevin Garnett 51.92 2004 MIN PF 5192
86%
117 Kevin Garnett 51.76 2003 MIN PF 4555
86%
175 Kevin Garnett 49.88 2005 MIN PF 4090
86%
271 Kevin Garnett 47.73 2000 MIN PF 4057
86%
334 Kevin Garnett 46.77 2002 MIN PF 3929
86%
363 Kevin Garnett 46.34 2001 MIN PF 3939
86%
365 Kevin Garnett 46.32 2007 MIN PF 3520
86%
425 Kevin Garnett 45.38 2006 MIN PF 3449
86%
624 Kevin Garnett 43.35 1999 MIN PF 2211
86%
1036 Kevin Garnett 39.91 1998 MIN PF 3472
86%
1317 Kevin Garnett 38.26 2008 BOS PF 3711
86%
2125 Kevin Garnett 34.70 1997 MIN SF 2776
86%
2720 Kevin Garnett 32.63 2012 BOS C 2610
86%
3067 Kevin Garnett 31.63 2009 BOS PF 1803
86%
3243 Kevin Garnett 31.06 2011 BOS PF 2485
86%
3687 Kevin Garnett 29.77 2013 BOS C 2203
86%
3965 Kevin Garnett 29.00 2010 BOS PF 2668
86%
131 Kevin Johnson 51.45 1989 PHO PG 4785
86%
172 Kevin Johnson 49.93 1990 PHO PG 4494
86%
273 Kevin Johnson 47.68 1991 PHO PG 3862
86%
306 Kevin Johnson 47.22 1992 PHO PG 4061
86%
523 Kevin Johnson 44.42 1994 PHO PG 3420
86%
604 Kevin Johnson 43.49 1997 PHO PG 3262
86%
668 Kevin Johnson 42.88 1996 PHO PG 2573
86%
1539 Kevin Johnson 37.16 1995 PHO PG 2118
86%
1606 Kevin Johnson 36.82 1993 PHO PG 2651
86%
229 Kevin Love 48.69 2014 MIN PF 3749
86%
489 Kevin Love 44.78 2012 MIN PF 2463
86%
820 Kevin Love 41.49 2011 MIN PF 3029
86%
1324 Kevin Love 38.22 2013 MIN PF 688
86%
2129 Kevin Love 34.68 2017 CLE PF 2705
86%
2130 Kevin Love 34.68 2020 CLE PF 1942
86%
2683 Kevin Love 32.73 2019 CLE PF 720
86%
3091 Kevin Love 31.56 2015 CLE PF 2493
86%
3170 Kevin Love 31.30 2016 CLE PF 3036
86%
3279 Kevin Love 30.96 2018 CLE C 2477
86%
3393 Kevin Love 30.63 2010 MIN PF 1838
86%
5413 Kevin Love 25.59 2022 CLE C 1945
86%
5506 Kevin Love 25.40 2021 CLE PF 635
86%
742 Kevin McHale 42.14 1987 BOS PF 4130
86%
1255 Kevin McHale 38.62 1988 BOS PF 3128
86%
1347 Kevin McHale 38.07 1986 BOS PF 3274
86%
1652 Kevin McHale 36.59 1989 BOS PF 2964
86%
1877 Kevin McHale 35.71 1990 BOS PF 3107
86%
2046 Kevin McHale 35.03 1985 BOS PF 3503
86%
3001 Kevin McHale 31.81 1991 BOS PF 2513
86%
3932 Kevin McHale 29.08 1984 BOS PF 3053
86%
5355 Kevin McHale 25.69 1983 BOS PF 2286
86%
5432 Kevin McHale 25.56 1982 BOS PF 2403
86%
5599 Keyonte George 25.23 2024 UTA PG 1892
86%
2597 Khyri Thomas 33.00 2021 HOU SG 165
86%
4612 Killian Hayes 27.36 2023 DET PG 2079
86%
2917 Klay Thompson 32.03 2016 GSW SG 3331
86%
2987 Klay Thompson 31.85 2015 GSW SG 3121
86%
3056 Klay Thompson 31.66 2019 GSW SG 3134
86%
3181 Klay Thompson 31.26 2023 GSW SF 2563
86%
3554 Klay Thompson 30.19 2022 GSW SG 1630
86%
3567 Klay Thompson 30.14 2017 GSW SG 2863
86%
3702 Klay Thompson 29.71 2018 GSW SG 2793
86%
4590 Klay Thompson 27.40 2014 GSW SG 2411
86%
4942 Klay Thompson 26.56 2024 GSW SF 2072
86%
5105 Klay Thompson 26.19 2013 GSW SG 2462
86%
132 Kobe Bryant 51.45 2006 LAL SG 4476
86%
135 Kobe Bryant 51.28 2003 LAL SG 4820
86%
180 Kobe Bryant 49.79 2007 LAL SG 4083
86%
259 Kobe Bryant 47.98 2008 LAL SG 4942
86%
274 Kobe Bryant 47.67 2005 LAL SG 3146
86%
288 Kobe Bryant 47.48 2001 LAL SG 3988
86%
347 Kobe Bryant 46.60 2013 LAL SG 3635
86%
451 Kobe Bryant 45.13 2010 LAL SG 4332
86%
479 Kobe Bryant 44.90 2009 LAL SG 4714
86%
544 Kobe Bryant 44.06 2012 LAL SG 3084
86%
584 Kobe Bryant 43.68 2002 LAL SG 4324
86%
763 Kobe Bryant 41.95 2004 LAL SG 3650
86%
896 Kobe Bryant 40.83 2015 LAL SG 1429
86%
943 Kobe Bryant 40.55 2011 LAL SG 3731
86%
1003 Kobe Bryant 40.18 2000 LAL SG 3536
86%
1863 Kobe Bryant 35.76 1999 LAL SG 2074
86%
2876 Kobe Bryant 32.17 2014 LAL SG 193
86%
4321 Kobe Bryant 28.05 2016 LAL SF 1851
86%
4315 Kurt Thomas 28.06 2003 NYK C 2273
86%
4466 Kurt Thomas 27.70 2005 NYK PF 2216
86%
4755 Kurt Thomas 27.00 2002 NYK C 2214
86%
5685 Kurt Thomas 25.06 2004 NYK PF 2105
86%
307 Kyrie Irving 47.20 2020 BRK PG 944
86%
447 Kyrie Irving 45.21 2022 BRK PG 1537
86%
468 Kyrie Irving 45.00 2023 BRK,DAL PG,SG 2700
86%
514 Kyrie Irving 44.46 2021 BRK PG 2801
86%
528 Kyrie Irving 44.34 2019 BOS PG 3370
86%
827 Kyrie Irving 41.41 2017 CLE PG 3727
86%
848 Kyrie Irving 41.26 2024 DAL SG 3301
86%
1054 Kyrie Irving 39.85 2013 CLE PG 2351
86%
1060 Kyrie Irving 39.78 2018 BOS PG 2387
86%
1271 Kyrie Irving 38.51 2014 CLE PG 2734
86%
1711 Kyrie Irving 36.35 2015 CLE PG 3199
86%
1998 Kyrie Irving 35.23 2016 CLE PG 2607
86%
2187 Kyrie Irving 34.49 2012 CLE PG 1759
86%
248 LaMelo Ball 48.17 2023 CHO PG 1734
86%
317 LaMelo Ball 47.05 2024 CHO PG 1035
86%
545 LaMelo Ball 44.05 2022 CHO PG 3348
86%
1893 LaMelo Ball 35.63 2021 CHO PG 1853
86%
4404 Lamond Murray 27.82 2002 CLE SF 1975
86%
4620 Lamond Murray 27.34 1998 LAC SF 2160
86%
4732 Lamond Murray 27.07 2000 CLE SF 2003
86%
63 Larry Bird 54.89 1987 BOS SF 5324
86%
78 Larry Bird 54.11 1985 BOS SF 5411
86%
94 Larry Bird 53.13 1988 BOS SF 4941
86%
107 Larry Bird 52.29 1986 BOS SF 5229
86%
142 Larry Bird 51.11 1990 BOS SF 4089
86%
147 Larry Bird 50.92 1984 BOS PF 5194
86%
217 Larry Bird 49.04 1983 BOS PF 4168
86%
278 Larry Bird 47.63 1982 BOS PF 4239
86%
332 Larry Bird 46.82 1981 BOS PF 4635
86%
540 Larry Bird 44.14 1991 BOS SF 3090
86%
592 Larry Bird 43.61 1992 BOS SF 2137
86%
637 Larry Bird 43.21 1980 BOS PF 3932
86%
1573 Larry Bird 37.00 1989 BOS SF 222
86%
830 Larry Johnson 41.40 1993 CHH PF 3767
86%
1207 Larry Johnson 38.91 1992 CHH PF 3191
86%
1211 Larry Johnson 38.90 1996 CHH PF 3151
86%
1714 Larry Johnson 36.33 1995 CHH PF 3088
86%
2534 Larry Johnson 33.20 1994 CHH PF 1693
86%
4925 Larry Johnson 26.62 1998 NYK SF 2076
86%
5206 Larry Smith 26.00 1985 GSW PF 2080
86%
5416 Larry Smith 25.59 1981 GSW PF 2098
86%
5803 Larry Smith 24.81 1987 GSW PF 2233
86%
5885 Larry Smith 24.65 1986 GSW PF 1898
86%
4045 LaSalle Thompson 28.75 1986 SAC C 2386
86%
4297 LaSalle Thompson 28.11 1985 KCK C 2305
86%
4425 LaSalle Thompson 27.79 1989 IND,SAC C 2112
86%
5784 LaSalle Thompson 24.85 1987 SAC C 2038
86%
461 Lenny Wilkens 45.05 1969 SEA PG 3694
86%
693 Lenny Wilkens 42.68 1971 SEA PG 3030
86%
770 Lenny Wilkens 41.87 1973 CLE PG 3140
86%
781 Lenny Wilkens 41.77 1968 STL PG 3676
86%
836 Lenny Wilkens 41.35 1972 SEA PG 3308
86%
873 Lenny Wilkens 41.04 1970 SEA PG 3078
86%
1712 Lenny Wilkens 36.35 1962 STL PG 727
86%
1856 Lenny Wilkens 35.78 1974 CLE PG 2648
86%
1977 Lenny Wilkens 35.30 1966 STL PG 2789
86%
2062 Lenny Wilkens 34.97 1967 STL PG 3042
86%
2958 Lenny Wilkens 31.91 1965 STL PG 2617
86%
4324 Lenny Wilkens 28.03 1963 STL PG 2411
86%
5144 Lenny Wilkens 26.12 1964 STL PG 2351
86%
1495 Lionel Simmons 37.32 1992 SAC SF 2911
86%
1500 Lionel Simmons 37.29 1991 SAC SF 2946
86%
1785 Lionel Simmons 36.04 1993 SAC SF 2487
86%
2682 Lionel Simmons 32.73 1994 SAC SF 2455
86%
2309 Lonzo Ball 34.06 2018 LAL PG 1771
86%
2379 Lonzo Ball 33.81 2020 NOP PG 2130
86%
2626 Lonzo Ball 32.91 2021 NOP PG 1810
86%
3169 Lonzo Ball 31.31 2022 CHI PG 1096
86%
4354 Lonzo Ball 27.96 2019 LAL PG 1314
86%
1589 Lou Williams 36.94 2018 LAC SG 2918
86%
2049 Lou Williams 35.02 2019 LAC SG 2837
86%
2910 Lou Williams 32.05 2020 LAC PG 2500
86%
4836 Lou Williams 26.81 2010 PHI PG 1716
86%
5130 Lou Williams 26.14 2017 HOU,LAL SG 2405
86%
5866 Lou Williams 24.69 2013 ATL SG 963
86%
5931 Lou Williams 24.56 2012 PHI PG 1891
86%
1556 Lucius Allen 37.08 1975 LAL,MIL PG 2447
86%
2253 Lucius Allen 34.25 1974 MIL PG 2466
86%
3773 Lucius Allen 29.48 1977 LAL PG 2506
86%
3838 Lucius Allen 29.30 1973 MIL PG 2520
86%
4142 Lucius Allen 28.53 1976 LAL PG 2168
86%
5285 Lucius Allen 25.84 1978 KCK PG 1990
86%
5464 Lucius Allen 25.48 1972 MIL PG 2319
86%
14 Luka Doncic 62.76 2024 DAL PG 5774
86%
29 Luka Doncic 58.91 2023 DAL PG 3888
86%
38 Luka Doncic 57.36 2020 DAL PG 3843
86%
46 Luka Doncic 56.71 2022 DAL PG 4537
86%
57 Luka Doncic 55.51 2021 DAL PG 4052
86%
726 Luka Doncic 42.35 2019 DAL SG 3049
86%
5333 Luke Walton 25.72 2007 LAL SF 1672
86%
44 Magic Johnson 56.86 1989 LAL PG 5174
86%
47 Magic Johnson 56.61 1987 LAL PG 5548
86%
71 Magic Johnson 54.47 1990 LAL PG 4793
86%
77 Magic Johnson 54.19 1984 LAL PG 4769
86%
84 Magic Johnson 53.57 1991 LAL PG 5250
86%
91 Magic Johnson 53.20 1986 LAL PG 4575
86%
105 Magic Johnson 52.47 1985 LAL PG 5037
86%
125 Magic Johnson 51.57 1988 LAL PG 4951
86%
136 Magic Johnson 51.28 1981 LAL SG 2051
86%
160 Magic Johnson 50.33 1982 LAL SG 4630
86%
165 Magic Johnson 50.17 1983 LAL SG 4716
86%
501 Magic Johnson 44.68 1980 LAL SG 4155
86%
1934 Magic Johnson 35.47 1996 LAL PF 1277
86%
4917 Mark Williams 26.63 2024 CHO C 506
86%
762 Marques Johnson 41.96 1979 MIL SF 3231
86%
1097 Marques Johnson 39.54 1983 MIL SF 3519
86%
1199 Marques Johnson 38.93 1981 MIL SF 3231
86%
1329 Marques Johnson 38.16 1978 MIL SF 3396
86%
1368 Marques Johnson 37.99 1980 MIL SF 3191
86%
1534 Marques Johnson 37.19 1984 MIL SF 3347
86%
1922 Marques Johnson 35.52 1986 LAC SG 2664
86%
3109 Marques Johnson 31.50 1982 MIL SF 2079
86%
3387 Marques Johnson 30.65 1985 LAC SF 2207
86%
4683 Marques Johnson 27.20 1987 LAC SF 272
86%
5831 Marvin Williams 24.75 2008 ATL SF 2153
86%
83 Michael Adams 53.74 1991 DEN PG 3547
86%
1137 Michael Adams 39.23 1992 WSB PG 3060
86%
1493 Michael Adams 37.33 1989 DEN PG 2949
86%
2113 Michael Adams 34.73 1993 WSB PG 2431
86%
2844 Michael Adams 32.26 1990 DEN PG 2645
86%
3273 Michael Adams 30.98 1988 DEN PG 2881
86%
3641 Michael Adams 29.91 1994 WSB PG 2094
86%
1370 Michael Carter-Williams 37.99 2014 PHI PG 2659
86%
2071 Michael Carter-Williams 34.93 2015 MIL,PHI PG 2515
86%
3843 Michael Carter-Williams 29.30 2016 MIL PG 1582
86%
19 Michael Jordan 60.30 1989 CHI SG 5909
86%
39 Michael Jordan 57.31 1990 CHI SG 5616
86%
42 Michael Jordan 56.96 1988 CHI SG 5240
86%
51 Michael Jordan 56.04 1987 CHI SG 4763
86%
73 Michael Jordan 54.42 1993 CHI SG 5279
86%
90 Michael Jordan 53.21 1991 CHI SG 5268
86%
104 Michael Jordan 52.55 1992 CHI SG 5360
86%
171 Michael Jordan 49.97 1985 CHI SG 4297
86%
245 Michael Jordan 48.30 1995 CHI SG 1304
86%
264 Michael Jordan 47.88 1996 CHI SG 4788
86%
304 Michael Jordan 47.23 1997 CHI SG 4770
86%
531 Michael Jordan 44.30 1998 CHI SG 4563
86%
910 Michael Jordan 40.75 2002 WAS SF 2445
86%
1091 Michael Jordan 39.57 1986 CHI SG 831
86%
1899 Michael Jordan 35.62 2003 WAS SF 2921
86%
1257 Micheal Williams 38.61 1993 MIN PG 2934
86%
1325 Micheal Williams 38.22 1992 IND PG 3134
86%
2528 Micheal Williams 33.21 1994 MIN PG 2358
86%
4957 Micheal Williams 26.53 1991 IND PG 2069
86%
1179 Mickey Johnson 39.02 1980 IND PF 3200
86%
1804 Mickey Johnson 36.00 1978 CHI PF 2916
86%
2091 Mickey Johnson 34.85 1977 CHI PF 2927
86%
2284 Mickey Johnson 34.13 1979 CHI PF 2799
86%
3668 Mickey Johnson 29.83 1976 CHI PF 2416
86%
4117 Mickey Johnson 28.58 1983 GSW,MIL,NJN PF 2229
86%
4409 Mickey Johnson 27.81 1981 MIL PF 2475
86%
4526 Mickey Johnson 27.55 1984 GSW PF 2149
86%
4944 Mickey Johnson 26.56 1982 MIL PF 2178
86%
5526 Mickey Johnson 25.36 1985 GSW PF 1674
86%
1743 Mike James 36.22 2006 TOR PG 2861
86%
2477 Mike Miller 33.41 2007 MEM SG 2339
86%
3391 Mike Miller 30.64 2008 MEM SG 2145
86%
4754 Mike Miller 27.00 2003 MEM,ORL SF 1755
86%
5072 Mike Miller 26.27 2009 MIN SF 1918
86%
5272 Mike Miller 25.87 2010 WAS SG 1397
86%
5274 Mike Miller 25.87 2002 ORL SF 1733
86%
5661 Mike Miller 25.09 2006 MEM SG 1957
86%
1939 Mike Mitchell 35.45 1981 CLE SF 2907
86%
2163 Mike Mitchell 34.56 1984 SAS SF 2730
86%
2393 Mike Mitchell 33.75 1986 SAS SF 2869
86%
2461 Mike Mitchell 33.46 1980 CLE SF 2744
86%
2904 Mike Mitchell 32.07 1985 SAS SF 2790
86%
3204 Mike Mitchell 31.17 1982 SAS,CLE SF 2899
86%
3277 Mike Mitchell 30.97 1983 SAS SF 2818
86%
122 Moses Malone 51.67 1982 HOU C 4340
86%
232 Moses Malone 48.52 1981 HOU C 4901
86%
236 Moses Malone 48.45 1979 HOU C 4070
86%
378 Moses Malone 46.09 1980 HOU C 4102
86%
392 Moses Malone 45.91 1983 PHI C 4178
86%
712 Moses Malone 42.49 1985 PHI C 3909
86%
847 Moses Malone 41.26 1984 PHI C 3136
86%
928 Moses Malone 40.63 1987 WSB C 3088
86%
1051 Moses Malone 39.85 1986 PHI C 2949
86%
1446 Moses Malone 37.56 1978 HOU C 2216
86%
1553 Moses Malone 37.09 1989 ATL C 3190
86%
1825 Moses Malone 35.90 1988 WSB C 3016
86%
2402 Moses Malone 33.72 1990 ATL C 2731
86%
2759 Moses Malone 32.52 1977 HOU,BUF C 3057
86%
4102 Moses Malone 28.62 1992 MIL C 2347
86%
1884 Mo Williams 35.68 2007 MIL PG 2426
86%
2108 Mo Williams 34.74 2008 MIL PG 2293
86%
3325 Mo Williams 30.83 2011 CLE,LAC PG 1788
86%
3437 Mo Williams 30.54 2010 CLE PG 2443
86%
3578 Mo Williams 30.09 2015 CHO,MIN PG 2046
86%
3583 Mo Williams 30.08 2009 CLE PG 2858
86%
4018 Mo Williams 28.85 2013 UTA PG 1327
86%
5014 Mo Williams 26.39 2005 MIL PG 2111
86%
686 Mychal Thompson 42.75 1982 POR C 3377
86%
1607 Mychal Thompson 36.82 1983 POR PF 3203
86%
1812 Mychal Thompson 35.96 1981 POR C 2949
86%
2183 Mychal Thompson 34.51 1984 POR C 2864
86%
2565 Mychal Thompson 33.10 1985 POR PF 2913
86%
3339 Mychal Thompson 30.79 1979 POR C 2340
86%
4309 Mychal Thompson 28.09 1986 POR C 2416
86%
3402 Nate Robinson 30.61 2009 NYK PG 2265
86%
5349 Nate Robinson 25.70 2013 CHI PG 2416
86%
5035 Nate Williams 26.34 1974 KCO SF 2160
86%
1076 Neal Walk 39.69 1973 PHO C 3215
86%
1628 Neal Walk 36.71 1974 PHO C 3010
86%
4512 Neal Walk 27.59 1972 PHO C 2235
86%
25 Nikola Jokic 59.40 2023 DEN C 5287
86%
27 Nikola Jokic 59.24 2024 DEN C 5391
86%
28 Nikola Jokic 58.92 2022 DEN C 4655
86%
58 Nikola Jokic 55.46 2021 DEN C 4548
86%
224 Nikola Jokic 48.84 2019 DEN C 4591
86%
391 Nikola Jokic 45.91 2020 DEN C 4224
86%
614 Nikola Jokic 43.40 2018 DEN C 3255
86%
1369 Nikola Jokic 37.99 2017 DEN C 2773
86%
3811 Oliver Miller 29.38 1996 TOR PF 2233
86%
5795 Oliver Miller 24.84 1994 PHO C 1962
86%
7 Oscar Robertson 65.81 1962 CIN PG 5462
86%
15 Oscar Robertson 62.35 1964 CIN PG 5549
86%
16 Oscar Robertson 62.05 1965 CIN PG 4902
86%
17 Oscar Robertson 60.90 1966 CIN PG 4933
86%
22 Oscar Robertson 60.01 1961 CIN PG 4261
86%
31 Oscar Robertson 58.35 1963 CIN PG 5368
86%
35 Oscar Robertson 57.75 1967 CIN PG 4793
86%
67 Oscar Robertson 54.66 1968 CIN PG 3553
86%
152 Oscar Robertson 50.65 1969 CIN PG 4001
86%
281 Oscar Robertson 47.62 1970 CIN PG 3286
86%
821 Oscar Robertson 41.48 1971 MIL PG 3941
86%
1515 Oscar Robertson 37.24 1972 MIL PG 2793
86%
1824 Oscar Robertson 35.91 1973 MIL PG 2837
86%
3007 Oscar Robertson 31.80 1974 MIL PG 2735
86%
5606 Otis Smith 25.21 1991 ORL SF 1891
86%
5887 Otis Smith 24.65 1990 ORL SF 1602
86%
223 Patrick Ewing 48.95 1990 NYK C 4503
86%
294 Patrick Ewing 47.42 1991 NYK C 3983
86%
557 Patrick Ewing 43.91 1994 NYK C 4567
86%
645 Patrick Ewing 43.15 1993 NYK C 4142
86%
665 Patrick Ewing 42.90 1992 NYK C 4033
86%
736 Patrick Ewing 42.27 1995 NYK C 3804
86%
861 Patrick Ewing 41.18 1989 NYK C 3665
86%
953 Patrick Ewing 40.50 1996 NYK C 3402
86%
975 Patrick Ewing 40.37 1997 NYK C 3512
86%
1489 Patrick Ewing 37.38 1987 NYK PF 2355
86%
1748 Patrick Ewing 36.20 1986 NYK C 1810
86%
1811 Patrick Ewing 35.97 1988 NYK C 3093
86%
2124 Patrick Ewing 34.70 1998 NYK C 1041
86%
3280 Patrick Ewing 30.96 1999 NYK C 1517
86%
4210 Patrick Ewing 28.34 2000 NYK C 2154
86%
319 Paul George 47.04 2019 OKC SF 3857
86%
424 Paul George 45.41 2022 LAC PF 1453
86%
575 Paul George 43.71 2021 LAC SF 3191
86%
754 Paul George 42.02 2023 LAC SF 2353
86%
888 Paul George 40.90 2016 IND SF 3599
86%
1088 Paul George 39.61 2017 IND SF 3129
86%
1321 Paul George 38.24 2014 IND SF 3786
86%
1578 Paul George 36.99 2024 LAC PF 2959
86%
1596 Paul George 36.88 2018 OKC SF 3135
86%
1659 Paul George 36.54 2020 LAC SF 2229
86%
1715 Paul George 36.33 2013 IND SF 3560
86%
413 Paul Pierce 45.49 2003 BOS SG 4049
86%
491 Paul Pierce 44.77 2006 BOS SF 3537
86%
694 Paul Pierce 42.67 2002 BOS SG 4182
86%
783 Paul Pierce 41.76 2004 BOS SG 3508
86%
970 Paul Pierce 40.40 2007 BOS SG 1899
86%
981 Paul Pierce 40.32 2001 BOS SF 3306
86%
1174 Paul Pierce 39.07 2005 BOS SF 3477
86%
1781 Paul Pierce 36.05 2013 BOS SF 2992
86%
1938 Paul Pierce 35.45 2008 BOS SF 3758
86%
2116 Paul Pierce 34.72 2012 BOS SF 2812
86%
2141 Paul Pierce 34.64 2009 BOS SF 3291
86%
2341 Paul Pierce 33.96 2000 BOS SF 2479
86%
2773 Paul Pierce 32.47 2011 BOS SF 2890
86%
3238 Paul Pierce 31.08 2010 BOS SF 2953
86%
3465 Paul Pierce 30.46 1999 BOS SF 1462
86%
237 Pete Maravich 48.45 1977 NOJ SG 3537
86%
371 Pete Maravich 46.18 1978 NOJ SG 2309
86%
500 Pete Maravich 44.70 1974 ATL SG 3397
86%
530 Pete Maravich 44.32 1973 ATL SG 3767
86%
640 Pete Maravich 43.19 1976 NOJ SG 2678
86%
882 Pete Maravich 40.96 1975 NOJ SG 3236
86%
1662 Pete Maravich 36.53 1979 NOJ SG 1790
86%
1873 Pete Maravich 35.72 1971 ATL SG 3072
86%
1879 Pete Maravich 35.71 1972 ATL SG 2571
86%
1890 Phil Smith 35.65 1976 GSW SG 3387
86%
2167 Phil Smith 34.55 1978 GSW SG 2833
86%
2208 Phil Smith 34.41 1979 GSW SG 2030
86%
2824 Phil Smith 32.30 1977 GSW SG 2972
86%
3606 Phil Smith 30.01 1981 SDC SG 2281
86%
4670 Phil Smith 27.24 1980 GSW SG 1389
86%
5378 P.J. Brown 25.65 2005 NOH PF 2103
86%
5694 P.J. Brown 25.04 2003 NOH PF 2103
86%
5791 P.J. Brown 24.84 2004 NOH PF 2161
86%
539 Rajon Rondo 44.21 2012 BOS PG 3183
86%
603 Rajon Rondo 43.50 2013 BOS PG 1653
86%
620 Rajon Rondo 43.38 2016 SAC PG 3123
86%
930 Rajon Rondo 40.63 2010 BOS PG 4266
86%
1068 Rajon Rondo 39.73 2011 BOS PG 3059
86%
1336 Rajon Rondo 38.13 2014 BOS PG 1144
86%
1444 Rajon Rondo 37.56 2009 BOS PG 3531
86%
2986 Rajon Rondo 31.85 2019 LAL PG 1465
86%
3059 Rajon Rondo 31.65 2018 NOP PG 2342
86%
3180 Rajon Rondo 31.26 2015 DAL,BOS PG 2188
86%
4208 Rajon Rondo 28.35 2017 CHI PG 2013
86%
4540 Rajon Rondo 27.51 2008 BOS PG 2834
86%
775 Randy Smith 41.83 1978 BUF SG 3430
86%
856 Randy Smith 41.23 1976 BUF SG 3752
86%
1126 Randy Smith 39.28 1977 BUF SG 3221
86%
1598 Randy Smith 36.87 1975 BUF SG 3281
86%
1821 Randy Smith 35.91 1979 SDC SG 2945
86%
3211 Randy Smith 31.16 1980 CLE SG 2555
86%
3252 Randy Smith 31.03 1974 BUF SG 2731
86%
3655 Randy Smith 29.87 1973 BUF SG 2449
86%
4690 Randy Smith 27.17 1981 CLE SG 2228
86%
886 Ray Allen 40.91 2007 SEA SG 2250
86%
1164 Ray Allen 39.13 2004 SEA SG 2191
86%
1181 Ray Allen 39.02 2001 MIL SG 3902
86%
1326 Ray Allen 38.21 2006 SEA SG 2980
86%
1381 Ray Allen 37.88 2003 MIL,SEA SG 2879
86%
1492 Ray Allen 37.34 2005 SEA SG 3323
86%
1883 Ray Allen 35.70 2002 MIL SG 2463
86%
1924 Ray Allen 35.52 2000 MIL SG 3090
86%
2135 Ray Allen 34.66 1998 MIL SG 2842
86%
3533 Ray Allen 30.25 1999 MIL SG 1603
86%
4213 Ray Allen 28.33 2009 BOS SG 2635
86%
4434 Ray Allen 27.77 2008 BOS SG 2749
86%
4839 Ray Allen 26.81 2011 BOS SG 2386
86%
5299 Ray Allen 25.81 2010 BOS SG 2684
86%
911 Ray Williams 40.74 1980 NYK PG 3341
86%
1139 Ray Williams 39.23 1982 NJN SG 3295
86%
1400 Ray Williams 37.78 1983 KCK PG 2720
86%
1454 Ray Williams 37.53 1981 NYK PG 3040
86%
2019 Ray Williams 35.15 1979 NYK PG 2847
86%
2742 Ray Williams 32.56 1984 NYK SG 2833
86%
5564 Ray Williams 25.31 1987 NJN PG 810
86%
4969 Reggie L. Williams 26.50 2010 GSW SF 636
86%
1560 Reggie Miller 37.06 1990 IND SG 3150
86%
1946 Reggie Miller 35.43 1991 IND SG 3082
86%
2323 Reggie Miller 34.02 1992 IND SG 2892
86%
2561 Reggie Miller 33.12 1997 IND SG 2683
86%
2636 Reggie Miller 32.87 1993 IND SG 2827
86%
3003 Reggie Miller 31.81 1996 IND SG 2449
86%
3205 Reggie Miller 31.17 1994 IND SG 2961
86%
3425 Reggie Miller 30.56 2001 IND SG 2598
86%
3475 Reggie Miller 30.43 1995 IND SG 2982
86%
4182 Reggie Miller 28.41 2000 IND SG 2926
86%
4470 Reggie Miller 27.69 1989 IND SG 2049
86%
4523 Reggie Miller 27.57 1998 IND SG 2674
86%
4607 Reggie Miller 27.36 2002 IND SG 2298
86%
4649 Reggie Miller 27.29 1999 IND SG 1719
86%
2788 Reggie Williams 32.42 1993 DEN SF 2561
86%
3050 Reggie Williams 31.67 1992 DEN SF 2565
86%
4585 Reggie Williams 27.41 1994 DEN SF 2577
86%
4993 Reggie Williams 26.43 1995 DEN SF 2035
86%
123 Rick Barry 51.65 1967 SFW SF 4803
86%
127 Rick Barry 51.49 1975 GSW SF 4995
86%
352 Rick Barry 46.58 1974 GSW SF 3726
86%
662 Rick Barry 42.91 1976 GSW SF 4034
86%
706 Rick Barry 42.54 1977 GSW SF 3786
86%
757 Rick Barry 41.98 1978 GSW SF 3442
86%
919 Rick Barry 40.69 1966 SFW SF 3255
86%
1162 Rick Barry 39.14 1973 GSW SF 3640
86%
3241 Rick Barry 31.07 1979 HOU SF 2548
86%
1378 Rickey Green 37.90 1983 UTA PG 2956
86%
1458 Rickey Green 37.52 1984 UTA PG 3452
86%
1853 Rickey Green 35.79 1982 UTA PG 2899
86%
2635 Rickey Green 32.87 1985 UTA PG 2860
86%
5112 Rickey Green 26.18 1987 UTA PG 2225
86%
5462 Rickey Green 25.49 1986 UTA PG 2141
86%
3305 Rick Fox 30.88 1997 BOS SF 2347
86%
3405 Rick Fox 30.60 1996 BOS SF 2479
86%
5804 Rick Fox 24.81 1998 LAL SF 2357
86%
1260 Ricky Davis 38.59 2003 CLE SG 3049
86%
1947 Ricky Davis 35.42 2006 BOS,MIN SG,SF 2763
86%
3068 Ricky Davis 31.63 2007 MIN SF 2562
86%
4851 Ricky Davis 26.78 2004 BOS,CLE SF,SG 2223
86%
5183 Ricky Davis 26.05 2008 MIA SF 2136
86%
5190 Ricky Davis 26.03 2005 BOS SG 2317
86%
2985 Ricky Pierce 31.85 1992 SEA SG 2771
86%
3202 Ricky Pierce 31.17 1990 MIL SG 1964
86%
4551 Ricky Pierce 27.49 1991 SEA,MIL SG 2282
86%
4618 Ricky Pierce 27.34 1993 SEA SG 2625
86%
4795 Ricky Pierce 26.90 1987 MIL SG 2448
86%
5044 Ricky Pierce 26.32 1989 MIL SG 2211
86%
1401 Robert Parish 37.77 1982 BOS C 3475
86%
1443 Robert Parish 37.57 1989 BOS C 3118
86%
1692 Robert Parish 36.41 1979 GSW C 2767
86%
1817 Robert Parish 35.93 1983 BOS C 3054
86%
2157 Robert Parish 34.57 1987 BOS C 3492
86%
2194 Robert Parish 34.45 1981 BOS C 3411
86%
2236 Robert Parish 34.31 1984 BOS C 3534
86%
2413 Robert Parish 33.65 1980 GSW C 2423
86%
2491 Robert Parish 33.36 1985 BOS C 3336
86%
3283 Robert Parish 30.94 1986 BOS C 3063
86%
3613 Robert Parish 29.99 1990 BOS C 2519
86%
3955 Robert Parish 29.02 1991 BOS C 2641
86%
4343 Robert Parish 28.00 1988 BOS C 2548
86%
4807 Robert Parish 26.88 1992 BOS C 2392
86%
5294 Robert Parish 25.82 1993 BOS C 2143
86%
5424 Robert Parish 25.57 1978 GSW C 2097
86%
5731 Robert Williams 24.96 2022 BOS C 1947
86%
5453 Rob Williams 25.51 1984 DEN PG 2143
86%
3945 Ron Williams 29.05 1971 SFW PG 2527
86%
4447 Ron Williams 27.74 1970 SFW PG 2219
86%
4216 Rumeal Robinson 28.33 1992 ATL PG 2295
86%
9 Russell Westbrook 65.49 2017 OKC PG 5632
86%
30 Russell Westbrook 58.43 2021 WAS PG 4207
86%
33 Russell Westbrook 57.98 2018 OKC PG 4986
86%
36 Russell Westbrook 57.67 2019 OKC PG 4498
86%
62 Russell Westbrook 55.01 2016 OKC PG 5391
86%
64 Russell Westbrook 54.87 2015 OKC PG 3676
86%
204 Russell Westbrook 49.32 2020 HOU PG 3206
86%
377 Russell Westbrook 46.09 2014 OKC PG 2996
86%
429 Russell Westbrook 45.35 2013 OKC PG 3809
86%
485 Russell Westbrook 44.84 2011 OKC PG 4439
86%
831 Russell Westbrook 41.38 2012 OKC PG 3559
86%
855 Russell Westbrook 41.23 2022 LAL PG 3216
86%
1202 Russell Westbrook 38.92 2023 LAC,LAL PG 3036
86%
1232 Russell Westbrook 38.76 2010 OKC PG 3411
86%
2818 Russell Westbrook 32.33 2009 OKC PG 2651
86%
5367 Russell Westbrook 25.66 2024 LAC PG 1899
86%
4247 Saddiq Bey 28.26 2022 DET SF 2317
86%
5356 Sam Mitchell 25.68 1991 MIN PF 2106
86%
421 Scottie Pippen 45.43 1994 CHI SF 3725
86%
422 Scottie Pippen 45.41 1992 CHI SF 4723
86%
599 Scottie Pippen 43.53 1995 CHI SF 3874
86%
773 Scottie Pippen 41.84 1991 CHI SF 4142
86%
790 Scottie Pippen 41.72 1993 CHI SF 4172
86%
995 Scottie Pippen 40.22 1996 CHI SF 3821
86%
1084 Scottie Pippen 39.64 1997 CHI SF 4004
86%
1318 Scottie Pippen 38.26 1990 CHI SF 3711
86%
1320 Scottie Pippen 38.25 1998 CHI SF 2486
86%
1802 Scottie Pippen 36.00 1999 HOU SF 1944
86%
3276 Scottie Pippen 30.97 2000 POR SF 3035
86%
3509 Scottie Pippen 30.32 1989 CHI SF 2729
86%
3566 Scottie Pippen 30.14 2002 POR SF 1959
86%
4483 Scottie Pippen 27.66 2001 POR SF 1853
86%
5510 Scottie Pippen 25.40 2003 POR SF 1727
86%
4499 Scotty Pippen Jr. 27.62 2024 MEM PG 580
86%
5263 Seth Curry 25.88 2022 BRK,PHI SG 1786
86%
141 Shai Gilgeous-Alexander 51.15 2024 OKC PG 4348
86%
192 Shai Gilgeous-Alexander 49.56 2023 OKC PG 3469
86%
621 Shai Gilgeous-Alexander 43.36 2022 OKC PG 2428
86%
791 Shai Gilgeous-Alexander 41.71 2021 OKC SG 1460
86%
2553 Shai Gilgeous-Alexander 33.14 2020 OKC SG 2552
86%
68 Shaquille O'Neal 54.58 2000 LAL C 5567
86%
97 Shaquille O'Neal 52.79 2001 LAL C 4751
86%
149 Shaquille O'Neal 50.87 1994 ORL C 4273
86%
221 Shaquille O'Neal 48.96 1995 ORL C 4896
86%
239 Shaquille O'Neal 48.40 1997 LAL C 2904
86%
240 Shaquille O'Neal 48.39 2003 LAL C 3823
86%
265 Shaquille O'Neal 47.84 1998 LAL C 3492
86%
305 Shaquille O'Neal 47.22 2002 LAL C 4061
86%
367 Shaquille O'Neal 46.26 1996 ORL C 3053
86%
444 Shaquille O'Neal 45.25 1993 ORL C 3665
86%
522 Shaquille O'Neal 44.42 1999 LAL C 2532
86%
751 Shaquille O'Neal 42.04 2004 LAL C 3742
86%
985 Shaquille O'Neal 40.28 2005 MIA C 3464
86%
2115 Shaquille O'Neal 34.72 2006 MIA C 2847
86%
3048 Shaquille O'Neal 31.67 2009 PHO C 2375
86%
3513 Shaquille O'Neal 30.32 2007 MIA C 1334
86%
4371 Shaquille O'Neal 27.91 2008 PHO,MIA C 1842
86%
5247 Sidney Green 25.92 1986 CHI PF 2151
86%
4397 Si Green 27.84 1963 CHZ PG 2032
86%
4662 Si Green 27.25 1962 CHP,STL SG 1935
86%
3701 Slick Leonard 29.71 1962 CHP PG 2080
86%
4878 Sly Williams 26.71 1981 NYK PF 1843
86%
2047 Spud Webb 35.03 1992 SAC PG 2697
86%
2649 Spud Webb 32.83 1993 SAC PG 2265
86%
3498 Spud Webb 30.37 1994 SAC PG 2399
86%
4154 Spud Webb 28.49 1991 ATL PG 2279
86%
4664 Spud Webb 27.25 1995 SAC PG 2071
86%
5876 Spud Webb 24.67 1990 ATL PG 2023
86%
157 Stephen Curry 50.42 2021 GSW PG 3277
86%
190 Stephen Curry 49.60 2016 GSW PG 4811
86%
202 Stephen Curry 49.35 2023 GSW PG 3405
86%
320 Stephen Curry 47.04 2014 GSW PG 3998
86%
370 Stephen Curry 46.21 2015 GSW PG 4667
86%
390 Stephen Curry 45.92 2017 GSW PG 4408
86%
438 Stephen Curry 45.29 2019 GSW PG 4121
86%
440 Stephen Curry 45.27 2018 GSW PG 2988
86%
441 Stephen Curry 45.27 2022 GSW PG 3893
86%
669 Stephen Curry 42.88 2013 GSW PG 3859
86%
744 Stephen Curry 42.12 2024 GSW PG 3159
86%
936 Stephen Curry 40.60 2020 GSW PG 203
86%
1831 Stephen Curry 35.88 2010 GSW PG 2870
86%
1840 Stephen Curry 35.84 2011 GSW PG 2652
86%
3436 Stephen Curry 30.54 2012 GSW PG 794
86%
3723 Steve Johnson 29.65 1987 POR C 2461
86%
5801 Steve Johnson 24.81 1988 POR C 1067
86%
4124 Steven Adams 28.56 2019 OKC C 2428
86%
4729 Steven Adams 27.09 2018 OKC C 2221
86%
4877 Steven Adams 26.71 2023 MEM C 1122
86%
4979 Steven Adams 26.47 2020 OKC C 1853
86%
353 Steve Nash 46.57 2007 PHO PG 4052
86%
473 Steve Nash 44.93 2006 PHO PG 4448
86%
512 Steve Nash 44.48 2005 PHO PG 4003
86%
676 Steve Nash 42.83 2008 PHO PG 3683
86%
734 Steve Nash 42.29 2010 PHO PG 4102
86%
793 Steve Nash 41.71 2011 PHO PG 3128
86%
1194 Steve Nash 38.95 2009 PHO PG 2882
86%
1429 Steve Nash 37.61 2012 PHO PG 2332
86%
1457 Steve Nash 37.52 2002 DAL PG 3377
86%
1770 Steve Nash 36.11 2004 DAL PG 2997
86%
1788 Steve Nash 36.04 2003 DAL PG 3676
86%
2356 Steve Nash 33.91 2001 DAL PG 2713
86%
3820 Steve Nash 29.37 2013 LAL PG 1527
86%
2409 Steve Smith 33.69 1998 ATL SG 2594
86%
2521 Steve Smith 33.24 1994 MIA SG 2759
86%
2743 Steve Smith 32.56 1993 MIA SG 1563
86%
2843 Steve Smith 32.26 1997 ATL SG 2645
86%
3478 Steve Smith 30.42 1999 ATL SG 1369
86%
3778 Steve Smith 29.48 1996 ATL SG 2653
86%
4411 Steve Smith 27.81 1995 ATL,MIA SG 2308
86%
5394 Steve Smith 25.63 1992 MIA SG 1640
86%
5549 Steve Smith 25.34 2000 POR SG 2483
86%
5833 Terry Davis 24.75 1993 DAL PF 1856
86%
3217 Thaddeus Young 31.14 2014 PHI PF 2460
86%
3642 Thaddeus Young 29.90 2016 BRK PF 2183
86%
4128 Thaddeus Young 28.56 2021 CHI PF 1942
86%
4303 Thaddeus Young 28.11 2013 PHI PF 2136
86%
5094 Thaddeus Young 26.21 2019 IND PF 2228
86%
5273 Thaddeus Young 25.87 2015 BRK,MIN PF 2121
86%
184 Tim Duncan 49.69 2002 SAS PF 4522
86%
210 Tim Duncan 49.15 2003 SAS PF 5161
86%
463 Tim Duncan 45.04 2000 SAS PF 3333
86%
520 Tim Duncan 44.43 2001 SAS PF 4221
86%
536 Tim Duncan 44.25 2004 SAS PF 3496
86%
758 Tim Duncan 41.97 1999 SAS PF 2812
86%
852 Tim Duncan 41.25 2007 SAS C 4125
86%
860 Tim Duncan 41.18 2005 SAS PF 3665
86%
862 Tim Duncan 41.16 1998 SAS PF 3746
86%
1055 Tim Duncan 39.84 2008 SAS C 3785
86%
1062 Tim Duncan 39.77 2006 SAS PF 3699
86%
1178 Tim Duncan 39.03 2009 SAS C 3122
86%
1695 Tim Duncan 36.40 2010 SAS C 3203
86%
1800 Tim Duncan 36.01 2013 SAS C 3241
86%
2689 Tim Duncan 32.71 2014 SAS C 3173
86%
2816 Tim Duncan 32.33 2015 SAS C 2716
86%
2965 Tim Duncan 31.89 2012 SAS C 2296
86%
3497 Tim Duncan 30.38 2011 SAS C 2491
86%
186 Tim Hardaway 49.69 1991 GSW PG 4522
86%
209 Tim Hardaway 49.15 1992 GSW PG 4178
86%
231 Tim Hardaway 48.61 1993 GSW PG 3208
86%
609 Tim Hardaway 43.44 1995 GSW PG 2693
86%
747 Tim Hardaway 42.08 1997 MIA PG 4124
86%
859 Tim Hardaway 41.19 1998 MIA PG 3542
86%
1306 Tim Hardaway 38.32 1990 GSW PG 3027
86%
1857 Tim Hardaway 35.78 1996 MIA,GSW PG 2970
86%
1919 Tim Hardaway 35.53 1999 MIA PG 1883
86%
3297 Tim Hardaway 30.90 2001 MIA PG 2441
86%
3382 Tim Hardaway 30.66 2000 MIA PG 1809
86%
4302 Tim Hardaway Jr. 28.11 2018 NYK SG 1602
86%
4630 Tim Hardaway Jr. 27.32 2019 DAL,NYK SG 1776
86%
5933 Tim Thomas 24.55 2004 NYK,MIL SF 1645
86%
1888 Tobias Harris 35.66 2021 PHI PF 2639
86%
2175 Tobias Harris 34.53 2019 PHI,LAC PF 3246
86%
2304 Tobias Harris 34.07 2020 PHI PF 2589
86%
2879 Tobias Harris 32.16 2022 PHI PF 2734
86%
3430 Tobias Harris 30.56 2024 PHI PF 2353
86%
3559 Tobias Harris 30.16 2018 DET,LAC PF 2413
86%
4094 Tobias Harris 28.63 2015 ORL SF 1947
86%
4576 Tobias Harris 27.44 2016 DET,ORL PF 2195
86%
4799 Tobias Harris 26.89 2023 PHI SF 2286
86%
5279 Tobias Harris 25.85 2017 DET PF 2120
86%
5543 Tobias Harris 25.34 2014 ORL PF 1546
86%
114 Tracy McGrady 51.89 2003 ORL SG 4255
86%
309 Tracy McGrady 47.19 2001 ORL SG 3822
86%
315 Tracy McGrady 47.09 2004 ORL SG 3155
86%
337 Tracy McGrady 46.73 2002 ORL SG 3738
86%
357 Tracy McGrady 46.49 2005 HOU SF 3952
86%
480 Tracy McGrady 44.87 2007 HOU SG 3500
86%
699 Tracy McGrady 42.64 2006 HOU SF 2004
86%
887 Tracy McGrady 40.90 2008 HOU SG 2945
86%
3078 Tracy McGrady 31.60 2009 HOU SG 1106
86%
3140 Tracy McGrady 31.41 2000 TOR SF 2576
86%
5617 Tracy Murray 25.20 1996 TOR SF 2066
86%
82 Trae Young 53.77 2020 ATL PG 3226
86%
130 Trae Young 51.47 2024 ATL PG 2831
86%
133 Trae Young 51.42 2022 ATL PG 4268
86%
143 Trae Young 51.03 2023 ATL PG 4082
86%
187 Trae Young 49.65 2021 ATL PG 3922
86%
1021 Trae Young 40.04 2019 ATL PG 3243
86%
4423 Tristan Thompson 27.79 2020 CLE C 1584
86%
5133 Tristan Thompson 26.14 2019 CLE C 1124
86%
5552 Tristan Thompson 25.33 2013 CLE PF 2077
86%
519 Truck Robinson 44.44 1978 NOJ PF 3644
86%
2100 Truck Robinson 34.78 1977 ATL,WSB PF 2678
86%
2101 Truck Robinson 34.77 1979 PHO,NOJ PF 2921
86%
2303 Truck Robinson 34.07 1981 PHO PF 3032
86%
2336 Truck Robinson 33.99 1982 PHO PF 2753
86%
3260 Truck Robinson 31.01 1980 PHO PF 2636
86%
5266 Tyler Johnson 25.88 2017 MIA PG 1889
86%
502 Victor Wembanyama 44.61 2024 SAS C 3167
86%
556 Vince Carter 43.92 2001 TOR SF 3821
86%
746 Vince Carter 42.09 2007 NJN SG 3956
86%
782 Vince Carter 41.76 2000 TOR SF 3550
86%
812 Vince Carter 41.57 2006 NJN SG 3741
86%
923 Vince Carter 40.67 2005 NJN,TOR SF,SG 3294
86%
999 Vince Carter 40.20 2002 TOR SG 2412
86%
1147 Vince Carter 39.20 2008 NJN SG 2979
86%
1195 Vince Carter 38.95 2004 TOR SG 2843
86%
1608 Vince Carter 36.80 2009 NJN SG 2944
86%
2414 Vince Carter 33.65 2003 TOR SG 1447
86%
2760 Vince Carter 32.52 1999 TOR SF 1626
86%
4606 Vince Carter 27.36 2010 ORL SG 2435
86%
3887 Vinnie Johnson 29.18 1983 DET SG 2393
86%
4375 Vinnie Johnson 27.90 1987 DET SG 2595
86%
4709 Vinnie Johnson 27.15 1981 SEA PG 2199
86%
5768 Vinnie Johnson 24.88 1985 DET SG 2264
86%
5815 Vinnie Johnson 24.78 1986 DET SG 2057
86%
1153 Walter Davis 39.17 1979 PHO SF 3682
86%
1249 Walter Davis 38.65 1978 PHO SF 3208
86%
1526 Walter Davis 37.22 1987 PHO SG 2940
86%
1686 Walter Davis 36.43 1986 PHO SG 2550
86%
1704 Walter Davis 36.37 1984 PHO SG 3455
86%
1900 Walter Davis 35.61 1980 PHO SF 2956
86%
2485 Walter Davis 33.39 1983 PHO SG 2771
86%
3700 Walter Davis 29.72 1988 PHO SF 2021
86%
3806 Walter Davis 29.39 1981 PHO SG 2498
86%
5291 Walter Davis 25.83 1985 PHO SG 594
86%
5516 Walter Davis 25.39 1990 DEN SG 1828
86%
673 Walt Frazier 42.86 1974 NYK PG 3943
86%
692 Walt Frazier 42.68 1970 NYK PG 4097
86%
721 Walt Frazier 42.42 1975 NYK PG 3436
86%
777 Walt Frazier 41.82 1972 NYK PG 3889
86%
841 Walt Frazier 41.32 1971 NYK PG 3801
86%
949 Walt Frazier 40.52 1973 NYK PG 3849
86%
963 Walt Frazier 40.44 1969 NYK PG 3640
86%
1073 Walt Frazier 39.71 1976 NYK PG 2343
86%
2398 Walt Frazier 33.72 1977 NYK PG 2563
86%
3535 Walt Frazier 30.24 1978 CLE PG 1542
86%
3126 Walt Williams 31.45 1995 SAC SF 2422
86%
3920 Walt Williams 29.10 1993 SAC SF 1717
86%
3953 Walt Williams 29.03 1997 TOR SF 2119
86%
5332 Walt Williams 25.72 1996 MIA,SAC SF 1955
86%
2841 Wendell Carter Jr. 32.26 2022 ORL PF 2000
86%
3713 Wendell Carter Jr. 29.68 2023 ORL C 1692
86%
5855 Wendell Carter Jr. 24.70 2021 CHI,ORL C 1334
86%
5884 Wendell Carter Jr. 24.65 2020 CHI C 1060
86%
1 Wilt Chamberlain 79.11 1962 PHW C 7278
86%
2 Wilt Chamberlain 76.03 1963 SFW C 6082
86%
3 Wilt Chamberlain 69.15 1961 PHW C 5670
86%
4 Wilt Chamberlain 68.88 1964 SFW C 6337
86%
5 Wilt Chamberlain 68.56 1960 PHW C 5553
86%
6 Wilt Chamberlain 68.35 1966 PHI C 5741
86%
10 Wilt Chamberlain 64.71 1968 PHI C 6147
86%
11 Wilt Chamberlain 64.65 1967 PHI C 6206
86%
12 Wilt Chamberlain 64.57 1965 PHI,SFW C 5424
86%
85 Wilt Chamberlain 53.53 1970 LAL C 1606
86%
197 Wilt Chamberlain 49.43 1969 LAL C 4894
86%
291 Wilt Chamberlain 47.46 1971 LAL C 4461
86%
753 Wilt Chamberlain 42.02 1972 LAL C 4076
86%
934 Wilt Chamberlain 40.61 1973 LAL C 4020
86%
615 Zach LaVine 43.40 2021 CHI SG 2517
86%
915 Zach LaVine 40.72 2020 CHI SF 2443
86%
1201 Zach LaVine 38.92 2023 CHI SG 3075
86%
1206 Zach LaVine 38.92 2022 CHI SG 2763
86%
1239 Zach LaVine 38.70 2019 CHI SG 2438
86%
2416 Zach LaVine 33.64 2024 CHI SG 841
86%
3832 Zach LaVine 29.32 2017 MIN SG 1378
86%
4422 Zach LaVine 27.79 2018 CHI SG 667
86%
566 Zion Williamson 43.79 2023 NOP PF 1270
86%
634 Zion Williamson 43.21 2021 NOP PF 2636
86%
898 Zion Williamson 40.82 2024 NOP PF 2898
86%
2342 Zion Williamson 33.96 2020 NOP PF 815
86%
285 Adrian Dantley 47.55 1983 UTA SF 1046
71%
344 Adrian Dantley 46.65 1981 UTA SF 3732
71%
384 Adrian Dantley 46.02 1982 UTA SF 3728
71%
419 Adrian Dantley 45.46 1984 UTA SF 4091
71%
671 Adrian Dantley 42.87 1986 UTA SF 3258
71%
679 Adrian Dantley 42.81 1980 UTA SF 2911
71%
1014 Adrian Dantley 40.09 1985 UTA SF 2606
71%
1474 Adrian Dantley 37.45 1978 LAL,IND SF 3071
71%
2579 Adrian Dantley 33.05 1977 BUF SF 2545
71%
3452 Adrian Dantley 30.49 1987 DET SF 2927
71%
3977 Adrian Dantley 28.97 1989 DAL,DET SF 2115
71%
3985 Adrian Dantley 28.95 1988 DET SF 2663
71%
4160 Adrian Dantley 28.47 1979 LAL SF 1936
71%
2995 Albert King 31.83 1983 NJN SF 2578
71%
5191 Albert King 26.03 1984 NJN SF 2343
71%
5490 Albert King 25.45 1986 NJN SF 1934
71%
1793 Al Horford 36.03 2013 ATL C 2882
71%
2136 Al Horford 34.66 2014 ATL C 1005
71%
2588 Al Horford 33.03 2017 BOS C 2841
71%
2658 Al Horford 32.80 2011 ATL C 2919
71%
3065 Al Horford 31.64 2018 BOS C 2879
71%
3176 Al Horford 31.27 2015 ATL C 2877
71%
3247 Al Horford 31.05 2019 BOS C 2391
71%
3253 Al Horford 31.03 2016 ATL C 2855
71%
3466 Al Horford 30.46 2010 ATL C 2802
71%
3781 Al Horford 29.46 2021 OKC C 825
71%
4337 Al Horford 28.00 2020 PHI C 1988
71%
4553 Al Horford 27.49 2022 BOS C 2529
71%
4712 Al Horford 27.14 2012 ATL C 380
71%
4865 Al Horford 26.75 2009 ATL C 2033
71%
5648 Al Horford 25.13 2008 ATL C 2211
71%
850 Alonzo Mourning 41.26 1996 MIA C 3012
71%
1244 Alonzo Mourning 38.67 1999 MIA C 1972
71%
1267 Alonzo Mourning 38.54 2000 MIA C 3430
71%
1349 Alonzo Mourning 38.07 1994 CHH C 2284
71%
1362 Alonzo Mourning 38.01 1995 CHH C 3079
71%
1472 Alonzo Mourning 37.47 1993 CHH C 3260
71%
1803 Alonzo Mourning 36.00 1997 MIA C 2988
71%
2433 Alonzo Mourning 33.56 1998 MIA C 2081
71%
3847 Alonzo Mourning 29.29 2002 MIA C 2197
71%
5741 Alonzo Mourning 24.94 2001 MIA C 399
71%
410 Artis Gilmore 45.57 1979 CHI C 3737
71%
454 Artis Gilmore 45.11 1978 CHI C 3699
71%
1099 Artis Gilmore 39.53 1977 CHI C 3360
71%
1786 Artis Gilmore 36.04 1983 SAS C 3352
71%
1973 Artis Gilmore 35.32 1981 CHI C 3108
71%
1983 Artis Gilmore 35.28 1982 CHI C 2893
71%
1993 Artis Gilmore 35.24 1985 SAS C 3031
71%
2267 Artis Gilmore 34.19 1980 CHI C 1641
71%
3448 Artis Gilmore 30.50 1984 SAS C 1952
71%
3669 Artis Gilmore 29.82 1986 SAS C 2207
71%
277 Bernard King 47.64 1985 NYK SF 2620
71%
590 Bernard King 43.63 1991 WSB SF 2792
71%
942 Bernard King 40.56 1978 NJN SF 3204
71%
1214 Bernard King 38.88 1979 NJN SF 3266
71%
1278 Bernard King 38.47 1984 NYK SF 3424
71%
1448 Bernard King 37.56 1982 GSW SF 2967
71%
1529 Bernard King 37.21 1990 WSB SF 3051
71%
1558 Bernard King 37.06 1981 GSW SF 3002
71%
2133 Bernard King 34.67 1987 NYK SF 208
71%
2391 Bernard King 33.76 1983 NYK SF 2498
71%
2425 Bernard King 33.62 1989 WSB SF 2723
71%
4685 Bernard King 27.19 1988 WSB SF 2012
71%
2072 Bill Laimbeer 34.93 1986 DET C 3004
71%
2089 Bill Laimbeer 34.85 1985 DET C 3171
71%
2103 Bill Laimbeer 34.77 1984 DET C 3025
71%
2257 Bill Laimbeer 34.23 1983 DET C 2807
71%
2939 Bill Laimbeer 31.98 1987 DET C 3102
71%
3748 Bill Laimbeer 29.55 1988 DET C 3103
71%
4225 Bill Laimbeer 28.32 1989 DET C 2775
71%
4564 Bill Laimbeer 27.47 1990 DET C 2774
71%
5567 Bill Laimbeer 25.31 1981 CLE C 2050
71%
5890 Bill Laimbeer 24.64 1991 DET C 2390
71%
242 Billy Cunningham 48.34 1970 PHI SF 4157
71%
300 Billy Cunningham 47.31 1972 PHI SF 3548
71%
462 Billy Cunningham 45.05 1971 PHI SF 3964
71%
516 Billy Cunningham 44.45 1969 PHI PF 3867
71%
853 Billy Cunningham 41.24 1975 PHI SF 3299
71%
2466 Billy Cunningham 33.45 1976 PHI SF 669
71%
3041 Billy Cunningham 31.69 1968 PHI SF 2440
71%
3618 Billy Cunningham 29.98 1967 PHI SF 2878
71%
5023 Billy Cunningham 26.37 1966 PHI SF 2215
71%
4727 Bobby Jackson 27.09 1998 DEN PG 1842
71%
5032 Bobby Jackson 26.35 2003 SAC PG 1871
71%
2387 Bobby Jones 33.77 1977 DEN PF 2972
71%
2786 Bobby Jones 32.43 1978 DEN PF 2854
71%
4932 Bobby Jones 26.60 1981 PHI PF 2580
71%
4955 Bobby Jones 26.53 1982 PHI PF 2573
71%
5233 Bobby Jones 25.94 1979 PHI PF 2309
71%
5841 Bobby Jones 24.74 1980 PHI PF 2449
71%
564 Bob Cousy 43.83 1956 BOS PG 3287
71%
616 Bob Cousy 43.39 1959 BOS PG 3298
71%
643 Bob Cousy 43.17 1955 BOS PG 3367
71%
739 Bob Cousy 42.23 1960 BOS PG 3716
71%
789 Bob Cousy 41.72 1952 BOS PG 2879
71%
806 Bob Cousy 41.58 1953 BOS PG 3202
71%
880 Bob Cousy 40.99 1957 BOS PG 3033
71%
1175 Bob Cousy 39.06 1954 BOS PG 3047
71%
1344 Bob Cousy 38.08 1961 BOS PG 3275
71%
1471 Bob Cousy 37.47 1958 BOS PG 2848
71%
1987 Bob Cousy 35.26 1962 BOS PG 3138
71%
2792 Bob Cousy 32.41 1951 BOS PG 2301
71%
3598 Bob Cousy 30.03 1963 BOS PG 2673
71%
228 Bob Lanier 48.75 1974 DET C 4290
71%
233 Bob Lanier 48.49 1975 DET C 3831
71%
327 Bob Lanier 46.88 1977 DET C 3141
71%
381 Bob Lanier 46.05 1972 DET C 3684
71%
417 Bob Lanier 45.46 1978 DET C 2864
71%
457 Bob Lanier 45.09 1973 DET C 3652
71%
646 Bob Lanier 43.14 1976 DET C 3149
71%
935 Bob Lanier 40.60 1979 DET C 2152
71%
1626 Bob Lanier 36.71 1980 MIL,DET C 2570
71%
4007 Bob Lanier 28.88 1981 MIL C 2137
71%
4646 Bob Lanier 27.29 1971 DET C 2238
71%
4810 Bob Lanier 26.88 1984 MIL C 2365
71%
4819 Bob Lanier 26.85 1982 MIL C 2148
71%
230 Bradley Beal 48.61 2020 WAS SG 2771
71%
369 Bradley Beal 46.21 2021 WAS SG 3096
71%
574 Bradley Beal 43.72 2019 WAS SG 3585
71%
717 Bradley Beal 42.45 2022 WAS SG 1698
71%
1100 Bradley Beal 39.52 2023 WAS SG 1976
71%
1464 Bradley Beal 37.50 2018 WAS SG 3300
71%
2123 Bradley Beal 34.70 2017 WAS SG 3123
71%
2399 Bradley Beal 33.72 2024 PHO SG 1922
71%
3731 Bradley Beal 29.62 2014 WAS SG 2488
71%
4105 Bradley Beal 28.62 2015 WAS SG 2089
71%
4370 Bradley Beal 27.91 2016 WAS SG 1535
71%
636 Cade Cunningham 43.21 2024 DET PG 2679
71%
1104 Cade Cunningham 39.50 2023 DET PG 474
71%
1814 Cade Cunningham 35.95 2022 DET SG 2301
71%
5141 Caldwell Jones 26.13 1979 PHI C 2273
71%
5288 Caldwell Jones 25.84 1980 PHI C 2532
71%
1387 Dale Ellis 37.84 1987 SEA SG 3633
71%
1638 Dale Ellis 36.67 1989 SEA SG 3300
71%
1674 Dale Ellis 36.49 1988 SEA SG 2919
71%
2587 Dale Ellis 33.04 1990 SEA SG 1817
71%
5693 Dale Ellis 25.04 1991 MIL,SEA SG 1277
71%
5708 Dale Ellis 25.01 1997 DEN SF 2051
71%
594 Darius Garland 43.59 2022 CLE PG 3051
71%
908 Darius Garland 40.76 2023 CLE PG 3016
71%
2137 Darius Garland 34.65 2024 CLE PG 2391
71%
2500 Darius Garland 33.33 2021 CLE PG 1800
71%
329 Dave Cowens 46.86 1975 BOS C 3561
71%
385 Dave Cowens 45.99 1976 BOS C 4415
71%
414 Dave Cowens 45.49 1974 BOS C 4458
71%
466 Dave Cowens 45.01 1973 BOS C 4276
71%
552 Dave Cowens 43.95 1978 BOS C 3384
71%
749 Dave Cowens 42.07 1977 BOS C 2482
71%
1080 Dave Cowens 39.67 1972 BOS C 3570
71%
1434 Dave Cowens 37.59 1971 BOS C 3045
71%
2020 Dave Cowens 35.15 1979 BOS C 2390
71%
3621 Dave Cowens 29.97 1980 BOS C 2248
71%
3822 Derek Anderson 29.36 2000 LAC SG 1879
71%
4394 Derek Anderson 27.84 2001 SAS SG 2478
71%
4561 Derek Anderson 27.47 2004 POR SG 1401
71%
4902 Derek Anderson 26.67 2003 POR PG 2080
71%
5668 Dwight Jones 25.08 1975 ATL C 1881
71%
1654 Eddie Jones 36.57 2000 CHH SG 2779
71%
2699 Eddie Jones 32.68 2003 MIA SG 1536
71%
3006 Eddie Jones 31.80 2002 MIA SG 2576
71%
3419 Eddie Jones 30.58 1999 CHH,LAL SF,SG 1529
71%
3568 Eddie Jones 30.14 2001 MIA SG 1989
71%
3570 Eddie Jones 30.12 1997 LAL SG 2681
71%
3779 Eddie Jones 29.47 1998 LAL SG 2741
71%
4244 Eddie Jones 28.27 2004 MIA SG 2657
71%
5337 Eddie Jones 25.72 1996 LAL SG 1903
71%
5750 Eddie Jones 24.93 2005 MIA SF 2368
71%
5493 Erick Strickland 25.44 2000 DAL SG 1730
71%
272 Fat Lever 47.68 1989 DEN SG 3481
71%
364 Fat Lever 46.34 1987 DEN PG 3939
71%
435 Fat Lever 45.30 1988 DEN SG 4032
71%
654 Fat Lever 43.01 1990 DEN SG 3527
71%
1762 Fat Lever 36.14 1986 DEN PG 3180
71%
1792 Fat Lever 36.03 1985 DEN PG 3351
71%
5630 Fat Lever 25.16 1992 DAL SG 780
71%
5093 George King 26.21 1956 SYR PG 2097
71%
5563 George King 25.32 1953 SYR PG 1848
71%
5696 George King 25.03 1958 CIN PG 1627
71%
2618 Gerald Wilkins 32.94 1987 NYK SG 2635
71%
3515 Gerald Wilkins 30.31 1988 NYK SG 2576
71%
4075 Gerald Wilkins 28.68 1990 NYK SG 2639
71%
5054 Gerald Wilkins 26.30 1989 NYK SG 2367
71%
5120 Gerald Wilkins 26.15 1994 CLE SG 2223
71%
5132 Gerald Wilkins 26.14 1991 NYK SG 1856
71%
5823 Gorgui Dieng 24.77 2015 MIN C 1808
71%
4855 Greg Anderson 26.77 1992 DEN PF 2195
71%
5217 Greg Anderson 25.98 1989 SAS PF 2130
71%
1223 Hal Greer 38.82 1968 PHI SG 3688
71%
1234 Hal Greer 38.73 1964 PHI SG 3292
71%
1281 Hal Greer 38.46 1962 SYR SG 2769
71%
1340 Hal Greer 38.10 1969 PHI SG 3315
71%
1380 Hal Greer 37.88 1966 PHI SG 3220
71%
1687 Hal Greer 36.42 1970 PHI SG 3096
71%
1705 Hal Greer 36.37 1967 PHI SG 3455
71%
1986 Hal Greer 35.26 1965 PHI SG 2856
71%
2790 Hal Greer 32.41 1963 SYR SG 2755
71%
2886 Hal Greer 32.14 1961 SYR SG 2796
71%
2892 Hal Greer 32.11 1971 PHI SG 2826
71%
3416 Harrison Barnes 30.59 2021 SAC PF 1774
71%
3707 Harrison Barnes 29.70 2018 DAL PF 2287
71%
4288 Harrison Barnes 28.15 2017 DAL PF 2224
71%
4445 Harrison Barnes 27.74 2022 SAC PF 2136
71%
5754 Harrison Barnes 24.92 2019 DAL,SAC PF,SF 1919
71%
5891 Harrison Barnes 24.64 2020 SAC PF 1774
71%
2523 Jabari Parker 33.24 2017 MIL PF 1695
71%
4737 Jabari Parker 27.05 2019 CHI,WAS PF 1731
71%
5812 Jabari Parker 24.79 2020 ATL,SAC PF 942
71%
1624 James Worthy 36.72 1992 LAL SF 1983
71%
1733 James Worthy 36.25 1990 LAL SF 3226
71%
1742 James Worthy 36.22 1989 LAL SF 3477
71%
2053 James Worthy 35.01 1988 LAL SF 3466
71%
2132 James Worthy 34.67 1991 LAL SF 3328
71%
2311 James Worthy 34.05 1987 LAL SF 3405
71%
2722 James Worthy 32.62 1986 LAL SF 2903
71%
3186 James Worthy 31.24 1985 LAL SF 3093
71%
4327 James Worthy 28.03 1984 LAL PF 2887
71%
5216 James Worthy 25.98 1993 LAL SF 2260
71%
1917 Jaren Jackson Jr. 35.53 2024 MEM C 2345
71%
3153 Jaren Jackson Jr. 31.36 2023 MEM C 2164
71%
4545 Jaren Jackson Jr. 27.50 2022 MEM PF 2475
71%
4748 Jaren Jackson Jr. 27.02 2020 MEM C 1540
71%
2559 Jarrett Jack 33.13 2016 BRK PG 1060
71%
2591 Jarrett Jack 33.02 2012 NOH PG 1486
71%
4114 Jarrett Jack 28.58 2013 GSW SG 2601
71%
5024 Jarrett Jack 26.37 2007 POR PG 2083
71%
5209 Jarrett Jack 25.99 2009 IND SG 2131
71%
5440 Jarrett Jack 25.55 2015 BRK PG 2197
71%
5740 Jarrett Jack 24.94 2010 TOR PG 2045
71%
4485 Jim Barnes 27.65 1965 NYK PF 2074
71%
5562 Jim Barnes 25.32 1966 BAL,NYK PF 1924
71%
1177 Jim Jackson 39.04 1995 DAL SG 1991
71%
2200 Jim Jackson 34.44 1994 DAL SG 2824
71%
2979 Jim Jackson 31.86 1993 DAL SF 892
71%
3098 Jim Jackson 31.53 1998 GSW,PHI SG 2491
71%
3219 Jim Jackson 31.13 1996 DAL SG 2553
71%
3265 Jim Jackson 31.00 1997 DAL,NJN SG,SF 2387
71%
4220 Jim Jackson 28.33 2000 ATL SF 2238
71%
5074 Jim Jackson 26.27 2004 HOU SF 2233
71%
4792 Jim King 26.90 1968 SFW PG 1695
71%
2276 Jim Price 34.16 1975 LAL,MIL PG 1708
71%
3349 Jim Price 30.76 1974 LAL PG 2676
71%
4758 Jim Price 27.00 1976 MIL PG 2187
71%
4648 Joe Ellis 27.29 1970 SFW SF 2074
71%
96 John Havlicek 52.86 1971 BOS SF 4282
71%
158 John Havlicek 50.38 1972 BOS SF 4685
71%
407 John Havlicek 45.62 1970 BOS SG 3695
71%
600 John Havlicek 43.52 1973 BOS SF 4004
71%
626 John Havlicek 43.33 1974 BOS SF 4073
71%
937 John Havlicek 40.60 1969 BOS SG 4060
71%
1154 John Havlicek 39.16 1968 BOS SG 3955
71%
1540 John Havlicek 37.15 1975 BOS SF 3455
71%
1921 John Havlicek 35.52 1967 BOS SF 3197
71%
2205 John Havlicek 34.42 1977 BOS SF 3029
71%
2718 John Havlicek 32.64 1966 BOS SF 2872
71%
3368 John Havlicek 30.70 1964 BOS SF 2763
71%
3753 John Havlicek 29.54 1978 BOS SF 2422
71%
3881 John Havlicek 29.21 1976 BOS SF 2658
71%
4010 John Havlicek 28.87 1965 BOS SG 2512
71%
5851 John Havlicek 24.71 1963 BOS SF 2249
71%
543 Jrue Holiday 44.07 2019 NOP SG 2953
71%
909 Jrue Holiday 40.75 2023 MIL PG 2934
71%
1030 Jrue Holiday 39.96 2013 PHI PG 3117
71%
1071 Jrue Holiday 39.72 2020 NOP SG 2423
71%
1240 Jrue Holiday 38.70 2022 MIL PG 3057
71%
1298 Jrue Holiday 38.38 2018 NOP SG 3454
71%
1315 Jrue Holiday 38.27 2021 MIL PG 3138
71%
1730 Jrue Holiday 36.26 2014 NOP PG 1233
71%
1796 Jrue Holiday 36.01 2017 NOP PG 2413
71%
2455 Jrue Holiday 33.48 2016 NOP PG 2176
71%
2645 Jrue Holiday 32.84 2015 NOP PG 1412
71%
2687 Jrue Holiday 32.71 2011 PHI PG 2846
71%
3846 Jrue Holiday 29.30 2024 BOS PG 2578
71%
4158 Jrue Holiday 28.47 2012 PHI PG 2221
71%
606 Kenny Anderson 43.48 1994 NJN PG 3739
71%
807 Kenny Anderson 41.58 1995 NJN PG 2994
71%
1135 Kenny Anderson 39.24 1993 NJN PG 2158
71%
1343 Kenny Anderson 38.08 1997 POR PG 3275
71%
1640 Kenny Anderson 36.64 1996 CHH,NJN PG 2528
71%
4031 Kenny Anderson 28.79 2000 BOS PG 2361
71%
4403 Kenny Anderson 27.82 1998 BOS,POR PG 1697
71%
4532 Kenny Anderson 27.53 1999 BOS PG 936
71%
5284 Kenny Anderson 25.85 2002 BOS PG 2378
71%
2339 Kenyon Martin 33.97 2004 NJN PF 2582
71%
2601 Kenyon Martin 32.99 2003 NJN PF 3200
71%
3704 Kenyon Martin 29.71 2005 DEN PF 2228
71%
4014 Kenyon Martin 28.86 2002 NJN PF 2684
71%
4907 Kenyon Martin 26.66 2010 DEN PF 1706
71%
5196 Kenyon Martin 26.01 2001 NJN PF 1769
71%
2068 Kevin Martin 34.94 2009 SAC SG 1782
71%
2463 Kevin Martin 33.46 2008 SAC SG 2041
71%
2654 Kevin Martin 32.81 2011 HOU SG 2625
71%
3552 Kevin Martin 30.19 2007 SAC SG 2415
71%
3579 Kevin Martin 30.09 2010 HOU,SAC SG 1384
71%
3942 Kevin Martin 29.05 2015 MIN SG 1133
71%
4892 Kevin Martin 26.69 2014 MIN SG 1815
71%
5218 Kevin Martin 25.98 2012 HOU SG 1039
71%
1087 Khris Middleton 39.62 2021 MIL SF 3605
71%
1421 Khris Middleton 37.66 2022 MIL SF 2561
71%
1544 Khris Middleton 37.14 2020 MIL SF 2674
71%
1981 Khris Middleton 35.29 2018 MIL SF 3141
71%
2388 Khris Middleton 33.77 2019 MIL SF 3107
71%
2672 Khris Middleton 32.75 2024 MIL SF 1998
71%
2845 Khris Middleton 32.25 2016 MIL SG 2548
71%
3021 Khris Middleton 31.76 2023 MIL SF 1207
71%
4284 Khris Middleton 28.17 2017 MIL SF 986
71%
4719 Kyle Anderson 27.12 2021 MEM PF 2061
71%
4914 Kyle Anderson 26.64 2023 MIN PF 1998
71%
801 Kyle Lowry 41.65 2017 TOR PG 2832
71%
905 Kyle Lowry 40.78 2020 TOR PG 2814
71%
954 Kyle Lowry 40.49 2016 TOR PG 3928
71%
1205 Kyle Lowry 38.92 2014 TOR PG 3347
71%
1266 Kyle Lowry 38.54 2021 TOR PG 1773
71%
1494 Kyle Lowry 37.33 2019 TOR PG 3322
71%
1503 Kyle Lowry 37.28 2018 TOR PG 3281
71%
1525 Kyle Lowry 37.22 2015 TOR PG 2754
71%
2376 Kyle Lowry 33.83 2012 HOU PG 1590
71%
2704 Kyle Lowry 32.67 2022 MIA PG 2385
71%
2727 Kyle Lowry 32.60 2011 HOU PG 2445
71%
3304 Kyle Lowry 30.88 2013 TOR PG 2100
71%
5257 Kyle Lowry 25.90 2023 MIA PG 2072
71%
2003 LaPhonso Ellis 35.20 1997 DEN PF 1936
71%
3646 LaPhonso Ellis 29.89 1994 DEN PF 2720
71%
3714 LaPhonso Ellis 29.68 1993 DEN PF 2434
71%
4149 LaPhonso Ellis 28.51 1998 DEN SF 2167
71%
2173 Leroy Ellis 34.54 1971 POR C 2556
71%
3257 Leroy Ellis 31.02 1967 BAL C 2513
71%
4484 Leroy Ellis 27.65 1974 PHI C 2240
71%
4549 Leroy Ellis 27.50 1968 BAL C 2145
71%
5381 Leroy Ellis 25.65 1973 LAL,PHI C,PF 2026
71%
3963 Louis King 29.00 2023 PHI PF 29
71%
3571 Lucious Jackson 30.12 1969 PHI C 753
71%
3918 Lucious Jackson 29.10 1965 PHI PF 2532
71%
5507 Lucious Jackson 25.40 1968 PHI PF 2413
71%
2564 Luol Deng 33.11 2007 CHI SF 3046
71%
3392 Luol Deng 30.64 2010 CHI SF 2298
71%
3450 Luol Deng 30.49 2011 CHI SF 2988
71%
3519 Luol Deng 30.29 2013 CHI SF 2423
71%
3758 Luol Deng 29.52 2008 CHI SF 1860
71%
3893 Luol Deng 29.17 2012 CHI SF 1750
71%
4058 Luol Deng 28.71 2014 CHI,CLE SF 1809
71%
5361 Luol Deng 25.67 2009 CHI SF 1258
71%
5418 Luol Deng 25.58 2006 CHI SF 2149
71%
1566 Marc Gasol 37.04 2017 MEM C 2963
71%
1791 Marc Gasol 36.03 2015 MEM C 3315
71%
1844 Marc Gasol 35.82 2018 MEM C 2615
71%
2490 Marc Gasol 33.37 2016 MEM C 1735
71%
2610 Marc Gasol 32.96 2013 MEM C 3131
71%
2789 Marc Gasol 32.42 2012 MEM C 2334
71%
2975 Marc Gasol 31.86 2014 MEM C 2103
71%
3185 Marc Gasol 31.25 2010 MEM C 2156
71%
3456 Marc Gasol 30.48 2019 TOR,MEM C 3139
71%
4613 Marc Gasol 27.35 2011 MEM C 2571
71%
5901 Marc Gasol 24.62 2009 MEM C 2019
71%
745 Mark Jackson 42.10 1988 NYK PG 3621
71%
907 Mark Jackson 40.77 1989 NYK PG 3302
71%
1218 Mark Jackson 38.85 1997 DEN,IND PG 3186
71%
1263 Mark Jackson 38.56 1993 LAC PG 3355
71%
2288 Mark Jackson 34.11 1994 LAC PG 2695
71%
2685 Mark Jackson 32.72 1992 NYK PG 3043
71%
3326 Mark Jackson 30.83 1998 IND PG 3021
71%
3406 Mark Jackson 30.60 1996 IND PG 2632
71%
3830 Mark Jackson 29.32 1999 IND PG 1818
71%
4037 Mark Jackson 28.77 2000 IND PG 2992
71%
4240 Mark Jackson 28.27 1995 IND PG 2799
71%
4279 Mark Jackson 28.18 2001 NYK,TOR PG 2480
71%
4407 Mark Jackson 27.81 1990 NYK PG 2531
71%
4413 Mark Jackson 27.80 2002 NYK PG 2280
71%
632 Mark Price 43.25 1991 CLE PG 692
71%
670 Mark Price 42.87 1990 CLE PG 3344
71%
1052 Mark Price 39.85 1989 CLE PG 3148
71%
1505 Mark Price 37.27 1993 CLE PG 3131
71%
1585 Mark Price 36.95 1994 CLE PG 2919
71%
1671 Mark Price 36.51 1992 CLE PG 3249
71%
2644 Mark Price 32.85 1995 CLE PG 1708
71%
2885 Mark Price 32.14 1988 CLE PG 2732
71%
5880 Mark Price 24.66 1997 GSW PG 1726
71%
5326 Marvin Barnes 25.73 1978 BUF,DET PF 1544
71%
685 Monta Ellis 42.75 2010 GSW SG 2736
71%
849 Monta Ellis 41.26 2011 GSW SG 3301
71%
1460 Monta Ellis 37.52 2012 GSW,MIL SG 2176
71%
1487 Monta Ellis 37.38 2013 MIL SG 3215
71%
1897 Monta Ellis 35.63 2014 DAL SG 3171
71%
2092 Monta Ellis 34.83 2008 GSW SG 2821
71%
2729 Monta Ellis 32.60 2009 GSW SG 815
71%
2827 Monta Ellis 32.29 2015 DAL SG 2745
71%
4053 Monta Ellis 28.73 2016 IND SG 2528
71%
4392 Monta Ellis 27.85 2007 GSW SG 2451
71%
2055 Nick Anderson 35.00 1993 ORL SG 2765
71%
2351 Nick Anderson 33.93 1992 ORL SG 2036
71%
3333 Nick Anderson 30.81 1994 ORL SG 2588
71%
3708 Nick Anderson 29.70 1995 ORL SG 2881
71%
3960 Nick Anderson 29.01 1996 ORL SG 2553
71%
4765 Nick Anderson 26.98 1999 ORL SF 1376
71%
5099 Nick Anderson 26.21 1998 ORL SF 1520
71%
526 Nikola Vucevic 44.39 2021 CHI,ORL C 3107
71%
799 Nikola Vucevic 41.67 2019 ORL C 3542
71%
1034 Nikola Vucevic 39.93 2020 ORL C 2675
71%
1518 Nikola Vucevic 37.23 2022 CHI C 2904
71%
1605 Nikola Vucevic 36.82 2024 CHI C 2872
71%
1699 Nikola Vucevic 36.39 2023 CHI C 3057
71%
1885 Nikola Vucevic 35.68 2015 ORL C 2640
71%
2202 Nikola Vucevic 34.43 2016 ORL C 2238
71%
2204 Nikola Vucevic 34.42 2018 ORL C 1962
71%
2752 Nikola Vucevic 32.55 2017 ORL C 2441
71%
3354 Nikola Vucevic 30.74 2014 ORL C 1752
71%
3439 Nikola Vucevic 30.53 2013 ORL C 2351
71%
437 Pascal Siakam 45.29 2023 TOR PF 3261
71%
565 Pascal Siakam 43.80 2022 TOR PF 3241
71%
1121 Pascal Siakam 39.32 2021 TOR PF 2202
71%
1305 Pascal Siakam 38.32 2024 IND,TOR PF 3717
71%
1331 Pascal Siakam 38.14 2020 TOR PF 2708
71%
2946 Pascal Siakam 31.95 2019 TOR PF 3323
71%
913 Pau Gasol 40.73 2006 MEM PF 3421
71%
1019 Pau Gasol 40.07 2007 MEM C 2364
71%
1180 Pau Gasol 39.02 2010 LAL C 3434
71%
1312 Pau Gasol 38.28 2016 CHI C 2756
71%
1497 Pau Gasol 37.31 2015 CHI PF 3283
71%
1551 Pau Gasol 37.10 2009 LAL C 3858
71%
1568 Pau Gasol 37.03 2011 LAL C 3407
71%
1740 Pau Gasol 36.22 2012 LAL PF 2789
71%
1849 Pau Gasol 35.80 2008 LAL,MEM C 3115
71%
1881 Pau Gasol 35.70 2014 LAL C 2142
71%
1913 Pau Gasol 35.55 2003 MEM PF 2915
71%
2190 Pau Gasol 34.48 2002 MEM PF 2827
71%
2660 Pau Gasol 32.79 2013 LAL PF 1738
71%
2712 Pau Gasol 32.65 2004 MEM PF 2677
71%
2761 Pau Gasol 32.52 2005 MEM PF 1951
71%
5657 Pau Gasol 25.10 2017 SAS C 2008
71%
5673 Pau Gasol 25.07 2018 SAS C 2056
71%
4669 Popeye Jones 27.24 1996 DAL PF 1852
71%
5343 Popeye Jones 25.71 1995 DAL PF 2057
71%
1923 Reggie Jackson 35.52 2016 DET PG 2948
71%
3046 Reggie Jackson 31.68 2015 DET,OKC PG 2439
71%
3174 Reggie Jackson 31.29 2022 LAC SG 2409
71%
4101 Reggie Jackson 28.62 2018 DET PG 1288
71%
4410 Reggie Jackson 27.81 2017 DET PG 1446
71%
4519 Reggie Jackson 27.57 2019 DET PG 2371
71%
5592 Reggie Jackson 25.24 2014 OKC PG 2499
71%
3453 Reggie King 30.49 1981 KCK PF 2927
71%
374 Rod Strickland 46.14 1998 WAS PG 3507
71%
547 Rod Strickland 44.01 1996 POR PG 3169
71%
551 Rod Strickland 43.96 1995 POR PG 2945
71%
741 Rod Strickland 42.16 1994 POR PG 3626
71%
748 Rod Strickland 42.07 1999 WAS PG 1851
71%
875 Rod Strickland 41.01 1997 WSB PG 3486
71%
1333 Rod Strickland 38.14 1992 SAS PG 2250
71%
1731 Rod Strickland 36.26 1991 SAS PG 2248
71%
2142 Rod Strickland 34.63 1993 POR SG 2840
71%
2592 Rod Strickland 33.01 2000 WAS PG 2278
71%
4165 Rod Strickland 28.46 1990 SAS,NYK PG 2618
71%
4789 Rod Strickland 26.91 2002 MIA PG 2045
71%
5175 Ron Anderson 26.06 1989 PHI SF 2215
71%
4110 Ryan Anderson 28.59 2014 NOP PF 629
71%
5103 Ryan Anderson 26.20 2016 NOP PF 1729
71%
5186 Ryan Anderson 26.05 2012 ORL PF 1719
71%
5275 Ryan Anderson 25.86 2013 NOH PF 2095
71%
1609 Sam Jones 36.79 1965 BOS SG 3385
71%
1965 Sam Jones 35.36 1966 BOS SG 2970
71%
2476 Sam Jones 33.43 1967 BOS SG 2708
71%
3002 Sam Jones 31.81 1963 BOS SG 2831
71%
3113 Sam Jones 31.48 1968 BOS SG 2896
71%
3340 Sam Jones 30.78 1962 BOS SG 2832
71%
3720 Sam Jones 29.66 1964 BOS SG 2551
71%
5396 Sam Jones 25.63 1961 BOS SG 2255
71%
5689 Sam Jones 25.05 1969 BOS SG 2204
71%
666 Scottie Barnes 42.90 2024 TOR SG 2574
71%
2443 Scottie Barnes 33.50 2023 TOR SF 2613
71%
3081 Scottie Barnes 31.59 2022 TOR PF 2464
71%
1345 Shawn Kemp 38.08 1996 SEA PF 3770
71%
1379 Shawn Kemp 37.89 1994 SEA PF 3183
71%
1613 Shawn Kemp 36.79 1999 CLE PF 1545
71%
1700 Shawn Kemp 36.38 1995 SEA PF 3129
71%
1795 Shawn Kemp 36.02 1997 SEA PF 3350
71%
1870 Shawn Kemp 35.73 1993 SEA PF 3466
71%
2029 Shawn Kemp 35.11 1998 CLE PF 2949
71%
2784 Shawn Kemp 32.44 2000 CLE C 2660
71%
3020 Shawn Kemp 31.77 1992 SEA PF 2319
71%
3924 Shawn Kemp 29.09 1991 SEA PF 2502
71%
3890 Slater Martin 29.17 1956 MNL PG 2188
71%
4026 Slater Martin 28.81 1955 MNL PG 2276
71%
3487 Sonny Parker 30.41 1979 GSW SF 2402
71%
3954 Sonny Parker 29.02 1980 GSW SF 2380
71%
902 Stephen Jackson 40.80 2009 GSW SF 2407
71%
2065 Stephen Jackson 34.95 2010 CHA,GSW SG,PF 2971
71%
2234 Stephen Jackson 34.32 2008 GSW SF 2505
71%
2984 Stephen Jackson 31.85 2011 CHA SG 2134
71%
3307 Stephen Jackson 30.88 2004 ATL SF 2470
71%
3891 Stephen Jackson 29.17 2005 IND SF 1867
71%
4178 Stephen Jackson 28.42 2007 GSW,IND SF,SG 2444
71%
4559 Stephen Jackson 27.47 2006 IND SG 2390
71%
5373 Thomas Bryant 25.65 2020 WAS C 1180
71%
5913 Thomas Bryant 24.60 2021 WAS C 246
71%
24 Tiny Archibald 59.53 1973 KCO PG 4762
71%
191 Tiny Archibald 49.59 1972 CIN PG 3769
71%
453 Tiny Archibald 45.12 1976 KCK PG 3519
71%
597 Tiny Archibald 43.55 1975 KCO PG 3832
71%
1050 Tiny Archibald 39.85 1977 NYN PG 1355
71%
1561 Tiny Archibald 37.06 1974 KCO PG 1297
71%
2158 Tiny Archibald 34.57 1980 BOS PG 3077
71%
2830 Tiny Archibald 32.29 1981 BOS PG 3132
71%
3420 Tiny Archibald 30.58 1982 BOS PG 2324
71%
3648 Tiny Archibald 29.88 1971 CIN PG 2450
71%
5793 Tiny Archibald 24.84 1983 BOS PG 1813
71%
1376 Toni Kukoc 37.91 1999 CHI SF 1668
71%
2954 Toni Kukoc 31.92 1995 CHI SF 2905
71%
3957 Toni Kukoc 29.02 2000 PHI,CHI SF 1915
71%
4759 Toni Kukoc 26.99 1998 CHI SF 2564
71%
5414 Toni Kukoc 25.59 1997 CHI SF 1945
71%
5623 Toni Kukoc 25.19 2003 MIL PF 1738
71%
5642 Toni Kukoc 25.14 1996 CHI SF 2413
71%
979 Tony Parker 40.34 2009 SAS PG 3106
71%
1129 Tony Parker 39.26 2013 SAS PG 3416
71%
1417 Tony Parker 37.69 2012 SAS PG 2789
71%
1886 Tony Parker 35.67 2008 SAS PG 3068
71%
2081 Tony Parker 34.89 2011 SAS PG 2931
71%
2168 Tony Parker 34.55 2006 SAS PG 3213
71%
2198 Tony Parker 34.44 2007 SAS PG 3341
71%
2613 Tony Parker 32.95 2005 SAS PG 3394
71%
3367 Tony Parker 30.70 2014 SAS PG 2794
71%
3378 Tony Parker 30.68 2010 SAS PG 2025
71%
3483 Tony Parker 30.41 2004 SAS PG 2585
71%
4083 Tony Parker 28.65 2003 SAS PG 3037
71%
5056 Tony Parker 26.29 2015 SAS PG 1972
71%
5433 Tony Parker 25.56 2016 SAS PG 2096
71%
3236 Tre Jones 31.09 2023 SAS PG 2114
71%
4637 Tre Jones 27.31 2024 SAS PG 2103
71%
298 Tyrese Haliburton 47.34 2023 IND PG 2651
71%
341 Tyrese Haliburton 46.67 2024 IND PG 3967
71%
1350 Tyrese Haliburton 38.06 2022 IND,SAC PG,SG 2931
71%
4172 Tyrese Haliburton 28.43 2021 SAC PG 1649
71%
563 Tyrese Maxey 43.83 2024 PHI PG 3375
71%
3164 Tyrese Maxey 31.32 2023 PHI SG 2224
71%
3348 Tyrese Maxey 30.76 2022 PHI PG 2676
71%
3357 Tyus Jones 30.73 2024 WAS PG 2028
71%
5895 Wah Wah Jones 24.64 1951 INO PF 542
71%
5881 Wali Jones 24.66 1967 PHI PG 2367
71%
1022 Wes Unseld 40.03 1970 BAL C 3563
71%
1160 Wes Unseld 39.14 1971 BAL C 3601
71%
1445 Wes Unseld 37.56 1972 BAL C 3080
71%
1501 Wes Unseld 37.29 1969 BAL C 3207
71%
1582 Wes Unseld 36.95 1973 BAL C 3104
71%
2061 Wes Unseld 34.97 1975 WSB C 3147
71%
2164 Wes Unseld 34.55 1976 WSB C 2937
71%
2471 Wes Unseld 33.44 1980 WSB C 2809
71%
3133 Wes Unseld 31.44 1979 WSB C 3018
71%
3665 Wes Unseld 29.84 1978 WSB C 2924
71%
3916 Wes Unseld 29.11 1977 WSB C 2649
71%
5449 Wes Unseld 25.52 1981 WSB C 1608
71%
4516 Wil Jones 27.58 1977 IND PF 2206
71%
1910 Willie Anderson 35.57 1989 SAS SF 2881
71%
2970 Willie Anderson 31.88 1990 SAS SG 2933
71%
3351 Willie Anderson 30.75 1992 SAS SG 1753
71%
3418 Willie Anderson 30.58 1991 SAS SG 2416
71%
5826 Willie Anderson 24.76 1994 SAS SG 2080
71%
2545 Winston Garland 33.16 1989 GSW PG 2885
71%
3473 Winston Garland 30.43 1988 GSW PG 2039
71%
5528 Winston Garland 25.36 1992 DEN PG 1978
71%
1286 Xavier McDaniel 38.45 1987 SEA SF 3691
71%
1579 Xavier McDaniel 36.98 1988 SEA SF 3069
71%
2226 Xavier McDaniel 34.33 1990 SEA SF 2369
71%
3108 Xavier McDaniel 31.50 1986 SEA SF 2583
71%
3343 Xavier McDaniel 30.78 1989 SEA SF 2770
71%
3836 Xavier McDaniel 29.31 1991 PHO,SEA SF 2491
71%
5773 Xavier McDaniel 24.87 1993 BOS PF 2139
71%
5799 Xavier McDaniel 24.82 1992 NYK SF 2333
71%
731 Alperen Sengun 42.32 2024 HOU C 2666
57%
2465 Alperen Sengun 33.45 2023 HOU C 2509
57%
785 Andre Drummond 41.75 2020 CLE,DET C 2380
57%
1005 Andre Drummond 40.17 2018 DET C 3133
57%
1186 Andre Drummond 39.01 2019 DET C 3238
57%
2021 Andre Drummond 35.14 2016 DET C 2987
57%
2840 Andre Drummond 32.26 2017 DET C 2613
57%
2953 Andre Drummond 31.92 2021 LAL,CLE C 1660
57%
3160 Andre Drummond 31.34 2015 DET C 2570
57%
3459 Andre Drummond 30.47 2014 DET C 2468
57%
1406 Andre Iguodala 37.75 2007 PHI SG 2869
57%
1449 Andre Iguodala 37.56 2009 PHI SF 3305
57%
1478 Andre Iguodala 37.44 2010 PHI SF 3070
57%
1564 Andre Iguodala 37.05 2008 PHI SF 3260
57%
2192 Andre Iguodala 34.47 2011 PHI SF 2482
57%
2924 Andre Iguodala 32.00 2013 DEN SG 2752
57%
3246 Andre Iguodala 31.05 2012 PHI SF 2329
57%
5075 Andre Iguodala 26.27 2006 PHI SF 2154
57%
5938 Andre Iguodala 24.54 2014 GSW SF 1718
57%
5712 Andre Ingram 25.00 2018 LAL SG 50
57%
1808 Andrew Wiggins 35.98 2020 GSW,MIN SF 1943
57%
2438 Andrew Wiggins 33.55 2017 MIN SF 2751
57%
3544 Andrew Wiggins 30.21 2021 GSW PF 2205
57%
3661 Andrew Wiggins 29.85 2016 MIN SF 2418
57%
3741 Andrew Wiggins 29.58 2019 MIN SF 2159
57%
4127 Andrew Wiggins 28.56 2023 GSW SF 1428
57%
4255 Andrew Wiggins 28.24 2022 GSW SF 2683
57%
4510 Andrew Wiggins 27.60 2018 MIN SF 2401
57%
4652 Andrew Wiggins 27.28 2015 MIN SF 2237
57%
2779 Antoine Carr 32.45 1991 SAC PF 2499
57%
5709 Armond Hill 25.01 1979 ATL PG 2276
57%
5807 Armond Hill 24.80 1978 ATL PG 2083
57%
3285 Ben Wallace 30.93 2003 DET C 2784
57%
3356 Ben Wallace 30.73 2004 DET C 3196
57%
4015 Ben Wallace 28.86 2002 DET C 2597
57%
4087 Ben Wallace 28.65 2005 DET C 2836
57%
5070 Ben Wallace 26.28 2001 DET C 2102
57%
5495 Ben Wallace 25.44 2006 DET C 2544
57%
5593 Ben Wallace 25.24 2007 CHI C 2196
57%
562 Blake Griffin 43.86 2019 DET PF 3377
57%
605 Blake Griffin 43.49 2011 LAC PF 3566
57%
610 Blake Griffin 43.43 2015 LAC PF 3518
57%
682 Blake Griffin 42.80 2014 LAC PF 3980
57%
839 Blake Griffin 41.33 2018 DET,LAC PF 2397
57%
964 Blake Griffin 40.44 2017 LAC PF 2588
57%
1024 Blake Griffin 40.00 2016 LAC PF 1560
57%
1246 Blake Griffin 38.66 2012 LAC PF 2977
57%
2094 Blake Griffin 34.81 2013 LAC PF 2994
57%
4547 Blake Griffin 27.50 2020 DET PF 495
57%
2229 Bob Boozer 34.33 1968 CHI PF 2815
57%
2468 Bob Boozer 33.44 1969 CHI PF 2642
57%
4028 Bob Boozer 28.81 1967 CHI PF 2391
57%
4534 Bob Boozer 27.53 1963 CIN PF 2505
57%
4627 Bob Boozer 27.33 1962 CIN PF 2268
57%
4905 Bob Boozer 26.66 1970 SEA PF 2186
57%
5889 Bob Boozer 24.64 1964 CIN,NYK SF 1996
57%
647 Brandon Ingram 43.13 2023 NOP SF 1984
57%
826 Brandon Ingram 41.41 2022 NOP SF 2609
57%
1039 Brandon Ingram 39.90 2020 NOP PF 2474
57%
1082 Brandon Ingram 39.66 2021 NOP SF 2419
57%
1391 Brandon Ingram 37.83 2024 NOP SF 2648
57%
3369 Brandon Ingram 30.69 2018 LAL SF 1811
57%
3461 Brandon Ingram 30.46 2019 LAL SF 1584
57%
4426 Brian Grant 27.79 2001 MIA C 2362
57%
5166 Brian Grant 26.07 1996 SAC PF 2138
57%
5369 Brian Grant 25.66 1998 POR SF 1668
57%
5482 Brian Grant 25.46 1999 POR PF 1553
57%
5594 Brian Grant 25.24 1995 SAC PF 2019
57%
2069 Byron Scott 34.93 1988 LAL SG 3668
57%
3073 Byron Scott 31.61 1989 LAL SG 2687
57%
4139 Byron Scott 28.53 1987 LAL SG 2853
57%
4756 Byron Scott 27.00 1990 LAL SG 2322
57%
5067 Byron Scott 26.28 1985 LAL SG 2628
57%
5223 Byron Scott 25.97 1992 LAL SG 2233
57%
969 Carlos Boozer 40.42 2007 UTA PF 3678
57%
1236 Carlos Boozer 38.72 2010 UTA PF 3407
57%
1288 Carlos Boozer 38.43 2008 UTA PF 3574
57%
2403 Carlos Boozer 33.71 2005 UTA PF 1719
57%
2575 Carlos Boozer 33.07 2009 UTA PF 1389
57%
2735 Carlos Boozer 32.59 2004 CLE PF 2444
57%
3030 Carlos Boozer 31.73 2011 CHI C 2380
57%
3123 Carlos Boozer 31.46 2013 CHI PF 2863
57%
3144 Carlos Boozer 31.39 2006 UTA PF 1036
57%
4023 Carlos Boozer 28.82 2012 CHI PF 2075
57%
5338 Carlos Boozer 25.72 2014 CHI PF 2083
57%
1627 Cedric Maxwell 36.71 1979 BOS SF 2937
57%
2753 Cedric Maxwell 32.54 1980 BOS SF 2896
57%
3878 Cedric Maxwell 29.21 1981 BOS SF 2863
57%
3884 Cedric Maxwell 29.20 1986 LAC SF 2219
57%
4498 Cedric Maxwell 27.62 1982 BOS SF 2486
57%
718 Charlie Scott 42.44 1974 PHO PG 2207
57%
788 Charlie Scott 41.73 1973 PHO PG 3380
57%
1128 Charlie Scott 39.28 1975 PHO PG 2710
57%
2617 Charlie Scott 32.94 1977 BOS SG 1713
57%
3161 Charlie Scott 31.34 1976 BOS SG 3134
57%
3162 Charlie Scott 31.33 1972 PHO PG 188
57%
4468 Charlie Scott 27.70 1978 LAL,BOS SG 2271
57%
4786 Charlie Scott 26.91 1979 DEN PG 2207
57%
4318 Chris Mills 28.05 2000 GSW SF 561
57%
4953 Chris Mills 26.53 1996 CLE SF 2202
57%
5124 Chris Mills 26.15 1997 CLE SF 2092
57%
428 Chris Mullin 45.37 1989 GSW SF 4083
57%
774 Chris Mullin 41.83 1991 GSW SF 3765
57%
837 Chris Mullin 41.35 1990 GSW SF 3225
57%
946 Chris Mullin 40.53 1992 GSW SF 3445
57%
948 Chris Mullin 40.52 1993 GSW SF 1864
57%
1819 Chris Mullin 35.92 1995 GSW SF 898
57%
1874 Chris Mullin 35.72 1988 GSW SF 2143
57%
1985 Chris Mullin 35.26 1994 GSW SF 2292
57%
4069 Chris Mullin 28.70 1997 GSW SF 2267
57%
5595 Chris Mullin 25.24 1996 GSW SF 1388
57%
5911 Chris Mullin 24.61 1987 GSW SG 2264
57%
2662 Cuttino Mobley 32.78 2002 HOU SG 2426
57%
3329 Cuttino Mobley 30.82 2001 HOU SG 2435
57%
3889 Cuttino Mobley 29.18 2003 HOU SG 2130
57%
4219 Cuttino Mobley 28.33 2004 HOU SG 2408
57%
4524 Cuttino Mobley 27.56 2005 SAC,ORL SG 1957
57%
5071 Cuttino Mobley 26.27 2006 LAC SG 2391
57%
5243 Cuttino Mobley 25.93 2000 HOU SG 2100
57%
972 Dan Issel 40.39 1978 DEN C 3837
57%
1165 Dan Issel 39.12 1980 DEN C 3208
57%
1507 Dan Issel 37.27 1977 DEN C 3168
57%
1718 Dan Issel 36.32 1982 DEN C 3051
57%
1767 Dan Issel 36.13 1983 DEN C 3179
57%
1813 Dan Issel 35.96 1981 DEN C 2877
57%
2333 Dan Issel 34.00 1979 DEN C 2856
57%
2594 Dan Issel 33.01 1984 DEN C 2674
57%
4845 Danny Schayes 26.79 1988 DEN PF 2465
57%
5762 Danny Schayes 24.90 1983 DEN,UTA C 2241
57%
1734 Dave DeBusschere 36.24 1968 DET SF 3117
57%
1820 Dave DeBusschere 35.92 1974 NYK PF 2981
57%
1898 Dave DeBusschere 35.63 1967 DET SF 2779
57%
2261 Dave DeBusschere 34.20 1965 DET PF 2702
57%
2371 Dave DeBusschere 33.84 1972 NYK PF 3249
57%
2429 Dave DeBusschere 33.58 1969 NYK,DET PF 2888
57%
2505 Dave DeBusschere 33.30 1966 DET SF 2631
57%
2524 Dave DeBusschere 33.22 1973 NYK PF 3123
57%
2837 Dave DeBusschere 32.27 1971 NYK PF 3001
57%
3587 Dave DeBusschere 30.07 1970 NYK PF 2947
57%
4702 Dave DeBusschere 27.15 1963 DET SF 2281
57%
1763 Dennis Schroder 36.13 2018 ATL PG 2421
57%
1950 Dennis Schroder 35.41 2017 ATL PG 3010
57%
3183 Dennis Schroder 31.25 2020 OKC PG 2250
57%
3258 Dennis Schroder 31.01 2021 LAL SG 2109
57%
3529 Dennis Schroder 30.25 2024 BRK,TOR PG 2420
57%
4328 Dennis Schroder 28.02 2019 OKC PG 2354
57%
4726 Dennis Schroder 27.09 2022 BOS,HOU PG 1734
57%
3915 Dennis Scott 29.11 1992 ORL SF 524
57%
4572 Dennis Scott 27.45 1996 ORL SF 2580
57%
5321 Dennis Scott 25.76 1993 ORL SF 1391
57%
769 Detlef Schrempf 41.87 1993 IND PF 3601
57%
1782 Detlef Schrempf 36.05 1992 IND PF 2992
57%
2235 Detlef Schrempf 34.31 1995 SEA SF 2951
57%
2656 Detlef Schrempf 32.81 1997 SEA SF 2395
57%
2721 Detlef Schrempf 32.63 1998 SEA SF 2871
57%
2868 Detlef Schrempf 32.20 1991 IND PF 2801
57%
3105 Detlef Schrempf 31.51 1990 IND PF 2552
57%
3206 Detlef Schrempf 31.17 1996 SEA SF 2618
57%
3216 Detlef Schrempf 31.14 1999 SEA SF 1557
57%
4191 Detlef Schrempf 28.40 1994 SEA SF 2442
57%
434 Dolph Schayes 45.31 1958 SYR PF 3398
57%
655 Dolph Schayes 42.96 1957 SYR PF 3308
57%
688 Dolph Schayes 42.74 1961 SYR PF 3718
57%
715 Dolph Schayes 42.46 1960 SYR PF 3312
57%
884 Dolph Schayes 40.93 1951 SYR 2988
57%
900 Dolph Schayes 40.80 1959 SYR PF 3305
57%
1227 Dolph Schayes 38.81 1956 SYR PF 3105
57%
1559 Dolph Schayes 37.06 1955 SYR PF 3076
57%
1644 Dolph Schayes 36.62 1953 SYR PF 2673
57%
2228 Dolph Schayes 34.33 1954 SYR C 2918
57%
2797 Dolph Schayes 32.39 1952 SYR PF 2267
57%
5068 Dolph Schayes 26.28 1962 SYR PF 1603
57%
546 Elton Brand 44.03 2006 LAC PF 4007
57%
1017 Elton Brand 40.07 2004 LAC PF 2765
57%
1132 Elton Brand 39.26 2001 CHI PF 2905
57%
1212 Elton Brand 38.90 2007 LAC PF 3112
57%
1261 Elton Brand 38.58 2003 LAC PF 2392
57%
1453 Elton Brand 37.54 2002 LAC PF 3003
57%
1459 Elton Brand 37.52 2005 LAC PF 3039
57%
1709 Elton Brand 36.36 2000 CHI PF 2945
57%
2972 Elton Brand 31.88 2008 LAC PF 255
57%
4080 Elton Brand 28.66 2011 PHI PF 2465
57%
4680 Elton Brand 27.21 2009 PHI PF 789
57%
2419 Evan Mobley 33.63 2024 CLE PF 2085
57%
2710 Evan Mobley 32.65 2023 CLE PF 2743
57%
3301 Evan Mobley 30.89 2022 CLE PF 2193
57%
3824 Evan Turner 29.35 2013 PHI SF 2407
57%
4827 Evan Turner 26.84 2015 BOS SG 2308
57%
5228 Evan Turner 25.95 2016 BOS SG 2258
57%
2273 Franz Wagner 34.18 2024 ORL SF 2700
57%
3289 Franz Wagner 30.93 2023 ORL SF 2474
57%
4843 Franz Wagner 26.80 2022 ORL SF 2117
57%
1007 Gary Grant 40.16 1990 LAC PG 1767
57%
3044 Gary Grant 31.68 1989 LAC PG 2249
57%
3364 Gary Grant 30.71 1991 LAC PG 2088
57%
5633 Gary Grant 25.16 1992 LAC PG 2088
57%
2990 George Hill 31.84 2015 IND PG 1369
57%
3751 George Hill 29.54 2017 UTA PG 1684
57%
4113 George Hill 28.59 2013 IND PG 2687
57%
1956 Gerald Wallace 35.39 2008 CHA PF 2194
57%
2038 Gerald Wallace 35.06 2010 CHA SF 2805
57%
2481 Gerald Wallace 33.40 2007 CHA SF 2405
57%
2791 Gerald Wallace 32.41 2009 CHA SF 2301
57%
3262 Gerald Wallace 31.00 2011 POR,CHA PF,SF 2387
57%
3341 Gerald Wallace 30.78 2006 CHA SF 1693
57%
4273 Gerald Wallace 28.19 2012 NJN,POR SF 1635
57%
276 Gilbert Arenas 47.65 2006 WAS PG 4098
57%
318 Gilbert Arenas 47.04 2007 WAS PG 3481
57%
695 Gilbert Arenas 42.66 2010 WAS PG 1365
57%
696 Gilbert Arenas 42.66 2005 WAS PG 3839
57%
1366 Gilbert Arenas 38.00 2009 WAS PG 76
57%
1523 Gilbert Arenas 37.22 2003 GSW PG 3052
57%
1723 Gilbert Arenas 36.31 2004 WAS PG 1997
57%
3155 Gilbert Arenas 31.35 2008 WAS PG 533
57%
314 Grant Hill 47.11 1997 DET SF 4004
57%
450 Grant Hill 45.17 1996 DET SF 3749
57%
483 Grant Hill 44.85 1998 DET SF 3633
57%
535 Grant Hill 44.26 2000 DET SF 3364
57%
719 Grant Hill 42.44 1999 DET SF 2334
57%
1184 Grant Hill 39.01 1995 DET SF 2731
57%
1875 Grant Hill 35.71 2002 ORL SF 500
57%
2252 Grant Hill 34.25 2001 ORL SF 137
57%
2646 Grant Hill 32.84 2005 ORL SF 2200
57%
3129 Grant Hill 31.45 2003 ORL SF 912
57%
5641 Grant Hill 25.14 2008 PHO SF 1835
57%
5737 Grant Hill 24.95 2006 ORL SF 524
57%
3389 Grant Long 30.65 1992 MIA PF 2605
57%
4070 Grant Long 28.70 1996 ATL PF 2640
57%
4341 Grant Long 28.00 1993 MIA PF 2128
57%
5719 Grant Long 24.99 1994 MIA PF 1824
57%
2673 Harvey Grant 32.75 1991 WSB PF 2522
57%
3042 Harvey Grant 31.69 1992 WSB SF 2028
57%
3069 Harvey Grant 31.63 1993 WSB SF 2277
57%
2139 Horace Grant 34.65 1994 CHI PF 2772
57%
3063 Horace Grant 31.64 1992 CHI PF 3259
57%
3562 Horace Grant 30.15 1996 ORL PF 2171
57%
3770 Horace Grant 29.49 1995 ORL PF 2802
57%
3790 Horace Grant 29.44 1993 CHI PF 2826
57%
3894 Horace Grant 29.17 1990 CHI PF 2800
57%
3997 Horace Grant 28.91 1997 ORL PF 1937
57%
4424 Horace Grant 27.79 1991 CHI PF 2640
57%
4803 Horace Grant 26.88 1998 ORL C 2043
57%
4887 Horace Grant 26.70 1989 CHI PF 2563
57%
3025 JaKarr Sampson 31.75 2019 CHI SF 127
57%
1512 Jason Richardson 37.25 2005 GSW SG 2682
57%
1569 Jason Richardson 37.03 2006 GSW SG 2777
57%
1904 Jason Richardson 35.59 2008 CHA SF 2918
57%
2637 Jason Richardson 32.87 2004 GSW SG 2564
57%
3663 Jason Richardson 29.84 2007 GSW SG 1850
57%
4488 Jason Richardson 27.65 2003 GSW SG 2267
57%
4857 Jason Richardson 26.76 2009 CHA,PHO SG 1927
57%
5081 Jason Richardson 26.25 2002 GSW SG 2100
57%
5117 Jason Richardson 26.17 2010 PHO SG 2486
57%
2240 Jerami Grant 34.30 2021 DET SF 1852
57%
3079 Jerami Grant 31.59 2024 POR PF 1706
57%
3147 Jerami Grant 31.38 2023 POR PF 1977
57%
3608 Jerami Grant 30.00 2022 DET PF 1410
57%
2977 Jeremy Lin 31.86 2012 NYK PG 1115
57%
3593 Jeremy Lin 30.06 2017 BRK PG 1082
57%
3746 Jeremy Lin 29.56 2013 HOU PG 2542
57%
5203 Jeremy Lin 26.00 2018 BRK PG 26
57%
5829 Jeremy Lin 24.75 2014 HOU PG 1906
57%
5918 Jeremy Lin 24.59 2015 LAL PG 1820
57%
261 Jerry Lucas 47.94 1966 CIN PF 4027
57%
346 Jerry Lucas 46.61 1968 CIN PF 3822
57%
361 Jerry Lucas 46.34 1965 CIN PF 3244
57%
470 Jerry Lucas 44.99 1969 CIN PF 3329
57%
650 Jerry Lucas 43.11 1967 CIN PF 3664
57%
772 Jerry Lucas 41.85 1971 SFW PF 3557
57%
1124 Jerry Lucas 39.30 1964 CIN PF 3498
57%
1295 Jerry Lucas 38.39 1972 NYK C 3570
57%
2186 Jerry Lucas 34.49 1970 CIN,SFW PF 2311
57%
1527 Joakim Noah 37.21 2014 CHI C 3163
57%
2511 Joakim Noah 33.28 2013 CHI C 2596
57%
4144 Joakim Noah 28.52 2010 CHI C 1968
57%
4151 Joakim Noah 28.50 2011 CHI C 1824
57%
4520 Joakim Noah 27.57 2015 CHI C 2178
57%
4626 Joakim Noah 27.33 2012 CHI C 1831
57%
2771 John Long 32.48 1980 DET SG 2241
57%
3179 John Long 31.26 1982 DET SG 2157
57%
4927 John Long 26.61 1981 DET SG 1570
57%
5447 John Long 25.53 1984 DET SG 2221
57%
5541 John Long 25.35 1987 IND SG 2129
57%
1075 John Lucas 39.71 1979 GSW PG 3256
57%
1631 John Lucas 36.70 1984 SAS PG 2312
57%
1668 John Lucas 36.51 1986 HOU PG 2373
57%
1724 John Lucas 36.30 1978 HOU PG 2977
57%
2241 John Lucas 34.29 1987 MIL PG 1886
57%
2870 John Lucas 32.19 1980 GSW PG 2575
57%
4243 John Lucas 28.27 1985 HOU PG 1470
57%
4469 John Lucas 27.69 1977 HOU SG 2603
57%
5158 John Lucas 26.09 1981 GSW PG 1722
57%
5897 John Lucas 24.63 1982 WSB PG 2118
57%
1916 Jonas Valanciunas 35.54 2022 NOP C 2914
57%
2165 Jonas Valanciunas 34.55 2021 MEM C 2384
57%
3038 Jonas Valanciunas 31.70 2020 MEM C 2251
57%
4003 Jonas Valanciunas 28.89 2023 NOP C 2311
57%
4166 Jonas Valanciunas 28.45 2019 MEM,TOR C 1394
57%
4940 Jonas Valanciunas 26.57 2024 NOP C 2338
57%
5404 Jonas Valanciunas 25.61 2016 TOR C 1844
57%
5604 Jonas Valanciunas 25.22 2018 TOR C 2194
57%
3649 Josh Richardson 29.88 2019 MIA SG 2181
57%
5899 Josh Richardson 24.63 2020 PHI SG 1453
57%
328 Julius Randle 46.87 2021 NYK PF 3562
57%
558 Julius Randle 43.91 2024 NYK PF 2020
57%
661 Julius Randle 42.92 2023 NYK PF 3734
57%
805 Julius Randle 41.60 2022 NYK PF 2995
57%
1408 Julius Randle 37.73 2019 NOP PF 2754
57%
1658 Julius Randle 36.55 2020 NYK PF 2339
57%
3516 Julius Randle 30.30 2018 LAL C 2485
57%
3588 Julius Randle 30.07 2017 LAL PF 2225
57%
5125 Julius Randle 26.15 2016 LAL PF 2118
57%
3040 Kenny Carr 31.69 1981 CLE PF 2567
57%
4217 Kenny Carr 28.33 1984 POR PF 2465
57%
5614 Kenny Carr 25.20 1987 POR PF 1235
57%
339 Kevin Porter 46.71 1979 DET PG 3830
57%
1065 Kevin Porter 39.76 1978 DET,NJN PG 3260
57%
1508 Kevin Porter 37.26 1976 DET PG 708
57%
2171 Kevin Porter 34.54 1981 WSB PG 2798
57%
3023 Kevin Porter 31.76 1975 WSB PG 3112
57%
4100 Kevin Porter 28.63 1974 CAP PG 2519
57%
5401 Kevin Porter 25.62 1977 DET PG 2152
57%
1430 Kevin Porter Jr. 37.61 2023 HOU PG 2219
57%
2316 Kevin Porter Jr. 34.04 2021 HOU SG 885
57%
2392 Kevin Porter Jr. 33.75 2022 HOU PG 2059
57%
1118 Kristaps Porzingis 39.34 2023 WAS C 2557
57%
1764 Kristaps Porzingis 36.13 2020 DAL C 2168
57%
1980 Kristaps Porzingis 35.29 2022 DAL,WAS PF 1800
57%
2102 Kristaps Porzingis 34.77 2018 NYK PF 1669
57%
2733 Kristaps Porzingis 32.59 2024 BOS C 2086
57%
2782 Kristaps Porzingis 32.44 2021 DAL C 1622
57%
3290 Kristaps Porzingis 30.92 2017 NYK PF 2041
57%
4846 Kristaps Porzingis 26.79 2016 NYK PF 1929
57%
822 LaMarcus Aldridge 41.46 2014 POR PF 3317
57%
1230 LaMarcus Aldridge 38.79 2015 POR PF 2948
57%
1465 LaMarcus Aldridge 37.50 2018 SAS C 3000
57%
1484 LaMarcus Aldridge 37.39 2013 POR PF 2767
57%
1549 LaMarcus Aldridge 37.11 2019 SAS C 3266
57%
1619 LaMarcus Aldridge 36.76 2011 POR PF 3198
57%
1722 LaMarcus Aldridge 36.31 2012 POR PF 1997
57%
2457 LaMarcus Aldridge 33.47 2020 SAS C 1774
57%
3095 LaMarcus Aldridge 31.54 2010 POR PF 2649
57%
3128 LaMarcus Aldridge 31.45 2016 SAS PF 2642
57%
3138 LaMarcus Aldridge 31.43 2009 POR PF 2734
57%
3433 LaMarcus Aldridge 30.54 2008 POR PF 2321
57%
3629 LaMarcus Aldridge 29.94 2017 SAS PF 2635
57%
583 Latrell Sprewell 43.69 1997 GSW SG 3495
57%
1275 Latrell Sprewell 38.48 1994 GSW SG 3271
57%
1685 Latrell Sprewell 36.43 1998 GSW SG 510
57%
2131 Latrell Sprewell 34.67 1995 GSW SG 2392
57%
2218 Latrell Sprewell 34.37 1996 GSW SG 2681
57%
2793 Latrell Sprewell 32.41 2000 NYK SF 3176
57%
2871 Latrell Sprewell 32.19 2002 NYK SF 2607
57%
3292 Latrell Sprewell 30.92 2003 NYK SF 2288
57%
3313 Latrell Sprewell 30.85 2001 NYK SF 2530
57%
3653 Latrell Sprewell 29.87 2004 MIN SF 2987
57%
4019 Latrell Sprewell 28.84 1993 GSW SG 2221
57%
4282 Latrell Sprewell 28.18 1999 NYK SF 1606
57%
2250 Manu Ginobili 34.26 2008 SAS SG 3118
57%
2595 Manu Ginobili 33.01 2011 SAS SG 2806
57%
2748 Manu Ginobili 32.55 2010 SAS SG 2767
57%
3034 Manu Ginobili 31.72 2005 SAS SG 3077
57%
3590 Manu Ginobili 30.06 2007 SAS SG 2856
57%
3976 Manu Ginobili 28.98 2009 SAS SG 1275
57%
4214 Manu Ginobili 28.33 2006 SAS SG 2210
57%
4860 Manu Ginobili 26.76 2004 SAS SG 2328
57%
4985 Manu Ginobili 26.46 2012 SAS SG 1270
57%
5200 Manu Ginobili 26.01 2013 SAS SG 2107
57%
5311 Manu Ginobili 25.78 2014 SAS SG 2346
57%
486 Mark Aguirre 44.80 1984 DAL SF 3987
57%
996 Mark Aguirre 40.21 1983 DAL SF 3257
57%
1119 Mark Aguirre 39.33 1986 DAL SF 3304
57%
1138 Mark Aguirre 39.23 1985 DAL SF 3295
57%
1221 Mark Aguirre 38.84 1988 DAL SF 3651
57%
1265 Mark Aguirre 38.55 1987 DAL SF 3238
57%
3197 Mark Aguirre 31.20 1982 DAL SF 1591
57%
3678 Mark Aguirre 29.79 1989 DET,DAL SF 2890
57%
3729 Mark Eaton 29.63 1985 UTA C 2578
57%
5782 Mark Eaton 24.86 1986 UTA C 2088
57%
1066 Maurice Lucas 39.74 1977 POR PF 3895
57%
1196 Maurice Lucas 38.94 1979 POR PF 2804
57%
2406 Maurice Lucas 33.70 1983 PHO PF 2662
57%
2512 Maurice Lucas 33.28 1982 NYK PF 2662
57%
2630 Maurice Lucas 32.89 1984 PHO PF 3026
57%
2738 Maurice Lucas 32.58 1978 POR PF 2411
57%
3135 Maurice Lucas 31.43 1980 NJN,POR PF 1980
57%
3630 Maurice Lucas 29.94 1981 NJN PF 2036
57%
4270 Maurice Lucas 28.20 1985 PHO PF 1861
57%
3672 Michael Porter Jr. 29.82 2021 DEN SF 2117
57%
4452 Michael Porter Jr. 27.72 2024 DEN SF 2578
57%
5226 Michael Porter Jr. 25.96 2023 DEN SF 2129
57%
399 Micheal Ray Richardson 45.82 1980 NYK SG 3757
57%
430 Micheal Ray Richardson 45.34 1985 NJN PG 3854
57%
728 Micheal Ray Richardson 42.35 1981 NYK SG 3430
57%
771 Micheal Ray Richardson 41.85 1982 NYK PG 3432
57%
1302 Micheal Ray Richardson 38.36 1986 NJN PG 1803
57%
2441 Micheal Ray Richardson 33.53 1983 NJN,GSW PG 2213
57%
3804 Micheal Ray Richardson 29.39 1984 NJN PG 1734
57%
1887 M.L. Carr 35.66 1979 DET SF 2853
57%
4388 M.L. Carr 27.86 1977 DET SF 2368
57%
5034 M.L. Carr 26.34 1978 DET SF 2081
57%
3201 Myles Turner 31.18 2023 IND C 1933
57%
3962 Myles Turner 29.01 2024 IND C 2756
57%
4703 Myles Turner 27.15 2017 IND C 2308
57%
4862 Myles Turner 26.76 2019 IND C 2087
57%
5456 Myles Turner 25.50 2022 IND C 1071
57%
5519 Myles Turner 25.38 2021 IND C 1193
57%
148 Nate Thurmond 50.92 1968 SFW C 2597
57%
253 Nate Thurmond 48.12 1969 SFW C 3705
57%
345 Nate Thurmond 46.63 1970 SFW C 2005
57%
459 Nate Thurmond 45.08 1967 SFW C 3606
57%
548 Nate Thurmond 44.01 1972 GSW C 3653
57%
959 Nate Thurmond 40.48 1973 GSW C 3643
57%
1079 Nate Thurmond 39.68 1971 SFW C 3452
57%
1235 Nate Thurmond 38.73 1965 SFW PF 2982
57%
1502 Nate Thurmond 37.29 1966 SFW C 2722
57%
1780 Nate Thurmond 36.05 1974 GSW C 2235
57%
4137 Nate Thurmond 28.54 1975 CHI C 2654
57%
579 Neil Johnston 43.69 1955 PHW C 3146
57%
766 Neil Johnston 41.91 1953 PHW C 2934
57%
823 Neil Johnston 41.46 1956 PHW C 3317
57%
857 Neil Johnston 41.23 1957 PHW C 2927
57%
866 Neil Johnston 41.14 1954 PHW C 2962
57%
2293 Neil Johnston 34.10 1958 PHW C 2694
57%
4832 Otto Porter Jr. 26.82 2018 WAS SF 2199
57%
5287 Otto Porter Jr. 25.84 2019 CHI,WAS SF 1447
57%
5785 Otto Porter Jr. 24.85 2017 WAS SF 2311
57%
756 Paolo Banchero 42.01 2024 ORL PF 3655
57%
1878 Paolo Banchero 35.71 2023 ORL PF 2571
57%
767 Paul Arizin 41.88 1952 PHW SF 2890
57%
1197 Paul Arizin 38.94 1959 PHW SF 2726
57%
1419 Paul Arizin 37.67 1956 PHW SF 3089
57%
1588 Paul Arizin 36.95 1957 PHW SF 2697
57%
1639 Paul Arizin 36.66 1961 PHW SF 3006
57%
1703 Paul Arizin 36.37 1960 PHW SF 2946
57%
1744 Paul Arizin 36.21 1955 PHW SF 2607
57%
2374 Paul Arizin 33.83 1962 PHW SF 3045
57%
2799 Paul Arizin 32.38 1958 PHW SF 2461
57%
3143 Paul Arizin 31.40 1951 PHW SF 2104
57%
1773 Paul Millsap 36.09 2016 ATL PF 3284
57%
1787 Paul Millsap 36.04 2017 ATL PF 2703
57%
1847 Paul Millsap 35.81 2014 ATL PF 2901
57%
2506 Paul Millsap 33.30 2015 ATL PF 2964
57%
2803 Paul Millsap 32.37 2012 UTA PF 2201
57%
2894 Paul Millsap 32.11 2011 UTA PF 2440
57%
3903 Paul Millsap 29.14 2013 UTA PF 2273
57%
4039 Paul Millsap 28.76 2018 DEN PF 1093
57%
4521 Paul Millsap 27.57 2009 UTA PF 2233
57%
5372 Paul Millsap 25.65 2019 DEN PF 2155
57%
5844 Paul Millsap 24.73 2010 UTA PF 2275
57%
1945 Peja Stojakovic 35.43 2004 SAC SF 3295
57%
3033 Peja Stojakovic 31.72 2001 SAC SF 2633
57%
3077 Peja Stojakovic 31.60 2002 SAC SF 2560
57%
3403 Peja Stojakovic 30.61 2003 SAC SF 2571
57%
3582 Peja Stojakovic 30.08 2005 SAC SF 2136
57%
4189 Peja Stojakovic 28.40 2006 IND,SAC SF 2073
57%
5940 Peja Stojakovic 24.54 2007 NOK SF 319
57%
992 Pooh Richardson 40.23 1991 MIN PG 3299
57%
1259 Pooh Richardson 38.60 1992 MIN PG 3165
57%
3026 Pooh Richardson 31.75 1995 LAC PG 2540
57%
3514 Pooh Richardson 30.31 1993 IND PG 2364
57%
3757 Pooh Richardson 29.52 1990 MIN PG 2421
57%
4875 Pooh Richardson 26.73 1994 IND PG 989
57%
5018 Pooh Richardson 26.38 1996 LAC PG 1662
57%
3877 Quentin Richardson 29.22 2004 LAC SG 1899
57%
5318 Quentin Richardson 25.77 2005 PHO SG 2422
57%
5488 Quentin Richardson 25.45 2007 NYK SF 1247
57%
870 Ralph Sampson 41.06 1985 HOU PF 3572
57%
965 Ralph Sampson 40.43 1986 HOU PF 4003
57%
1117 Ralph Sampson 39.34 1984 HOU C 3226
57%
2598 Ralph Sampson 33.00 1988 GSW,HOU C,PF 1584
57%
2825 Ralph Sampson 32.30 1987 HOU PF 1712
57%
1991 Rasheed Wallace 35.25 2001 POR PF 2820
57%
2283 Rasheed Wallace 34.13 2002 POR PF 2799
57%
3142 Rasheed Wallace 31.41 2003 POR PF 2544
57%
3815 Rasheed Wallace 29.37 2000 POR PF 2849
57%
3902 Rasheed Wallace 29.14 2004 DET,ATL,POR PF 2652
57%
4167 Rasheed Wallace 28.45 2006 DET PF 2788
57%
4378 Rasheed Wallace 27.89 2005 DET PF 2901
57%
4383 Rasheed Wallace 27.88 1998 POR PF 2258
57%
5088 Rasheed Wallace 26.23 1997 POR PF 1731
57%
5178 Rasheed Wallace 26.05 2007 DET C 2371
57%
5306 Rasheed Wallace 25.80 2008 DET C 2425
57%
1541 Ray Scott 37.15 1964 DET PF 2972
57%
2256 Ray Scott 34.23 1968 BAL PF 2773
57%
2469 Ray Scott 33.44 1966 DET PF 2642
57%
2806 Ray Scott 32.36 1965 DET PF 2136
57%
3145 Ray Scott 31.39 1963 DET PF 2511
57%
3175 Ray Scott 31.28 1967 BAL,DET PF,C 2252
57%
3696 Ray Scott 29.74 1962 DET PF 2528
57%
1550 Red Kerr 37.11 1962 SYR C 3154
57%
1670 Red Kerr 36.51 1964 PHI C 3103
57%
1969 Red Kerr 35.35 1959 SYR C 2863
57%
2354 Red Kerr 33.92 1963 SYR C 2883
57%
3163 Red Kerr 31.33 1958 SYR C 2350
57%
3191 Red Kerr 31.23 1960 SYR C 2436
57%
3573 Red Kerr 30.11 1961 SYR C 2620
57%
4996 Red Kerr 26.43 1957 SYR C 2035
57%
5733 Red Kerr 24.96 1966 BAL C 1847
57%
2410 Richard Hamilton 33.66 2005 DET SG 3400
57%
2909 Richard Hamilton 32.05 2007 DET SG 2917
57%
2989 Richard Hamilton 31.84 2004 DET SG 3216
57%
3239 Richard Hamilton 31.08 2008 DET SG 2766
57%
3331 Richard Hamilton 30.82 2006 DET SG 3020
57%
3365 Richard Hamilton 30.70 2009 DET SG 2180
57%
3541 Richard Hamilton 30.22 2010 DET SG 1390
57%
3592 Richard Hamilton 30.06 2003 DET SG 2976
57%
3715 Richard Hamilton 29.68 2002 WAS SG 1870
57%
4348 Richard Hamilton 27.97 2001 WAS SF 2182
57%
181 Richie Guerin 49.77 1962 NYK SG 3882
57%
716 Richie Guerin 42.46 1961 NYK SG 3354
57%
843 Richie Guerin 41.30 1960 NYK SG 3056
57%
1845 Richie Guerin 35.82 1959 NYK SG 2615
57%
2176 Richie Guerin 34.53 1963 NYK SG 2728
57%
2224 Richie Guerin 34.35 1958 NYK SG 2164
57%
3681 Richie Guerin 29.79 1966 STL SG 2681
57%
4869 Richie Guerin 26.74 1965 STL SG 1631
57%
5050 Richie Guerin 26.30 1964 STL,NYK SG 2420
57%
2189 Robert Reid 34.49 1981 HOU SF 3552
57%
3523 Robert Reid 30.28 1982 HOU SF 2422
57%
4200 Robert Reid 28.37 1980 HOU SF 2355
57%
4357 Robert Reid 27.94 1984 HOU SF 1788
57%
4567 Robert Reid 27.46 1987 HOU SG 2334
57%
5849 Robert Reid 24.72 1986 HOU SF 2521
57%
1974 Rudy Gobert 35.31 2019 UTA C 3037
57%
2181 Rudy Gobert 34.51 2022 UTA C 2485
57%
2291 Rudy Gobert 34.11 2020 UTA C 2558
57%
2516 Rudy Gobert 33.26 2021 UTA C 2727
57%
2992 Rudy Gobert 31.83 2017 UTA C 2865
57%
3110 Rudy Gobert 31.49 2024 MIN C 2866
57%
3609 Rudy Gobert 30.00 2018 UTA C 2010
57%
3628 Rudy Gobert 29.95 2023 MIN C 2276
57%
5194 Rudy Gobert 26.02 2016 UTA C 1587
57%
2997 Sam Perkins 31.83 1992 LAL PF 2005
57%
3620 Sam Perkins 29.97 1990 DAL SF 2368
57%
3622 Sam Perkins 29.97 1986 DAL PF 2697
57%
3865 Sam Perkins 29.24 1989 DAL PF 2281
57%
4138 Sam Perkins 28.54 1987 DAL PF 2397
57%
4771 Sam Perkins 26.96 1991 LAL PF 2480
57%
4783 Sam Perkins 26.92 1988 DAL PF 2477
57%
5253 Sam Perkins 25.91 1993 SEA,LAL PF 2539
57%
4278 Serge Ibaka 28.18 2014 OKC PF 2762
57%
4546 Serge Ibaka 27.50 2020 TOR C 1815
57%
4872 Serge Ibaka 26.73 2015 OKC PF 1711
57%
5374 Serge Ibaka 25.65 2017 TOR,ORL PF 2283
57%
5508 Serge Ibaka 25.40 2019 TOR C 2489
57%
5518 Serge Ibaka 25.38 2013 OKC PF 2310
57%
554 Stephon Marbury 43.93 2000 NJN PG 3251
57%
612 Stephon Marbury 43.41 1999 MIN,NJN PG 2127
57%
631 Stephon Marbury 43.27 2001 NJN PG 2899
57%
657 Stephon Marbury 42.94 2003 PHO PG 3736
57%
678 Stephon Marbury 42.81 2004 NYK,PHO PG 3639
57%
702 Stephon Marbury 42.60 2005 NYK PG 3493
57%
877 Stephon Marbury 41.00 2002 PHO PG 3362
57%
1233 Stephon Marbury 38.76 1998 MIN PG 3372
57%
1892 Stephon Marbury 35.64 1997 MIN PG 2495
57%
2581 Stephon Marbury 33.05 2006 NYK PG 1983
57%
3195 Stephon Marbury 31.22 2007 NYK PG 2310
57%
4880 Stephon Marbury 26.71 2008 NYK PG 641
57%
653 Steve Francis 43.07 2002 HOU PG 2455
57%
664 Steve Francis 42.91 2005 ORL PG 3347
57%
768 Steve Francis 41.88 2001 HOU PG 3350
57%
776 Steve Francis 41.83 2003 HOU PG 3388
57%
1290 Steve Francis 38.42 2000 HOU PG 2958
57%
1531 Steve Francis 37.20 2004 HOU PG 3125
57%
3722 Steve Francis 29.66 2006 NYK,ORL SG,PG 2076
57%
3051 Terry Mills 31.66 1994 DET PF 2533
57%
3911 Terry Mills 29.13 1995 DET PF 2097
57%
5945 Terry Mills 24.53 1993 DET PF 1987
57%
642 Terry Porter 43.17 1989 POR PG 3626
57%
808 Terry Porter 41.58 1988 POR PG 3576
57%
903 Terry Porter 40.79 1990 POR PG 4120
57%
1335 Terry Porter 38.13 1991 POR PG 3699
57%
1431 Terry Porter 37.61 1987 POR PG 3159
57%
1850 Terry Porter 35.80 1992 POR PG 3687
57%
2447 Terry Porter 33.49 1993 POR PG 2847
57%
4708 Terry Porter 27.15 1994 POR PG 2199
57%
4725 Tyrone Hill 27.09 1995 CLE C 2005
57%
4934 Tyrone Hill 26.59 1997 CLE C 1968
57%
5472 Tyrone Hill 25.47 1998 MIL PF 1452
57%
3617 Vernon Maxwell 29.99 1992 HOU SG 2399
57%
3759 Vernon Maxwell 29.52 1996 PHI PG 2214
57%
3950 Vernon Maxwell 29.04 1991 HOU SG 2468
57%
4245 Vernon Maxwell 28.27 1994 HOU SG 2770
57%
4986 Vernon Maxwell 26.45 1993 HOU SG 2116
57%
5426 Vernon Maxwell 25.57 1995 HOU SG 1662
57%
55 Walt Bellamy 55.89 1962 CHP C 4415
57%
166 Walt Bellamy 50.10 1963 CHZ C 4008
57%
311 Walt Bellamy 47.15 1964 BAL C 3772
57%
532 Walt Bellamy 44.30 1966 BAL,NYK C 3544
57%
550 Walt Bellamy 43.97 1965 BAL C 3957
57%
1392 Walt Bellamy 37.81 1967 NYK C 3138
57%
1422 Walt Bellamy 37.66 1972 ATL C 3314
57%
2368 Walt Bellamy 33.86 1969 DET,NYK C 2980
57%
2404 Walt Bellamy 33.70 1973 ATL C 2696
57%
2440 Walt Bellamy 33.54 1971 ATL C 2918
57%
2542 Walt Bellamy 33.17 1968 NYK C 2919
57%
3983 Walt Bellamy 28.95 1974 ATL C 2229
57%
5300 Walt Bellamy 25.81 1970 ATL,DET C 2271
57%
926 Willis Reed 40.65 1969 NYK C 3740
57%
1000 Willis Reed 40.19 1970 NYK C 3979
57%
1192 Willis Reed 38.96 1967 NYK PF 3195
57%
1396 Willis Reed 37.79 1968 NYK PF 3288
57%
1399 Willis Reed 37.79 1971 NYK C 3212
57%
1462 Willis Reed 37.51 1965 NYK C 3001
57%
3762 Willis Reed 29.51 1966 NYK PF 2243
57%
5159 Willis Reed 26.09 1972 NYK C 287
57%
976 Yao Ming 40.35 2007 HOU C 2219
57%
1031 Yao Ming 39.95 2008 HOU C 2197
57%
1425 Yao Ming 37.65 2006 HOU C 2146
57%
2043 Yao Ming 35.05 2009 HOU C 3014
57%
3158 Yao Ming 31.34 2004 HOU C 2727
57%
3311 Yao Ming 30.86 2005 HOU C 2685
57%
4678 Yao Ming 27.21 2003 HOU C 2231
57%
2890 Aaron Gordon 32.12 2019 ORL PF 2666
43%
2938 Aaron Gordon 31.98 2018 ORL PF 1855
43%
3302 Aaron Gordon 30.89 2020 ORL PF 1915
43%
3835 Aaron Gordon 29.31 2023 DEN PF 2579
43%
3872 Aaron Gordon 29.24 2024 DEN PF 2485
43%
4723 Aaron Gordon 27.10 2022 DEN PF 2168
43%
5678 Aaron Gordon 25.07 2021 DEN,ORL PF 1504
43%
2593 Al Harrington 33.01 2006 ATL PF 2509
43%
2805 Al Harrington 32.36 2005 ATL SF 2136
43%
3385 Al Harrington 30.66 2009 GSW,NYK PF 2238
43%
4497 Al Harrington 27.63 2010 NYK PF 1989
43%
4982 Al Harrington 26.46 2007 GSW,IND PF 2355
43%
3136 Allan Houston 31.43 2003 NYK SG 2577
43%
3457 Allan Houston 30.47 1996 DET SG 2590
43%
3805 Allan Houston 29.39 2002 NYK SG 2263
43%
4038 Allan Houston 28.77 2000 NYK SG 2819
43%
4226 Allan Houston 28.32 1998 NYK SG 2605
43%
4544 Allan Houston 27.51 2001 NYK SG 2283
43%
5220 Allan Houston 25.97 1999 NYK SG 1818
43%
5370 Allan Houston 25.66 2004 NYK SG 1283
43%
1113 Antawn Jamison 39.38 2001 GSW SF 3229
43%
1697 Antawn Jamison 36.40 2009 WAS PF 2948
43%
1749 Antawn Jamison 36.19 2008 WAS PF 3076
43%
2085 Antawn Jamison 34.88 2006 WAS SF 3069
43%
2166 Antawn Jamison 34.55 2003 GSW SF 2833
43%
2302 Antawn Jamison 34.07 2007 WAS PF 2521
43%
2554 Antawn Jamison 33.14 2000 GSW SF 1425
43%
2848 Antawn Jamison 32.24 2005 WAS PF 2515
43%
2981 Antawn Jamison 31.85 2002 GSW SF 2612
43%
3467 Antawn Jamison 30.45 2010 CLE,WAS PF 2345
43%
3774 Antawn Jamison 29.48 2011 CLE PF 1651
43%
3980 Antawn Jamison 28.95 2012 CLE PF 1882
43%
4402 Avery Bradley 27.82 2017 BOS SG 2031
43%
738 Bailey Howell 42.24 1961 DET PF 3464
43%
1061 Bailey Howell 39.78 1963 DET SF 3302
43%
1565 Bailey Howell 37.04 1964 DET SF 2852
43%
1593 Bailey Howell 36.92 1962 DET SF 3286
43%
1959 Bailey Howell 35.38 1965 BAL PF 3149
43%
2948 Bailey Howell 31.94 1968 BOS PF 3226
43%
3171 Bailey Howell 31.30 1966 BAL PF 2535
43%
3472 Bailey Howell 30.44 1969 BOS PF 2922
43%
3546 Bailey Howell 30.20 1967 BOS PF 2718
43%
3637 Bailey Howell 29.94 1960 DET PF 2305
43%
978 Bam Adebayo 40.34 2021 MIA C 2743
43%
1136 Bam Adebayo 39.23 2024 MIA C 3060
43%
1231 Bam Adebayo 38.78 2020 MIA PF 3529
43%
1436 Bam Adebayo 37.59 2023 MIA C 3759
43%
1768 Bam Adebayo 36.12 2022 MIA C 2673
43%
2680 Ben Gordon 32.74 2007 CHI SG 3012
43%
2852 Ben Gordon 32.24 2009 CHI SG 2869
43%
4179 Ben Gordon 28.42 2008 CHI SG 2046
43%
4781 Ben Gordon 26.93 2006 CHI SG 2316
43%
4480 Bill Bradley 27.67 1973 NYK SF 2739
43%
5062 Bill Bradley 26.29 1972 NYK SF 2471
43%
5580 Bill Bradley 25.27 1970 NYK SF 2173
43%
5780 Bill Bradley 24.86 1969 NYK SF 2287
43%
1328 Bill Bridges 38.19 1967 STL PF 3361
43%
1482 Bill Bridges 37.41 1970 ATL PF 3404
43%
2037 Bill Bridges 35.07 1968 STL PF 3086
43%
2334 Bill Bridges 33.99 1969 ATL PF 3093
43%
2669 Bill Bridges 32.77 1971 ATL PF 2851
43%
3053 Bill Bridges 31.66 1966 STL PF 2786
43%
3226 Bill Bridges 31.12 1972 ATL,PHI PF 2427
43%
4591 Bill Bridges 27.40 1965 STL PF 2274
43%
5298 Bill Bridges 25.81 1973 LAL,PHI PF 2555
43%
1691 Bill Cartwright 36.41 1980 NYK C 2986
43%
3096 Bill Cartwright 31.54 1981 NYK C 2649
43%
3693 Bill Cartwright 29.75 1984 NYK C 2648
43%
3726 Bill Cartwright 29.64 1987 NYK C 1719
43%
4455 Bill Cartwright 27.72 1983 NYK C 2439
43%
892 Brad Daugherty 40.86 1992 CLE C 3677
43%
899 Brad Daugherty 40.80 1991 CLE C 3101
43%
957 Brad Daugherty 40.49 1993 CLE C 3239
43%
1635 Brad Daugherty 36.68 1988 CLE C 3081
43%
1754 Brad Daugherty 36.17 1989 CLE C 3002
43%
2146 Brad Daugherty 34.62 1994 CLE C 1731
43%
2210 Brad Daugherty 34.39 1990 CLE C 1582
43%
2674 Brad Daugherty 32.75 1987 CLE C 2620
43%
2070 Brook Lopez 34.93 2016 BRK C 2550
43%
2216 Brook Lopez 34.38 2010 NJN C 2819
43%
2677 Brook Lopez 32.75 2017 BRK C 2456
43%
3093 Brook Lopez 31.54 2011 NJN C 2586
43%
3184 Brook Lopez 31.25 2013 BRK C 2531
43%
3303 Brook Lopez 30.88 2014 BRK C 525
43%
4055 Brook Lopez 28.72 2015 BRK C 2240
43%
4263 Brook Lopez 28.22 2023 MIL C 2342
43%
5101 Brook Lopez 26.20 2012 NJN C 131
43%
5405 Brook Lopez 25.61 2009 NJN C 2100
43%
4386 Bubbles Hawkins 27.87 1977 NYN SG 1449
43%
3004 Buddy Hield 31.80 2019 SAC SG 2608
43%
3330 Buddy Hield 30.82 2020 SAC SG 2219
43%
3671 Buddy Hield 29.82 2021 SAC SG 2117
43%
4000 Buddy Hield 28.90 2023 IND SF 2312
43%
4823 Buddy Hield 26.84 2022 IND,SAC SG 2174
43%
1307 CJ McCollum 38.31 2022 NOP,POR PG,SG 2682
43%
1361 CJ McCollum 38.01 2023 NOP PG 2889
43%
1404 CJ McCollum 37.75 2021 POR SG 2001
43%
1623 CJ McCollum 36.72 2020 POR SG 2791
43%
2059 CJ McCollum 34.98 2017 POR SG 2938
43%
2111 CJ McCollum 34.74 2024 NOP PG 2501
43%
2373 CJ McCollum 33.84 2016 POR SG 3079
43%
2436 CJ McCollum 33.55 2018 POR SG 2852
43%
2507 CJ McCollum 33.29 2019 POR SG 2863
43%
2625 Clint Capela 32.91 2019 HOU C 2567
43%
2643 Clint Capela 32.85 2020 HOU C 1281
43%
2999 Clint Capela 31.81 2021 ATL C 2577
43%
3842 Clint Capela 29.30 2018 HOU C 2666
43%
4744 Clint Capela 27.03 2022 ATL C 2108
43%
4812 Clint Capela 26.86 2024 ATL C 1988
43%
5149 Clint Capela 26.11 2023 ATL C 1880
43%
446 Connie Hawkins 45.23 1970 PHO SF 3980
43%
1190 Connie Hawkins 38.99 1971 PHO SF 2768
43%
1542 Connie Hawkins 37.14 1972 PHO SF 2823
43%
2691 Connie Hawkins 32.71 1973 PHO SF 2453
43%
2862 Connie Hawkins 32.21 1974 LAL,PHO SF 2706
43%
1451 Danny Manning 37.54 1994 ATL,LAC PF 2966
43%
1597 Danny Manning 36.88 1993 LAC PF 3098
43%
1750 Danny Manning 36.18 1992 LAC PF 3148
43%
2697 Danny Manning 32.70 1995 PHO PF 1504
43%
2880 Danny Manning 32.15 1989 LAC PF 836
43%
3754 Danny Manning 29.53 1991 LAC PF 2156
43%
3845 Danny Manning 29.30 1990 LAC PF 2080
43%
5210 Danny Manning 25.99 1997 PHO PF 2131
43%
5822 Danny Manning 24.77 1998 PHO PF 1734
43%
507 Dave Bing 44.52 1968 DET PG 3784
43%
709 Dave Bing 42.52 1969 DET PG 3274
43%
803 Dave Bing 41.61 1973 DET PG 3412
43%
832 Dave Bing 41.38 1971 DET PG 3393
43%
901 Dave Bing 40.80 1972 DET PG 1836
43%
1047 Dave Bing 39.87 1975 DET PG 3269
43%
1163 Dave Bing 39.13 1970 DET PG 2739
43%
1498 Dave Bing 37.31 1974 DET PG 3283
43%
2675 Dave Bing 32.75 1967 DET PG 2620
43%
2863 Dave Bing 32.21 1976 WSB PG 2867
43%
5730 Dave Bing 24.96 1978 BOS PG 1997
43%
2320 Dennis Rodman 34.03 1992 DET PF 2961
43%
3411 Dennis Rodman 30.60 1993 DET PF 1897
43%
4130 Dennis Rodman 28.56 1995 SAS PF 1799
43%
4436 Dennis Rodman 27.76 1994 SAS PF 2276
43%
5009 Dennis Rodman 26.39 1996 CHI PF 2164
43%
5427 Dennis Rodman 25.57 1997 CHI PF 1892
43%
5539 Dennis Rodman 25.35 1998 CHI PF 2560
43%
5173 Derek Fisher 26.06 2006 GSW PG 2137
43%
5756 Derek Fisher 24.92 2001 LAL PG 897
43%
1173 Derek Harper 39.08 1991 DAL PG 3009
43%
1291 Derek Harper 38.40 1990 DAL PG 3264
43%
1575 Derek Harper 36.99 1988 DAL PG 3662
43%
1602 Derek Harper 36.85 1989 DAL PG 2985
43%
1616 Derek Harper 36.77 1987 DAL PG 2978
43%
2418 Derek Harper 33.63 1992 DAL PG 2186
43%
2775 Derek Harper 32.47 1993 DAL SG 2013
43%
4201 Derek Harper 28.37 1986 DAL PG 2525
43%
4787 Derek Harper 26.91 1995 NYK PG 2449
43%
5012 Derek Harper 26.39 1996 NYK PG 2375
43%
689 Derrick Coleman 42.72 1993 NJN PF 3460
43%
845 Derrick Coleman 41.30 1994 NJN PF 3345
43%
1025 Derrick Coleman 40.00 1995 NJN PF 2240
43%
1274 Derrick Coleman 38.49 1992 NJN PF 2656
43%
1546 Derrick Coleman 37.12 1997 PHI PF 2116
43%
1955 Derrick Coleman 35.39 1991 NJN PF 2619
43%
2203 Derrick Coleman 34.42 1998 PHI PF 2031
43%
2657 Derrick Coleman 32.81 2000 CHH PF 2559
43%
4046 Derrick Coleman 28.75 2002 PHI PF 1811
43%
4340 Derrick Coleman 28.00 1999 CHH PF 1036
43%
5894 Derrick Coleman 24.64 1996 PHI PF 271
43%
1611 Dikembe Mutombo 36.79 1992 DEN C 2612
43%
2195 Dikembe Mutombo 34.45 1993 DEN C 2825
43%
2864 Dikembe Mutombo 32.21 1994 DEN C 3028
43%
3019 Dikembe Mutombo 31.77 2000 ATL C 2605
43%
3022 Dikembe Mutombo 31.76 1997 ATL C 2858
43%
3375 Dikembe Mutombo 30.69 1996 DEN C 2271
43%
3377 Dikembe Mutombo 30.68 1995 DEN C 2608
43%
3524 Dikembe Mutombo 30.27 1998 ATL C 2603
43%
3728 Dikembe Mutombo 29.63 2001 PHI,ATL C 2904
43%
3928 Dikembe Mutombo 29.08 1999 ATL C 1716
43%
4820 Dikembe Mutombo 26.85 2002 PHI C 2282
43%
2499 Doug Collins 33.34 1977 PHI SG 2567
43%
2856 Doug Collins 32.22 1978 PHI SG 2868
43%
3011 Doug Collins 31.79 1979 PHI SG 1494
43%
3087 Doug Collins 31.58 1976 PHI SG 2526
43%
4096 Doug Collins 28.63 1975 PHI SG 2319
43%
1928 Eric Gordon 35.50 2011 LAC SG 1988
43%
2893 Eric Gordon 32.11 2012 NOH SG 289
43%
4853 Eric Gordon 26.77 2010 LAC SG 1660
43%
4933 Eric Gordon 26.60 2013 NOH SG 1117
43%
5090 Eric Gordon 26.22 2021 HOU SG 708
43%
5278 Eric Gordon 25.86 2014 NOP SG 1655
43%
5415 Eric Gordon 25.59 2009 LAC SG 1996
43%
5579 Eric Gordon 25.27 2018 HOU SG 2173
43%
5770 Eric Gordon 24.88 2015 NOP SG 1617
43%
5845 Eric Gordon 24.72 2017 HOU SG 2126
43%
982 Fred VanVleet 40.31 2023 TOR PG 2822
43%
1045 Fred VanVleet 39.87 2022 TOR PG 2751
43%
1098 Fred VanVleet 39.53 2024 HOU PG 2886
43%
1222 Fred VanVleet 38.83 2021 TOR SG 2019
43%
1491 Fred VanVleet 37.34 2020 TOR SG 2427
43%
752 Gail Goodrich 42.02 1969 PHO PG 3404
43%
993 Gail Goodrich 40.23 1974 LAL SG 3500
43%
1209 Gail Goodrich 38.91 1970 PHO PG 3424
43%
1219 Gail Goodrich 38.85 1975 LAL SG 2797
43%
1433 Gail Goodrich 37.60 1972 LAL SG 3647
43%
1952 Gail Goodrich 35.40 1976 LAL SG 2655
43%
1999 Gail Goodrich 35.23 1973 LAL SG 3276
43%
2883 Gail Goodrich 32.14 1971 LAL SG 2925
43%
3900 Gail Goodrich 29.15 1978 NOJ SG 2361
43%
5107 Gail Goodrich 26.19 1979 NOJ SG 1938
43%
1735 Glen Rice 36.24 1997 CHH SF 2972
43%
2405 Glen Rice 33.70 1996 CHH SF 2662
43%
2504 Glen Rice 33.30 1992 MIA SF 2731
43%
2548 Glen Rice 33.16 1995 MIA SF 2719
43%
2794 Glen Rice 32.40 1994 MIA SF 2786
43%
2860 Glen Rice 32.22 1998 CHH SF 2932
43%
3631 Glen Rice 29.94 1993 MIA SF 2455
43%
3990 Glen Rice 28.94 1991 MIA SF 2228
43%
4743 Glen Rice 27.03 1999 LAL SF 919
43%
1839 Gordon Hayward 35.85 2017 UTA SF 3011
43%
2002 Gordon Hayward 35.20 2021 CHO SF 1549
43%
2260 Gordon Hayward 34.21 2015 UTA SF 2600
43%
2423 Gordon Hayward 33.62 2014 UTA SF 2589
43%
2426 Gordon Hayward 33.61 2016 UTA SF 2689
43%
2767 Gordon Hayward 32.49 2020 BOS SF 1852
43%
3929 Gordon Hayward 29.08 2022 CHO SF 1425
43%
4239 Gordon Hayward 28.28 2023 CHO SF 1414
43%
5960 Gordon Hayward 24.50 2013 UTA SF 1764
43%
1736 Hersey Hawkins 36.24 1991 PHI SG 3189
43%
2197 Hersey Hawkins 34.44 1993 PHI SG 2790
43%
3250 Hersey Hawkins 31.04 1990 PHI SG 2856
43%
3296 Hersey Hawkins 30.90 1992 PHI SG 2503
43%
5077 Hersey Hawkins 26.27 1997 SEA SG 2469
43%
5115 Hersey Hawkins 26.17 1994 CHH SG 2146
43%
5184 Hersey Hawkins 26.05 1995 CHH SG 2240
43%
5484 Hersey Hawkins 25.46 1996 SEA SG 2622
43%
5521 Hersey Hawkins 25.38 1989 PHI SG 2081
43%
3626 Jack Coleman 29.95 1956 STL,ROC PF 2486
43%
3908 Jack Coleman 29.13 1955 ROC PF 2185
43%
4175 Jack Coleman 28.42 1953 ROC PF 2075
43%
4180 Jack Coleman 28.42 1952 ROC PF 2046
43%
4731 Jack Coleman 27.07 1951 ROC PF 2193
43%
816 Jack Sikma 41.53 1982 SEA C 3738
43%
1001 Jack Sikma 40.18 1984 SEA C 3496
43%
1016 Jack Sikma 40.09 1985 SEA C 2726
43%
1367 Jack Sikma 38.00 1983 SEA C 2926
43%
1536 Jack Sikma 37.18 1981 SEA C 3049
43%
1776 Jack Sikma 36.08 1986 SEA C 2886
43%
1860 Jack Sikma 35.78 1979 SEA C 3542
43%
2249 Jack Sikma 34.26 1988 MIL PF 2981
43%
2535 Jack Sikma 33.20 1980 SEA C 3220
43%
3521 Jack Sikma 30.28 1987 MIL C 2846
43%
3712 Jack Sikma 29.69 1989 MIL C 2642
43%
4276 Jack Sikma 28.19 1990 MIL C 2114
43%
5380 Jalen Suggs 25.65 2022 ORL PG 1231
43%
2231 Jamal Crawford 34.33 2008 NYK SG 2746
43%
2695 Jamal Crawford 32.70 2004 CHI SG 2616
43%
2728 Jamal Crawford 32.60 2009 GSW,NYK PG,SG 2119
43%
3320 Jamal Crawford 30.84 2005 NYK SG 2159
43%
3370 Jamal Crawford 30.69 2007 NYK SG 1811
43%
4603 Jamal Crawford 27.37 2014 LAC SG 2244
43%
4656 Jamal Crawford 27.27 2010 ATL SG 2454
43%
5040 Jamal Crawford 26.33 2006 NYK SG 2080
43%
1689 Jeff Teague 36.42 2017 IND PG 3132
43%
2105 Jeff Teague 34.75 2015 ATL PG 3093
43%
2358 Jeff Teague 33.91 2014 ATL PG 2916
43%
2667 Jeff Teague 32.77 2018 MIN PG 2458
43%
2671 Jeff Teague 32.76 2013 ATL PG 2817
43%
2780 Jeff Teague 32.45 2019 MIN PG 1363
43%
3088 Jeff Teague 31.57 2016 ATL PG 2810
43%
4770 Jeff Teague 26.96 2012 ATL PG 1941
43%
5816 Jeff Teague 24.78 2020 ATL,MIN PG 1462
43%
398 Jerry Stackhouse 45.83 2001 DET SG 3666
43%
1364 Jerry Stackhouse 38.01 2000 DET SG 3231
43%
1576 Jerry Stackhouse 36.99 2002 DET SF 3181
43%
1903 Jerry Stackhouse 35.59 2003 WAS SG 2491
43%
2573 Jerry Stackhouse 33.07 1997 PHI SG 2679
43%
2665 Jerry Stackhouse 32.78 1996 PHI SG 2360
43%
4704 Jerry Stackhouse 27.15 1998 DET,PHI SG,SF 2145
43%
4970 Jerry Stackhouse 26.50 2004 WAS SF 689
43%
3103 Jim Paxson 31.51 1983 POR SG 2773
43%
3182 Jim Paxson 31.26 1984 POR SG 2688
43%
3586 Jim Paxson 30.07 1982 POR SG 2466
43%
3829 Jim Paxson 29.32 1985 POR SG 2258
43%
4001 Jim Paxson 28.90 1981 POR SG 2312
43%
2118 Joe Dumars 34.72 1991 DET SG 3298
43%
2180 Joe Dumars 34.52 1993 DET SG 2658
43%
2716 Joe Dumars 32.64 1995 DET SG 2187
43%
2916 Joe Dumars 32.03 1989 DET SG 2755
43%
2920 Joe Dumars 32.02 1992 DET SG 2786
43%
3187 Joe Dumars 31.24 1990 DET SG 2968
43%
3210 Joe Dumars 31.16 1994 DET SG 2150
43%
4858 Joe Dumars 26.76 1988 DET SG 2810
43%
5439 Joe Dumars 25.55 1997 DET SG 2146
43%
3505 Joe Fulks 30.34 1951 PHW PF 2063
43%
4345 Joe Fulks 28.00 1949 PHW PF 1708
43%
5954 Joe Fulks 24.52 1952 PHW PF 1569
43%
1570 John Collins 37.02 2020 ATL PF 1518
43%
2263 John Collins 34.20 2019 ATL PF 2086
43%
4241 John Collins 28.27 2022 ATL PF 1668
43%
4246 John Collins 28.26 2021 ATL PF 2289
43%
4640 John Collins 27.31 2024 UTA PF 1857
43%
5686 John Paxson 25.06 1987 CHI PG 2130
43%
2532 John Starks 33.20 1994 NYK SG 2789
43%
3008 John Starks 31.80 1993 NYK SG 3021
43%
3766 John Starks 29.51 1995 NYK SG 2685
43%
4356 John Starks 27.94 1999 GSW SG 1397
43%
4474 John Starks 27.68 2000 CHI,GSW SG 1024
43%
5621 John Starks 25.19 1996 NYK SG 2242
43%
3009 Josh Hart 31.80 2022 NOP,POR SG 1717
43%
4161 Josh Hart 28.47 2024 NYK SF 2676
43%
5097 Josh Hart 26.21 2023 NYK,POR SF 2280
43%
1876 Keith Van Horn 35.71 1999 NJN PF 1500
43%
2555 Keith Van Horn 33.14 2000 NJN PF 2651
43%
3480 Keith Van Horn 30.42 1998 NJN PF 1977
43%
4107 Keith Van Horn 28.61 2001 NJN SF 1402
43%
4671 Keith Van Horn 27.23 2002 NJN SF 2750
43%
4701 Keith Van Horn 27.16 2004 MIL,NYK SF 2091
43%
5277 Keith Van Horn 25.86 2003 PHI PF 2224
43%
1086 Kevin Willis 39.63 1992 ATL PF 3210
43%
1809 Kevin Willis 35.98 1993 ATL PF 2986
43%
2015 Kevin Willis 35.15 1994 ATL PF 3199
43%
2881 Kevin Willis 32.15 1995 ATL,MIA PF 2154
43%
3768 Kevin Willis 29.50 1987 ATL PF 2655
43%
4557 Kevin Willis 27.48 1998 HOU PF 2363
43%
5323 Kevin Willis 25.75 1991 ATL PF 2189
43%
5781 Kevin Willis 24.86 1999 TOR C 1044
43%
1148 Lauri Markkanen 39.20 2023 UTA PF 2587
43%
1614 Lauri Markkanen 36.78 2024 UTA PF 2023
43%
2923 Lauri Markkanen 32.00 2019 CHI PF 1664
43%
5128 Lauri Markkanen 26.15 2018 CHI PF 1778
43%
5584 Lauri Markkanen 25.26 2020 CHI PF 1263
43%
1048 Metta World Peace 39.86 2005 IND SF 279
43%
1739 Metta World Peace 36.23 2008 SAC SF 2065
43%
2107 Metta World Peace 34.74 2007 SAC SF 2432
43%
2389 Metta World Peace 33.76 2004 IND SF 2971
43%
2703 Metta World Peace 32.67 2006 SAC,IND SF 1993
43%
3398 Metta World Peace 30.62 2009 HOU SF 2511
43%
3694 Metta World Peace 29.75 2003 IND SF 2231
43%
5123 Metta World Peace 26.15 2002 IND,CHI SF 1569
43%
838 Michael Finley 41.34 2000 DAL SF 3390
43%
1241 Michael Finley 38.70 1998 DAL SF 3173
43%
1554 Michael Finley 37.09 2001 DAL SF 3412
43%
1859 Michael Finley 35.78 1999 DAL SF 1789
43%
2265 Michael Finley 34.19 2002 DAL SF 2633
43%
2810 Michael Finley 32.35 2003 DAL SF 2879
43%
3536 Michael Finley 30.23 2004 DAL SG 2328
43%
4316 Michael Finley 28.06 1996 PHO SF 2301
43%
5189 Michael Finley 26.04 1997 DAL,PHO SF 2161
43%
5434 Michael Finley 25.56 2005 DAL SG 1968
43%
2550 Mikal Bridges 33.15 2023 BRK,PHO SG,SF 2884
43%
2670 Mikal Bridges 32.77 2024 BRK SF 2687
43%
5864 Mikal Bridges 24.69 2022 PHO SF 2346
43%
1683 Miles Bridges 36.43 2024 CHO SF 2514
43%
1728 Miles Bridges 36.27 2022 CHO PF 2938
43%
5763 Miles Bridges 24.90 2021 CHO PF 1668
43%
1040 Mitch Richmond 39.90 1997 SAC SG 3232
43%
1300 Mitch Richmond 38.38 1992 SAC SG 3070
43%
1424 Mitch Richmond 37.66 1989 GSW SG 3276
43%
1441 Mitch Richmond 37.57 1991 GSW SG 3231
43%
1647 Mitch Richmond 36.60 1994 SAC SG 2855
43%
1655 Mitch Richmond 36.56 1993 SAC SG 1645
43%
1752 Mitch Richmond 36.17 1995 SAC SG 2966
43%
1826 Mitch Richmond 35.90 1998 SAC SG 2513
43%
2212 Mitch Richmond 34.39 1996 SAC SG 2923
43%
2346 Mitch Richmond 33.95 1990 GSW SG 2648
43%
3785 Mitch Richmond 29.46 1999 WAS SG 1473
43%
4790 Mitch Richmond 26.91 2000 WAS SG 1991
43%
4983 Mitch Richmond 26.46 2001 WAS SG 979
43%
846 Mookie Blaylock 41.29 1994 ATL PG 3799
43%
1011 Mookie Blaylock 40.11 1995 ATL PG 3329
43%
1426 Mookie Blaylock 37.64 1997 ATL PG 3312
43%
1794 Mookie Blaylock 36.02 1993 ATL PG 2990
43%
2127 Mookie Blaylock 34.69 1996 ATL PG 3157
43%
2155 Mookie Blaylock 34.58 1998 ATL PG 2559
43%
2292 Mookie Blaylock 34.11 1992 NJN PG 2592
43%
2681 Mookie Blaylock 32.74 1991 NJN PG 2357
43%
3251 Mookie Blaylock 31.04 1999 ATL PG 1769
43%
3264 Mookie Blaylock 31.00 2001 GSW PG 2139
43%
3386 Mookie Blaylock 30.66 2000 GSW PG 2238
43%
2122 Nicolas Batum 34.70 2017 CHO SG 2672
43%
2556 Nicolas Batum 33.13 2016 CHO SF 2485
43%
2740 Nicolas Batum 32.57 2014 POR SF 3029
43%
2853 Nicolas Batum 32.23 2013 POR SF 2353
43%
4098 Nicolas Batum 28.63 2018 CHO SG 1832
43%
4774 Nicolas Batum 26.95 2015 POR SF 2048
43%
658 Norm Nixon 42.93 1984 SDC PG 3520
43%
893 Norm Nixon 40.86 1979 LAL PG 3677
43%
1077 Norm Nixon 39.68 1981 LAL PG 3254
43%
1242 Norm Nixon 38.69 1985 LAC PG 3134
43%
1346 Norm Nixon 38.07 1980 LAL PG 3731
43%
1374 Norm Nixon 37.93 1982 LAL PG 3641
43%
1852 Norm Nixon 35.79 1986 LAC PG 2398
43%
2369 Norm Nixon 33.86 1983 LAL PG 3149
43%
3027 Norm Nixon 31.75 1978 LAL PG 2667
43%
961 Paul Westphal 40.46 1978 PHO SG 3318
43%
1074 Paul Westphal 39.71 1979 PHO SG 3812
43%
1547 Paul Westphal 37.12 1976 PHO PG 3749
43%
1594 Paul Westphal 36.90 1977 PHO PG 2989
43%
1864 Paul Westphal 35.76 1980 PHO SG 3218
43%
4159 Paul Westphal 28.47 1981 SEA SG 1025
43%
5457 Paul Westphal 25.50 1982 NYK SG 459
43%
713 Reggie Theus 42.48 1986 SAC SG 3611
43%
729 Reggie Theus 42.33 1987 SAC PG 3344
43%
854 Reggie Theus 41.23 1983 CHI PG 3381
43%
1284 Reggie Theus 38.45 1988 SAC SG 2807
43%
1285 Reggie Theus 38.45 1980 CHI SG 3153
43%
1571 Reggie Theus 37.02 1985 KCK SG 3036
43%
2039 Reggie Theus 35.06 1982 CHI SG 2875
43%
2117 Reggie Theus 34.72 1981 CHI SG 3055
43%
2451 Reggie Theus 33.49 1990 ORL SG 2545
43%
2832 Reggie Theus 32.28 1991 NJN SG 2615
43%
3293 Reggie Theus 30.91 1979 CHI PG 2535
43%
3935 Reggie Theus 29.07 1989 ATL SG 2529
43%
4738 Reggie Theus 27.05 1984 KCK,CHI PG 1731
43%
4746 Rick Mahorn 27.02 1982 WSB PF 2351
43%
5150 Rick Mahorn 26.11 1983 WSB PF 2141
43%
1600 Ricky Rubio 36.86 2020 PHO PG 2396
43%
1984 Ricky Rubio 35.27 2015 MIN PG 776
43%
1995 Ricky Rubio 35.24 2017 MIN PG 2643
43%
2347 Ricky Rubio 33.95 2016 MIN PG 2580
43%
2427 Ricky Rubio 33.61 2012 MIN PG 1378
43%
2501 Ricky Rubio 33.33 2014 MIN PG 2733
43%
2891 Ricky Rubio 32.12 2022 CLE PG 1092
43%
2988 Ricky Rubio 31.84 2013 MIN PG 1815
43%
3422 Ricky Rubio 30.58 2019 UTA PG 2232
43%
3442 Ricky Rubio 30.53 2018 UTA PG 2534
43%
5165 Ricky Rubio 26.07 2021 MIN PG 1773
43%
3938 Robert Horry 29.06 1996 HOU SF 2296
43%
5235 Robert Horry 25.94 1995 HOU PF 2231
43%
703 Ron Harper 42.57 1990 CLE,LAC SG 1490
43%
897 Ron Harper 40.82 1987 CLE SG 3347
43%
1351 Ron Harper 38.05 1994 LAC SG 2854
43%
1415 Ron Harper 37.69 1991 LAC SG 1470
43%
1532 Ron Harper 37.20 1989 CLE SG 3236
43%
1666 Ron Harper 36.52 1992 LAC SG 3177
43%
1967 Ron Harper 35.35 1993 LAC SG 3005
43%
2807 Ron Harper 32.36 1988 CLE SG 1974
43%
5393 Ron Harper 25.63 1999 CHI SG 897
43%
824 Sam Cassell 41.45 2000 MIL PG 3565
43%
1123 Sam Cassell 39.31 1998 NJN PG 3066
43%
1247 Sam Cassell 38.66 2002 MIL PG 2861
43%
1330 Sam Cassell 38.15 2001 MIL PG 3586
43%
1463 Sam Cassell 37.51 2004 MIN PG 3638
43%
1755 Sam Cassell 36.17 2003 MIL PG 3038
43%
2161 Sam Cassell 34.57 2006 LAC PG 3111
43%
3485 Sam Cassell 30.41 1997 DAL,NJN,PHO PG 1855
43%
3611 Sam Cassell 30.00 1999 MIL,NJN PG 330
43%
4661 Sam Cassell 27.25 2005 MIN PG 1608
43%
4764 Sam Cassell 26.99 1996 HOU PG 1862
43%
5650 Sam Cassell 25.12 2007 LAC PG 1457
43%
1044 Shareef Abdur-Rahim 39.88 1999 VAN SF 1994
43%
1169 Shareef Abdur-Rahim 39.10 2000 VAN SF 3206
43%
1226 Shareef Abdur-Rahim 38.82 2002 ATL PF 2989
43%
1389 Shareef Abdur-Rahim 37.84 2001 VAN SF 3065
43%
1650 Shareef Abdur-Rahim 36.60 1998 VAN SF 3001
43%
1871 Shareef Abdur-Rahim 35.73 2003 ATL PF 2894
43%
2943 Shareef Abdur-Rahim 31.96 1997 VAN PF 2557
43%
3738 Shareef Abdur-Rahim 29.59 2005 POR PF 1598
43%
3909 Shareef Abdur-Rahim 29.13 2004 ATL,POR PF 2476
43%
4793 Shawn Bradley 26.90 1997 DAL,NJN C 1964
43%
5262 Shawn Bradley 25.89 1996 NJN,PHI C 2045
43%
5445 Shawn Bradley 25.53 1998 DAL C 1634
43%
980 Shawn Marion 40.33 2006 PHO PF 4073
43%
1189 Shawn Marion 38.99 2003 PHO SF 3392
43%
1438 Shawn Marion 37.58 2005 PHO PF 3608
43%
1543 Shawn Marion 37.14 2004 PHO SF 2934
43%
1822 Shawn Marion 35.91 2002 PHO SF 2909
43%
2097 Shawn Marion 34.78 2001 PHO SF 2887
43%
2329 Shawn Marion 34.01 2007 PHO SF 3095
43%
2496 Shawn Marion 33.35 2008 MIA,PHO PF 2101
43%
4459 Shawn Marion 27.71 2009 MIA,TOR SF 1912
43%
4912 Shawn Marion 26.64 2013 DAL PF 1785
43%
1096 Sidney Moncrief 39.54 1985 MIL PG 3203
43%
1339 Sidney Moncrief 38.13 1984 MIL SG 3622
43%
1420 Sidney Moncrief 37.67 1983 MIL SG 3202
43%
1477 Sidney Moncrief 37.44 1982 MIL SG 3220
43%
1866 Sidney Moncrief 35.74 1986 MIL PG 2931
43%
4592 Sidney Moncrief 27.39 1981 MIL SG 2383
43%
471 Sleepy Floyd 44.97 1987 GSW PG 4137
43%
868 Sleepy Floyd 41.12 1986 GSW PG 3372
43%
1615 Sleepy Floyd 36.77 1989 HOU PG 3162
43%
2147 Sleepy Floyd 34.62 1988 HOU,GSW PG 2804
43%
2335 Sleepy Floyd 33.99 1985 GSW SG 2787
43%
3207 Sleepy Floyd 31.16 1990 HOU PG 2680
43%
3959 Sleepy Floyd 29.01 1984 GSW PG 2234
43%
303 Spencer Haywood 47.25 1973 SEA PF 3638
43%
409 Spencer Haywood 45.59 1974 SEA PF 3419
43%
656 Spencer Haywood 42.96 1972 SEA PF 3136
43%
1517 Spencer Haywood 37.23 1975 SEA PF 2867
43%
1926 Spencer Haywood 35.52 1971 SEA PF 1172
43%
2009 Spencer Haywood 35.18 1976 NYK PF 2744
43%
2248 Spencer Haywood 34.26 1979 NOJ,NYK PF 2330
43%
3550 Spencer Haywood 30.19 1977 NYK PF 936
43%
5240 Spencer Haywood 25.93 1978 NYK PF 1893
43%
5388 Taurean Prince 25.63 2018 ATL SF 2102
43%
4493 Tayshaun Prince 27.64 2005 DET SF 2957
43%
4833 Tayshaun Prince 26.82 2007 DET SF 2628
43%
4964 Tayshaun Prince 26.51 2009 DET SF 2280
43%
5078 Tayshaun Prince 26.27 2010 DET SF 1287
43%
5322 Tayshaun Prince 25.76 2008 DET SF 2550
43%
5667 Tayshaun Prince 25.08 2006 DET SF 2508
43%
5847 Tayshaun Prince 24.72 2011 DET SF 1928
43%
1618 Terry Rozier 36.76 2023 CHO SG 2316
43%
1698 Terry Rozier 36.39 2024 CHO,MIA SG,PG 2220
43%
2067 Terry Rozier 34.94 2021 CHO SG 2446
43%
2290 Terry Rozier 34.11 2022 CHO SG 2524
43%
3031 Terry Rozier 31.73 2020 CHO PG 1999
43%
5587 Terry Rozier 25.25 2018 BOS PG 2500
43%
730 Tom Chambers 42.32 1989 PHO PF 3936
43%
1109 Tom Chambers 39.43 1990 PHO PF 3825
43%
1513 Tom Chambers 37.25 1987 SEA PF 3576
43%
1968 Tom Chambers 35.35 1985 SEA PF 2863
43%
2446 Tom Chambers 33.49 1988 SEA PF 2914
43%
2638 Tom Chambers 32.86 1991 PHO PF 2629
43%
3347 Tom Chambers 30.76 1983 SDC PF 2430
43%
3468 Tom Chambers 30.45 1986 SEA PF 2010
43%
3967 Tom Chambers 29.00 1982 SDC PF 2349
43%
4034 Tom Chambers 28.78 1984 SEA PF 2504
43%
4535 Tom Chambers 27.53 1992 PHO PF 2092
43%
5005 Tyson Chandler 26.40 2008 NOH C 2402
43%
5246 Tyson Chandler 25.92 2007 NOK C 1892
43%
5375 Tyson Chandler 25.65 2015 DAL C 2052
43%
5778 Tyson Chandler 24.87 2012 NYK C 1666
43%
1473 Vlade Divac 37.46 1995 LAL C 3371
43%
1970 Vlade Divac 35.34 1994 LAL C 2792
43%
2034 Vlade Divac 35.07 1999 SAC C 1929
43%
2711 Vlade Divac 32.65 1997 CHH C 2743
43%
3173 Vlade Divac 31.29 1993 LAL C 2722
43%
3517 Vlade Divac 30.30 1996 LAL C 2515
43%
3968 Vlade Divac 28.99 2002 SAC C 2783
43%
4118 Vlade Divac 28.57 2000 SAC C 2486
43%
4310 Vlade Divac 28.09 2001 SAC C 2500
43%
4654 Vlade Divac 27.27 1998 CHH C 1991
43%
5025 Vlade Divac 26.37 2004 SAC C 2452
43%
5249 Vlade Divac 25.91 2003 SAC C 2384
43%
5872 Vlade Divac 24.68 1991 LAL C 2493
43%
4628 Wilson Chandler 27.32 2017 DEN SF 1940
43%
5036 Wilson Chandler 26.34 2010 NYK SG 1712
43%
5308 Wilson Chandler 25.79 2009 NYK SF 2115
43%
5574 Wilson Chandler 25.29 2011 DEN,NYK SF 1947
43%
5934 Wilson Chandler 24.55 2015 DEN SF 1915
43%
576 World B. Free 43.71 1980 SDC SG 2972
43%
633 World B. Free 43.22 1979 SDC PG 3371
43%
1168 World B. Free 39.11 1981 GSW SG 2542
43%
1382 World B. Free 37.87 1982 GSW SG 2954
43%
1726 World B. Free 36.29 1985 CLE SG 2722
43%
1765 World B. Free 36.13 1986 CLE SG 2710
43%
1769 World B. Free 36.11 1983 CLE,GSW SG 2636
43%
2756 World B. Free 32.53 1984 CLE SG 2440
43%
4372 World B. Free 27.91 1978 PHI SG 2400
43%
5162 World B. Free 26.09 1977 PHI SG 2426
43%
5682 Zach Collins 25.06 2023 SAS C 1579
43%
1171 Zach Randolph 39.09 2007 POR PF 2658
43%
1355 Zach Randolph 38.05 2011 MEM PF 3348
43%
1442 Zach Randolph 37.57 2010 MEM PF 3043
43%
1747 Zach Randolph 36.20 2009 LAC,NYK PF,C 1810
43%
1815 Zach Randolph 35.95 2004 POR PF 2912
43%
2482 Zach Randolph 33.40 2014 MEM PF 2839
43%
2484 Zach Randolph 33.39 2005 POR PF 1536
43%
2574 Zach Randolph 33.07 2008 NYK C 2282
43%
3054 Zach Randolph 31.66 2015 MEM PF 2596
43%
3310 Zach Randolph 30.86 2006 POR PF 2284
43%
3317 Zach Randolph 30.85 2013 MEM PF 2807
43%
4360 Zach Randolph 27.93 2016 MEM PF 2011
43%
4988 Zach Randolph 26.44 2018 SAC PF 1560
43%
5160 Zach Randolph 26.09 2017 MEM PF 2061
43%
5955 Zach Randolph 24.51 2012 MEM PF 858
43%
2385 Aaron Brooks 33.78 2010 HOU PG 2770
29%
1078 Al Jefferson 39.68 2009 MIN C 1984
29%
1253 Al Jefferson 38.63 2014 CHA C 2936
29%
1490 Al Jefferson 37.37 2008 MIN C 3064
29%
1933 Al Jefferson 35.48 2012 UTA C 2306
29%
2215 Al Jefferson 34.38 2011 UTA C 2819
29%
2474 Al Jefferson 33.44 2013 UTA C 2608
29%
2899 Al Jefferson 32.09 2010 MIN C 2439
29%
3014 Al Jefferson 31.78 2007 BOS C 2193
29%
3424 Al Jefferson 30.57 2015 CHO C 1987
29%
5143 Al Wood 26.13 1985 SEA SG 2090
29%
3132 Andrea Bargnani 31.44 2011 TOR C 2075
29%
3610 Andrea Bargnani 30.00 2012 TOR C 930
29%
4594 Andrea Bargnani 27.39 2010 TOR PF 2191
29%
5797 Andrea Bargnani 24.83 2009 TOR PF 1937
29%
2655 Andrew Bogut 32.81 2010 MIL C 2264
29%
3015 Andrew Bogut 31.78 2008 MIL C 2479
29%
3199 Andrew Bogut 31.18 2011 MIL C 2027
29%
4197 Andrew Bogut 28.38 2007 MIL C 1873
29%
4398 Andrew Bogut 27.83 2012 MIL C 334
29%
4491 Andrew Bogut 27.64 2009 MIL C 995
29%
2464 Andrew Toney 33.46 1984 PHI SG 2777
29%
2754 Andrew Toney 32.54 1983 PHI SG 3026
29%
3018 Andrew Toney 31.77 1985 PHI SG 2637
29%
4171 Andrew Toney 28.44 1982 PHI SG 2787
29%
1015 Anthony Mason 40.09 1997 CHH PF 3047
29%
2475 Anthony Mason 33.43 1996 NYK SF 3009
29%
2774 Anthony Mason 32.47 2001 MIA PF 2695
29%
2796 Anthony Mason 32.39 1998 CHH PF 2915
29%
3455 Anthony Mason 30.48 2000 CHH SF 2621
29%
4805 Anthony Mason 26.88 2002 MIL PF 2204
29%
5613 Anthony Mason 25.20 1995 NYK PF 2218
29%
1159 Antonio McDyess 39.14 2001 DEN PF 2740
29%
1188 Antonio McDyess 39.00 1999 DEN C 1950
29%
2295 Antonio McDyess 34.10 2000 DEN PF 2762
29%
3286 Antonio McDyess 30.93 1997 DEN PF 2289
29%
4140 Antonio McDyess 28.53 1998 PHO PF 2425
29%
5644 Antonio McDyess 25.13 1996 DEN PF 1910
29%
498 Archie Clark 44.70 1972 BAL,PHI PG 3710
29%
1604 Archie Clark 36.84 1971 PHI PG 3279
29%
1889 Archie Clark 35.66 1973 BAL PG 1569
29%
2577 Archie Clark 33.06 1970 PHI PG 2678
29%
2993 Archie Clark 31.83 1968 LAL PG 3056
29%
3991 Archie Clark 28.93 1975 SEA PG 2488
29%
5450 Archie Clark 25.52 1974 CAP PG 1608
29%
2882 Austin Reaves 32.15 2024 LAL SG 2861
29%
5664 Austin Reaves 25.09 2023 LAL SG 2032
29%
4811 Austin Rivers 26.87 2018 LAC SG 1639
29%
2472 Billy Owens 33.44 1994 GSW PF 2742
29%
2544 Billy Owens 33.16 1993 GSW PF 1227
29%
3581 Billy Owens 30.09 1995 MIA SG 2106
29%
3862 Billy Owens 29.25 1992 GSW PF 2457
29%
4605 Billy Owens 27.36 1996 SAC,MIA SF 1806
29%
5591 Billy Owens 25.24 1998 SAC SF 1969
29%
4780 Bobby Portis 26.93 2023 MIL PF 2020
29%
4804 Bobby Portis 26.88 2022 MIL C 2258
29%
5085 Bobby Portis 26.24 2019 CHI,WAS PF 1312
29%
5547 Bobby Portis 25.34 2024 MIL PF 2230
29%
1316 Bob Dandridge 38.27 1979 WSB SF 3712
29%
1653 Bob Dandridge 36.58 1976 MIL SF 2780
29%
1679 Bob Dandridge 36.46 1977 MIL SF 2552
29%
1951 Bob Dandridge 35.40 1978 WSB SF 3328
29%
2057 Bob Dandridge 35.00 1975 MIL SF 2800
29%
2397 Bob Dandridge 33.73 1971 MIL SF 3137
29%
2417 Bob Dandridge 33.63 1974 MIL SF 2926
29%
2571 Bob Dandridge 33.08 1973 MIL SF 2613
29%
2750 Bob Dandridge 32.55 1972 MIL SF 2962
29%
2858 Bob Dandridge 32.22 1980 WSB SF 1450
29%
3961 Bob Dandridge 29.01 1970 MIL SF 2640
29%
1932 Brandon Jennings 35.48 2012 MIL PG 2342
29%
2016 Brandon Jennings 35.15 2014 DET PG 2812
29%
2095 Brandon Jennings 34.81 2013 MIL PG 2924
29%
2795 Brandon Jennings 32.39 2015 DET PG 1328
29%
3012 Brandon Jennings 31.79 2010 MIL PG 2829
29%
3141 Brandon Jennings 31.41 2011 MIL PG 1979
29%
3605 Bryant Reeves 30.01 1998 VAN C 2221
29%
3660 Bryant Reeves 29.85 1997 VAN C 2239
29%
5825 Bryant Reeves 24.77 1996 VAN C 1907
29%
2478 Cedric Ceballos 33.41 1995 LAL SF 2272
29%
2745 Cedric Ceballos 32.56 1996 LAL SF 2670
29%
4190 Cedric Ceballos 28.40 1994 PHO SF 1789
29%
4728 Cedric Ceballos 27.09 2000 DAL SF 1869
29%
3029 Chandler Parsons 31.74 2014 HOU SF 2539
29%
3756 Chandler Parsons 29.52 2013 HOU SF 2421
29%
4876 Chandler Parsons 26.72 2015 DAL SF 1790
29%
5695 Chandler Parsons 25.03 2016 DAL SF 1527
29%
1777 Christian Wood 36.07 2021 HOU C 1479
29%
2237 Christian Wood 34.31 2022 HOU C 2333
29%
3925 Christian Wood 29.09 2023 DAL C 1949
29%
1660 Chuck Person 36.54 1989 IND SF 2923
29%
1778 Chuck Person 36.07 1987 IND SF 3102
29%
2355 Chuck Person 33.92 1992 IND SF 2849
29%
2724 Chuck Person 32.61 1988 IND SF 2576
29%
2802 Chuck Person 32.37 1993 MIN SF 2525
29%
2855 Chuck Person 32.23 1990 IND SF 2578
29%
3266 Chuck Person 31.00 1991 IND SF 2635
29%
638 Cliff Hagan 43.20 1960 STL SF 3845
29%
787 Cliff Hagan 41.73 1959 STL SF 3255
29%
851 Cliff Hagan 41.26 1961 STL SF 3672
29%
912 Cliff Hagan 40.74 1962 STL SF 3137
29%
1719 Cliff Hagan 36.32 1958 STL SF 2942
29%
4042 Cliff Hagan 28.75 1964 STL SF 2559
29%
5556 Cliff Hagan 25.32 1963 STL SF 2279
29%
3926 Clyde Lee 29.09 1968 SFW C 2676
29%
5270 Clyde Lee 25.87 1969 SFW PF 1837
29%
5947 Clyde Lee 24.53 1972 GSW PF 2036
29%
1488 Collin Sexton 37.38 2021 CLE SG 2243
29%
2875 Collin Sexton 32.17 2024 UTA SG 2509
29%
3295 Collin Sexton 30.91 2020 CLE PG 2009
29%
5138 Collin Sexton 26.13 2019 CLE PG 2143
29%
1759 Corey Maggette 36.15 2005 LAC SG 2386
29%
2254 Corey Maggette 34.24 2008 LAC SF 2397
29%
2381 Corey Maggette 33.79 2004 LAC SF 2467
29%
3319 Corey Maggette 30.84 2010 GSW PF 2159
29%
3813 Corey Maggette 29.37 2007 LAC SF 2203
29%
4033 Corey Maggette 28.78 2009 GSW PF 1468
29%
4548 Corey Maggette 27.50 2006 LAC SF 1210
29%
4866 Corey Maggette 26.75 2003 LAC SG 1712
29%
1779 Danny Ainge 36.07 1990 SAC PG 2705
29%
2473 Danny Ainge 33.44 1989 BOS,SAC PG 2441
29%
2926 Danny Ainge 32.00 1988 BOS SG 3136
29%
3476 Danny Ainge 30.43 1987 BOS SG 2769
29%
4174 Danny Ainge 28.43 1985 BOS SG 2729
29%
5020 Danny Ainge 26.38 1986 BOS SG 2585
29%
1224 Danny Granger 38.82 2009 IND SF 2601
29%
1461 Danny Granger 37.52 2010 IND SF 2326
29%
2568 Danny Granger 33.08 2011 IND SF 2779
29%
2911 Danny Granger 32.05 2008 IND SF 2564
29%
4041 Danny Granger 28.75 2012 IND SF 2099
29%
3644 Darryl Dawkins 29.90 1980 PHI C 2930
29%
4024 Darryl Dawkins 28.82 1984 NJN C 2651
29%
4760 Darryl Dawkins 26.99 1979 PHI C 2348
29%
5470 Darryl Dawkins 25.48 1981 PHI C 2344
29%
5916 Darryl Dawkins 24.60 1986 NJN C 1279
29%
904 David Lee 40.79 2010 NYK C 3304
29%
1630 David Lee 36.70 2012 GSW PF 2092
29%
1784 David Lee 36.05 2013 GSW PF 3064
29%
2298 David Lee 34.08 2011 GSW PF 2488
29%
2515 David Lee 33.26 2009 NYK C 2694
29%
2769 David Lee 32.49 2014 GSW PF 2469
29%
5261 David Lee 25.90 2007 NYK PF 1502
29%
5576 DeMarre Carroll 25.27 2018 BRK PF 1845
29%
927 Desmond Bane 40.64 2024 MEM SG 1707
29%
1651 Desmond Bane 36.59 2023 MEM SG 2342
29%
3763 Desmond Bane 29.51 2022 MEM SG 2597
29%
4508 Desmond Mason 27.60 2005 MIL SF 2208
29%
5208 Desmond Mason 25.99 2003 MIL,SEA SF 2235
29%
2642 Devin Vassell 32.85 2024 SAS SG 2234
29%
3222 Devin Vassell 31.13 2023 SAS SG 1183
29%
2296 Dick Barnett 34.09 1966 NYK SG 2557
29%
4533 Dick Barnett 27.53 1968 NYK SG 2395
29%
4542 Dick Barnett 27.51 1969 NYK SG 2531
29%
4616 Dick Barnett 27.35 1964 LAL SG 2270
29%
5163 Dick Barnett 26.09 1963 LAL SG 2426
29%
5283 Dick Barnett 25.85 1961 SYR SG 2223
29%
5626 Dick Barnett 25.18 1967 NYK SG 1687
29%
5716 Dick Barnett 25.00 1970 NYK SG 2525
29%
5951 Dick Barnett 24.52 1971 NYK SG 2305
29%
1475 Dick Van Arsdale 37.45 1969 PHO SG 2996
29%
2364 Dick Van Arsdale 33.89 1971 PHO SG 2745
29%
2590 Dick Van Arsdale 33.02 1970 PHO SG 2774
29%
3244 Dick Van Arsdale 31.06 1972 PHO SG 2547
29%
3490 Dick Van Arsdale 30.40 1974 PHO SG 2371
29%
3948 Dick Van Arsdale 29.04 1973 PHO SG 2352
29%
4280 Dick Van Arsdale 28.18 1967 NYK SG 2339
29%
5382 Dick Van Arsdale 25.64 1975 PHO SG 1795
29%
4599 Dillon Brooks 27.37 2022 MEM SF 1177
29%
4699 Dillon Brooks 27.16 2021 MEM SF 2010
29%
5769 Dillon Brooks 24.88 2020 MEM SG 1841
29%
1027 Doc Rivers 39.99 1988 ATL PG 3679
29%
1245 Doc Rivers 38.67 1987 ATL PG 3480
29%
2255 Doc Rivers 34.24 1986 ATL PG 2123
29%
2319 Doc Rivers 34.04 1989 ATL PG 2757
29%
2854 Doc Rivers 32.23 1985 ATL PG 2224
29%
3447 Doc Rivers 30.50 1990 ATL PG 1464
29%
3851 Doc Rivers 29.29 1991 ATL PG 2460
29%
5058 Don Nelson 26.29 1970 BOS PF 2156
29%
5669 Don Nelson 25.08 1975 BOS SF 2257
29%
5943 Don Nelson 24.54 1971 BOS SF 2012
29%
2901 Doug Christie 32.08 1998 TOR SG 2502
29%
3381 Doug Christie 30.67 1997 TOR SG 2484
29%
3737 Doug Christie 29.60 1999 TOR SG 1480
29%
4496 Doug Christie 27.63 2002 SAC SG 2680
29%
4991 Doug Christie 26.43 2000 TOR SG 2009
29%
4997 Doug Christie 26.43 2001 SAC SG 2352
29%
5329 Doug Christie 25.73 2003 SAC SG 2367
29%
5407 Doug Christie 25.61 2004 SAC SG 2407
29%
1140 Earl Monroe 39.23 1969 BAL SG 3295
29%
1280 Earl Monroe 38.46 1968 BAL SG 3154
29%
1646 Earl Monroe 36.61 1970 BAL PG 3258
29%
2310 Earl Monroe 34.05 1976 NYK SG 2588
29%
2383 Earl Monroe 33.79 1977 NYK SG 2602
29%
2480 Earl Monroe 33.41 1975 NYK SG 2706
29%
2614 Earl Monroe 32.95 1971 BAL PG 3262
29%
3688 Earl Monroe 29.77 1978 NYK SG 2441
29%
5046 Earl Monroe 26.32 1973 NYK SG 2395
29%
3780 Elden Campbell 29.47 1996 LAL PF 2534
29%
4568 Elden Campbell 27.45 1997 LAL PF 2361
29%
5119 Elden Campbell 26.16 2000 CHH C 2145
29%
5134 Elden Campbell 26.14 2002 CHH PF 2248
29%
5312 Elden Campbell 25.78 1999 CHH,LAL C 1263
29%
5314 Elden Campbell 25.77 2001 CHH PF 2268
29%
5926 Elden Campbell 24.57 1995 LAL PF 2039
29%
3114 Emeka Okafor 31.48 2007 CHA C 2109
29%
3502 Emeka Okafor 30.34 2005 CHA PF 2215
29%
4088 Emeka Okafor 28.65 2008 CHA C 2349
29%
4176 Emeka Okafor 28.42 2006 CHA PF 739
29%
4818 Emeka Okafor 26.85 2009 CHA C 2202
29%
263 George McGinnis 47.90 1976 PHI PF 3832
29%
569 George McGinnis 43.76 1979 DEN PF 3326
29%
858 George McGinnis 41.21 1977 PHI PF 4039
29%
1145 George McGinnis 39.20 1978 PHI PF 3450
29%
2033 George McGinnis 35.08 1980 DEN,IND PF 2561
29%
4204 George McGinnis 28.37 1981 IND PF 2014
29%
885 George Yardley 40.92 1958 DET SF 3233
29%
1716 George Yardley 36.32 1957 FTW SF 2688
29%
2653 George Yardley 32.81 1956 FTW SF 2658
29%
3149 George Yardley 31.37 1955 FTW SF 2227
29%
3272 George Yardley 30.99 1960 SYR SF 2355
29%
3499 George Yardley 30.36 1959 SYR,DET SF 2125
29%
2177 Greg Monroe 34.53 2013 DET C 2797
29%
2980 Greg Monroe 31.86 2015 DET PF 2198
29%
3080 Greg Monroe 31.59 2012 DET C 2085
29%
3491 Greg Monroe 30.39 2016 MIL C 2401
29%
3500 Greg Monroe 30.35 2014 DET PF 2489
29%
5910 Greg Monroe 24.61 2017 MIL C 2141
29%
1942 Hassan Whiteside 35.44 2017 MIA C 2729
29%
2567 Hassan Whiteside 33.10 2020 POR C 2416
29%
3362 Hassan Whiteside 30.71 2016 MIA C 2549
29%
4192 Hassan Whiteside 28.39 2018 MIA C 1675
29%
4440 Hassan Whiteside 27.75 2019 MIA C 1998
29%
5629 Hassan Whiteside 25.17 2015 MIA C 1208
29%
5873 Henry Bibby 24.68 1979 PHI PG 2246
29%
4123 Jahlil Okafor 28.57 2016 PHI C 1514
29%
2012 Jamaal Wilkes 35.17 1981 LAL SF 2954
29%
2114 Jamaal Wilkes 34.72 1980 LAL SF 3403
29%
2459 Jamaal Wilkes 33.47 1979 LAL SF 3012
29%
2838 Jamaal Wilkes 32.27 1977 GSW PF 2775
29%
2945 Jamaal Wilkes 31.96 1976 GSW SF 3036
29%
3287 Jamaal Wilkes 30.93 1982 LAL SF 2969
29%
3506 Jamaal Wilkes 30.34 1983 LAL SF 2882
29%
3825 Jamaal Wilkes 29.35 1978 LAL SF 1585
29%
4237 Jamaal Wilkes 28.28 1975 GSW SF 2800
29%
5347 Jamaal Wilkes 25.71 1984 LAL SF 2288
29%
986 Jamal Mashburn 40.28 2001 CHH SF 3464
29%
1006 Jamal Mashburn 40.16 2003 NOH SF 3454
29%
1612 Jamal Mashburn 36.79 1995 DAL SF 2943
29%
1673 Jamal Mashburn 36.49 2002 CHH SF 1496
29%
1972 Jamal Mashburn 35.33 1996 DAL SF 636
29%
2616 Jamal Mashburn 32.95 2004 NOH SF 626
29%
3055 Jamal Mashburn 31.66 1994 DAL SF 2501
29%
3157 Jamal Mashburn 31.35 2000 MIA SF 2696
29%
5098 Jamal Mashburn 26.21 1999 MIA SF 760
29%
5430 Jamal Mashburn 25.57 1998 MIA SF 1355
29%
2174 Jameer Nelson 34.54 2013 ORL PG 1934
29%
3518 Jameer Nelson 30.29 2014 ORL PG 2060
29%
3623 Jameer Nelson 29.96 2009 ORL PG 1408
29%
3907 Jameer Nelson 29.13 2011 ORL PG 2389
29%
4148 Jameer Nelson 28.52 2006 ORL PG 1768
29%
4248 Jameer Nelson 28.25 2010 ORL PG 2232
29%
4460 Jameer Nelson 27.71 2012 ORL PG 1718
29%
4753 Jameer Nelson 27.00 2008 ORL PG 2133
29%
5420 Jameer Nelson 25.58 2007 ORL PG 2072
29%
5169 James Donaldson 26.07 1987 DAL C 2216
29%
3710 James Silas 29.70 1980 SAS PG 2376
29%
4199 James Silas 28.38 1981 SAS PG 2327
29%
4565 James Silas 27.46 1979 SAS PG 2554
29%
1528 Jason Terry 37.21 2003 ATL PG 3014
29%
1761 Jason Terry 36.14 2002 ATL SG 2819
29%
2245 Jason Terry 34.27 2001 ATL SG 2810
29%
2467 Jason Terry 33.44 2004 ATL PG 2709
29%
3291 Jason Terry 30.92 2007 DAL SG 2690
29%
3841 Jason Terry 29.30 2009 DAL SG 2461
29%
4021 Jason Terry 28.83 2006 DAL PG 2941
29%
4399 Jason Terry 27.83 2005 DAL PG 2588
29%
4724 Jason Terry 27.10 2011 DAL SG 2791
29%
4782 Jason Terry 26.93 2010 DAL SG 2235
29%
5280 Jason Terry 25.85 2008 DAL SG 2249
29%
5292 Jason Terry 25.82 2012 DAL SG 1730
29%
1133 Jeff Hornacek 39.25 1993 PHI PG 3101
29%
1395 Jeff Hornacek 37.80 1992 PHO SG 3364
29%
2307 Jeff Hornacek 34.06 1990 PHO SG 2827
29%
2746 Jeff Hornacek 32.56 1991 PHO SG 2735
29%
3269 Jeff Hornacek 30.99 1994 UTA,PHI SG 2975
29%
3350 Jeff Hornacek 30.76 1989 PHO SG 2768
29%
3879 Jeff Hornacek 29.21 1995 UTA SG 2512
29%
4346 Jeff Hornacek 27.99 1997 UTA SG 2855
29%
4396 Jeff Hornacek 27.84 1996 UTA SG 2784
29%
4634 Jeff Hornacek 27.32 1988 PHO SG 2240
29%
4971 Jeff Hornacek 26.50 1998 UTA SG 2650
29%
496 Jeff Ruland 44.72 1984 WSB C 3533
29%
863 Jeff Ruland 41.16 1986 WSB PF 1317
29%
988 Jeff Ruland 40.27 1985 WSB C 1651
29%
1308 Jeff Ruland 38.30 1983 WSB C 3026
29%
4238 Jeff Ruland 28.28 1982 WSB C 2517
29%
4906 Jeremy Lamb 26.66 2019 CHO SG 2106
29%
5113 Jeremy Sochan 26.18 2024 SAS PF 1937
29%
2380 Jerry Sloan 33.80 1971 CHI SG 2941
29%
3010 Jerry Sloan 31.79 1969 CHI SG 2480
29%
3577 Jerry Sloan 30.10 1967 CHI SG 2498
29%
3690 Jerry Sloan 29.76 1972 CHI SG 2559
29%
4073 Jerry Sloan 28.69 1970 CHI SF 1664
29%
4674 Jerry Sloan 27.22 1974 CHI SG 2259
29%
4958 Jerry Sloan 26.52 1968 CHI SG 2175
29%
5348 Jerry Sloan 25.70 1975 CHI SG 2339
29%
3071 Jim Barnett 31.62 1971 POR SG 2466
29%
5153 Jim Barnett 26.10 1969 SDR SG 2245
29%
5281 Jim Barnett 25.85 1970 SDR SG 2068
29%
4684 Jim Washington 27.20 1969 CHI SF 2176
29%
5207 Jim Washington 26.00 1974 ATL PF 1898
29%
5245 Jim Washington 25.92 1968 CHI C 2255
29%
5499 Jim Washington 25.42 1973 ATL PF 2059
29%
5635 Jim Washington 25.15 1971 PHI PF 2138
29%
5840 Jim Washington 24.74 1970 PHI PF 2078
29%
4486 J.J. Barea 27.65 2018 DAL PG 1908
29%
5256 J.J. Barea 25.90 2012 MIN PG 1062
29%
5643 J.J. Barea 25.13 2019 DAL PG 955
29%
5837 J.J. Barea 24.74 2017 DAL PG 866
29%
5108 JJ Redick 26.19 2018 PHI SG 2095
29%
5485 JJ Redick 25.45 2019 PHI SG 2240
29%
962 Joe Barry Carroll 40.46 1983 GSW C 3196
29%
1510 Joe Barry Carroll 37.25 1986 GSW C 2943
29%
1682 Joe Barry Carroll 36.45 1984 GSW C 2916
29%
1775 Joe Barry Carroll 36.08 1987 GSW C 3283
29%
2578 Joe Barry Carroll 33.06 1981 GSW C 2711
29%
3772 Joe Barry Carroll 29.49 1982 GSW C 2241
29%
4714 Joe Barry Carroll 27.14 1989 NJN C 1737
29%
1243 John Drew 38.68 1977 ATL SF 2862
29%
1642 John Drew 36.63 1978 ATL SF 2637
29%
1745 John Drew 36.21 1976 ATL SF 2788
29%
2104 John Drew 34.77 1975 ATL PF 2712
29%
2503 John Drew 33.31 1979 ATL SF 2931
29%
2967 John Drew 31.89 1983 UTA SF 1403
29%
3122 John Drew 31.46 1981 ATL SF 2108
29%
3970 John Drew 28.99 1980 ATL SF 2464
29%
4631 John Drew 27.32 1982 ATL SF 1967
29%
5473 John Drew 25.47 1985 UTA SF 484
29%
5779 John Drew 24.86 1984 UTA SF 2287
29%
2184 Johnny Dawkins 34.50 1991 PHI PG 138
29%
2274 Johnny Dawkins 34.18 1990 PHI PG 3110
29%
2337 Johnny Dawkins 33.99 1988 SAS PG 2311
29%
2576 Johnny Dawkins 33.06 1989 SAS PG 1058
29%
3679 Johnny Dawkins 29.79 1992 PHI PG 2443
29%
889 Johnny Moore 40.88 1983 SAS PG 3597
29%
1004 Johnny Moore 40.17 1985 SAS PG 3495
29%
1620 Johnny Moore 36.75 1986 SAS PG 1029
29%
2120 Johnny Moore 34.71 1984 SAS PG 2048
29%
2145 Johnny Moore 34.63 1982 SAS PG 3047
29%
3121 Jordan Poole 31.46 2023 GSW PG 2989
29%
3474 Jordan Poole 30.43 2022 GSW SG 2982
29%
3512 Jordan Poole 30.32 2024 WAS SG 2365
29%
1262 Jusuf Nurkic 38.57 2020 POR C 540
29%
2078 Jusuf Nurkic 34.90 2019 POR C 2513
29%
2479 Jusuf Nurkic 33.41 2022 POR C 1871
29%
3082 Jusuf Nurkic 31.59 2024 PHO C 2527
29%
3675 Jusuf Nurkic 29.81 2023 POR C 1550
29%
3789 Jusuf Nurkic 29.44 2021 POR C 1266
29%
3998 Jusuf Nurkic 28.90 2018 POR C 2399
29%
4332 Kelly Olynyk 28.01 2021 HOU,MIA PF,C 1961
29%
4560 Kelly Olynyk 27.47 2023 UTA C 1868
29%
5577 Kelly Olynyk 25.27 2024 TOR,UTA C 1971
29%
3446 Kermit Washington 30.51 1980 POR PF 2532
29%
4558 Kermit Washington 27.47 1981 POR PF 2088
29%
4798 Kermit Washington 26.89 1978 BOS,LAL PF 1533
29%
4923 Kermit Washington 26.62 1979 SDC PF 2183
29%
4089 Kevin Duckworth 28.65 1989 POR C 2349
29%
5096 Kevin Duckworth 26.21 1988 POR C 2149
29%
5749 Kevin Duckworth 24.93 1990 POR C 2418
29%
5859 Kevin Duckworth 24.70 1991 POR C 2396
29%
809 Kiki Vandeweghe 41.58 1984 DEN PF 3451
29%
1258 Kiki Vandeweghe 38.60 1983 DEN PF 3474
29%
1707 Kiki Vandeweghe 36.36 1987 POR SF 3018
29%
2266 Kiki Vandeweghe 34.19 1982 DEN PF 2906
29%
2518 Kiki Vandeweghe 33.25 1986 POR SF 2760
29%
3771 Kiki Vandeweghe 29.49 1985 POR SF 2389
29%
4981 Kiki Vandeweghe 26.46 1988 POR SF 1085
29%
4842 Kurt Rambis 26.80 1989 CHH PF 2010
29%
1388 Lamar Odom 37.84 2001 LAC PF 2876
29%
1519 Lamar Odom 37.23 2006 LAL PF 3239
29%
1584 Lamar Odom 36.95 2007 LAL PF 2254
29%
1702 Lamar Odom 36.38 2004 MIA PF 3383
29%
2006 Lamar Odom 35.18 2000 LAC SF 2674
29%
2169 Lamar Odom 34.55 2005 LAL PF 2211
29%
2454 Lamar Odom 33.48 2008 LAL PF 3281
29%
2609 Lamar Odom 32.97 2002 LAC SF 956
29%
3555 Lamar Odom 30.18 2003 LAC SF 1479
29%
3718 Lamar Odom 29.67 2011 LAL PF 2730
29%
4500 Lamar Odom 27.62 2010 LAL PF 2900
29%
4747 Lamar Odom 27.02 2009 LAL PF 2729
29%
3337 Lance Stephenson 30.79 2014 IND SG 2987
29%
881 Larry Drew 40.97 1983 KCK PG 3073
29%
2140 Larry Drew 34.64 1984 KCK PG 2633
29%
2908 Larry Drew 32.06 1985 KCK PG 2308
29%
5222 Larry Drew 25.97 1987 LAC PG 1558
29%
840 Larry Nance 41.32 1987 PHO PF 2851
29%
1371 Larry Nance 37.97 1986 PHO PF 2772
29%
1485 Larry Nance 37.39 1988 CLE,PHO PF 2692
29%
1567 Larry Nance 37.04 1991 CLE PF 2963
29%
1574 Larry Nance 37.00 1985 PHO PF 2257
29%
2026 Larry Nance 35.11 1992 CLE PF 3441
29%
2275 Larry Nance 34.16 1984 PHO PF 3382
29%
2353 Larry Nance 33.92 1993 CLE PF 2917
29%
2401 Larry Nance 33.72 1983 PHO PF 2866
29%
2487 Larry Nance 33.38 1989 CLE PF 2604
29%
2913 Larry Nance 32.04 1990 CLE PF 2147
29%
5164 Larry Nance Jr. 26.07 2019 CLE C 1747
29%
5590 Lindsey Hunter 25.25 2000 DET PG 2146
29%
3624 Lloyd Neal 29.96 1976 POR PF 2037
29%
4052 Lloyd Neal 28.73 1973 POR C 2356
29%
5390 Lloyd Neal 25.63 1975 POR PF 2102
29%
973 Lou Hudson 40.38 1973 ATL SF 3271
29%
991 Lou Hudson 40.25 1974 ATL SF 2616
29%
1248 Lou Hudson 38.65 1971 ATL SF 3131
29%
1418 Lou Hudson 37.67 1972 ATL SG 3127
29%
1643 Lou Hudson 36.62 1970 ATL SF 3259
29%
2076 Lou Hudson 34.91 1975 ATL SG 384
29%
2407 Lou Hudson 33.70 1969 ATL SF 3100
29%
4464 Lou Hudson 27.70 1976 ATL SG 2244
29%
4881 Lou Hudson 26.71 1967 STL SF 2377
29%
5324 Lou Hudson 25.74 1977 ATL SG 1493
29%
5174 Luguentz Dort 26.06 2022 OKC SG 1329
29%
3798 Marcin Gortat 29.41 2012 PHO C 1941
29%
4300 Marcin Gortat 28.11 2016 WAS C 2108
29%
4338 Marcin Gortat 28.00 2014 WAS C 2576
29%
5469 Marcin Gortat 25.48 2015 WAS C 2344
29%
5603 Marcin Gortat 25.22 2017 WAS C 2396
29%
2435 Marcus Camby 33.56 2007 DEN C 2517
29%
2514 Marcus Camby 33.26 2006 DEN C 2029
29%
2549 Marcus Camby 33.16 2008 DEN C 2752
29%
3999 Marcus Camby 28.90 2005 DEN C 2052
29%
4147 Marcus Camby 28.52 2009 LAC C 1768
29%
4368 Marcus Camby 27.91 2001 NYK C 1870
29%
4419 Marcus Camby 27.79 1998 TOR C 1751
29%
4597 Marcus Camby 27.38 2002 NYK C 794
29%
4650 Marcus Camby 27.29 1997 TOR C 1719
29%
4688 Marcus Camby 27.18 2010 POR,LAC C,PF 2174
29%
4966 Marcus Camby 26.51 2004 DEN C 2041
29%
2831 MarShon Brooks 32.29 2018 MEM SG 226
29%
1072 Maurice Cheeks 39.71 1986 PHI PG 3733
29%
1423 Maurice Cheeks 37.66 1987 PHI PG 2749
29%
1948 Maurice Cheeks 35.42 1988 PHI PG 2798
29%
2134 Maurice Cheeks 34.66 1982 PHI PG 3466
29%
2842 Maurice Cheeks 32.26 1989 PHI PG 2387
29%
2872 Maurice Cheeks 32.18 1983 PHI PG 2961
29%
3120 Maurice Cheeks 31.46 1980 PHI PG 3052
29%
3188 Maurice Cheeks 31.24 1985 PHI PG 2843
29%
3410 Maurice Cheeks 30.60 1984 PHI PG 2448
29%
3761 Maurice Cheeks 29.52 1981 PHI PG 2863
29%
4909 Maurice Cheeks 26.65 1990 NYK,SAS PG 2425
29%
5251 Maurice Cheeks 25.91 1979 PHI PG 2358
29%
5351 Max Strus 25.70 2024 CLE SF 2107
29%
3342 Michael Brooks 30.78 1982 SDC SF 2524
29%
4841 Michael Brooks 26.80 1983 SDC SF 2198
29%
4882 Michael Brooks 26.71 1981 SDC SF 2190
29%
2700 Michael Cage 32.68 1988 LAC PF 2353
29%
2744 Michael Cage 32.56 1987 LAC PF 2605
29%
4900 Michael Cooper 26.67 1984 LAL SG 2747
29%
5683 Michael Cooper 25.06 1986 LAL SG 2406
29%
5755 Michael Cooper 24.92 1987 LAL SG 2492
29%
1648 Michael Redd 36.60 2006 MIL SG 3111
29%
1681 Michael Redd 36.45 2007 MIL SF 1932
29%
2079 Michael Redd 34.90 2008 MIL SG 2513
29%
2706 Michael Redd 32.67 2005 MIL SG 2450
29%
2941 Michael Redd 31.97 2004 MIL SG 2781
29%
3306 Michael Redd 30.88 2009 MIL SG 1019
29%
1141 Mike Bibby 39.22 2005 SAC PG 3334
29%
1407 Mike Bibby 37.73 2001 VAN PG 3094
29%
1732 Mike Bibby 36.26 2000 VAN PG 2973
29%
1880 Mike Bibby 35.70 2006 SAC PG 3142
29%
2060 Mike Bibby 34.97 2004 SAC PG 3287
29%
3288 Mike Bibby 30.93 2007 SAC PG 2536
29%
3399 Mike Bibby 30.62 1999 VAN PG 1531
29%
3689 Mike Bibby 29.76 2003 SAC PG 1994
29%
3860 Mike Bibby 29.26 2009 ATL PG 2633
29%
3861 Mike Bibby 29.25 2008 ATL,SAC PG 1609
29%
3901 Mike Bibby 29.15 2002 SAC PG 2798
29%
1183 Mike Conley 39.01 2019 MEM PG 2731
29%
1252 Mike Conley 38.64 2017 MEM PG 2898
29%
2244 Mike Conley 34.28 2014 MEM PG 2742
29%
2488 Mike Conley 33.37 2021 UTA PG 1902
29%
2596 Mike Conley 33.01 2013 MEM PG 3136
29%
2950 Mike Conley 31.94 2011 MEM PG 3002
29%
2952 Mike Conley 31.93 2016 MEM PG 1788
29%
3327 Mike Conley 30.83 2012 MEM PG 2127
29%
3426 Mike Conley 30.56 2015 MEM PG 2384
29%
3821 Mike Conley 29.36 2023 MIN,UTA PG 2173
29%
4043 Mike Conley 28.75 2018 MEM PG 345
29%
4116 Mike Conley 28.58 2022 UTA PG 2229
29%
4330 Mike Conley 28.02 2020 UTA PG 1457
29%
4477 Mike Conley 27.67 2024 MIN PG 2518
29%
4963 Mike Conley 26.51 2010 MEM PG 2121
29%
1591 Muggsy Bogues 36.92 1994 CHH PG 2843
29%
1935 Muggsy Bogues 35.47 1990 CHH PG 2873
29%
2557 Muggsy Bogues 33.13 1993 CHH PG 2982
29%
2763 Muggsy Bogues 32.51 1995 CHH PG 2666
29%
2914 Muggsy Bogues 32.04 1992 CHH PG 2627
29%
4364 Muggsy Bogues 27.93 1991 CHH PG 2262
29%
5289 Muggsy Bogues 25.84 1997 CHH PG 1731
29%
5896 Muggsy Bogues 24.63 1989 CHH PG 1946
29%
4048 Nic Claxton 28.74 2023 BRK C 2299
29%
4093 Nic Claxton 28.63 2024 BRK C 2033
29%
1156 Nick Van Exel 39.15 2000 DEN PG 3093
29%
1161 Nick Van Exel 39.14 2001 DEN PG 2779
29%
1394 Nick Van Exel 37.80 1995 LAL PG 3402
29%
1861 Nick Van Exel 35.77 1997 LAL PG 3148
29%
2144 Nick Van Exel 34.63 2002 DAL,DEN SG,PG 2770
29%
2222 Nick Van Exel 34.36 1999 DEN PG 1718
29%
2922 Nick Van Exel 32.01 1996 LAL PG 2497
29%
3531 Nick Van Exel 30.25 1998 LAL PG 2329
29%
3896 Nick Van Exel 29.16 1994 LAL PG 2362
29%
5029 Nick Van Exel 26.36 2004 GSW PG 1028
29%
5180 Nick Van Exel 26.05 2003 DAL SG 2423
29%
3744 OG Anunoby 29.57 2022 TOR SF 1597
29%
4249 OG Anunoby 28.25 2023 TOR SF 1921
29%
4329 OG Anunoby 28.02 2021 TOR SF 1205
29%
5624 OG Anunoby 25.19 2024 NYK,TOR SF 1486
29%
1966 Otis Birdsong 35.35 1981 KCK SG 2793
29%
2227 Otis Birdsong 34.33 1979 KCK SG 2987
29%
2422 Otis Birdsong 33.62 1980 KCK SG 2858
29%
2540 Otis Birdsong 33.18 1985 NJN SG 1858
29%
3328 Otis Birdsong 30.83 1984 NJN SG 2466
29%
4809 Otis Birdsong 26.88 1986 NJN SG 2150
29%
4938 Otis Birdsong 26.58 1983 NJN SG 1701
29%
1208 Otis Thorpe 38.91 1988 SAC PF 3191
29%
2042 Otis Thorpe 35.05 1987 SAC PF 2874
29%
2052 Otis Thorpe 35.01 1992 HOU PF 2871
29%
2421 Otis Thorpe 33.62 1991 HOU PF 2858
29%
2456 Otis Thorpe 33.48 1990 HOU PF 2879
29%
2768 Otis Thorpe 32.49 1989 HOU PF 2794
29%
3730 Otis Thorpe 29.63 1994 HOU PF 3111
29%
4529 Otis Thorpe 27.54 1996 DET PF 2341
29%
4695 Otis Thorpe 27.17 1993 HOU PF 2282
29%
5636 Otis Thorpe 25.15 1995 POR,HOU PF 1836
29%
5764 Otis Thorpe 24.89 1997 DET C 2091
29%
4814 Otto Moore 26.86 1976 NOJ C 2176
29%
5004 Otto Moore 26.40 1973 HOU C 2165
29%
5446 Otto Moore 25.53 1970 DET C 2068
29%
3951 Pat Cummings 29.03 1986 NYK C 900
29%
4119 Pat Cummings 28.57 1985 NYK C 1800
29%
5305 Pat Cummings 25.80 1984 DAL PF 2322
29%
5483 Pat Cummings 25.46 1983 DAL C 2062
29%
1353 Paul Silas 38.05 1972 PHO PF 3044
29%
2821 Paul Silas 32.32 1973 BOS PF 3006
29%
3308 Paul Silas 30.87 1970 PHO PF 2624
29%
3449 Paul Silas 30.49 1971 PHO PF 2470
29%
3711 Paul Silas 29.70 1976 BOS PF 2940
29%
3752 Paul Silas 29.54 1975 BOS PF 2747
29%
3979 Paul Silas 28.97 1968 STL PF 2549
29%
4487 Paul Silas 27.65 1974 BOS PF 2765
29%
4609 P.J. Washington 27.36 2023 CHO PF 1997
29%
4920 P.J. Washington 26.63 2021 CHO PF 1731
29%
1906 Rashard Lewis 35.58 2007 SEA SF 2135
29%
3035 Rashard Lewis 31.72 2006 SEA SF 2474
29%
3300 Rashard Lewis 30.89 2009 ORL PF 3182
29%
3374 Rashard Lewis 30.69 2008 ORL PF 2793
29%
3443 Rashard Lewis 30.53 2004 SEA SF 2442
29%
3569 Rashard Lewis 30.13 2005 SEA SF 2380
29%
3658 Rashard Lewis 29.86 2003 SEA SF 2299
29%
4006 Rashard Lewis 28.88 2002 SEA SF 2137
29%
4913 Rashard Lewis 26.64 2001 SEA PF 2078
29%
2083 Reggie Lewis 34.89 1993 BOS SG 2826
29%
2326 Reggie Lewis 34.02 1992 BOS SG 3130
29%
2971 Reggie Lewis 31.88 1991 BOS SG 2869
29%
3231 Reggie Lewis 31.11 1989 BOS SF 2613
29%
3816 Reggie Lewis 29.37 1990 BOS SG 2467
29%
1411 Richard Jefferson 37.70 2005 NJN SF 1395
29%
2045 Richard Jefferson 35.03 2006 NJN SF 3118
29%
2281 Richard Jefferson 34.15 2008 NJN SF 2800
29%
2432 Richard Jefferson 33.57 2004 NJN SF 3122
29%
3614 Richard Jefferson 29.99 2009 MIL SF 2459
29%
4322 Richard Jefferson 28.04 2003 NJN SF 2804
29%
4525 Richard Jefferson 27.55 2007 NJN SF 1846
29%
5147 Richard Washington 26.12 1978 KCK PF 2037
29%
5463 Richard Washington 25.49 1977 KCK PF 2090
29%
3484 Rik Smits 30.41 1995 IND C 2889
29%
3638 Rik Smits 29.93 1996 IND C 2035
29%
4294 Rik Smits 28.13 1997 IND C 1463
29%
4476 Rik Smits 27.67 1998 IND C 2463
29%
4509 Rik Smits 27.60 1990 IND C 2346
29%
4614 Rik Smits 27.35 1994 IND C 2571
29%
4752 R.J. Hunter 27.00 2019 BOS SG 27
29%
1937 Rolando Blackman 35.46 1984 DAL SG 3227
29%
2668 Rolando Blackman 32.77 1986 DAL SG 3015
29%
2801 Rolando Blackman 32.38 1985 DAL SG 2752
29%
2822 Rolando Blackman 32.32 1987 DAL SG 2715
29%
3039 Rolando Blackman 31.70 1991 DAL SG 2536
29%
3062 Rolando Blackman 31.64 1989 DAL SG 2468
29%
3125 Rolando Blackman 31.46 1990 DAL SG 2611
29%
3334 Rolando Blackman 30.81 1988 DAL SG 2711
29%
4373 Rolando Blackman 27.91 1992 DAL SG 2093
29%
4589 Rolando Blackman 27.40 1983 DAL SG 2055
29%
4668 Rondae Hollis-Jefferson 27.24 2018 BRK SF 1852
29%
5487 Ron Lee 25.45 1978 PHO PG 2138
29%
1818 Rudy Gay 35.93 2015 SAC SF 2443
29%
2196 Rudy Gay 34.44 2011 MEM SF 1860
29%
2395 Rudy Gay 33.74 2014 SAC,TOR SF 2463
29%
2619 Rudy Gay 32.93 2017 SAC SF 988
29%
2747 Rudy Gay 32.56 2008 MEM SF 2637
29%
2937 Rudy Gay 31.99 2012 MEM SF 2303
29%
2944 Rudy Gay 31.96 2013 MEM,TOR SF 2397
29%
3083 Rudy Gay 31.59 2010 MEM SF 2527
29%
3666 Rudy Gay 29.84 2009 MEM SF 2357
29%
3839 Rudy Gay 29.30 2016 SAC SF 2051
29%
4894 Rudy Gay 26.68 2019 SAS PF 2028
29%
800 Rudy Tomjanovich 41.66 1974 HOU SF 3333
29%
1925 Rudy Tomjanovich 35.52 1975 HOU PF 3161
29%
1997 Rudy Tomjanovich 35.23 1973 HOU PF 2854
29%
2109 Rudy Tomjanovich 34.74 1977 HOU PF 3231
29%
2765 Rudy Tomjanovich 32.51 1976 HOU PF 2568
29%
3203 Rudy Tomjanovich 31.17 1978 HOU SF 717
29%
3268 Rudy Tomjanovich 31.00 1979 HOU PF 2356
29%
3657 Rudy Tomjanovich 29.86 1972 HOU PF 2329
29%
5961 Shaun Livingston 24.50 2007 LAC PG 1323
29%
4183 Speedy Claxton 28.40 2005 GSW,NOH PG 1761
29%
5131 Speedy Claxton 26.14 2006 NOK PG 1856
29%
5364 Stacey Augmon 25.67 1994 ATL SG 2387
29%
5531 Stacey Augmon 25.35 1995 ATL SG 2003
29%
5611 Stacey Augmon 25.21 1992 ATL SG 2067
29%
938 Terrell Brandon 40.59 2000 MIN PG 3044
29%
1297 Terrell Brandon 38.38 1998 MIL PG 1919
29%
1352 Terrell Brandon 38.05 1997 CLE PG 2968
29%
1377 Terrell Brandon 37.90 1996 CLE PG 2956
29%
1466 Terrell Brandon 37.50 1999 MIN,MIL PG 1500
29%
1583 Terrell Brandon 36.95 2001 MIN PG 3030
29%
2420 Terrell Brandon 33.63 2002 MIN PG 1076
29%
4074 Terrell Brandon 28.69 1995 CLE PG 1922
29%
743 Terry Cummings 42.13 1983 SDC PF 2949
29%
878 Terry Cummings 40.99 1985 MIL PF 3566
29%
1296 Terry Cummings 38.38 1990 SAS PF 3493
29%
1405 Terry Cummings 37.75 1984 SDC PF 3058
29%
1479 Terry Cummings 37.43 1987 MIL PF 3518
29%
1509 Terry Cummings 37.26 1989 MIL SF 3167
29%
1841 Terry Cummings 35.83 1986 MIL PF 3440
29%
1957 Terry Cummings 35.38 1988 MIL PF 2866
29%
3212 Terry Cummings 31.15 1991 SAS PF 2212
29%
3230 Terry Cummings 31.11 1992 SAS PF 2271
29%
1012 Tom Gugliotta 40.11 1997 MIN PF 3369
29%
1200 Tom Gugliotta 38.93 1998 MIN SF 1596
29%
1708 Tom Gugliotta 36.36 1994 WSB PF 2836
29%
2285 Tom Gugliotta 34.13 1996 MIN PF 2662
29%
2349 Tom Gugliotta 33.94 1993 WSB PF 2749
29%
2611 Tom Gugliotta 32.96 1999 PHO PF 1516
29%
3651 Tom Gugliotta 29.87 1995 GSW,MIN,WSB PF,SF 2300
29%
4277 Tom Gugliotta 28.19 2000 PHO PF 1522
29%
1633 Tom Heinsohn 36.69 1960 BOS PF 3229
29%
1954 Tom Heinsohn 35.40 1962 BOS PF 3292
29%
2086 Tom Heinsohn 34.87 1961 BOS PF 2929
29%
2424 Tom Heinsohn 33.62 1959 BOS PF 2589
29%
3058 Tom Heinsohn 31.65 1958 BOS PF 2532
29%
3503 Tom Heinsohn 30.34 1957 BOS PF 2488
29%
3625 Tom Heinsohn 29.96 1963 BOS PF 2666
29%
4431 Tom Heinsohn 27.78 1964 BOS PF 2389
29%
1836 Tom Owens 35.86 1979 POR C 3048
29%
3612 Tom Owens 30.00 1980 POR C 2370
29%
2400 Tom Van Arsdale 33.72 1970 CIN SF 2394
29%
2489 Tom Van Arsdale 33.37 1971 CIN SF 2736
29%
3400 Tom Van Arsdale 30.62 1974 PHI SF 2388
29%
3800 Tom Van Arsdale 29.40 1969 CIN SG 2264
29%
3810 Tom Van Arsdale 29.38 1972 CIN SF 2145
29%
4205 Tom Van Arsdale 28.37 1975 ATL,PHI SF 2326
29%
1894 Tony Campbell 35.63 1990 MIN SG 2922
29%
2315 Tony Campbell 34.04 1991 MIN SG 2621
29%
4433 Tony Campbell 27.77 1992 MIN SF 2166
29%
3786 Troy Hudson 29.46 2003 MIN PG 2504
29%
1816 Tyler Herro 35.94 2024 MIA SG 1761
29%
2148 Tyler Herro 34.61 2023 MIA SG 2423
29%
2812 Tyler Herro 32.35 2022 MIA SG 2620
29%
4736 Tyler Herro 27.05 2021 MIA SG 1569
29%
940 Victor Oladipo 40.56 2018 IND SG 3326
29%
1637 Victor Oladipo 36.67 2019 IND SG 1320
29%
1907 Victor Oladipo 35.58 2021 HOU,IND,MIA SG 1174
29%
2839 Victor Oladipo 32.26 2015 ORL SG 2323
29%
3261 Victor Oladipo 31.00 2016 ORL SG 2232
29%
4274 Victor Oladipo 28.19 2014 ORL PG 2255
29%
4896 Victor Oladipo 26.68 2017 OKC SG 1921
29%
5248 Victor Oladipo 25.91 2020 IND SG 596
29%
5500 Wayne Cooper 25.42 1986 DEN C 2186
29%
5909 Wayne Cooper 24.61 1985 DEN C 2338
29%
5335 Wesley Matthews 25.72 2015 POR SG 1543
29%
5494 Wesley Matthews 25.44 2014 POR SG 2366
29%
5504 Wesley Person 25.41 1998 CLE SG 2185
29%
5836 Wesley Person 24.74 2002 CLE SG 1930
29%
4490 Wes Matthews 27.64 1986 SAS PG 2156
29%
5155 Wes Matthews 26.10 1981 ATL,WSB PG 2062
29%
4272 Aaron McKie 28.19 2001 PHI SG 2791
14%
5828 Aaron McKie 24.75 2002 PHI SG 1312
14%
5295 Alec Burks 25.81 2020 PHI,GSW SG,SF 1807
14%
5728 Alec Burks 24.96 2015 UTA SG 674
14%
2976 Andray Blatche 31.86 2011 WAS PF 2039
14%
4959 Andray Blatche 26.52 2010 WAS PF 2148
14%
1645 Andrei Kirilenko 36.61 2006 UTA SF 2526
14%
1936 Andrei Kirilenko 35.46 2004 UTA PF 2766
14%
2525 Andrei Kirilenko 33.22 2005 UTA PF 1362
14%
5195 Andrei Kirilenko 26.02 2013 MIN SF 1665
14%
5307 Andrei Kirilenko 25.80 2008 UTA SF 2167
14%
5588 Andrei Kirilenko 25.25 2011 UTA SF 1616
14%
1927 Andrew Bynum 35.50 2012 LAL C 2556
14%
3883 Andrew Bynum 29.20 2008 LAL C 1022
14%
5192 Andrew Bynum 26.03 2011 LAL C 1666
14%
5676 Andrew Bynum 25.07 2010 LAL C 2206
14%
2121 Andy Phillip 34.71 1952 PHW SG 2395
14%
3458 Andy Phillip 30.47 1951 PHW 2072
14%
3831 Andy Phillip 29.32 1955 FTW PG 2199
14%
4931 Andy Phillip 26.60 1954 FTW PG 1995
14%
5038 Andy Phillip 26.33 1953 FTW,PHW SG,PG 2054
14%
2686 Bill Sharman 32.72 1956 BOS SG 2454
14%
2884 Bill Sharman 32.14 1957 BOS SG 2475
14%
2936 Bill Sharman 31.99 1958 BOS SG 2367
14%
3057 Bill Sharman 31.65 1955 BOS SG 2374
14%
3858 Bill Sharman 29.27 1959 BOS SG 2429
14%
4978 Bill Sharman 26.48 1960 BOS SG 2224
14%
5219 Bill Sharman 25.97 1954 BOS SG 2026
14%
5659 Bill Sharman 25.09 1953 BOS SG 1932
14%
714 Billy Knight 42.47 1977 IND SF 3313
14%
1360 Billy Knight 38.02 1978 BUF SF 2015
14%
4517 Billy Knight 27.57 1981 IND SG 2316
14%
4796 Billy Knight 26.90 1983 IND SG 2152
14%
5431 B.J. Armstrong 25.57 1994 CHI PG 2352
14%
5578 B.J. Armstrong 25.27 1996 GSW PG 2072
14%
998 Bob Kauffman 40.21 1971 BUF C 3136
14%
1203 Bob Kauffman 38.92 1973 BUF SF 2997
14%
1601 Bob Kauffman 36.86 1972 BUF PF 2838
14%
493 Bob Rule 44.75 1971 SEA C 179
14%
1215 Bob Rule 38.88 1969 SEA C 3188
14%
1277 Bob Rule 38.48 1970 SEA C 3078
14%
3619 Bob Rule 29.98 1968 SEA C 2458
14%
5625 Bob Rule 25.18 1972 PHI,SEA C 1914
14%
5392 Bob Weiss 25.63 1970 CHI PG 2230
14%
4256 Bogdan Bogdanovic 28.24 2024 ATL SG 2259
14%
4570 Bogdan Bogdanovic 27.45 2021 ATL SG 1702
14%
4921 Bogdan Bogdanovic 26.62 2020 SAC SG 1624
14%
4975 Bogdan Bogdanovic 26.49 2019 SAC SG 1854
14%
5007 Bogdan Bogdanovic 26.39 2022 ATL SG 1821
14%
3193 Bojan Bogdanovic 31.22 2023 DET PF 1842
14%
3898 Bojan Bogdanovic 29.16 2020 UTA SF 1837
14%
4722 Bojan Bogdanovic 27.11 2019 IND SF 2304
14%
5045 Bojan Bogdanovic 26.32 2022 UTA PF 1974
14%
5465 Bojan Bogdanovic 25.48 2021 UTA SF 2115
14%
3539 Bonzi Wells 30.22 2002 POR SG 2327
14%
3561 Bonzi Wells 30.16 2006 SAC SG 1749
14%
3782 Bonzi Wells 29.46 2003 POR SG 2416
14%
5900 Bonzi Wells 24.63 2001 POR SF 1847
14%
2036 Boris Diaw 35.07 2006 PHO PF 3542
14%
4269 Boris Diaw 28.20 2009 CHA,PHO PF 2284
14%
5205 Boris Diaw 26.00 2011 CHA PF 2132
14%
5409 Boris Diaw 25.60 2010 CHA PF 2202
14%
2024 Brandon Knight 35.13 2016 PHO SG 1827
14%
2623 Brandon Knight 32.92 2015 MIL,PHO PG,SG 2074
14%
2781 Brandon Knight 32.44 2014 MIL PG 2336
14%
5423 Brandon Knight 25.57 2013 DET PG 1918
14%
5946 Brandon Knight 24.53 2012 DET PG 1619
14%
1834 Brevin Knight 35.87 2006 CHA PG 2475
14%
2717 Brevin Knight 32.64 2005 CHA PG 2154
14%
3309 Brevin Knight 30.87 1998 CLE PG 2593
14%
3493 Brevin Knight 30.38 1999 CLE PG 1185
14%
4234 Brevin Knight 28.29 2000 CLE PG 1839
14%
5037 Brevin Knight 26.33 2007 CHA PG 1185
14%
2859 Brian Taylor 32.22 1977 KCK PG 2320
14%
4868 Brian Taylor 26.74 1980 SDC PG 2086
14%
5358 Brian Taylor 25.68 1982 SDC PG 1053
14%
5820 Brian Taylor 24.78 1981 SDC PG 1982
14%
2008 Brian Winters 35.18 1978 MIL SG 3131
14%
2517 Brian Winters 33.25 1979 MIL SG 2627
14%
2602 Brian Winters 32.99 1976 MIL SG 2672
14%
2663 Brian Winters 32.78 1977 MIL SG 2557
14%
3703 Brian Winters 29.71 1980 MIL SG 2585
14%
4265 Brian Winters 28.21 1982 MIL SG 1890
14%
4956 Calbert Cheaney 26.53 1995 WSB SG 2069
14%
1026 Calvin Murphy 40.00 1976 HOU PG 3280
14%
1090 Calvin Murphy 39.59 1974 HOU PG 3207
14%
1766 Calvin Murphy 36.13 1978 HOU SG 2746
14%
2589 Calvin Murphy 33.03 1975 HOU PG 2841
14%
2851 Calvin Murphy 32.24 1979 HOU PG 2708
14%
3032 Calvin Murphy 31.72 1977 HOU PG 2982
14%
3072 Calvin Murphy 31.61 1980 HOU SG 2624
14%
3294 Calvin Murphy 30.91 1972 HOU PG 2535
14%
4822 Calvin Murphy 26.84 1971 SDR PG 2201
14%
5458 Calvin Murphy 25.49 1981 HOU PG 2422
14%
1292 Calvin Natt 38.40 1985 DEN PF 3571
14%
2178 Calvin Natt 34.53 1980 POR,NJN SF 2797
14%
2526 Calvin Natt 33.22 1983 POR SF 2890
14%
3208 Calvin Natt 31.16 1982 POR SF 2337
14%
3601 Calvin Natt 30.03 1986 DEN PF 2372
14%
4292 Calvin Natt 28.14 1984 POR SF 2364
14%
5936 Calvin Natt 24.55 1981 POR SF 1890
14%
1533 Caris LeVert 37.19 2021 BRK,IND SG 1748
14%
2247 Caris LeVert 34.27 2020 BRK SG 1679
14%
3407 Caris LeVert 30.60 2022 CLE,IND SG 1836
14%
4156 Caris LeVert 28.48 2024 CLE SG 2250
14%
4610 Caris LeVert 27.36 2019 BRK SF 1231
14%
5391 Caris LeVert 25.63 2018 BRK SF 1820
14%
5706 Caris LeVert 25.01 2023 CLE SG 1976
14%
2849 Carl Braun 32.24 1958 NYK PG 2289
14%
4632 Carl Braun 27.32 1956 NYK SG 1967
14%
4660 Carl Braun 27.26 1955 NYK SG 2017
14%
5177 Carl Braun 26.06 1960 NYK PG 1407
14%
5908 Carl Braun 24.61 1957 NYK PG 1772
14%
5902 Charlie Ward 24.62 1998 NYK PG 2265
14%
2905 Chet Holmgren 32.07 2024 OKC C 2950
14%
5761 Chris Boucher 24.90 2021 TOR C 1494
14%
3765 Chris Gatling 29.51 1997 DAL,NJN PF 1387
14%
5867 Chris Gatling 24.69 1995 GSW PF 1432
14%
4224 Chris Morris 28.32 1991 NJN SF 2237
14%
5053 Chris Morris 26.30 1990 NJN SF 2104
14%
5268 Chris Morris 25.88 1992 NJN SF 2096
14%
5448 Chris Morris 25.52 1993 NJN SF 2093
14%
5651 Chris Morris 25.11 1995 NJN SF 1783
14%
5903 Chris Morris 24.62 1989 NJN SF 1871
14%
1649 Christian Laettner 36.60 1994 MIN PF 2562
14%
2110 Christian Laettner 34.74 1993 MIN PF 2814
14%
2297 Christian Laettner 34.09 1997 ATL PF 3136
14%
2935 Christian Laettner 31.99 1995 MIN C 2591
14%
3417 Christian Laettner 30.58 1996 ATL,MIN C 2569
14%
4773 Christian Laettner 26.95 1998 ATL PF 2102
14%
5838 Christian Laettner 24.74 2000 DET C 2103
14%
1093 Clem Haskins 39.55 1970 CHI SG 3441
14%
3224 Clem Haskins 31.12 1971 PHO PG 2552
14%
3787 Clem Haskins 29.46 1969 CHI PG 2327
14%
4992 Clem Haskins 26.43 1972 PHO PG 2088
14%
1067 Clyde Lovellette 39.73 1956 MNL C 2940
14%
1191 Clyde Lovellette 38.97 1958 CIN C 2845
14%
1310 Clyde Lovellette 38.30 1957 MNL C 2834
14%
1838 Clyde Lovellette 35.85 1961 STL C 2689
14%
2066 Clyde Lovellette 34.95 1960 STL C 2866
14%
2572 Clyde Lovellette 33.08 1962 STL C 1323
14%
2776 Clyde Lovellette 32.47 1955 MNL C 2500
14%
5290 Clyde Lovellette 25.83 1959 STL C 1963
14%
3525 Craig Ehlo 30.27 1990 CLE SG 2603
14%
5213 Craig Ehlo 25.99 1992 CLE SG 2079
14%
5236 Craig Ehlo 25.94 1991 CLE SG 2127
14%
2808 Curtis Perry 32.35 1975 PHO PF 2556
14%
3857 Curtis Perry 29.27 1976 PHO PF 2634
14%
5715 Curtis Perry 25.00 1977 PHO PF 1100
14%
890 Dana Barros 40.87 1995 PHI PG 3351
14%
4528 Dana Barros 27.54 1994 PHI PG 2231
14%
2836 Danilo Gallinari 32.27 2019 LAC SF 2388
14%
3235 Danilo Gallinari 31.09 2016 DEN SF 1648
14%
4152 Danilo Gallinari 28.49 2017 DEN SF 1795
14%
4349 Danilo Gallinari 27.97 2020 OKC PF 1930
14%
4454 Danilo Gallinari 27.72 2013 DEN SF 1968
14%
5204 Danilo Gallinari 26.00 2012 DEN SF 1300
14%
5687 Danilo Gallinari 25.05 2018 LAC SF 526
14%
5729 Danilo Gallinari 24.96 2010 NYK SF 2022
14%
5806 Danilo Gallinari 24.81 2011 DEN,NYK SF,PF 1662
14%
2930 Dan Majerle 31.99 1992 PHO SF 2847
14%
3190 Dan Majerle 31.24 1993 PHO SG 3311
14%
3914 Dan Majerle 29.11 1994 PHO SG 2620
14%
4095 Dan Majerle 28.63 1995 PHO SF 2634
14%
5091 Dan Majerle 26.22 1991 PHO SF 2124
14%
1250 Dan Roundfield 38.65 1983 ATL PF 3092
14%
1319 Dan Roundfield 38.25 1982 ATL PF 2410
14%
1837 Dan Roundfield 35.86 1981 ATL PF 2259
14%
1961 Dan Roundfield 35.37 1984 ATL PF 2759
14%
2214 Dan Roundfield 34.38 1980 ATL PF 2957
14%
2519 Dan Roundfield 33.25 1979 ATL PF 2959
14%
3130 Dan Roundfield 31.44 1978 IND PF 2484
14%
4416 Dan Roundfield 27.80 1977 IND PF 1696
14%
5583 Dan Roundfield 25.26 1986 WSB PF 2122
14%
1772 Darrell Armstrong 36.09 2001 ORL PG 2851
14%
2359 Darrell Armstrong 33.90 2000 ORL PG 2780
14%
2551 Darrell Armstrong 33.15 1999 ORL PG 1790
14%
3886 Darrell Armstrong 29.19 2002 ORL PG 2510
14%
1960 Darrell Griffith 35.38 1983 UTA SG 2724
14%
2207 Darrell Griffith 34.41 1985 UTA SG 3028
14%
2639 Darrell Griffith 32.86 1984 UTA SG 3056
14%
3344 Darrell Griffith 30.78 1981 UTA SG 2493
14%
3650 Darrell Griffith 29.88 1982 UTA SG 2390
14%
2829 Darren Collison 32.29 2015 SAC PG 1453
14%
4465 Darren Collison 27.70 2019 IND PG 2216
14%
4581 Darren Collison 27.42 2010 NOH PG 2084
14%
4718 Darren Collison 27.12 2011 IND PG 2278
14%
4769 Darren Collison 26.96 2018 IND PG 2049
14%
5065 Darren Collison 26.28 2013 DAL PG 2129
14%
5230 Darren Collison 25.95 2016 SAC PG 1920
14%
5319 Darren Collison 25.76 2017 SAC PG 1752
14%
3849 Dave Meyers 29.29 1978 MIL PF 2607
14%
5949 Dave Meyers 24.52 1980 MIL PF 2109
14%
1530 David Wesley 37.20 1997 BOS PG 2753
14%
2787 David Wesley 32.42 1999 CHH PG 1621
14%
3477 David Wesley 30.42 2001 CHH SG 2799
14%
3507 David Wesley 30.33 1998 CHH PG 2730
14%
3987 David Wesley 28.94 2000 CHH PG 2489
14%
4768 David Wesley 26.96 2003 NOH SG 2130
14%
5010 David Wesley 26.39 1996 BOS PG 2164
14%
5788 David Wesley 24.84 2002 CHH SG 1888
14%
4016 Derrick McKey 28.86 1989 SEA SF 2597
14%
4125 Derrick McKey 28.56 1990 SEA SF 2285
14%
4462 Derrick McKey 27.71 1994 IND SF 2549
14%
4638 Derrick McKey 27.31 1991 SEA SF 2103
14%
4733 Derrick McKey 27.07 1992 SEA SF 1651
14%
4742 Derrick McKey 27.03 1995 IND SF 2649
14%
5615 Derrick McKey 25.20 1996 IND SF 2016
14%
5710 Derrick McKey 25.01 1993 SEA SF 2401
14%
3076 Don May 31.61 1971 BUF SF 2402
14%
4885 Donte DiVincenzo 26.70 2024 NYK SG 2510
14%
2648 Drazen Petrovic 32.83 1993 NJN SG 2462
14%
3116 Drazen Petrovic 31.48 1992 NJN SG 2707
14%
5129 Earl Barron 26.14 2010 NYK C 183
14%
5027 Earl Boykins 26.36 2007 DEN,MIL PG 1740
14%
4008 Eddie Miles 28.88 1966 DET PG 2310
14%
4653 Eddie Miles 27.28 1968 DET SG 2237
14%
5325 Eddie Miles 25.74 1967 DET SG 2085
14%
5735 Ed Fleming 24.96 1956 ROC SG 1772
14%
1520 Ed Macauley 37.23 1953 BOS C 2792
14%
1595 Ed Macauley 36.89 1951 BOS 2582
14%
2179 Ed Macauley 34.52 1952 BOS C 2382
14%
2370 Ed Macauley 33.86 1955 BOS C 2641
14%
2452 Ed Macauley 33.49 1954 BOS C 2545
14%
3995 Ed Macauley 28.92 1956 BOS C 2140
14%
4421 Ed Macauley 27.79 1957 STL PF 2279
14%
967 Eric Bledsoe 40.42 2017 PHO PG 2668
14%
1120 Eric Bledsoe 39.32 2016 PHO PG 1219
14%
1665 Eric Bledsoe 36.52 2015 PHO PG 2958
14%
1978 Eric Bledsoe 35.30 2014 PHO PG 1518
14%
2448 Eric Bledsoe 33.49 2018 MIL,PHO PG 2713
14%
2777 Eric Bledsoe 32.46 2019 MIL PG 3019
14%
3131 Eric Bledsoe 31.44 2020 MIL PG 2201
14%
2040 Ernie DiGregorio 35.06 1974 BUF PG 3050
14%
4196 Evan Fournier 28.38 2020 ORL SF 2015
14%
4377 Evan Fournier 27.90 2021 BOS,ORL SF 1339
14%
4400 Evan Fournier 27.82 2018 ORL SF 1586
14%
4681 Evan Fournier 27.21 2017 ORL SG 1850
14%
5051 Evan Fournier 26.30 2019 ORL SG 2262
14%
5794 Evan Fournier 24.84 2016 ORL SF 1962
14%
4049 Frank Ramsey 28.74 1958 BOS SG 2299
14%
4693 Frank Ramsey 27.17 1959 BOS SG 2255
14%
5022 Frank Ramsey 26.37 1960 BOS SG 2268
14%
5878 Frank Ramsey 24.66 1961 BOS SG 2195
14%
1738 Gar Heard 36.23 1974 BUF PF 3152
14%
3589 Gar Heard 30.07 1975 BUF PF 2225
14%
4085 Gar Heard 28.65 1976 PHO,BUF PF 3008
14%
5451 Gar Heard 25.52 1977 PHO PF 1174
14%
3316 Gene Banks 30.85 1983 SAS PF 2838
14%
4211 Gene Banks 28.34 1984 SAS PF 2267
14%
5260 Gerald Henderson Jr. 25.90 2013 CHA SG 1761
14%
5703 Gerald Henderson Jr. 25.02 2012 CHA SG 1376
14%
2968 Gerald Henderson Sr. 31.89 1985 SEA PG 2519
14%
3949 Gerald Henderson Sr. 29.04 1986 SEA PG 2381
14%
4555 Gerald Henderson Sr. 27.49 1987 NYK,SEA PG 2034
14%
1545 Goran Dragic 37.12 2017 MIA PG 2710
14%
1590 Goran Dragic 36.93 2014 PHO SG 2807
14%
2170 Goran Dragic 34.55 2013 PHO PG 2660
14%
2961 Goran Dragic 31.90 2018 MIA PG 2552
14%
3275 Goran Dragic 30.97 2020 MIA PG 2354
14%
3379 Goran Dragic 30.67 2016 MIA PG 2638
14%
3600 Goran Dragic 30.03 2015 MIA,PHO PG,SG 2342
14%
4573 Goran Dragic 27.44 2019 MIA PG 988
14%
5026 Goran Dragic 26.36 2012 HOU PG 1740
14%
5069 Goran Dragic 26.28 2021 MIA PG 1419
14%
2093 Greg Ballard 34.83 1982 WSB SF 2995
14%
2520 Greg Ballard 33.24 1983 WSB SF 2593
14%
3864 Greg Ballard 29.24 1981 WSB SF 2398
14%
3875 Greg Ballard 29.22 1984 WSB SF 2513
14%
4066 Greg Ballard 28.70 1980 WSB SF 2411
14%
5346 Greg Ballard 25.71 1985 WSB SF 2211
14%
431 Guy Rodgers 45.33 1966 SFW SG 3581
14%
549 Guy Rodgers 44.01 1967 CHI PG 3697
14%
1063 Guy Rodgers 39.77 1963 SFW PG 3142
14%
1641 Guy Rodgers 36.63 1961 PHW PG 2967
14%
2603 Guy Rodgers 32.99 1965 SFW SG 2606
14%
3024 Guy Rodgers 31.75 1960 PHW PG 2445
14%
3727 Guy Rodgers 29.64 1964 SFW PG 2697
14%
3933 Guy Rodgers 29.08 1962 PHW PG 2675
14%
4115 Guy Rodgers 28.58 1959 PHW PG 1286
14%
4778 Guy Rodgers 26.94 1969 MIL PG 2182
14%
2312 Happy Hairston 34.05 1974 LAL PF 2792
14%
2725 Happy Hairston 32.60 1969 DET PF 2641
14%
2730 Happy Hairston 32.60 1971 LAL PF 2999
14%
3112 Happy Hairston 31.48 1973 LAL PF 976
14%
3284 Happy Hairston 30.94 1972 LAL PF 2939
14%
3745 Happy Hairston 29.57 1970 LAL,DET PF 2543
14%
4122 Happy Hairston 28.57 1975 LAL PF 2114
14%
4275 Happy Hairston 28.19 1968 DET,CIN PF 2255
14%
1694 Hedo Turkoglu 36.40 2008 ORL SF 3349
14%
2778 Hedo Turkoglu 32.46 2009 ORL SF 3278
14%
5252 Hedo Turkoglu 25.91 2006 ORL SF 2021
14%
5566 Hedo Turkoglu 25.31 2010 TOR SF 1873
14%
5744 Hedo Turkoglu 24.94 2007 ORL SF 1920
14%
5842 Hedo Turkoglu 24.74 2011 ORL,PHO SF,PF 2152
14%
3137 Immanuel Quickley 31.43 2024 NYK,TOR SG,PG 2137
14%
5269 Immanuel Quickley 25.88 2023 NYK SG 2303
14%
4908 Isaac Austin 26.65 1998 LAC,MIA C 2079
14%
3028 Isaiah Rider 31.74 1998 POR SG 2476
14%
3043 Isaiah Rider 31.68 2000 ATL SG 1901
14%
3104 Isaiah Rider 31.51 1995 MIN SG 2363
14%
3501 Isaiah Rider 30.35 1996 MIN SG 2276
14%
4859 Isaiah Rider 26.76 1994 MIN SG 2114
14%
5171 Isaiah Rider 26.06 1997 POR SG 2085
14%
323 Jack Twyman 46.96 1960 CIN SF 3522
14%
924 Jack Twyman 40.67 1959 CIN SF 2928
14%
1105 Jack Twyman 39.48 1961 CIN SF 3119
14%
1783 Jack Twyman 36.05 1962 CIN SF 3028
14%
2652 Jack Twyman 32.82 1963 CIN SF 3019
14%
4849 Jack Twyman 26.78 1958 CIN SF 1982
14%
5092 Jack Twyman 26.22 1964 CIN SF 2045
14%
5386 Jack Twyman 25.64 1956 ROC SF 1846
14%
5892 Jack Twyman 24.64 1957 ROC SG 1774
14%
5429 Jae Crowder 25.57 2017 BOS SF 2301
14%
5707 Jae Crowder 25.01 2016 BOS SF 1976
14%
3360 Jakob Poeltl 30.72 2022 SAS C 2120
14%
3952 Jakob Poeltl 29.03 2023 TOR,SAS C 2119
14%
4766 Jakob Poeltl 26.98 2024 TOR C 1349
14%
5003 James Bailey 26.40 1981 SEA PF 2165
14%
2558 Jay Humphries 33.13 1991 MIL PG 2750
14%
2919 Jay Humphries 32.02 1990 MIL PG 2690
14%
3097 Jay Humphries 31.54 1992 MIL PG 2239
14%
3166 Jay Humphries 31.32 1987 PHO PG 2568
14%
4040 Jay Humphries 28.76 1986 PHO PG 2358
14%
4342 Jay Humphries 28.00 1989 MIL PG 2296
14%
5787 Jay Humphries 24.84 1988 MIL,PHO PG 1739
14%
2301 Jay Vincent 34.07 1982 DAL PF 2760
14%
2714 Jay Vincent 32.64 1983 DAL PF 2644
14%
2947 Jay Vincent 31.95 1985 DAL PF 2652
14%
5932 Jay Vincent 24.56 1988 DEN SF 1989
14%
1299 Jeff Mullins 38.38 1972 GSW SG 3262
14%
1587 Jeff Mullins 36.95 1970 SFW SG 2734
14%
1678 Jeff Mullins 36.46 1969 SFW SG 3063
14%
2289 Jeff Mullins 34.11 1971 SFW SG 2729
14%
2294 Jeff Mullins 34.10 1968 SFW SG 3035
14%
3543 Jeff Mullins 30.21 1973 GSW SG 2779
14%
3994 Jeff Mullins 28.92 1974 GSW SG 2227
14%
5691 Jeff Mullins 25.04 1967 SFW SG 2304
14%
1799 Jerome Kersey 36.01 1988 POR SF 2989
14%
2022 Jerome Kersey 35.14 1989 POR SF 2776
14%
2878 Jerome Kersey 32.17 1990 POR SF 3313
14%
3394 Jerome Kersey 30.63 1991 POR SF 2726
14%
3451 Jerome Kersey 30.49 1992 POR SF 2988
14%
5726 Jerome Kersey 24.97 1987 POR SF 2147
14%
3833 Jim Brewer 29.32 1976 CLE PF 2785
14%
5748 Jim Brewer 24.93 1977 CLE PF 2094
14%
2434 Joe Caldwell 33.56 1970 ATL SG 3054
14%
4622 Joe Caldwell 27.34 1969 ATL SG 2515
14%
5296 Joe Caldwell 25.81 1968 STL SF 2194
14%
4067 Joe Ingles 28.70 2019 UTA PF 2497
14%
4950 Joe Ingles 26.54 2018 UTA SF 2468
14%
5557 Joe Ingles 25.32 2021 UTA SF 1975
14%
5766 Joe Ingles 24.89 2020 UTA PF 1966
14%
1867 John Bagley 35.74 1986 CLE PG 2788
14%
2692 John Bagley 32.71 1985 CLE PG 2780
14%
4252 John Bagley 28.24 1988 NJN PG 2316
14%
5176 John Bagley 26.06 1987 CLE PG 1876
14%
5126 Johnny Newman 26.15 1991 CHH SF 2118
14%
5540 Johnny Newman 25.35 1992 CHH SF 1394
14%
5533 Jonathan Isaac 25.35 2020 ORL PF 862
14%
2191 Jordan Clarkson 34.48 2023 UTA SG 2103
14%
3151 Jordan Clarkson 31.36 2024 UTA SG 1725
14%
4381 Jordan Clarkson 27.89 2021 UTA SG 2203
14%
5267 Jordan Clarkson 25.88 2019 CLE SG 2096
14%
5444 Jordan Clarkson 25.53 2016 LAL SG 2017
14%
5551 Jordan Clarkson 25.33 2022 UTA SG 2153
14%
2112 Jose Calderon 34.74 2009 TOR PG 2362
14%
2898 Jose Calderon 32.09 2012 TOR PG 1701
14%
2962 Jose Calderon 31.90 2011 TOR PG 2169
14%
3049 Jose Calderon 31.67 2008 TOR PG 2755
14%
4022 Jose Calderon 28.82 2013 DET,TOR PG 2104
14%
5690 Jose Calderon 25.04 2010 TOR PG 1703
14%
3564 Kelly Oubre Jr. 30.14 2020 PHO SF 1688
14%
3776 Kelly Oubre Jr. 29.48 2023 CHO SF 1415
14%
5271 Kelly Oubre Jr. 25.87 2021 GSW SF 1423
14%
5677 Kelly Oubre Jr. 25.07 2024 PHI SF 1880
14%
916 Kelly Tripucka 40.71 1983 DET SF 2361
14%
2084 Kelly Tripucka 34.88 1982 DET SF 2860
14%
2277 Kelly Tripucka 34.15 1989 CHH SF 2425
14%
2633 Kelly Tripucka 32.88 1984 DET SF 2663
14%
2869 Kelly Tripucka 32.19 1986 DET SF 2736
14%
4065 Kelly Tripucka 28.70 1985 DET SF 1837
14%
4973 Kelly Tripucka 26.49 1990 CHH SF 2093
14%
1311 Kendall Gill 38.29 1997 NJN SF 3140
14%
1675 Kendall Gill 36.48 1992 CHH SG 2882
14%
2994 Kendall Gill 31.83 1996 CHH,NJN SG 1496
14%
3102 Kendall Gill 31.51 1993 CHH SG 2458
14%
4946 Kendall Gill 26.55 1994 SEA SG 2230
14%
5313 Kendall Gill 25.77 1998 NJN SF 2165
14%
5827 Kendall Gill 24.76 1999 NJN SF 1238
14%
5870 Kendall Gill 24.68 2000 NJN SF 1876
14%
5942 Kenny Gattison 24.54 1992 CHH PF 2012
14%
4051 Kerry Kittles 28.73 1997 NJN SG 2356
14%
4059 Kerry Kittles 28.71 1998 NJN SG 2297
14%
1931 Kevin Loughery 35.49 1969 BAL PG 2981
14%
2537 Kevin Loughery 33.19 1970 BAL SG 2058
14%
3508 Kevin Loughery 30.33 1967 BAL SG 2305
14%
3652 Kevin Loughery 29.87 1966 BAL SG 2300
14%
4893 Kevin Loughery 26.69 1973 PHI SG 854
14%
5341 Kevin Loughery 25.71 1968 BAL PG 1980
14%
5929 Kevin Loughery 24.57 1971 BAL SG 2432
14%
2138 Kirk Hinrich 34.65 2005 CHI PG 2876
14%
2324 Kirk Hinrich 34.02 2006 CHI PG 2960
14%
2366 Kirk Hinrich 33.88 2007 CHI PG 3049
14%
3384 Kirk Hinrich 30.66 2004 CHI PG 2330
14%
4264 Kirk Hinrich 28.21 2008 CHI PG 2116
14%
5771 Kirk Hinrich 24.87 2010 CHI SG 1965
14%
2887 Kris Dunn 32.13 2018 CHI PG 1671
14%
3413 Kris Dunn 30.59 2023 UTA PG 673
14%
3828 Kris Dunn 29.33 2019 CHI PG 1349
14%
3717 Kris Humphries 29.68 2012 NJN PF 1840
14%
1272 Kyle Kuzma 38.50 2024 WAS PF 2695
14%
1592 Kyle Kuzma 36.92 2023 WAS PF 2363
14%
2268 Kyle Kuzma 34.18 2022 WAS PF 2256
14%
3553 Kyle Kuzma 30.19 2019 LAL PF 2113
14%
4711 Kyle Kuzma 27.14 2018 LAL PF 2090
14%
1992 Larry Foust 35.25 1952 FTW C 2397
14%
2758 Larry Foust 32.53 1954 FTW C 2472
14%
2940 Larry Foust 31.97 1958 MNL C 2302
14%
3355 Larry Foust 30.73 1953 FTW C 2305
14%
3511 Larry Foust 30.32 1955 FTW C 2456
14%
3899 Larry Foust 29.16 1956 FTW C 2391
14%
5110 Larry Foust 26.18 1951 FTW C 1859
14%
764 Larry Kenon 41.94 1979 SAS PF 3984
14%
795 Larry Kenon 41.70 1977 SAS PF 3336
14%
1309 Larry Kenon 38.30 1978 SAS SF 3332
14%
1617 Larry Kenon 36.77 1980 SAS PF 2978
14%
1680 Mahmoud Abdul-Rauf 36.46 1996 DEN PG 2078
14%
3085 Mahmoud Abdul-Rauf 31.58 1993 DEN PG 2558
14%
3996 Mahmoud Abdul-Rauf 28.91 1994 DEN PG 2660
14%
5239 Mahmoud Abdul-Rauf 25.93 1995 DEN PG 1971
14%
1166 Malcolm Brogdon 39.12 2021 IND PG 2269
14%
1521 Malcolm Brogdon 37.22 2022 IND PG 1340
14%
1563 Malcolm Brogdon 37.05 2020 IND PG 2149
14%
3146 Malcolm Brogdon 31.38 2024 POR PG 1224
14%
4651 Malcolm Brogdon 27.28 2019 MIL SG 1937
14%
5122 Malcolm Brogdon 26.15 2023 BOS PG 2249
14%
3676 Malik Monk 29.81 2024 SAC SG 2146
14%
5486 Malik Monk 25.45 2023 SAC SG 2138
14%
5512 Marcus Morris 25.39 2016 DET SF 2133
14%
5704 Marcus Morris 25.02 2022 LAC PF 1401
14%
5789 Marcus Morris 24.84 2020 LAC,NYK PF,SF 1863
14%
4376 Markieff Morris 27.90 2015 PHO PF 2288
14%
5600 Markieff Morris 25.22 2017 WAS PF 2245
14%
5818 Markieff Morris 24.78 2014 PHO PF 2007
14%
5221 Marvin Bagley III 25.97 2019 SAC PF 1610
14%
5906 Marvin Bagley III 24.62 2020 SAC C 320
14%
5956 Marvin Bagley III 24.51 2021 SAC PF 1054
14%
282 Maurice Stokes 47.58 1958 CIN PF 3045
14%
663 Maurice Stokes 42.91 1956 ROC C 2875
14%
737 Maurice Stokes 42.25 1957 ROC PF 3042
14%
4184 Maurice Taylor 28.40 2000 LAC PF 1761
14%
5227 Maurice Taylor 25.96 1999 LAC PF 1194
14%
5282 Max Zaslofsky 25.85 1949 CHS SG 1551
14%
4903 Michael Olowokandi 26.67 2003 LAC C 960
14%
5860 Michael Olowokandi 24.70 2002 LAC C 1976
14%
2690 Mike Dunleavy Jr. 32.71 2008 IND SG 2682
14%
5530 Mike Dunleavy Jr. 25.35 2005 GSW SF 2003
14%
5760 Mike Dunleavy Jr. 24.90 2007 GSW,IND PF,SG 2042
14%
5765 Mike Dunleavy Jr. 24.89 2009 IND SG 448
14%
5944 Mike Dunleavy Jr. 24.53 2004 GSW SF 1840
14%
2011 Mike Newlin 35.17 1976 HOU SG 2884
14%
2357 Mike Newlin 33.91 1980 NJN SG 2645
14%
2622 Mike Newlin 32.92 1981 NJN SG 2601
14%
2698 Mike Newlin 32.68 1974 HOU SG 2484
14%
3220 Mike Newlin 31.13 1973 HOU SG 2553
14%
3699 Mike Newlin 29.72 1975 HOU SG 2586
14%
5193 Mike Newlin 26.02 1978 HOU SG 1171
14%
3635 Mike Woodson 29.94 1983 KCK SG 2425
14%
4012 Mike Woodson 28.86 1988 LAC SG 2309
14%
5116 Mike Woodson 26.17 1982 KCK,NJN SG 2172
14%
5151 Mike Woodson 26.11 1987 LAC SG 1932
14%
5655 Mike Woodson 25.10 1985 KCK SG 1958
14%
5738 Mike Woodson 24.95 1986 SAC SG 2096
14%
5411 Monte Morris 25.60 2022 DEN PG 2048
14%
5681 Monte Morris 25.06 2023 WAS PG 1554
14%
4108 Nat Clifton 28.60 1953 NYK PF 2317
14%
4286 Nat Clifton 28.16 1952 NYK PF 2140
14%
4562 Nat Clifton 27.47 1955 NYK PF 2060
14%
2629 Nate McMillan 32.89 1989 SEA PG 2730
14%
3227 Nate McMillan 31.11 1988 SEA PG 2707
14%
4194 Nate McMillan 28.39 1987 SEA PG 2413
14%
4323 Nate McMillan 28.04 1990 SEA SG 2299
14%
4150 Nene 28.51 2010 DEN C 2480
14%
4261 Nene 28.23 2011 DEN C 2258
14%
4578 Nene 27.43 2009 DEN C 2551
14%
4586 Nene 27.41 2014 WAS PF 1727
14%
4624 Nene 27.33 2012 DEN,WAS C 1066
14%
4949 Nene 26.54 2013 WAS PF 1619
14%
4502 Norman Powell 27.62 2022 LAC,POR SG,SF 1298
14%
4867 Norman Powell 26.75 2021 POR,TOR SF,SG 2006
14%
5654 Norman Powell 25.11 2023 LAC SG 1632
14%
608 Norm Van Lier 43.44 1971 CIN SG 3562
14%
2106 Norm Van Lier 34.75 1974 CHI PG 3162
14%
2462 Norm Van Lier 33.46 1976 CHI PG 2543
14%
2509 Norm Van Lier 33.29 1973 CHI PG 2896
14%
2566 Norm Van Lier 33.10 1975 CHI PG 2747
14%
2906 Norm Van Lier 32.06 1977 CHI PG 2725
14%
3597 Norm Van Lier 30.04 1972 CHI,CIN PG 2493
14%
4794 Norm Van Lier 26.90 1970 CIN PG 2179
14%
4972 Norm Van Lier 26.50 1978 CHI PG 2067
14%
4420 Olden Polynice 27.79 1997 SAC C 2279
14%
5049 Olden Polynice 26.31 1994 DET,SAC C 1789
14%
5853 Olden Polynice 24.71 1996 SAC C 2100
14%
5489 Patrick Beverley 25.45 2017 HOU SG 1985
14%
5814 Patrick Beverley 24.78 2022 MIN PG 1611
14%
1372 Paul Pressey 37.94 1986 MIL SF 3566
14%
1468 Paul Pressey 37.49 1985 MIL SF 3299
14%
1701 Paul Pressey 36.38 1987 MIL SF 2656
14%
2360 Paul Pressey 33.90 1988 MIL SG 2712
14%
3084 Paul Pressey 31.58 1989 MIL SG 2116
14%
5680 Paul Pressey 25.07 1990 MIL SG 1529
14%
1758 Phil Chenier 36.16 1974 CAP SG 3001
14%
1940 Phil Chenier 35.45 1975 WSB SG 3332
14%
2345 Phil Chenier 33.95 1977 WSB SG 2954
14%
2846 Phil Chenier 32.25 1976 WSB SG 2806
14%
2928 Phil Chenier 32.00 1973 BAL SG 2432
14%
2896 Rafer Alston 32.10 2005 TOR PG 2568
14%
3124 Rafer Alston 31.46 2006 HOU PG 1982
14%
3848 Rafer Alston 29.29 2007 HOU PG 2607
14%
4106 Rafer Alston 28.62 2008 HOU PG 2232
14%
5106 Rafer Alston 26.19 2009 ORL,HOU PG 2619
14%
4355 Rex Chapman 27.95 1994 WSB SG 1677
14%
4801 Rex Chapman 26.89 1991 CHH PG 1882
14%
4904 Rex Chapman 26.67 1990 CHH SG 1440
14%
5076 Rex Chapman 26.27 1995 WSB SG 1182
14%
5536 Rex Chapman 25.35 1989 CHH SG 1901
14%
5545 Rex Chapman 25.34 1998 PHO SG 1774
14%
4325 Richaun Holmes 28.03 2021 SAC C 1710
14%
5959 Richaun Holmes 24.50 2020 SAC C 1078
14%
1131 Rich Kelley 39.26 1979 NOJ C 3141
14%
4437 Rich Kelley 27.76 1978 NOJ C 2276
14%
1094 Ricky Sobers 39.54 1978 IND PG 3124
14%
2279 Ricky Sobers 34.15 1979 IND SG 2766
14%
3376 Ricky Sobers 30.68 1983 WSB SG 1258
14%
3819 Ricky Sobers 29.37 1980 CHI PG 2408
14%
4078 Ricky Sobers 28.68 1984 WSB SG 2438
14%
5721 Ricky Sobers 24.97 1981 CHI PG 1923
14%
2541 RJ Barrett 33.17 2024 NYK,TOR SG 1924
14%
2713 RJ Barrett 32.64 2022 NYK SF 2285
14%
3358 RJ Barrett 30.73 2023 NYK SG 2581
14%
3530 RJ Barrett 30.25 2021 NYK SG 2329
14%
5339 RJ Barrett 25.71 2020 NYK SG 1440
14%
1929 Rodney McCray 35.50 1990 SAC SF 2911
14%
2233 Rodney McCray 34.32 1987 HOU SF 3123
14%
3218 Rodney McCray 31.14 1985 HOU SF 2709
14%
3575 Rodney McCray 30.10 1989 SAC SF 2047
14%
4451 Rodney McCray 27.73 1988 HOU SF 2357
14%
4505 Rodney McCray 27.61 1991 DAL PF 2043
14%
4888 Rodney McCray 26.70 1986 HOU SF 2723
14%
4448 Rodney Rogers 27.74 1998 LAC SF 2108
14%
5505 Rodney Rogers 25.40 1997 LAC SF 2134
14%
5607 Rodney Rogers 25.21 2000 PHO PF 2294
14%
4387 Ron Brewer 27.86 1982 CLE,SAS SG 2006
14%
5546 Ron Brewer 25.34 1980 POR SG 2154
14%
2969 Ron Mercer 31.89 2001 CHI SG 1945
14%
4414 Ron Mercer 27.80 1999 BOS SG 1140
14%
4910 Ron Mercer 26.65 2000 DEN,ORL SG 1812
14%
5742 Ron Mercer 24.94 1998 BOS SG 1995
14%
5537 Ronnie Lester 25.35 1982 CHI PG 1901
14%
2502 Rony Seikaly 33.32 1993 MIA C 2399
14%
2563 Rony Seikaly 33.11 1992 MIA C 2715
14%
2734 Rony Seikaly 32.59 1991 MIA C 2086
14%
3013 Rony Seikaly 31.78 1990 MIA C 2352
14%
3324 Rony Seikaly 30.83 1994 MIA C 2374
14%
3401 Rony Seikaly 30.61 1997 ORL C 2357
14%
4515 Roy Hibbert 27.58 2012 IND C 2096
14%
4675 Roy Hibbert 27.21 2013 IND C 2667
14%
5152 Roy Hibbert 26.10 2011 IND C 2245
14%
1146 Roy Tarpley 39.20 1991 DAL C 196
14%
1710 Roy Tarpley 36.35 1990 DAL PF 1745
14%
2430 Roy Tarpley 33.58 1989 DAL PF 638
14%
3249 Roy Tarpley 31.05 1988 DAL PF 3043
14%
5883 Roy Tarpley 24.65 1995 DAL C 1356
14%
4817 Sam Vincent 26.86 1990 ORL PG 1692
14%
3981 Scoot Henderson 28.95 2024 POR PG 1795
14%
5309 Scott May 25.79 1977 CHI SF 1934
14%
5930 Scott May 24.56 1978 CHI SF 1351
14%
1170 Scott Skiles 39.09 1993 ORL PG 3049
14%
1276 Scott Skiles 38.48 1991 ORL PG 3040
14%
2811 Scott Skiles 32.35 1992 ORL PG 2426
14%
3154 Scott Skiles 31.35 1995 WSB PG 1944
14%
5856 Scott Skiles 24.70 1994 ORL PG 2075
14%
2833 Scott Wedman 32.28 1981 KCK SF 3099
14%
3242 Scott Wedman 31.07 1980 KCK SF 2206
14%
3647 Scott Wedman 29.89 1978 KCK SF 2421
14%
3803 Scott Wedman 29.39 1976 KCK SF 2410
14%
3866 Scott Wedman 29.24 1979 KCK SF 2281
14%
4035 Scott Wedman 28.78 1977 KCK SF 2331
14%
3194 Sean Elliott 31.22 1996 SAS SF 2716
14%
3431 Sean Elliott 30.55 1993 SAS SF 2444
14%
4143 Sean Elliott 28.52 1991 SAS SF 2453
14%
4193 Sean Elliott 28.39 1992 SAS SF 2413
14%
4260 Sean Elliott 28.23 1995 SAS SF 2710
14%
4596 Sean Elliott 27.38 1997 SAS SF 1068
14%
4314 Shaedon Sharpe 28.06 2024 POR SG 898
14%
4369 Shane Battier 27.91 2002 MEM SF 2177
14%
401 Sidney Wicks 45.70 1973 POR PF 3656
14%
506 Sidney Wicks 44.54 1972 POR PF 3652
14%
732 Sidney Wicks 42.31 1974 POR PF 3173
14%
798 Sidney Wicks 41.67 1975 POR PF 3417
14%
1828 Sidney Wicks 35.89 1976 POR PF 2835
14%
3454 Sidney Wicks 30.48 1977 BOS PF 2774
14%
4644 Sidney Wicks 27.30 1978 BOS PF 2211
14%
1713 Skylar Mays 36.33 2023 POR PG 218
14%
1629 Slick Watts 36.70 1976 SEA PG 3230
14%
1832 Slick Watts 35.87 1977 SEA PG 2834
14%
5511 Slick Watts 25.40 1975 SEA PG 2311
14%
5802 Steve Blake 24.81 2009 POR PG 1861
14%
1963 Swen Nater 35.36 1978 BUF C 2758
14%
2023 Swen Nater 35.14 1980 SDC C 2846
14%
2332 Swen Nater 34.00 1981 SDC C 2788
14%
3769 Swen Nater 29.50 1977 MIL C 2124
14%
5622 Swen Nater 25.19 1982 SDC C 529
14%
1083 Terry Dischinger 39.65 1963 CHZ SF 2260
14%
2585 Terry Dischinger 33.04 1964 BAL SF 2643
14%
3905 Terry Dischinger 29.14 1965 DET SG 2331
14%
2814 Thurl Bailey 32.34 1988 UTA SF 3008
14%
3692 Thurl Bailey 29.75 1989 UTA SF 2529
14%
4389 Thurl Bailey 27.86 1985 UTA PF 2507
14%
4977 Thurl Bailey 26.48 1986 UTA PF 2277
14%
5914 Thurl Bailey 24.60 1990 UTA SF 2140
14%
4473 T.J. McConnell 27.68 2021 IND PG 1965
14%
5568 T.J. McConnell 25.30 2024 IND PG 2252
14%
5751 T.J. McConnell 24.93 2017 PHI PG 2019
14%
3139 Toby Knight 31.42 1980 NYK SF 2545
14%
4415 Toby Knight 27.80 1979 NYK SF 2280
14%
5610 Todd Day 25.21 1995 MIL SG 2067
14%
1790 Tom Gola 36.04 1960 PHW SG 3027
14%
1982 Tom Gola 35.28 1958 PHW SG 2364
14%
2431 Tom Gola 33.58 1959 PHW SG 2149
14%
2929 Tom Gola 32.00 1956 PHW SG 2496
14%
3094 Tom Gola 31.54 1962 PHW SG 2176
14%
3127 Tom Gola 31.45 1961 PHW SG 2422
14%
4539 Tom Gola 27.52 1963 NYK,SFW SF,SG 2009
14%
3725 Tom Henderson 29.65 1977 WSB,ATL PG 2846
14%
4121 Tom Henderson 28.57 1976 ATL PG 2314
14%
5328 Tom Henderson 25.73 1979 WSB PG 2290
14%
5371 Tom Henderson 25.66 1978 WSB PG 2463
14%
3783 Tom Meschery 29.46 1968 SEA SF 2416
14%
3978 Tom Meschery 28.97 1963 SFW PF 1854
14%
4064 Tom Meschery 28.71 1969 SEA SF 2354
14%
5008 Tom Meschery 26.39 1962 PHW PF 2428
14%
5605 Tom Meschery 25.22 1964 SFW SF 2320
14%
5935 Tom Meschery 24.55 1970 SEA SF 1964
14%
5000 Travis Mays 26.42 1991 SAC PG 1691
14%
3464 Trevor Ariza 30.46 2010 HOU SF 2193
14%
4563 Trevor Ariza 27.47 2014 WAS SF 2417
14%
4838 Trevor Ariza 26.81 2019 PHO,WAS SF 1850
14%
5330 Trevor Ariza 25.73 2015 HOU SF 2547
14%
5739 Trevor Ariza 24.95 2012 NOH SF 1023
14%
5442 Trey Murphy III 25.54 2024 NOP SF 1609
14%
2918 Troy Murphy 32.03 2009 IND PF 2338
14%
3463 Troy Murphy 30.46 2010 IND PF 2193
14%
3556 Troy Murphy 30.17 2005 GSW PF 2112
14%
4443 Troy Murphy 27.74 2006 GSW PF 2053
14%
5315 Troy Murphy 25.77 2003 GSW PF 2036
14%
5745 Troy Murphy 24.93 2008 IND PF 1870
14%
1229 Tyreke Evans 38.79 2010 SAC SG 2793
14%
1721 Tyreke Evans 36.31 2015 NOP SG 3014
14%
1727 Tyreke Evans 36.29 2018 MEM PG 1887
14%
1854 Tyreke Evans 35.79 2011 SAC SG 2040
14%
2044 Tyreke Evans 35.04 2016 NOP SG 876
14%
2996 Tyreke Evans 31.83 2012 SAC SG 2005
14%
3353 Tyreke Evans 30.75 2014 NOP SF 2214
14%
4168 Tyreke Evans 28.45 2013 SAC SG 1849
14%
5713 Vander Blue 25.00 2015 LAL SG 50
14%
2251 Vern Fleming 34.26 1990 IND PG 2912
14%
2259 Vern Fleming 34.21 1988 IND PG 2737
14%
2495 Vern Fleming 33.35 1986 IND PG 2668
14%
2762 Vern Fleming 32.51 1989 IND PG 2471
14%
3863 Vern Fleming 29.24 1987 IND PG 2515
14%
4566 Vern Fleming 27.46 1991 IND PG 2032
14%
5395 Vern Fleming 25.63 1985 IND PG 2050
14%
2560 Vern Mikkelsen 33.13 1958 MNL PF 2385
14%
2749 Vern Mikkelsen 32.55 1955 MNL PF 2539
14%
3596 Vern Mikkelsen 30.04 1952 MNL PF 2373
14%
3604 Vern Mikkelsen 30.01 1951 MNL PF 2131
14%
4353 Vern Mikkelsen 27.96 1953 MNL PF 2293
14%
5028 Vern Mikkelsen 26.36 1956 MNL PF 1977
14%
5073 Vern Mikkelsen 26.27 1957 MNL PF 2023
14%
5121 Vern Mikkelsen 26.15 1959 MNL PF 2223
14%
1151 Vin Baker 39.18 1997 MIL PF 3056
14%
1354 Vin Baker 38.05 1996 MIL PF 3120
14%
1413 Vin Baker 37.70 1995 MIL PF 3091
14%
2612 Vin Baker 32.96 1998 SEA C 3032
14%
3850 Vin Baker 29.29 2000 SEA C 2460
14%
4710 Vin Baker 27.15 1994 MIL C 2226
14%
5612 Vin Baker 25.21 1999 SEA PF 857
14%
4432 Walter Berry 27.78 1988 SAS SF 2111
14%
5525 Walter Berry 25.37 1987 POR,SAS PF,SF 1598
14%
925 Walt Hazzard 40.66 1968 SEA PG 3212
14%
2437 Walt Hazzard 33.55 1970 ATL PG 2986
14%
2770 Walt Hazzard 32.48 1971 ATL PG 2826
14%
3599 Walt Hazzard 30.03 1972 BUF PG 2162
14%
5095 Walt Hazzard 26.21 1969 ATL PG 2385
14%
5454 Walt Hazzard 25.51 1966 LAL SG 2398
14%
4163 Walt Wesley 28.46 1971 CLE C 2334
14%
794 Willie Naulls 41.71 1962 NYK SF 3128
14%
813 Willie Naulls 41.56 1961 NYK SF 3283
14%
1064 Willie Naulls 39.77 1960 NYK SF 2585
14%
2709 Willie Naulls 32.66 1958 NYK SF 2221
14%
3814 Willie Naulls 29.37 1959 NYK SF 2056
14%
2444 Zavier Simpson 33.50 2022 OKC PG 134
14%
3298 Zydrunas Ilgauskas 30.90 2005 CLE C 2410
14%
3486 Zydrunas Ilgauskas 30.41 2003 CLE C 2463
14%
3971 Zydrunas Ilgauskas 28.99 2004 CLE C 2348
14%
4361 Zydrunas Ilgauskas 27.93 2008 CLE C 2402
14%
4417 Zydrunas Ilgauskas 27.80 1999 CLE C 139
14%
4863 Zydrunas Ilgauskas 26.76 1998 CLE C 2301
14%
4871 Zydrunas Ilgauskas 26.74 2006 CLE C 2433
14%
5871 Zydrunas Ilgauskas 24.68 2007 CLE C 2419
14%
5366 Al Attles 25.66 1968 SFW PG 1976
0%
1439 Alex Groza 37.58 1951 INO 2593
0%
4233 Alex Groza 28.30 1950 INO 1981
0%
4625 Allan Bristow 27.33 1980 UTA SF 2241
0%
2621 Allen Leavell 32.92 1983 HOU PG 2601
0%
4922 Allen Leavell 26.62 1982 HOU PG 2183
0%
5398 Allen Leavell 25.62 1984 HOU PG 2101
0%
5589 Allen Leavell 25.25 1980 HOU PG 2121
0%
4976 Al Skinner 26.48 1977 NYN SG 2092
0%
4930 Al Thornton 26.61 2009 LAC SF 1889
0%
5400 Alton Lister 25.62 1987 SEA C 2152
0%
1496 Anderson Varejao 37.32 2013 CLE C 933
0%
4395 Anderson Varejao 27.84 2012 CLE C 696
0%
3767 Andris Biedrins 29.50 2009 GSW C 1829
0%
4617 Anthony Bowie 27.35 1992 ORL SG 1422
0%
4890 Anthony Peeler 26.69 1997 VAN SG 1922
0%
5350 Anthony Peeler 25.70 1994 LAL SG 771
0%
5410 Anthony Peeler 25.60 1998 MIN,VAN SG 1101
0%
2707 Armen Gilliam 32.67 1996 NJN SF 2548
0%
3734 Armen Gilliam 29.62 1992 PHI PF 2399
0%
4030 Armen Gilliam 28.80 1991 PHI,CHH PF 2390
0%
4032 Armen Gilliam 28.79 1990 CHH,PHO PF 2188
0%
4788 Armen Gilliam 26.91 1988 PHO PF 1480
0%
4939 Armen Gilliam 26.57 1995 NJN PF 2179
0%
2318 Arnie Risen 34.04 1951 ROC C 2723
0%
2666 Arnie Risen 32.78 1952 ROC C 2360
0%
4393 Arnie Risen 27.85 1953 ROC C 1977
0%
4961 Arnie Risen 26.51 1954 ROC C 2068
0%
5582 Arnie Risen 25.26 1955 ROC C 1819
0%
3913 Arron Afflalo 29.12 2014 ORL SG 2126
0%
4556 Arron Afflalo 27.48 2013 ORL SF 1759
0%
5114 Art Heyman 26.17 1964 NYK SG 1963
0%
5948 Bennedict Mathurin 24.53 2023 IND SG 1913
0%
2676 Benoit Benjamin 32.75 1989 LAC C 2587
0%
3366 Benoit Benjamin 30.70 1990 LAC C 2180
0%
3471 Benoit Benjamin 30.44 1988 LAC C 2009
0%
3560 Benoit Benjamin 30.16 1991 SEA,LAC C 2262
0%
4831 Benoit Benjamin 26.82 1987 LAC C 1931
0%
5501 Benoit Benjamin 25.42 1992 SEA C 1830
0%
4281 Beno Udrih 28.18 2011 SAC PG 2226
0%
5006 Beno Udrih 26.39 2010 SAC PG 2085
0%
5276 Beno Udrih 25.86 2008 SAC PG 1681
0%
5905 Beno Udrih 24.62 2009 SAC PG 1797
0%
5798 Ben Poquette 24.83 1983 UTA PF 1862
0%
5498 Bill Hanzlik 25.42 1987 DEN PF 1932
0%
5877 Bill Hanzlik 24.67 1986 DEN SF 2097
0%
5746 Bill Robinzine 24.93 1979 KCK PF 2169
0%
2866 Billy Paultz 32.20 1977 SAS C 2705
0%
2931 Billy Paultz 31.99 1978 SAS C 2751
0%
5653 Billy Paultz 25.11 1979 SAS C 2310
0%
4898 Bimbo Coles 26.68 1995 MIA PG 1814
0%
5201 Bimbo Coles 26.01 1996 GSW,MIA PG 2107
0%
3931 Bison Dele 29.08 1996 LAC C 1890
0%
3943 Bison Dele 29.05 1998 DET C 2266
0%
4834 Blair Rasmussen 26.81 1991 DEN C 1877
0%
4676 Bobby Phills 27.21 1996 CLE SG 2041
0%
4677 Bobby Phills 27.21 1999 CHH SG 1170
0%
5809 Bobby Phills 24.80 1997 CLE SG 1711
0%
4009 Bobby Wanzer 28.88 1952 ROC SG 2079
0%
4784 Bobby Wanzer 26.92 1953 ROC SG 1965
0%
5118 Bobby Wanzer 26.17 1954 ROC SG 2041
0%
5538 Bobby Wanzer 25.35 1955 ROC SG 1901
0%
3228 Bob Davies 31.11 1952 ROC PG 2209
0%
4412 Bob Davies 27.81 1951 ROC PG 2141
0%
4889 Bob Davies 26.70 1953 ROC PG 1842
0%
5565 Bob Davies 25.31 1949 ROC PG 1620
0%
5832 Bob Ferry 24.75 1963 DET C 2054
0%
4583 Bob Gross 27.42 1978 POR SF 1974
0%
5517 Bob Gross 25.39 1977 POR SF 2564
0%
4734 Bob Sura 27.05 2000 CLE SG 1975
0%
5079 Bob Sura 26.26 2005 HOU PG 1786
0%
5383 Bob Sura 25.64 2001 GSW SG 1359
0%
3716 Bob Wilkerson 29.68 1978 DEN SF 2790
0%
5170 Bob Wilkerson 26.07 1980 DEN SF 1955
0%
5436 Bob Wilkerson 25.55 1979 DEN SF 2121
0%
5156 Bo Outlaw 26.10 1998 ORL PF 2140
0%
1172 Brandon Roy 39.08 2009 POR SG 3283
0%
1621 Brandon Roy 36.74 2008 POR SG 2719
0%
1918 Brandon Roy 35.53 2010 POR SG 2416
0%
3428 Brandon Roy 30.56 2007 POR SG 1742
0%
2272 Brian Shaw 34.18 1991 BOS PG 3076
0%
5047 Brian Shaw 26.32 1989 BOS SG 2237
0%
5211 Bryant Stith 25.99 1996 DEN SG 2131
0%
5345 Bryant Stith 25.71 1997 DEN SG 1337
0%
3706 Bucky Bockhorn 29.70 1962 CIN SG 2495
0%
4929 Bucky Bockhorn 26.61 1961 CIN SG 2102
0%
2631 Butch Beard 32.88 1972 CLE PG 2236
0%
5297 Butch Beard 25.81 1975 GSW PG 2555
0%
5320 Carl Landry 25.76 2010 HOU,SAC PF 2061
0%
5102 Carlos Arroyo 26.20 2004 UTA PG 1860
0%
1672 Charles Oakley 36.49 1987 CHI PF 3102
0%
2815 Charles Oakley 32.34 1988 CHI PF 2975
0%
2867 Charles Oakley 32.20 1990 NYK PF 2286
0%
3396 Charles Oakley 30.63 1994 NYK PF 3277
0%
3799 Charles Oakley 29.41 1991 NYK PF 2323
0%
3975 Charles Oakley 28.98 1989 NYK PF 2637
0%
4611 Charles Oakley 27.36 1997 NYK PF 2462
0%
4945 Charles Oakley 26.56 1996 NYK PF 1620
0%
4947 Charles Oakley 26.54 2001 TOR PF 2389
0%
4984 Charles Oakley 26.46 1995 NYK PF 1614
0%
5917 Charles Oakley 24.60 1998 NYK PF 2189
0%
4442 Charlie Villanueva 27.74 2009 MIL PF 2164
0%
3089 Chris Childs 31.56 1996 NJN PG 2462
0%
5057 Chris Childs 26.29 1997 NYK PG 1972
0%
3740 Chris Duhon 29.58 2009 NYK PG 2337
0%
3691 Chris Ford 29.75 1979 BOS,DET SG 2410
0%
5001 Chris Ford 26.41 1977 DET SG 2245
0%
5569 Chris Ford 25.29 1978 DET SG 2074
0%
1912 Chris Kaman 35.55 2008 LAC C 1991
0%
2705 Chris Kaman 32.67 2010 LAC C 2483
0%
4633 Chris Kaman 27.32 2012 NOH C 1284
0%
5660 Chris Kaman 25.09 2006 LAC C 2233
0%
5724 Chris Kaman 24.97 2009 LAC C 774
0%
4475 Chuck Share 27.68 1956 STL C 2214
0%
5379 Chucky Atkins 25.65 2005 LAL PG 2103
0%
5722 Chucky Atkins 24.97 2007 MEM PG 1873
0%
1843 Clarence Weatherspoon 35.83 1994 PHI SF 2938
0%
2538 Clarence Weatherspoon 33.19 1996 PHI SF 2589
0%
2584 Clarence Weatherspoon 33.04 1995 PHI SF 2511
0%
4258 Clarence Weatherspoon 28.23 1993 PHI SF 2315
0%
5265 Clarence Weatherspoon 25.88 1997 PHI SF 2122
0%
5302 Clarence Weatherspoon 25.80 2001 CLE PF 2116
0%
1283 Clark Kellogg 38.46 1983 IND PF 3115
0%
1810 Clark Kellogg 35.97 1984 IND PF 2842
0%
1851 Clark Kellogg 35.79 1985 IND PF 2756
0%
2220 Clark Kellogg 34.37 1986 IND PF 653
0%
3429 Clifford Ray 30.56 1974 CHI C 2781
0%
5139 Clifford Ray 26.13 1975 GSW C 2587
0%
5509 Clifford Ray 25.40 1973 CHI C 1981
0%
5922 Clifford Ray 24.58 1972 CHI C 2114
0%
3363 Connie Dierking 30.71 1969 CIN C 2518
0%
3441 Connie Dierking 30.53 1968 CIN C 2473
0%
3802 Connie Dierking 29.39 1970 CIN C 2234
0%
3921 Corey Gaines 29.10 1991 DEN SG 291
0%
3488 Curtis Rowe 30.40 1976 DET PF 2706
0%
3698 Curtis Rowe 29.73 1973 DET PF 2408
0%
3827 Dale Schlueter 29.35 1972 POR C 2377
0%
5241 Dan Dickau 25.93 2005 DAL,NOH PG 1841
0%
4767 Danny Finn 26.97 1953 PHW SG 836
0%
2054 Danny Fortson 35.00 2001 GSW PF 210
0%
4762 Danny Fortson 26.99 2002 GSW PF 2078
0%
5732 Danny Fortson 24.96 1999 DEN PF 1248
0%
4334 Dario Saric 28.01 2018 PHI PF 2465
0%
5839 Dario Saric 24.74 2017 PHI PF 2004
0%
5460 Darius Bazley 25.49 2021 OKC PF 1402
0%
5363 Darnell Hillman 25.67 1977 IND C 2105
0%
3510 Darnell Valentine 30.32 1985 POR PG 2547
0%
3545 Darnell Valentine 30.20 1983 POR PG 1631
0%
3892 Darnell Valentine 29.17 1987 LAC PG 1896
0%
5033 Darnell Valentine 26.34 1984 POR PG 1923
0%
5957 Darnell Valentine 24.51 1991 CLE PG 1593
0%
3812 Darrall Imhoff 29.38 1967 LAL C 2468
0%
4333 Darrall Imhoff 28.01 1970 PHI C 2353
0%
5702 Darrall Imhoff 25.02 1969 PHI C 2177
0%
5810 Darrall Imhoff 24.79 1968 LAL C 2405
0%
3670 Darwin Cook 29.82 1983 NJN PG 2505
0%
4198 Dave Corzine 28.38 1983 CHI C 2327
0%
5030 Dave Corzine 26.35 1984 CHI C 2161
0%
4715 Dave Gambee 27.13 1962 SYR SF 2306
0%
2731 Dave Greenwood 32.60 1982 CHI PF 2673
0%
2785 Dave Greenwood 32.44 1980 CHI PF 2660
0%
3270 Dave Greenwood 30.99 1981 CHI PF 2727
0%
3947 Dave Greenwood 29.04 1987 SAS PF 2294
0%
4504 Dave Greenwood 27.62 1984 CHI PF 2154
0%
5561 Dave Greenwood 25.32 1983 CHI PF 2000
0%
3837 Dave Robisch 29.30 1980 CLE C 2403
0%
5869 Davis Bertans 24.69 2020 WAS PF 1333
0%
1896 Deandre Ayton 35.63 2020 PHO C 1354
0%
2641 Deandre Ayton 32.85 2024 POR C 1807
0%
2956 Deandre Ayton 31.92 2019 PHO C 2266
0%
2974 Deandre Ayton 31.87 2023 PHO C 2454
0%
3066 Deandre Ayton 31.63 2022 PHO C 2246
0%
3563 Deandre Ayton 30.14 2021 PHO C 2743
0%
5502 Delon Wright 25.41 2021 DET,SAC PG 1601
0%
3335 Deni Avdija 30.80 2024 WAS SF 2310
0%
4285 Dennis Awtrey 28.17 1975 PHO C 2310
0%
5656 Dennis Hopson 25.10 1990 NJN SG 1983
0%
3549 Derrick Favors 30.19 2016 UTA PF 1872
0%
3695 Derrick Favors 29.74 2015 UTA PF 2201
0%
4749 Derrick Favors 27.01 2014 UTA PF 1972
0%
1410 Devonte' Graham 37.71 2020 CHO PG 2376
0%
3973 Devonte' Graham 28.98 2021 CHO PG 1623
0%
4824 Dick Garmaker 26.84 1958 MNL SG 1825
0%
5041 Dick Garmaker 26.32 1957 MNL SG 2027
0%
5368 Dick Garmaker 25.66 1961 NYK PG 1822
0%
4164 Dick McGuire 28.46 1955 NYK PG 2106
0%
4816 Dick McGuire 26.86 1952 NYK PG 2095
0%
5179 Dick McGuire 26.05 1959 DET PG 1928
0%
5479 Dick McGuire 25.46 1958 DET PG 1935
0%
5496 Dick McGuire 25.44 1951 NYK PG 1984
0%
3221 Dick Snyder 31.13 1971 SEA SG 2553
0%
3282 Dick Snyder 30.95 1974 SEA SG 2290
0%
4569 Dick Snyder 27.45 1972 SEA SG 2004
0%
5478 Dick Snyder 25.46 1970 PHO,SEA SG 2088
0%
5553 Dick Snyder 25.33 1973 SEA SG 2077
0%
5575 Dick Snyder 25.28 1975 CLE SG 2073
0%
5043 Dike Eddleman 26.32 1951 TRI SF 1790
0%
2031 Dino Radja 35.09 1996 BOS PF 1860
0%
3177 Dino Radja 31.27 1995 BOS PF 2189
0%
3930 Dino Radja 29.08 1997 BOS C 727
0%
4808 Dino Radja 26.88 1994 BOS PF 2150
0%
3876 Dion Waiters 29.22 2017 MIA SG 1344
0%
5304 Dion Waiters 25.80 2014 CLE SG 1806
0%
5476 Dion Waiters 25.47 2018 MIA SG 764
0%
3627 D.J. Augustin 29.95 2011 CHA PG 2456
0%
4785 D.J. Augustin 26.92 2012 CHA PG 1292
0%
5586 D.J. Augustin 25.26 2019 ORL PG 2172
0%
5928 D.J. Augustin 24.57 2014 CHI,TOR PG 1867
0%
4295 Don Barksdale 28.12 1953 BLB PF 1828
0%
4879 Don Barksdale 26.71 1952 BLB PF 1656
0%
2966 Don Buse 31.89 1977 IND PG 2583
0%
5863 Don Buse 24.70 1982 IND PG 2025
0%
1524 Don Kojis 37.22 1969 SDR SF 3238
0%
2030 Don Kojis 35.10 1968 SDR SF 2422
0%
5705 Don Kojis 25.02 1970 SDR SF 1401
0%
3735 Don MacLean 29.61 1994 WSB SF 2221
0%
2757 Don Ohl 32.53 1966 BAL PG 2472
0%
3404 Don Ohl 30.61 1963 DET SG 2571
0%
3520 Don Ohl 30.29 1965 BAL SG 2635
0%
3801 Don Ohl 29.40 1967 BAL SG 1705
0%
4713 Don Ohl 27.14 1962 DET SG 2307
0%
5140 Don Ohl 26.13 1964 DET SG 1855
0%
3101 Donyell Marshall 31.52 2000 GSW PF 2017
0%
3390 Donyell Marshall 30.64 1998 GSW SF 2237
0%
3557 Donyell Marshall 30.17 2004 CHI,TOR PF 2474
0%
4293 Donyell Marshall 28.14 2003 CHI PF 2195
0%
4313 Donyell Marshall 28.06 2002 UTA SF 1740
0%
5360 Donyell Marshall 25.67 2001 UTA SF 2208
0%
3667 Dorell Wright 29.83 2011 GSW SF 2446
0%
4081 Drew Gooden 28.66 2005 CLE PF 2350
0%
4874 Drew Gooden 26.73 2012 MIL C 1497
0%
4242 Earl Watson 28.27 2008 SEA PG 2205
0%
5824 Earl Watson 24.77 2007 SEA PG 1907
0%
4995 Ed Conlin 26.43 1958 SYR SF 1665
0%
5601 Ed Conlin 25.22 1957 SYR SG 1917
0%
4926 Ed Ratleff 26.61 1975 HOU SF 2342
0%
5385 Ed Ratleff 25.64 1976 HOU SF 1846
0%
4086 Emmanuel Mudiay 28.65 2016 DEN PG 1948
0%
4797 Emmanuel Mudiay 26.90 2019 NYK PG 1587
0%
3941 Enes Freedom 29.06 2018 NYK C 2063
0%
4682 Enes Freedom 27.20 2019 POR,NYK C 2258
0%
4848 Enes Freedom 26.79 2015 OKC,UTA C 2009
0%
3940 Ennis Whatley 29.06 1984 CHI PG 2325
0%
4254 Erick Dampier 28.24 2004 GSW C 2090
0%
5699 Erick Dampier 25.02 1998 GSW C 2052
0%
2766 Eric Money 32.50 1978 DET PG 2470
0%
4828 Eric Money 26.83 1979 PHI,NJN PG 2093
0%
5136 Eric Money 26.13 1976 DET PG 2326
0%
1911 Eric Murdock 35.56 1993 MIL PG 2809
0%
2217 Eric Murdock 34.38 1994 MIL PG 2819
0%
3489 Eric Murdock 30.40 1995 MIL PG 2280
0%
3254 Eric Snow 31.03 2003 PHI PG 2917
0%
3547 Eric Snow 30.20 2002 PHI PG 1993
0%
4062 Eric Snow 28.71 2004 PHI PG 2354
0%
4359 Eric Snow 27.93 2000 PHI PG 2430
0%
4503 Eric Snow 27.62 2001 PHI PG 2016
0%
4598 Eric Snow 27.38 1999 PHI PG 1533
0%
5376 Ersan Ilyasova 25.65 2012 MIL PF 1539
0%
5776 Ersan Ilyasova 24.87 2013 MIL PF 1915
0%
2819 Frank Brickowski 32.33 1988 SAS C 2360
0%
3315 Frank Brickowski 30.85 1993 MIL C 2036
0%
4924 Frank Brickowski 26.62 1994 CHH,MIL C 1890
0%
5082 Frank Brickowski 26.25 1989 SAS C 1680
0%
4257 Frankie Brian 28.24 1951 TRI 1920
0%
5042 Frankie Brian 26.32 1952 FTW SG 1790
0%
3134 Frank Selvy 31.44 1955 BLB,MLH SF 2232
0%
3797 Frank Selvy 29.41 1962 LAL SG 2706
0%
3817 Fred Hetzel 29.37 1968 SFW SF 2555
0%
3853 Fred Schaus 29.28 1952 FTW SF 1874
0%
4441 Fred Schaus 27.75 1951 FTW 1970
0%
4593 Fred Scolari 27.39 1952 BLB PG 1753
0%
4206 Gary Trent 28.36 1999 DAL PF 1276
0%
4918 Gary Trent Jr. 26.63 2022 TOR SG 2024
0%
5843 Gary Trent Jr. 24.73 2023 TOR SG 1657
0%
1049 Gene Shue 39.86 1961 DET PG 3308
0%
1760 Gene Shue 36.14 1960 DET PG 2783
0%
2152 Gene Shue 34.59 1962 DET PG 3113
0%
3936 Gene Shue 29.07 1959 DET PG 2180
0%
4700 Gene Shue 27.16 1958 DET SG 1901
0%
4177 Geoff Huston 28.42 1982 CLE PG 2217
0%
4636 Geoff Huston 27.31 1983 CLE PG 2185
0%
5467 Geoff Huston 25.48 1981 CLE,DAL PG 2064
0%
1414 Geoff Petrie 37.70 1971 POR SG 3091
0%
1511 Geoff Petrie 37.25 1973 POR SG 2943
0%
1552 Geoff Petrie 37.10 1974 POR PG 2708
0%
2696 Geoff Petrie 32.70 1975 POR PG 2616
0%
3064 Geoff Petrie 31.64 1976 POR SG 2278
0%
3826 Geoff Petrie 29.35 1972 POR SG 1761
0%
3256 George McCloud 31.03 1996 DAL SF 2451
0%
4763 George Ratkovicz 26.99 1951 SYR PF 1970
0%
5215 George Senesky 25.99 1951 PHW PG 1741
0%
4141 Gheorghe Muresan 28.53 1996 WSB C 2168
0%
5259 Greg Kelser 25.90 1980 DET SF 1295
0%
1537 Greivis Vasquez 37.18 2013 NOH PG 2900
0%
5813 Harold Pressley 24.79 1989 SAC PF 1983
0%
2442 Harry Gallatin 33.51 1955 NYK PF 2513
0%
2719 Harry Gallatin 32.63 1954 NYK PF 2480
0%
3674 Harry Gallatin 29.81 1951 NYK 2385
0%
4013 Harry Gallatin 28.86 1956 NYK SF 2078
0%
4195 Harry Gallatin 28.38 1953 NYK PF 2299
0%
4531 Harry Gallatin 27.53 1958 DET PF 2175
0%
4584 Harry Gallatin 27.42 1957 NYK PF 1974
0%
5652 Haywoode Workman 25.11 1994 IND PG 2034
0%
2823 Herm Gilliam 32.31 1974 ATL PG 2003
0%
3070 Herm Gilliam 31.62 1973 ATL PG 2593
0%
4438 Hot Rod Hundley 27.76 1960 MNL PG 2276
0%
3522 Howard Komives 30.28 1967 NYK PG 2089
0%
4319 Howard Komives 28.05 1966 NYK PG 2244
0%
5480 Ivica Zubac 25.46 2024 LAC C 1884
0%
2624 Jack Marin 32.92 1972 BAL SF 2765
0%
3000 Jack Marin 31.81 1973 HOU SF 2577
0%
3100 Jack Marin 31.52 1970 BAL SF 2805
0%
3209 Jack Marin 31.16 1971 BAL SF 3116
0%
4060 Jack Marin 28.71 1969 BAL SF 2469
0%
3551 Jack Nichols 30.19 1956 BOS PF 1902
0%
3882 Jack Nichols 29.20 1953 MLH PF 2015
0%
4698 Jack Nichols 27.17 1951 TRI PF 163
0%
3045 Jaden Ivey 31.68 2023 DET SG 2344
0%
4429 Jaden Ivey 27.78 2024 DET SG 2139
0%
4571 Jamaal Magloire 27.45 2004 NOH C 2443
0%
5950 Jamaal Magloire 24.52 2005 NOH C 564
0%
2270 Jamaal Tinsley 34.18 2008 IND PG 1333
0%
2640 Jamaal Tinsley 32.86 2005 IND PG 1610
0%
2973 Jamaal Tinsley 31.88 2007 IND PG 2295
0%
3408 Jamaal Tinsley 30.60 2002 IND PG 2601
0%
4317 Jamaal Tinsley 28.05 2003 IND PG 2216
0%
4941 Jared Sullinger 26.56 2015 BOS PF 1647
0%
5336 Jared Sullinger 25.72 2014 BOS PF 1903
0%
2552 Jaylen Hoard 33.14 2022 OKC SF 232
0%
3470 Jeff McInnis 30.44 2002 LAC PG 2466
0%
4444 Jeff McInnis 27.74 2004 CLE,POR PG,SG 1942
0%
4472 Jeff McInnis 27.68 2001 LAC PG 2242
0%
5238 Jeff McInnis 25.93 2005 CLE PG 1971
0%
4697 Jerome Whitehead 27.17 1982 SDC C 1956
0%
5544 Jerry Reynolds 25.34 1990 ORL SF 1698
0%
5083 Jerry Sichting 26.25 1984 IND PG 2100
0%
3603 Jim Chones 30.02 1976 CLE C 2672
0%
3633 Jim Chones 29.94 1979 CLE C 2455
0%
3640 Jim Chones 29.92 1975 CLE C 2154
0%
3659 Jim Chones 29.86 1978 CLE C 2508
0%
5640 Jim Chones 25.14 1977 CLE C 2137
0%
4025 Jim Cleamons 28.81 1976 CLE PG 2737
0%
4311 Jim Cleamons 28.08 1975 CLE PG 2078
0%
4873 Jim Cleamons 26.73 1977 CLE PG 1604
0%
2428 Jim McElroy 33.61 1979 NOJ PG 2655
0%
2390 Jim McMillian 33.76 1974 BUF SF 2971
0%
3584 Jim McMillian 30.08 1972 LAL SF 2858
0%
3683 Jim McMillian 29.79 1973 LAL SF 2919
0%
4347 Jim McMillian 27.98 1976 BUF SF 2322
0%
4935 Jim McMillian 26.59 1975 BUF SF 1835
0%
3168 Jim Pollard 31.32 1952 MNL SF 2380
0%
4446 Jim Pollard 27.74 1951 MNL SF 1692
0%
4645 Jim Pollard 27.29 1953 MNL SF 2129
0%
5645 Jim Pollard 25.13 1954 MNL SF 2111
0%
5514 Jim Spanarkel 25.39 1981 DAL SF 2082
0%
4962 J.J. Hickson 26.51 2013 POR C 2121
0%
5182 J.J. Hickson 26.05 2011 CLE C 2084
0%
5631 J.J. Hickson 25.16 2014 DEN PF 1736
0%
3871 Joe Graboski 29.24 1959 PHW PF 2105
0%
4153 Joe Graboski 28.49 1956 PHW PF 2336
0%
4367 Joe Graboski 27.91 1955 PHW PF 1954
0%
4391 Joe Graboski 27.85 1952 INO C 1894
0%
4602 Joe Graboski 27.37 1953 INO C 1943
0%
4629 Joe Graboski 27.32 1954 PHW PF 1940
0%
4791 Joe Graboski 26.91 1957 PHW PF 1991
0%
5907 Joe Graboski 24.61 1958 PHW PF 1969
0%
2367 John Block 33.87 1968 SDR C 1761
0%
4663 John Block 27.25 1969 SDR PF 2262
0%
5403 John Block 25.62 1973 KCO,PHI PF 1870
0%
5560 John Block 25.32 1970 SDR PF 2076
0%
5927 John Gianelli 24.57 1975 NYK C 2039
0%
4847 Johnny Egan 26.79 1964 DET,NYK PG 1768
0%
4643 Johnny McCarthy 27.30 1959 CIN PG 1283
0%
3572 John Salmons 30.12 2009 CHI,SAC SF 2590
0%
5127 John Salmons 26.15 2010 MIL,CHI SG 2301
0%
5231 John Salmons 25.95 2011 MIL SG 1894
0%
3196 John Shumate 31.20 1977 BUF PF 2309
0%
3743 John Shumate 29.58 1978 BUF,DET PF 2366
0%
5850 John Shumate 24.71 1976 BUF,PHO PF 2076
0%
5340 John Tresvant 25.71 1969 CIN,SEA PF 1980
0%
4965 Jonathan Kuminga 26.51 2024 GSW PF 1988
0%
3037 Jon McGlocklin 31.71 1969 MIL SG 2537
0%
4537 Jon McGlocklin 27.52 1970 MIL SG 2532
0%
5550 Jon McGlocklin 25.33 1971 MIL SG 2432
0%
5354 Jonny Flynn 25.69 2010 MIN PG 2081
0%
5455 Josh Childress 25.51 2007 ATL SG 1403
0%
1357 Josh Giddey 38.03 2023 OKC PF 2966
0%
2219 Josh Giddey 34.37 2022 OKC SF 1856
0%
4267 Josh Giddey 28.20 2024 OKC SG 2538
0%
4283 Junior Bridgeman 28.17 1980 MIL SF 2423
0%
4456 Junior Bridgeman 27.71 1981 MIL SF 2328
0%
5100 Junior Bridgeman 26.21 1984 MIL SF 2542
0%
5317 Junior Bridgeman 25.77 1977 MIL SF 2113
0%
5670 Junior Bridgeman 25.08 1983 MIL SF 1981
0%
5886 Junior Bridgeman 24.65 1979 MIL SG 2021
0%
4382 Justise Winslow 27.88 2019 MIA SF 1840
0%
4751 Justise Winslow 27.00 2020 MIA SG 297
0%
5602 Justise Winslow 25.22 2017 MIA SF 454
0%
4218 Keith Erickson 28.33 1974 PHO SF 1870
0%
5461 Keith Erickson 25.49 1975 PHO SF 1249
0%
2338 Kelvin Ransey 33.97 1982 POR PG 2650
0%
2606 Kelvin Ransey 32.98 1981 POR PG 2737
0%
3784 Kendall Marshall 29.46 2014 LAL PG 1591
0%
5013 Kenneth Faried 26.39 2014 DEN PF 2111
0%
5468 Kenneth Faried 25.48 2015 DEN PF 1911
0%
5777 Kenneth Faried 24.87 2016 DEN PF 1666
0%
1915 Ken Norman 35.54 1989 LAC SF 2843
0%
3312 Ken Norman 30.86 1991 LAC SF 2160
0%
3823 Ken Norman 29.36 1990 LAC SF 2055
0%
4251 Ken Norman 28.25 1993 LAC SF 2288
0%
5846 Ken Norman 24.72 1994 MIL SF 2027
0%
5535 Kenny Sailors 25.35 1950 DNN 1445
0%
1746 Kenny Sears 36.20 1960 NYK PF 2317
0%
2340 Kenny Sears 33.97 1959 NYK PF 2480
0%
2583 Kenny Sears 33.04 1958 NYK PF 2379
0%
5111 Kenny Sears 26.18 1957 NYK SF 1885
0%
5783 Kenny Sears 24.86 1956 NYK PF 1740
0%
5879 Kentavious Caldwell-Pope 24.66 2018 LAL SG 1825
0%
5244 Kent Bazemore 25.92 2018 ATL SG 1685
0%
3395 Kent Benson 30.63 1981 DET C 1807
0%
4479 Kent Benson 27.67 1982 DET C 2075
0%
4989 Kent Benson 26.44 1979 MIL C 2168
0%
5758 Kevin Gamble 24.91 1991 BOS SF 2317
0%
3869 Kevin Grevey 29.24 1981 WSB SG 2193
0%
5573 Kevin Huerter 25.29 2020 ATL SG 1416
0%
5649 Kevin Huerter 25.12 2023 SAC SG 2060
0%
4090 Kevin Kunnert 28.64 1976 HOU C 2291
0%
4202 Kyle Macy 28.37 1982 PHO PG 2525
0%
4954 Kyle Macy 26.53 1985 PHO PG 1804
0%
2828 Larry Costello 32.29 1959 SYR PG 2551
0%
2865 Larry Costello 32.20 1960 SYR PG 2383
0%
3686 Larry Costello 29.78 1961 SYR PG 2472
0%
3946 Larry Costello 29.04 1962 SYR PG 1975
0%
3984 Larry Costello 28.95 1958 SYR PG 2171
0%
968 Larry Hughes 40.42 2005 WAS SG 2870
0%
2483 Larry Hughes 33.40 2001 GSW SG 1670
0%
3263 Larry Hughes 31.00 2004 WAS SG 1891
0%
4215 Larry Hughes 28.33 2006 CLE SG 1275
0%
4952 Larry Hughes 26.53 2007 CLE SG 2335
0%
5135 Larry Hughes 26.14 2002 GSW SG 1908
0%
5229 Larry Hughes 25.95 2000 GSW,PHI SG 2128
0%
5637 Larry Hughes 25.15 2003 WAS PG 1685
0%
5658 Larry Sanders 25.09 2013 MIL C 1882
0%
5471 Larry Siegfried 25.47 1969 BOS PG 2471
0%
5753 Larry Siegfried 24.92 1971 SDR PG 1321
0%
5925 Larry Steele 24.57 1974 POR SG 1990
0%
3795 Leandro Barbosa 29.42 2007 PHO SG 2677
0%
5958 Leandro Barbosa 24.51 2008 PHO SG 2132
0%
4352 Lee Shaffer 27.96 1963 SYR SF 2377
0%
4870 Lee Shaffer 26.74 1962 SYR SF 2139
0%
3982 Len Chappell 28.95 1964 NYK,PHI PF 2287
0%
5743 Len Chappell 24.94 1969 MIL PF 1995
0%
4231 Leo Barnhorst 28.30 1953 INO SF 2066
0%
4884 Leo Barnhorst 26.71 1952 INO SF 1816
0%
4458 Leonard Gray 27.71 1976 SEA PF 1829
0%
3074 Lester Conner 31.61 1989 NJN PG 2592
0%
4895 Lester Conner 26.68 1984 GSW SG 2188
0%
3271 Lewis Lloyd 30.99 1984 HOU SG 2541
0%
3885 Lewis Lloyd 29.19 1986 HOU SG 2977
0%
5858 Lewis Lloyd 24.70 1985 HOU SG 2149
0%
3148 Lionel Hollins 31.38 1983 SDC PG 1757
0%
3213 Lionel Hollins 31.15 1978 POR PG 2710
0%
3917 Lionel Hollins 29.10 1979 POR PG 1950
0%
3939 Lionel Hollins 29.06 1977 POR PG 2761
0%
5888 Lionel Hollins 24.65 1980 PHI,POR SG,PG 1602
0%
3919 Lonnie Shelton 29.10 1978 NYK PF 2561
0%
4027 Lonnie Shelton 28.81 1982 SEA PF 2564
0%
4716 Lonnie Shelton 27.12 1980 SEA PF 2468
0%
5264 Lonnie Shelton 25.88 1983 SEA PF 2174
0%
5334 Lonnie Shelton 25.72 1977 NYK PF 2109
0%
5529 Lonnie Shelton 25.36 1981 SEA PF 355
0%
5692 Lonnie Shelton 25.04 1979 SEA PF 2329
0%
5861 Lorenzen Wright 24.70 2002 MEM C 1062
0%
2826 Loy Vaught 32.30 1995 LAC PF 2584
0%
3361 Loy Vaught 30.71 1996 LAC PF 2457
0%
4029 Loy Vaught 28.80 1997 LAC PF 2448
0%
2693 Luis Scola 32.70 2011 HOU PF 2420
0%
3607 Luis Scola 30.01 2010 HOU PF 2461
0%
4705 Luis Scola 27.15 2012 HOU PF 1792
0%
5353 Luis Scola 25.69 2009 HOU PF 2441
0%
5684 Luis Scola 25.06 2013 PHO PF 2055
0%
4291 Luke Kennard 28.14 2020 DET SG 788
0%
3528 Luke Ridnour 30.25 2006 SEA PG 2390
0%
4821 Luke Ridnour 26.85 2011 MIN PG 1906
0%
5417 Luke Ridnour 25.58 2012 MIN SG 1356
0%
5474 Luke Ridnour 25.47 2005 SEA PG 2369
0%
5665 Luke Ridnour 25.08 2007 SEA PG 1781
0%
4968 Mac McClung 26.50 2023 PHI SG 53
0%
3705 Malik Beasley 29.70 2021 MIN SG 1099
0%
3482 Marcus Smart 30.41 2022 BOS PG 2798
0%
3527 Marcus Smart 30.26 2021 BOS PG 1634
0%
3792 Marcus Smart 29.43 2023 BOS PG 2384
0%
3964 Marcus Smart 29.00 2020 BOS SG 2233
0%
4335 Marcus Smart 28.00 2024 MEM PG 560
0%
5428 Marcus Smart 25.57 2017 BOS SG 2480
0%
5527 Marcus Smart 25.36 2018 BOS SG 1750
0%
4401 Marcus Thornton 27.82 2012 SAC SG 1419
0%
3234 Markelle Fultz 31.10 2023 ORL PG 1866
0%
4336 Markelle Fultz 28.00 2021 ORL PG 224
0%
4761 Markelle Fultz 26.99 2020 ORL PG 2078
0%
5232 Markelle Fultz 25.94 2022 ORL PG 467
0%
4673 Marko Jaric 27.22 2005 LAC PG 1361
0%
4430 Mark Olberding 27.78 1982 SAS PF 2139
0%
4840 Mark Olberding 26.81 1981 SAS SF 2386
0%
5199 Mark Olberding 26.01 1980 SAS SF 2029
0%
2096 Marvin Webster 34.80 1978 SEA C 3619
0%
3542 Marvin Webster 30.22 1979 NYK C 1813
0%
4146 Mason Plumlee 28.52 2021 DET C 1597
0%
4813 Mason Plumlee 26.86 2017 DEN,POR C 2176
0%
4919 Mason Plumlee 26.63 2023 LAC,CHO C 2237
0%
5775 Mason Plumlee 24.87 2016 POR C 2313
0%
5912 Matt Geiger 24.60 1999 PHI C 1427
0%
3966 Matt Harpring 29.00 2004 UTA SF 899
0%
4188 Matt Harpring 28.40 2003 UTA SF 2357
0%
5774 Matt Harpring 24.87 2005 UTA SF 1940
0%
2547 Mehmet Okur 33.16 2006 UTA PF 2719
0%
3906 Mehmet Okur 29.14 2009 UTA C 2156
0%
4004 Mehmet Okur 28.89 2007 UTA C 2802
0%
4287 Mehmet Okur 28.15 2008 UTA C 2365
0%
5389 Mehmet Okur 25.63 2005 UTA C 2102
0%
5585 Mehmet Okur 25.26 2010 UTA C 1869
0%
3856 Mel Hutchins 29.27 1953 MLH C 2078
0%
4235 Mel Hutchins 28.29 1952 MLH C 1867
0%
4308 Mel Hutchins 28.10 1955 FTW PF 2332
0%
5048 Mel Hutchins 26.31 1957 FTW PF 1947
0%
5402 Mel Hutchins 25.62 1954 FTW PF 1947
0%
5875 Mel Hutchins 24.67 1956 FTW PF 1875
0%
3423 Michael Beasley 30.58 2011 MIN SF 2232
0%
5718 Michael Beasley 24.99 2010 MIA PF 2074
0%
4077 Michael Dickerson 28.68 2000 VAN SG 2352
0%
4541 Michael Dickerson 27.51 2001 VAN SG 1926
0%
3481 Mike Bantom 30.41 1978 IND SF 2494
0%
3538 Mike Bantom 30.22 1979 IND PF 2448
0%
4384 Mike Bantom 27.87 1981 IND SF 2174
0%
4886 Mike Bantom 26.70 1980 IND SF 2056
0%
5344 Mike Bratz 25.71 1981 CLE PG 2057
0%
4299 Mike Gale 28.11 1977 SAS SG 2361
0%
5408 Mike Gale 25.61 1978 SAS SG 1946
0%
2739 Mike Gminski 32.58 1988 NJN,PHI C 2639
0%
3060 Mike Gminski 31.65 1989 PHI C 2690
0%
3697 Mike Gminski 29.74 1986 NJN C 2498
0%
3747 Mike Gminski 29.56 1987 NJN C 2128
0%
4861 Mike Gminski 26.76 1990 PHI C 2435
0%
5157 Mike Gminski 26.10 1985 NJN C 2192
0%
5224 Mike Gminski 25.96 1981 NJN C 1454
0%
5772 Mike O'Koren 24.87 1981 NJN SF 1965
0%
2628 Mike Riordan 32.90 1973 BAL SF 2862
0%
4344 Mike Riordan 28.00 1974 CAP SF 2464
0%
5327 Mitch Kupchak 25.73 1982 LAL PF 669
0%
3852 Montrezl Harrell 29.28 2019 LAC C 2577
0%
4290 Montrezl Harrell 28.14 2020 LAC C 2139
0%
4554 Morris Peterson 27.49 2006 TOR SG 2254
0%
5941 Morris Peterson 24.54 2003 TOR SF 2012
0%
5734 Nemanja Bjelica 24.96 2020 SAC PF 1797
0%
4339 Nenad Krstic 28.00 2007 NJN C 728
0%
5137 Nerlens Noel 26.13 2016 PHI C 1751
0%
5639 Nerlens Noel 25.15 2015 PHI C 1886
0%
4408 Nikola Mirotic 27.81 2018 NOP,CHI PF 1780
0%
3974 Nikola Pekovic 28.98 2014 MIN C 1565
0%
4228 Nikola Pekovic 28.31 2013 MIN C 1755
0%
3643 O.J. Mayo 29.90 2009 MEM SG 2452
0%
3934 O.J. Mayo 29.07 2013 DAL SG 2384
0%
4126 O.J. Mayo 28.56 2010 MEM SG 2342
0%
5534 Omer Asık 25.35 2013 HOU C 2231
0%
1337 Orlando Woolridge 38.13 1991 DEN SF 2021
0%
2209 Orlando Woolridge 34.40 1987 NJN SF 2580
0%
2546 Orlando Woolridge 33.16 1985 CHI SF 2686
0%
2599 Orlando Woolridge 33.00 1986 CHI SF 2409
0%
3479 Orlando Woolridge 30.42 1988 NJN SF 578
0%
3749 Orlando Woolridge 29.55 1984 CHI SF 2216
0%
4948 Orlando Woolridge 26.54 1983 CHI SF 1513
0%
5852 Paul Hoffman 24.71 1954 BLB PG 1779
0%
2932 Paul Seymour 31.99 1955 SYR SG 2655
0%
4608 Paul Seymour 27.36 1954 SYR SG 2298
0%
4852 Paul Seymour 26.78 1953 SYR SG 1848
0%
931 Pervis Ellison 40.62 1992 WSB C 2681
0%
2287 Pervis Ellison 34.12 1993 WSB C 1672
0%
1481 Phil Ford 37.41 1981 KCK PG 2656
0%
1580 Phil Ford 36.96 1979 KCK PG 3105
0%
2056 Phil Ford 35.00 1980 KCK PG 2975
0%
5819 Phil Ford 24.78 1982 KCK PG 1784
0%
4825 Phil Hubbard 26.84 1981 DET PF 2147
0%
5148 Phil Hubbard 26.11 1985 CLE SF 2089
0%
4672 Phil Jordon 27.23 1960 CIN C 2042
0%
5759 Phil Jordon 24.91 1959 DET PF 1868
0%
5796 Phil Jordon 24.84 1961 CIN,NYK C 1962
0%
883 Purvis Short 40.96 1985 GSW SF 3195
0%
1056 Purvis Short 39.83 1986 GSW SF 2549
0%
1789 Purvis Short 36.04 1984 GSW SF 2847
0%
2017 Purvis Short 35.15 1983 GSW SF 2355
0%
4134 Purvis Short 28.54 1981 GSW SF 2255
0%
4358 Purvis Short 27.93 1987 GSW SF 1229
0%
4659 Purvis Short 27.26 1980 GSW SF 1690
0%
4181 Quinn Buckner 28.41 1982 MIL PG 1989
0%
4212 Quinn Buckner 28.34 1981 MIL PG 2522
0%
4757 Quinn Buckner 27.00 1980 MIL PG 1998
0%
5039 Quinn Buckner 26.33 1978 MIL PG 2396
0%
4063 Quintin Dailey 28.71 1984 CHI SG 2354
0%
4750 Quintin Dailey 27.01 1983 CHI SG 2053
0%
5736 Quintin Dailey 24.96 1989 LAC SG 1722
0%
4943 Raef LaFrentz 26.56 2001 DEN C 2072
0%
5061 Raef LaFrentz 26.29 2002 DAL,DEN C 2261
0%
5475 Raef LaFrentz 25.47 2000 DEN C 2063
0%
5757 Raef LaFrentz 24.92 1999 DEN C 299
0%
1023 RaiQuan Gray 40.00 2023 BRK PF 40
0%
3460 Ralph Beard 30.46 1951 INO 2102
0%
4207 Ramon Sessions 28.35 2009 MIL PG 2240
0%
4507 Ramon Sessions 27.60 2011 CLE PG 2236
0%
4514 Ramon Sessions 27.59 2008 MIL PG 469
0%
5422 Ramon Sessions 25.57 2013 CHA SG 1560
0%
5497 Ramon Sessions 25.43 2012 LAL,CLE PG 1933
0%
3807 Randy Foye 29.39 2009 MIN SG 2057
0%
5316 Randy Foye 25.77 2008 MIN PG 1005
0%
2530 Ray Felix 33.21 1954 BLB C 2391
0%
4775 Ray Felix 26.95 1955 NYK C 2021
0%
1636 Raymond Felton 36.68 2011 DEN,NYK SG,PG 2934
0%
2439 Raymond Felton 33.54 2008 CHA PG 2650
0%
2497 Raymond Felton 33.34 2009 CHA PG 2734
0%
2580 Raymond Felton 33.05 2007 CHA PG 2578
0%
3859 Raymond Felton 29.26 2013 NYK PG 2341
0%
4157 Raymond Felton 28.48 2010 CHA PG 2392
0%
4209 Raymond Felton 28.35 2012 POR PG 1701
0%
4471 Raymond Felton 27.69 2006 CHA PG 2215
0%
5425 Raymond Felton 25.57 2014 NYK PG 1662
0%
5384 Red Rocha 25.64 1951 BLB C 1641
0%
5571 Red Rocha 25.29 1952 SYR C 1846
0%
4259 Reggie Harding 28.23 1965 DET C 2202
0%
5459 Rick Adelman 25.49 1971 POR PG 2065
0%
3854 Rick Roberson 29.28 1974 POR C 2020
0%
3870 Rick Roberson 29.24 1972 CLE PF 1842
0%
4306 Rick Roberson 28.10 1973 CLE C 1742
0%
5522 Robert Covington 25.37 2017 PHI SF 1700
0%
5767 Robert Covington 24.89 2019 MIN,PHI SF 871
0%
1028 Robert Pack 39.97 1996 WSB PG 1239
0%
1908 Robert Pack 35.57 1997 DAL,NJN PG 1921
0%
3558 Robert Pack 30.17 1995 DEN PG 1267
0%
4829 Rod Higgins 26.82 1988 GSW SF 1824
0%
3086 Rodney Stuckey 31.58 2010 DET PG 2305
0%
3580 Rodney Stuckey 30.09 2011 DET PG 2106
0%
4418 Rodney Stuckey 27.80 2009 DET PG 2307
0%
5225 Rodney Stuckey 25.96 2012 DET SG 1428
0%
4891 Rod Thorn 26.69 1964 BAL SG 2002
0%
5089 Rod Thorn 26.23 1968 SEA SG 1731
0%
5452 Ron Behagen 25.52 1976 NOJ PF 1684
0%
1798 Ron Boone 36.01 1977 KCK SG 2953
0%
3634 Ron Boone 29.94 1978 KCK SG 2455
0%
4380 Rory Sparrow 27.89 1984 NYK PG 2538
0%
4580 Rory Sparrow 27.43 1989 MIA PG 2194
0%
4657 Rory Sparrow 27.27 1985 NYK PG 2154
0%
4706 Rory Sparrow 27.15 1986 NYK PG 2009
0%
5255 Rory Sparrow 25.91 1983 NYK,ATL PG 2254
0%
5857 Rory Sparrow 24.70 1982 ATL PG 2075
0%
2933 Roy Hinson 31.99 1986 CLE SF 2623
0%
4186 Roy Hinson 28.40 1985 CLE PF 2272
0%
4642 Roy Hinson 27.30 1988 NJN,PHI SF 2102
0%
5237 Roy Hinson 25.94 1989 NJN SF 2127
0%
5558 Roy Hinson 25.32 1990 NJN PF 633
0%
5848 Roy Hinson 24.72 1987 PHI SF 2002
0%
4522 Ruben Patterson 27.57 2007 MIL SF 2233
0%
1905 Rudy LaRusso 35.58 1968 SFW PF 3167
0%
2562 Rudy LaRusso 33.11 1969 SFW SF 2682
0%
3189 Rudy LaRusso 31.24 1962 LAL PF 2905
0%
4111 Rudy LaRusso 28.59 1965 LAL PF 2516
0%
4530 Rudy LaRusso 27.53 1966 LAL PF 2478
0%
4574 Rudy LaRusso 27.44 1963 LAL PF 2415
0%
4579 Rudy LaRusso 27.43 1961 LAL PF 2496
0%
4854 Rudy LaRusso 26.77 1964 LAL PF 2249
0%
5250 Rudy LaRusso 25.91 1960 MNL PF 2073
0%
3595 Sam Bowie 30.04 1992 NJN C 2253
0%
3664 Sam Bowie 29.84 1990 NJN C 2029
0%
4076 Sam Bowie 28.68 1986 POR C 1090
0%
4185 Sam Bowie 28.40 1987 POR C 142
0%
4527 Sam Bowie 27.55 1991 NJN C 1708
0%
4687 Sam Bowie 27.19 1985 POR C 2311
0%
1037 Sam Lacey 39.91 1975 KCO C 3472
0%
1185 Sam Lacey 39.01 1974 KCO C 3082
0%
1356 Sam Lacey 38.04 1976 KCK C 3081
0%
2737 Sam Lacey 32.59 1979 KCK C 2835
0%
2915 Sam Lacey 32.04 1977 KCK C 2627
0%
3259 Sam Lacey 31.01 1980 KCK C 2605
0%
3574 Sam Lacey 30.11 1973 KCO C 2379
0%
4405 Sam Lacey 27.81 1972 CIN C 2253
0%
4457 Sam Lacey 27.71 1978 KCK C 2134
0%
4501 Sam Lacey 27.62 1971 CIN C 2237
0%
4655 Sam Lacey 27.27 1981 KCK C 2645
0%
5919 Samuel Dalembert 24.59 2008 PHI C 2164
0%
3445 Sarunas Marciulionis 30.51 1992 GSW SG 2319
0%
3818 Sarunas Marciulionis 29.37 1993 GSW SF 881
0%
5830 Scott Burrell 24.75 1996 CHH SF 495
0%
5609 Sean Rooks 25.21 1993 DAL C 1815
0%
5953 Sebastian Telfair 24.52 2008 MIN PG 1471
0%
2188 Sedale Threatt 34.49 1992 LAL PG 2966
0%
2221 Sedale Threatt 34.37 1993 LAL PG 2990
0%
997 Sherman Douglas 40.21 1991 MIA PG 2935
0%
2150 Sherman Douglas 34.60 1994 BOS PG 2699
0%
2331 Sherman Douglas 34.00 1990 MIA PG 2754
0%
2732 Sherman Douglas 32.59 1995 BOS PG 2249
0%
5491 Sherman Douglas 25.44 1996 BOS,MIL PG 2010
0%
1273 Spencer Dinwiddie 38.50 2020 BRK PG 2464
0%
2077 Spencer Dinwiddie 34.90 2023 BRK,DAL PG,SG 2897
0%
3591 Spencer Dinwiddie 30.06 2018 BRK PG 2405
0%
4082 Spencer Dinwiddie 28.66 2019 BRK PG 2092
0%
4268 Spencer Dinwiddie 28.20 2022 DAL,WAS PG 2397
0%
3904 Spencer Hawes 29.14 2014 CLE,PHI C 2331
0%
5331 Stan Miasek 25.73 1952 BLB PF 1698
0%
4084 Steve Hawes 28.65 1978 ATL PF 2206
0%
5437 Steve Hawes 25.55 1981 ATL C 1891
0%
2605 Steve Mix 32.98 1975 PHI PF 1517
0%
2888 Steve Mix 32.13 1974 PHI PF 2635
0%
3654 Steve Mix 29.87 1976 PHI SF 2509
0%
4133 Steve Stipanovich 28.54 1986 IND C 2255
0%
4222 Steve Stipanovich 28.33 1988 IND C 2266
0%
4250 Steve Stipanovich 28.25 1987 IND C 2401
0%
4379 Steve Stipanovich 27.89 1985 IND C 2287
0%
5790 Steve Stipanovich 24.84 1984 IND C 2012
0%
2348 Stu Lantz 33.94 1971 SDR SG 2783
0%
3229 Stu Lantz 31.11 1972 HOU SG 2520
0%
5915 Stu Lantz 24.60 1970 SDR PG 2017
0%
5616 Terrence Ross 25.20 2021 ORL SG 1159
0%
3721 Terry Catledge 29.66 1990 ORL PF 2195
0%
5421 Terry Catledge 25.58 1992 ORL PF 1995
0%
5868 Terry Catledge 24.69 1991 ORL PF 1259
0%
5503 Terry Furlow 25.41 1980 ATL,UTA SG 1931
0%
5357 Terry Teagle 25.68 1990 GSW SF 2106
0%
4679 Terry Tyler 27.21 1981 DET SF 2231
0%
4741 Terry Tyler 27.04 1980 DET SF 2217
0%
4899 Terry Tyler 26.67 1979 DET PF 2187
0%
5352 Terry Tyler 25.70 1983 DET SF 2107
0%
4621 Theo Ratliff 27.34 2001 PHI C 1367
0%
5874 Theo Ratliff 24.67 2000 PHI PF 1653
0%
2363 T.J. Ford 33.89 2007 TOR PG 2745
0%
3225 T.J. Ford 31.12 2006 MIL PG 2396
0%
3462 T.J. Ford 30.46 2009 IND PG 2254
0%
4489 T.J. Ford 27.64 2008 TOR PG 1548
0%
3986 T.J. Warren 28.94 2020 IND SF 2055
0%
3993 T.J. Warren 28.92 2018 PHO SF 1880
0%
4826 T.J. Warren 26.84 2019 PHO SF 1154
0%
5055 Toby Kimball 26.30 1968 SDR PF 2130
0%
5882 Todd Lichti 24.66 1991 DEN SG 715
0%
5185 Tomas Satoransky 26.05 2020 CHI SG 1693
0%
2445 Tom Boerwinkle 33.49 1971 CHI C 2981
0%
3880 Tom Boerwinkle 29.21 1970 CHI C 2512
0%
4169 Tom Boerwinkle 28.45 1976 CHI C 2105
0%
5554 Tom Boerwinkle 25.33 1969 CHI C 2026
0%
5698 Tom Boerwinkle 25.02 1972 CHI C 2027
0%
5515 Tom Boswell 25.39 1979 DEN PF 2082
0%
2907 Tom Burleson 32.06 1976 SEA C 2821
0%
4131 Tom LaGarde 28.55 1981 DAL PF 2341
0%
2895 Tony Wroten 32.10 2015 PHI PG 963
0%
3992 Travis Best 28.93 2001 IND PG 2343
0%
4435 Trey Burke 27.76 2014 UTA PG 1943
0%
5628 Trey Burke 25.17 2015 UTA PG 1913
0%
5711 Trey Burke 25.00 2018 NYK PG 900
0%
977 Ty Lawson 40.34 2014 DEN PG 2501
0%
1210 Ty Lawson 38.91 2015 DEN PG 2918
0%
1989 Ty Lawson 35.25 2013 DEN PG 2785
0%
2128 Ty Lawson 34.69 2012 DEN PG 2359
0%
5747 Ty Lawson 24.93 2011 DEN PG 2119
0%
1741 Tyrone Corbin 36.22 1991 MIN SF 2970
0%
3632 Tyrone Corbin 29.94 1990 MIN SF 2455
0%
4974 Tyus Edney 26.49 1996 SAC PG 2225
0%
5714 Udonis Haslem 25.00 2008 MIA PF 1225
0%
5019 Vinny Del Negro 26.38 1996 SAS SG 2427
0%
3336 Wally Szczerbiak 30.80 2002 MIN SF 2618
0%
3594 Wally Szczerbiak 30.06 2006 BOS,MIN SF 2164
0%
4227 Wally Szczerbiak 28.31 2003 MIN SF 1642
0%
4835 Wally Szczerbiak 26.81 2001 MIN SF 2306
0%
5904 Wally Szczerbiak 24.62 2005 MIN SF 1994
0%
3156 Walter Dukes 31.35 1960 DET C 2132
0%
3874 Walter Dukes 29.23 1961 DET C 2280
0%
4301 Walter Dukes 28.11 1959 DET C 2108
0%
5060 Walter Dukes 26.29 1958 DET C 2077
0%
3321 Walt Lemon Jr. 30.83 2019 CHI PG 185
0%
2365 Wayman Tisdale 33.89 1990 SAC PF 2677
0%
2527 Wayman Tisdale 33.21 1991 SAC PF 1096
0%
3684 Wayman Tisdale 29.78 1989 IND,SAC PF 2353
0%
4173 Wayman Tisdale 28.43 1994 SAC PF 2246
0%
4366 Wayman Tisdale 27.92 1992 SAC PF 2010
0%
4619 Wayman Tisdale 27.34 1993 SAC PF 2078
0%
5214 Wayman Tisdale 25.99 1988 IND PF 2053
0%
5800 Wayman Tisdale 24.81 1986 IND PF 2010
0%
1514 Wayne Embry 37.24 1962 CIN C 2942
0%
2007 Wayne Embry 35.18 1963 CIN C 3096
0%
3111 Wayne Embry 31.49 1964 CIN C 2834
0%
4135 Wayne Embry 28.54 1961 CIN C 2255
0%
5438 Wayne Embry 25.55 1969 MIL C 1993
0%
5647 Wayne Embry 25.13 1965 CIN C 1960
0%
3616 Wilbur Holland 29.99 1978 CHI SG 2459
0%
4937 Wilbur Holland 26.59 1977 CHI SG 2180
0%
5532 Wilbur Holland 25.35 1979 CHI SG 2079
0%
3440 Will Barton 30.53 2018 DEN SG 2473
0%
3537 Will Barton 30.22 2020 DEN SF 1753
0%
4229 Will Barton 28.30 2022 DEN SG 2151
0%
4980 Will Barton 26.46 2016 DEN SG 2170
0%
5146 Will Barton 26.12 2017 DEN SG 1567
0%
5898 Will Barton 24.63 2021 DEN SF 1453
0%
4800 Willie Cauley-Stein 26.89 2019 SAC C 2178
0%
4990 Willie Cauley-Stein 26.44 2018 SAC C 1930
0%
4002 Woody Sauldsberry 28.89 1959 PHW C 2080
0%
5808 Woody Sauldsberry 24.80 1958 PHW PF 1959
0%
3834 Zaid Abdul-Aziz 29.31 1972 SEA C 1700
0%
3895 Zaid Abdul-Aziz 29.16 1974 HOU C 2304
0%
1499 Zelmo Beaty 37.30 1966 STL C 3357
0%
1506 Zelmo Beaty 37.27 1968 STL C 3280
0%
1634 Zelmo Beaty 36.69 1969 ATL C 3045
0%
2998 Zelmo Beaty 31.82 1965 STL C 2673
0%
3412 Zelmo Beaty 30.60 1967 STL C 1744
0%
5002 Zelmo Beaty 26.41 1964 STL C 1875
0%
No matching quizzes found
Score Distribution
Percent of People with Each Score
Percentile by Number Answered
Your Score History
You have not taken this quiz